{"text_format":"3","workbook":"xls","n_sheets":1,"sheets":["Sheet1"],"not_rendered":{"external_links":1,"defined_names":1},"read":"whole","date_system":"1900","formulas":"cached_only"}

{"sheet":"Sheet1","index":0,"n_rows":1157,"n_cols":42,"rows_kept":1157,"merged":[[0,0,0,41],[2,24,2,41]],"flags":["formulas_cached_only"]}
["Table S1. List of 1154 bHLHs from Arabidopsis, rice, maize and wheat and their related information."]
["1 The green indicates that the prediction results of DNA-binding ability are different form that repoprted by Carretero-Paulet et al.."]
["bHLH name","Gene ID","Alternative Names","Old ZmbHLH name","bHLH domain","Domain length","Loop length","Subfamily synthesized","Intron pattern","Previous subfamily (Pires & Dolan, 2009)",9,13,14,16,17,"Basic amino acid ","Group/Subgroup","DNA-binding motif1","basic (5)","Helix I (6)","Loop (2)","Helix II (12)","HLH region (20)","Total (25)","Architecure of converved protein motifs"]
["AtbHLH131","AT4G38070",null,null,"SKEVAAKKHSDAERRRRLRINSQFATLRTILPNLVKQDKASVLGETVRYFNELKKMVQDI",60,6,"Vb","N","Vb","H","E","R","R","R",8,"1A1","G binder",5,5,2,9,16,21,7,27,7,7,7,2,5,1,7,7,8,7,15,7,7,1,2,22]
["OsbHLH043","LOC_Os09g28900",null,null,"RWTRARRSHSEAERKRRERINAHLDTLRGLVPSASRMDKAALLGEVVRYVRKLRSEAAGS",60,6,"Vb","N","Vb","H","E","R","R","R",9,"1A1","G binder",5,5,2,6,13,18,1,2,22,36]
["ZmbHLH127","GRMZM2G082630",null,"ZmbHLH093","LRKERGRSHSEAERKRRQRINAHLATLRTLVPSASRMDKAALLGEVVRYVRELREKASDA",60,6,"Vb","N",null,"H","E","R","R","R",9,"1A1","G binder",5,5,2,6,13,18,17,1,2,22,31]
["OsbHLH042","LOC_Os08g37290",null,null,"GGSPAVRSHSEAERKRRQRINAHLATLRTLVPSASRMDKAALLGEVVRHVRELRCRADDA",60,6,"Vb","N","Vb","H","E","R","R","R",6,"1A1","G binder",5,5,2,5,12,17,1,2,22,32]
["TabHLH165","TRIAE_CS42_2AL_TGACv1_096318_AA0318600",null,null,"GKGATVRSHSEAERKRRQRINAHLATLRTLVPSASRMDKAALLGEVVRHVRELQGRANDA",60,6,"Vb","N",null,"H","E","R","R","R",7,"1A1","G binder",5,5,2,6,13,18,1,2,22,31]
["TabHLH166","TRIAE_CS42_2BL_TGACv1_130587_AA0414250",null,null,"GKGATVRSHSEAERKRRQRINAHLATLRTLVPSASRMDKAALLGEVVRHVRELQGRANDA",60,6,"Vb","N",null,"H","E","R","R","R",7,"1A1","G binder",5,5,2,6,13,18,1,2,22,31]
["TabHLH167","TRIAE_CS42_2DL_TGACv1_159818_AA0543140",null,null,"GKGATVRSHSEAERKRRQRINAHLATLRTLVPSASRMDKAALLGEVVRHVRELQGRANDA",60,6,"Vb","N",null,"H","E","R","R","R",7,"1A1","G binder",5,5,2,6,13,18,1,2,22,31]
["ZmbHLH128","GRMZM2G113257",null,"ZmbHLH092","TRSGTGRSHSEAERKRRQRINAHLATLRTLLPAASRMDKAALLGEVVRHVRELRGEADAA",60,6,"Vb","N",null,"H","E","R","R","R",7,"1A1","G binder",5,5,2,5,12,17,1,2,22]
["ZmbHLH129","GRMZM2G145146",null,"ZmbHLH091","RSGGTSRSHSEAERKRRQRINAHLATLRTLLPAASRMDKAALLGEVVRHVRELRGEADAA",60,6,"Vb","N",null,"H","E","R","R","R",7,"1A1","G binder",5,5,2,5,12,17,24,1,2,22]
["TabHLH168","TRIAE_CS42_5AL_TGACv1_378440_AA1253320",null,null,"RGARTSRSHSEAERKRRQRINTHLATLRSLLPSASQMDKAALLGEVVRHVRELRGDADGG",60,6,"Vb","N",null,"H","E","R","R","R",8,"1A1","G binder",5,5,1,5,11,16,23,24,1,2,22]
["TabHLH169","TRIAE_CS42_5BL_TGACv1_405396_AA1326380",null,null,"RGARTSRSHSEAERKRRQRINTHLATLRSLLPSASQMDKAALLGEVVRHVRELRGDADGG",60,6,"Vb","N",null,"H","E","R","R","R",8,"1A1","G binder",5,5,1,5,11,16,1,2,22]
["TabHLH170","TRIAE_CS42_5DL_TGACv1_435506_AA1451420",null,null,"RGARTSRSHSEAERKRRQRINTHLATLRSLLPSASQMDKAALLGEVVRHVRELRGDADGG",60,6,"Vb","N",null,"H","E","R","R","R",8,"1A1","G binder",5,5,1,5,11,16,1,2,22]
["OsbHLH040","LOC_Os03g15440",null,null,"KALAASKSHSEAERRRRERINAHLARLRSLLPNTTKTDKASLLAEVIQHVKELKRQTSEI",60,6,"Vb","N","Vb","H","E","R","R","R",7,"1A1","G binder",5,5,2,9,16,21,34,36,36,29,1,2,22,5,36]
["ZmbHLH133","GRMZM2G043854",null,"ZmbHLH088","KALAASKSHSEAERRRRERINAHLARLRSLLPNTTKTDKASLLAEVIQHVKELKRQTSEI",60,6,"Vb","N",null,"H","E","R","R","R",7,"1A1","G binder",5,5,2,9,16,21,34,34,36,34,1,2,22,5]
["ZmbHLH126","GRMZM2G072376",null,"ZmbHLH087","KALAASRSHSEAERRRRERINAHLARLRSLLPNTTKVLILIIIDDITHARIE",52,6,"Vb","P",null,"H","E","R","R","R",7,"1A1","G binder",5,5,1,2,8,13,36,34,29,1]
["AtbHLH030","AT1G68810","T5L1",null,"KALAASKSHSEAERRRRERINNHLAKLRSILPNTTKTDKASLLAEVIQHVKELKRETSVI",60,6,"Vb","N","Vb","H","E","R","R","R",7,"1A1","G binder",5,5,2,8,15,20,34,34,1,2,22,5]
["AtbHLH032","AT3G25710","TMO5",null,"KALAASKSHSEAERRRRERINTHLAKLRSILPNTTKTDKASLLAEVIQHMKELKRQTSQI",60,6,"Vb","N","Vb","H","E","R","R","R",7,"1A1","G binder",5,5,2,9,16,21,34,1,2,22,5,5]
["TabHLH174","TRIAE_CS42_4AS_TGACv1_306224_AA1004570",null,null,"KALAASKSHSEAERRRRERINSHLARLRSLLPNTTKTDKASLLAEVIQHVKELKRQTSEI",60,6,"Vb","N",null,"H","E","R","R","R",7,"1A1","G binder",5,5,2,9,16,21,1,15,1,2,22,5]
["TabHLH175","TRIAE_CS42_4BL_TGACv1_320247_AA1032310",null,null,"KALAASKSHSEAERRRRERINSHLARLRSLLPNTTKTDKASLLAEVIQHVKELKRQTSEI",60,6,"Vb","N",null,"H","E","R","R","R",7,"1A1","G binder",5,5,2,9,16,21,1,15,1,2,22,5]
["TabHLH176","TRIAE_CS42_4DL_TGACv1_342366_AA1111590",null,null,"KALAASKSHSEAERRRRERINSHLARLRSLLPNTTKTDKASLLAEVIQHVKELKRQTSEI",60,6,"Vb","N",null,"H","E","R","R","R",7,"1A1","G binder",5,5,2,9,16,21,1,15,1,2,22,5]
["OsbHLH039","LOC_Os09g24490",null,null,"KALAASRSHSEAERRRRQRINGHLARLRSLLPNTTKTDKASLLAEVIEHVKELKRQTTAI",60,6,"Vb","N","Vb","H","E","R","R","R",7,"1A1","G binder",5,5,2,9,16,21,36,36,1,2,22,5,36]
["ZmbHLH132","GRMZM2G526668",null,"ZmbHLH084","KALAASRSHSEAERRRRQRINSHLARLRSLLPNTSKTDKASLLAEVIEHVKELKRQTSAV",60,6,"Vb","N",null,"H","E","R","R","R",7,"1A1","G binder",5,5,2,9,16,21,36,1,2,22,5]
["ZmbHLH130","GRMZM2G107276",null,"ZmbHLH086","KALAASRSHSEAERSRRQRINGHLAKLRSLLPNTTKTDKASLLAEVIEHVKELKRQTSAA",60,6,"Vb","N",null,"H","E","R","R","R",6,"1A1","G binder",5,5,2,9,16,21,36,32,1,2]
["OsbHLH038","LOC_Os08g33590",null,null,"KALAASRSHSEAERRRRQRINGHLARLRSLLPNTTKTDKASLLAEVIEHVKELKRQTSAM",60,6,"Vb","N","Vb","H","E","R","R","R",7,"1A1","G binder",5,5,2,10,17,22,36,34,1,2,22,5,36]
["ZmbHLH131","GRMZM2G176141",null,"ZmbHLH085","KALAASRSHSEAERRRRQRINGHLARLRSLLPNTTKTDKASLLAEVLDHVKELKRQTSAM",60,6,"Vb","N",null,"H","E","R","R","R",7,"1A1","G binder",5,5,2,9,16,21,34,1,2,22,5,36,36]
["TabHLH177","TRIAE_CS42_5AL_TGACv1_377638_AA1248470",null,null,"KALAASRSHSEAERRRRQRINGHLARLRSLLPNTTKTDKASLLAEVLEHVKELKRQTSAM",60,6,"Vb","N",null,"H","E","R","R","R",7,"1A1","G binder",5,5,2,9,16,21,34,1,2,22,5,36]
["TabHLH178","TRIAE_CS42_5BL_TGACv1_405147_AA1321160",null,null,"KALAASRSHSEAERRRRQRINGHLARLRSLLPNTTKTDKASLLAEVLEHVKELKRQTSAM",60,6,"Vb","N",null,"H","E","R","R","R",7,"1A1","G binder",5,5,2,9,16,21,34,1,2,22,5,36]
["TabHLH179","TRIAE_CS42_5DL_TGACv1_434834_AA1442320",null,null,"KALAASRSHSEAERRRRQRINGHLARLRSLLPNTTKTDKASLLAEVLEHVKELKRQTSAM",60,6,"Vb","N",null,"H","E","R","R","R",7,"1A1","G binder",5,5,2,9,16,21,34,1,2,22,5,36]
["AtbHLH051","AT2G40200",null,null,"KAESLSRSHRLAEKRRRDRINSHLTALRKLVPNSDKLDKAALLATVIEQVKELKQKAAES",60,6,"Vb","N","Vb","H","E","K","R","R",8,"1A1","G binder",5,5,2,7,14,19,1,2,22]
["AtbHLH106","AT2G41130",null,null,"RALAALRNHKEAERRRRERINSHLNKLRNVLSCNSKTDKATLLAKVVQRVRELKQQTLET",60,6,"Vb","N","Vb","H","E","R","R","R",8,"1A1","G binder",5,4,2,7,13,18,36,1,2,22,5,28,36]
["AtbHLH107","AT3G56770",null,null,"KALASLRNHKEAERKRRARINSHLNKLRKLLSCNSKTDKSTLLAKVVQRVKELKQQTLEI",60,6,"Vb","N","Vb","H","E","R","R","R",8,"1A1","G binder",5,4,2,8,14,19,1,2,22,12,36]
["OsbHLH041","LOC_Os03g59670",null,null,"RALAASRNHREAEKRRRERIKSHLDRLRAVLACDPKIDKASLLAKAVERVRDLKQRMAGI",60,6,"Vb","N","Vb","H","E","K","R","R",8,"1A1","G binder",5,4,2,7,13,18,24,1,2,36,22,5,36,14]
["ZmbHLH136","GRMZM2G027068",null,"ZmbHLH096","RALAASRNHREAEKRRRERIKSHLDRLRNVLACDPKIDKASLLAKAVERVRDLKQRAAGV",60,6,"Vb","N",null,"H","E","K","R","R",8,"1A1","G binder",5,4,2,7,13,18,1,2,22,5,36,36]
["TabHLH180","TRIAE_CS42_5AL_TGACv1_377681_AA1248720",null,null,"RAVAATRNHREAEKRRRERIKSHLDRLRAVLACDPKIDKATLLAKAVERVRELKQRMDGV",60,6,"Vb","N",null,"H","E","K","R","R",8,"1A1","G binder",5,4,2,7,13,18,1,2,36,22,5,17]
["TabHLH181","TRIAE_CS42_5BL_TGACv1_404431_AA1299650",null,null,"RAVVATRNHREAEKRRRERIKSHLDRLRAVLACDPKIDKATLLAKAVERVRELKQRMAGV",60,6,"Vb","N",null,"H","E","K","R","R",8,"1A1","G binder",5,4,2,7,13,18,13,1,2,36,22,5,17]
["TabHLH182","TRIAE_CS42_5DL_TGACv1_433031_AA1398880",null,null,"RAVAATRNHREAEKRRRERIKSHLDRLRAVLACDPKIDKATLLAKAVERVRELKQRMAGV",60,6,"Vb","N",null,"H","E","K","R","R",8,"1A1","G binder",5,4,2,7,13,18,1,2,36,22,5,17]
["OsbHLH037","LOC_Os01g11910",null,null,"KAAMALKSHSEAERRRRERINAHLATLRTMVPCTDKMDKAALLAEVVGHVKKLKSAAARV",60,6,"Vb","N","Vb","H","E","R","R","R",7,"1A1","G binder",5,4,2,7,13,18,1,2,36,22,5]
["ZmbHLH134","GRMZM2G166642",null,"ZmbHLH089","KAAMALKSHSEAERRRRERINAHLATLRTMVPCSDKMDKAAVLAEVITHVKKLKSTAAHI",60,6,"Vb","N",null,"H","E","R","R","R",7,"1A1","G binder",5,4,2,7,13,18,36,1,2,30,22,5]
["ZmbHLH135","GRMZM2G016039",null,"ZmbHLH090","KAAMALKSHSEAERRRRERINAHLATLRTMVPCSDKMDKAAVLAEVITHVKKLKSTAAHI",60,6,"Vb","N",null,"H","E","R","R","R",7,"1A1","G binder",5,4,2,7,13,18,36,1,2,30,22,5]
["TabHLH173","TRIAE_CS42_3B_TGACv1_229892_AA0829260",null,null,"KAATALRSHSEAERRRRERINAHLATLRSMVPCTGKMDKAALLAEVINHVKKLKSEAARV",60,6,"Vb","N",null,"H","E","R","R","R",7,"1A1","G binder",5,4,2,7,13,18,36,1,2,22]
["TabHLH171","TRIAE_CS42_3AS_TGACv1_210741_AA0678130",null,null,"KAATALRSHSEAERRRRERINAHLATLRSMVPCTDKMDKAALLAEVINHVKKLKSEAARV",60,6,"Vb","N",null,"H","E","R","R","R",7,"1A1","G binder",5,4,2,7,13,18,36,1,2,22]
["TabHLH172","TRIAE_CS42_3DS_TGACv1_273165_AA0929060",null,null,"KAATALRSHSEAERRRRERINAHLATLRSMLPCTDKMDKAALLAEVINHVKKLKSEAARV",60,6,"Vb","N",null,"H","E","R","R","R",7,"1A1","G binder",5,4,2,7,13,18,36,1,2,22]
["OsbHLH036","LOC_Os05g07120",null,null,"AQATAMTIHSEAERRRRERINAHLATLRRILPDAKQMDKATLLASVVNQVKHLKTRATEA",60,6,"Vb","N","Vb","H","E","R","R","R",5,"1A1","G binder",5,5,1,7,13,18,34,34,24,1,2,22,5,36,25]
["TabHLH156","TRIAE_CS42_1AS_TGACv1_019894_AA0072590",null,null,"TEARSLKVHSLSERRRRERINTHLATLRRMIPDANQMDKATLLACVVNQVKELKRKATET",60,6,"Vb","N",null,"H","E","R","R","R",7,"1A1","G binder",5,4,1,8,13,18,1,2,22,5]
["TabHLH157","TRIAE_CS42_1BS_TGACv1_049786_AA0161460",null,null,"TEVRSLKVHSESERRRRERINTHLATLRRMIPDANQMDKATLLACVVNQVKELKRKATET",60,6,"Vb","N",null,"H","E","R","R","R",7,"1A1","G binder",5,4,1,8,13,18,1,2,22,5]
["TabHLH158","TRIAE_CS42_1DS_TGACv1_080689_AA0252280",null,null,"TEVRSLKVHSESERRRRERINTHLATLRRMIPDANQMDKATLLACVVNQVKELKRKATET",60,6,"Vb","N",null,"H","E","R","R","R",7,"1A1","G binder",5,4,1,8,13,18,1,2,22,5]
["OsbHLH035","LOC_Os01g06640",null,null,"TEARALKIHSEAERRRRERINAHLTTLRRMIPDTKQMDKATLLARVVDQVKDLKRKASEI",60,6,"Vb","N","Vb","H","E","R","R","R",7,"1A1","G binder",5,4,1,8,13,18,24,1,2,30,22,5]
["ZmbHLH138","GRMZM2G369629",null,"ZmbHLH094","EARQALKIHSAAEKRRRERINAHLATLRRMIPDASQMDKATLLARVVCQLKDLKKKSAET",60,6,"Vb","N",null,"H","E","K","R","R",7,"1A1","G binder",5,4,1,7,12,17,34,1,2,22,5]
["ZmbHLH137","GRMZM2G088443",null,"ZmbHLH095","TEARALKVHSEAERRRRERINAHLATLRRMVPDTRQMDKATLLARVVEQVKLLKRKASEA",60,6,"Vb","N",null,"H","E","R","R","R",7,"1A1","G binder",5,4,2,8,14,19,24,1,2,22,5]
["TabHLH164","TRIAE_CS42_3AS_TGACv1_212907_AA0704070",null,null,"PEARALKAHSEAERRRRVRINAHLTALRRMIPDTKQMDKAALLARVVDQVRQLKRRASEA",60,6,"Vb","N",null,"H","E","R","R","R",7,"1A1","G binder",5,4,1,5,10,15,24,1,2,22,5]
["TabHLH162","TRIAE_CS42_3DS_TGACv1_273892_AA0933840",null,null,"TEARALKVHSEAERRRRVRINAHLTALRRMIPDTKQMDKAALLGRVVDQVRHLKRRASEV",60,6,"Vb","I",null,"H","E","R","R","R",7,"1A1","G binder",5,4,1,5,10,15,24,1,2,22,5,10]
["TabHLH159","TRIAE_CS42_3AS_TGACv1_211393_AA0689690",null,null,"TEARALKVHSEAERRRRVRINAHLTALRRMIPDTKQMDKAALLARVVDQVRHLKRRASEA",60,6,"Vb","J",null,"H","E","R","R","R",7,"1A1","G binder",5,4,1,5,10,15,14,24,1,2,22,5]
["TabHLH163","TRIAE_CS42_3DS_TGACv1_273892_AA0933850",null,null,"TEARALKVHSEAERRRRVRINAHLTTLRRMIPDTNQMDKAALLARVVDQVRHVKRRATEA",60,6,"Vb","N",null,"H","E","R","R","R",7,"1A1","G binder",5,4,1,4,9,14,1,2]
["TabHLH160","TRIAE_CS42_3B_TGACv1_223144_AA0776940",null,null,"TEARALKVHSEAERRRRVRINAHLTALRRMIPDTKQMDKAALLARVVDQVKHLKRRAGEA",60,6,"Vb","J",null,"H","E","R","R","R",7,"1A1","G binder",5,4,1,6,11,16,24,1,2,22,5]
["TabHLH161","TRIAE_CS42_U_TGACv1_644204_AA2138020",null,null,"TEARALKVHSEAERRRRVRINAHLTALRRMIPDTKQMDKAALLARVVDQVKHLKRRAGEA",60,6,"Vb","N",null,"H","E","R","R","R",7,"1A1","G binder",5,4,1,6,11,16,24,1,2,22,5]
["AtbHLH041","AT5G56960",null,null,"GPSATQLQHMISERKRREKLNESFQALRSLLPPGTKKDKASVLSIAREQLSSLQGEISKL",60,6,"IVd","N","IVd","H","E","R","R","R",5,"1A1","G binder",5,5,2,7,14,19,34,36,1,2,14,2,10]
["OsbHLH028","LOC_Os05g11070",null,null,"ENQQLQLQHVLSERKRREKLNDSFKALRDVLPPATKKDKASVLMRAKDYVNVLKARIAEL",60,6,"IVd","N","IVd","H","E","R","R","R",5,"1A1","G binder",5,5,2,8,15,20,28,29,36,36,34,1,2]
["ZmbHLH146","GRMZM2G175480",null,"ZmbHLH082","INGNNQQQHVLSERKRREKLNDSFKALRTVLPPSSKKDKASTLMRARDYVSTLQSRVSEL",60,6,"IVd","N",null,"H","E","R","R","R",5,"1A1","G binder",5,5,2,8,15,20,34,1,2]
["ZmbHLH151","GRMZM2G132550",null,"ZmbHLH083","ESKNIQLLHVRSERKRREKINDSFEALKNALPPSCCKRDKTSILMRARDYINSLKSRVSEL",61,7,"IVd","N",null,"H","E","R","R","R",7,"1A1","G binder",5,4,2,7,13,18,34,34,1,2]
["TabHLH329","TRIAE_CS42_3B_TGACv1_223078_AA0776190",null,null,"LSSVNQLQHMISERKRREKLNDSFQALKTVLPRGSKKDKTSILITAREYVKSLKSKVCDL",60,6,"IVd","N",null,"H","E","R","R","R",5,"1A1","G binder",5,5,2,9,16,21,34,34,1,2,11]
["TabHLH326","TRIAE_CS42_3AS_TGACv1_211513_AA0690900",null,null,"LSSVNQLQHMISERKRREKLNDSFQALKTVLPPGSKKDKTSILITAREYVNSLKSKVCDL",60,6,"IVd","N",null,"H","E","R","R","R",5,"1A1","G binder",5,5,2,8,15,20,36,34,34,1,2,16,35]
["TabHLH327","TRIAE_CS42_3B_TGACv1_220832_AA0720780",null,null,"LSSVNQLQHMISERKRREKLNDSFQALKTVLPPGSKKDKTSILITAREYVNSLKSKVCDL",60,6,"IVd","N",null,"H","E","R","R","R",5,"1A1","G binder",5,5,2,8,15,20,34,34,1,2,16]
["TabHLH328","TRIAE_CS42_3DS_TGACv1_273315_AA0930330",null,null,"LSSVNQLQHMISERKRREKLNDSFQALKTVLPPGSKKDKTSILITAREYVNSLKSKVCDL",60,6,"IVd","N",null,"H","E","R","R","R",5,"1A1","G binder",5,5,2,8,15,20,34,34,1,2,16]
["ZmbHLH144","GRMZM2G397755",null,"ZmbHLH080","PPSVNQLQHMFSERKRREKLNDSFHALKAVLPPGAKKDKTSILIRAREYVRSLEARVAEL",60,6,"IVd","N",null,"H","E","R","R","R",5,"1A1","G binder",5,5,2,7,14,19,34,37,9,1,2,6,2,36]
["ZmbHLH145","GRMZM2G333582",null,"ZmbHLH081","PPSVNQLQHMFSERKRREKLNDSFHALKAALPPGAKKDKTSILIRARDYVRSLEAKVAEL",60,6,"IVd","J",null,"H","E","R","R","R",5,"1A1","G binder",5,4,2,7,13,18,34,1,2,2]
["OsbHLH027","LOC_Os01g09900",null,null,"PSGNNQLQHTMSERKRREKLNDSFVALKAVLPPGSKKDKTSILIRAREYVKSLESKLSEL",60,6,"IVd","N","IVd","H","E","R","R","R",5,"1A1","G binder",5,5,2,8,15,20,1,2]
["OsbHLH025","LOC_Os01g09990","DPF",null,"PPSGNQLQHMISERKRREKLNDSFLALKAVLPPGSKKDKTSILIRAREYVKSLESKLSEL",60,6,"IVd","N","IVd","H","E","R","R","R",5,"1A1","G binder",5,5,2,8,15,20,34,1,2,30,36,2]
["OsbHLH026","LOC_Os01g09930",null,null,"PPSDNQLQHMISERKRREKLNDSFVALKAVLPTGSKKDKASILIRAREHIKSLESKLSEL",60,6,"IVd","N","IVd","H","E","R","R","R",5,"1A1","G binder",5,5,2,8,15,20,34,1,2,30,36]
["OsbHLH024","LOC_Os01g39330",null,null,"ATNSSQLYHMMSERKRREKLNDSFHTLRSLLPPCSKKDKTTVLINAAKYLKSLETEITEL",60,6,"IVd","N","IVd","H","E","R","R","R",5,"1A1","G binder",5,5,2,7,14,19,36,36,1,2,36,2]
["ZmbHLH147","GRMZM5G849600",null,"ZmbHLH076","SNNSSQVYHMISERKRREKLNDSFHTLRSLLPPCSKKDKTTVLTNAASYLKALEAQVSEL",60,6,"IVd","I",null,"H","E","R","R","R",5,"1A1","G binder",5,5,2,9,16,21,34,1,2,2]
["ZmbHLH148","GRMZM2G463133",null,"ZmbHLH077","SNNSSQVYHMLSERKRREKLNGSFHTLRSLLPPCPKKDKTTVLMNAASYVMALEAQVSEL",60,6,"IVd","I",null,"H","E","R","R","R",5,"1A1","G binder",5,5,2,6,13,18,11,30,1,2,36,37]
["TabHLH319","TRIAE_CS42_3DL_TGACv1_249389_AA0847430",null,null,"SGHTGQLYHMMSERKRREKLNDSFHTLRSLLPPCSKKDKTTVLTKAAWYLKTLEAQVSEL",60,6,"IVd","N",null,"H","E","R","R","R",6,"1A1","G binder",5,5,2,8,15,20,1,2,17,2]
["TabHLH317","TRIAE_CS42_3AL_TGACv1_194518_AA0634800",null,null,"SGNTGQLYHMMSERKRREKLNDSFHTLRSLLPPCSKKDKTTVLTKAAGYLKTLEAQVSEL",60,6,"IVd","N",null,"H","E","R","R","R",5,"1A1","G binder",5,5,2,8,15,20,36,1,2,17,2]
["TabHLH318","TRIAE_CS42_U_TGACv1_640718_AA2070830",null,null,"SGNTGQLYHMMSERKRREKLNDSFHTLRSLLPPCSKKDKTTVLTKAAGYLKTLEAQVSEL",60,6,"IVd","N",null,"H","E","R","R","R",5,"1A1","G binder",5,5,2,8,15,20,1,2,17,2]
["ZmbHLH149","GRMZM2G170559",null,"ZmbHLH079","VPTSSQLNHMISERRRRERLNESFEALRGLLPPGSKKDKATVLAKTLDYMSILVAQIADL",60,6,"IVd","N",null,"H","E","R","R","R",5,"1A1","G binder",5,5,2,8,15,20,34,28,3,1,2,34,2,36]
["OsbHLH029","LOC_Os02g12820",null,null,"PPTSSQLHHMISERRRRERLNESFEHLRGLLPPGSKKDKATVLAKTLEYMNLLIAQISEL",60,6,"IVd","N","IVd","H","E","R","R","R",6,"1A1","G binder",5,5,2,8,15,20,36,34,36,28,1,2,34,14,36,2]
["TabHLH320","TRIAE_CS42_6AS_TGACv1_487408_AA1570450",null,null,"APTSSQLHHMISERRRRERLNESFEALRGLLPPGSKKDKATVLANTLDYMNVLIAQISEL",60,6,"IVd","N",null,"H","E","R","R","R",6,"1A1","G binder",5,5,2,8,15,20,34,28,1,2,1,8]
["TabHLH321","TRIAE_CS42_6BS_TGACv1_514926_AA1665940",null,null,"APTSSQLHHMISERRRRERLNESFEALRGLLPPGSKKDKATVLANTLDYMNILIAQISEL",60,6,"IVd","N",null,"H","E","R","R","R",6,"1A1","G binder",5,5,2,8,15,20,34,28,1,2,1,8]
["TabHLH322","TRIAE_CS42_6DS_TGACv1_542560_AA1724330",null,null,"APTSSQLHHMISERRRRERLNESFEALRGLLPPGSKKDKATVLANTLDYMNILIAQISEL",60,6,"IVd","N",null,"H","E","R","R","R",6,"1A1","G binder",5,5,2,8,15,20,34,28,1,2,8]
["ZmbHLH150","GRMZM2G340177",null,"ZmbHLH078","QHTSSQLHHMFSERRRRERLNESFQTLRALLPPGTKKDKATVLANTTEYMKKLIADVSEL",60,6,"IVd","N",null,"H","E","R","R","R",7,"1A1","G binder",5,5,2,8,15,20,9,1,2,18]
["OsbHLH030","LOC_Os06g37410",null,null,"PPSSSQLHHMISERRRRERINDSFQTLRALLPLPPDSKKDKAAILASTTEYMDKLISQVSEL",62,8,"IVd","N","IVd","H","E","R","R","R",6,"1A1","G binder",5,5,2,7,14,19,36,38,34,24,37,14,1,2,36,6,7]
["TabHLH323","TRIAE_CS42_7AL_TGACv1_556633_AA1767620",null,null,"PSTTSQLHHVISERRRRERLNDSFQTLRALLPPGSKKDKANVLASTTEYMARLVSQVSQL",60,6,"IVd","N",null,"H","E","R","R","R",6,"1A1","G binder",5,5,2,7,14,19,34,34,29,1,2]
["TabHLH324","TRIAE_CS42_7BL_TGACv1_577358_AA1873350",null,null,"PSTTSQLHHVISERRRRERLNDSFQTLRALLPPGSKKDKANVLASTTEYMAKLVSQVTQL",60,6,"IVd","N",null,"H","E","R","R","R",6,"1A1","G binder",5,5,2,7,14,19,10,34,34,32,1,2,8]
["TabHLH325","TRIAE_CS42_7DL_TGACv1_603999_AA1992110",null,null,"PSTTSQLHHVISERRRRERLNDSFQTLRALLPPGSKKDKANVLASTTEYMAKLVSQVTQL",60,6,"IVd","N",null,"H","E","R","R","R",6,"1A1","G binder",5,5,2,7,14,19,36,34,34,32,1,2,8]
["AtbHLH001","AT5G41315","GL3",null,"EARDETGNHAVLEKKRREKLNERFMTLRKIIPSINKIDKVSILDDTIEYLQELERRVQEL",60,6,"IIIf","N","IIIf","H","E","K","R","R",6,"1A1","G binder",5,6,2,9,17,22,13,27,1,11,32,15,37,1,2,22]
["AtbHLH002","AT1G63650","EGL1, EGL3",null,"DTPEETGNHALSEKKRREKLNERFMTLRSIIPSISKIDKVSILDDTIEYLQDLQKRVQEL",60,6,"IIIf","N","IIIf","H","E","K","R","R",5,"1A1","G binder",5,6,2,10,18,23,13,27,11,32,15,37,19,1,2,22]
["AtbHLH012","AT4G00480","MYC1",null,"MFPSQNSGLNQDDPSDRRKENEKFSVLRTMVPTVNEVDKESILNNTIKYLQELEARVEEL",60,6,"IIIf","N","IIIf","L","D","P","D","R",1,2,"non DNA binder",1,4,1,8,13,14,13,27,11,32,15,1,2,6,37]
["ZmbHLH124","GRMZM2G172795","R(Lc)","ZmbHLH098","AQENGAKNHVMLERKRREKLNEMFLVLKSLVPSIHKVDKASILAETIAYLKELQRRVQEL",60,6,"IIIf","N",null,"H","E","R","R","R",6,"1A1","G binder",5,5,2,11,18,23,13,27,11,13,36,1,2,6,5]
["ZmbHLH125","GRMZM5G822829","R(Lc)","ZmbHLH097","MSGTGTKNHVMSERKRREKLNEMFLVLKSLLPSIHRVNKASILAETIAYLKELQRRVQEL",60,6,"IIIf","N",null,"H","E","R","R","R",6,"1A1","G binder",5,5,1,11,17,22,13,27,11,32,15,24,1,2,6,5,6]
["TabHLH239","TRIAE_CS42_2AL_TGACv1_095119_AA0307150",null,null,"QESTNTKNHVISERRRREKLNEMFLILKSLVPSIHKVDKASILAETITYLRELEQKVEEL",60,6,"IIIf","N",null,"H","E","R","R","R",6,"1A1","G binder",5,5,2,10,17,22,13,27,11,32,15,15,1,2,6,5]
["TabHLH240","TRIAE_CS42_2BL_TGACv1_135031_AA0444600",null,null,"QESTNTKNHVISERRRREKLNEMFLILKSLVPSIHKVDKASILAETIAYLRELEQKVEEL",60,6,"IIIf","N",null,"H","E","R","R","R",6,"1A1","G binder",5,5,2,10,17,22,13,27,11,32,15,30,1,2,6,5]
["TabHLH241","TRIAE_CS42_2DL_TGACv1_157987_AA0504870",null,null,"QESTNTKNHVISERRRREKLNEMFLILKSLVPSIHKVDKASILAETIAYLRELEQKVEEL",60,6,"IIIf","N",null,"H","E","R","R","R",6,"1A1","G binder",5,5,2,10,17,22,13,27,11,32,15,1,2,6,5]
["OsbHLH012","LOC_Os01g39480",null,null,"AAGSSIKNHVMSERRRWEKLNEMFLTLKSLVPSIDKVDKASSLAETIAYLKELERRVQEL",60,6,"IIIf","N","IIIf","H","E","R","R","W",5,"1B","non E binder",4,5,2,10,17,21,36,1,2,5]
["OsbHLH165","LOC_Os01g39580","Rb",null,"AGSCSIKNHVMSERRRREKLNEMFLILKSLVPSIDKVDKASILSETIAYLKELERRVQEL",60,6,"IIIf","N","IIIf","H","E","R","R","R",6,"1A1","G binder",5,5,2,10,17,22,1,2,36,5]
["OsbHLH016","LOC_Os04g47059","OSB2, Kala4",null,"TPGSNIKSHVMSERRRREKLNEMFLILKSLLPSVRKVDKASILAETITYLKVLEKRVKEL",60,6,"IIIf","N","IIIf","H","E","R","R","R",6,"1A1","G binder",5,5,2,10,17,22,32,15,1,2]
["OsbHLH015","LOC_Os04g47040",null,null,"TQESGIKNHVISERRRREKLNEMFLILKSIVPSIHKVDKASILEETIAYLKVLEKRVKEL",60,6,"IIIf","N","IIIf","H","E","R","R","R",6,"1A1","G binder",5,5,2,10,17,22,13,27,11,32,15,33,1,2,36,6,5]
["OsbHLH013","LOC_Os04g47080","OSB1",null,"TQGSSIKNHVMSERRRREKLNEMFLILKSVVPSIHRVDKASILAETIAYLKELEKRVEEL",60,6,"IIIf","N","IIIf","H","E","R","R","R",6,"1A1","G binder",5,5,2,10,17,22,13,27,11,32,15,1,2,6,5]
["OsbHLH014","LOC_Os11g15210",null,null,"DQGSSIKNHVMSERRRREKLKEMFLILKSVVPSIHKVDKASILAETIAYLKELEKRVEEL",60,6,"IIIf","N","IIIf","H","E","R","R","R",6,"1A1","G binder",5,5,2,10,17,22,32,15,1,2,6,5]
["TabHLH248","TRIAE_CS42_4BL_TGACv1_320724_AA1047200",null,null,"DRESNIKNHVISERRRRERLNEMFMVLKSLVPSIHKVDKASILLQTIAYLKELEQRVKEL",60,6,"IIIf","N",null,"H","E","R","R","R",7,"1A1","G binder",5,5,2,9,16,21,13,27,11,32,15,1,2,7]
["TabHLH249","TRIAE_CS42_4DL_TGACv1_343163_AA1130820",null,null,"ARETNIKAHVISERRRRERLNEMFLVLKSLVPSIHKVDKASILVETIAYLKELEQRVKEL",60,6,"IIIf","N",null,"H","E","R","R","R",7,"1A1","G binder",5,5,2,10,17,22,13,27,11,32,15,1,2]
["TabHLH243","TRIAE_CS42_4BL_TGACv1_320724_AA1047120",null,null,"AQESNIKTHVLSERRRREKLNEMFLVLKSLVPSINKMDKASILAETITYLKELEQRVEEL",60,6,"IIIf","N",null,"H","E","R","R","R",6,"1A1","G binder",5,5,2,10,17,22,13,27,11,32,15,30,1,2,6,5]
["TabHLH244","TRIAE_CS42_4DL_TGACv1_344978_AA1150830",null,null,"AQESNIKTHVLSERRRREKLNEMFLVLKSLVPSINKMDKASILAETITYLKELEQRVEEL",60,6,"IIIf","N",null,"H","E","R","R","R",6,"1A1","G binder",5,5,2,10,17,22,13,27,11,32,15,1,2,6,5]
["TabHLH242","TRIAE_CS42_2DL_TGACv1_158047_AA0507230",null,null,"AQESNIKTHVLSERRHREKLNEMFLVLKSLVPSINKMDKASILAETITYLKELEQRVEEL",60,6,"IIIf","J",null,"H","E","R","H","R",6,"1B","non E binder",4,5,2,10,17,21,13,27,11,32,30,6,28,1,2,6,5]
["TabHLH245","TRIAE_CS42_4BL_TGACv1_320724_AA1047110",null,null,"PQESNIKTHVLSERRRREKLNDMFLVLKSMIPSINKMDKASILAETITYLRELEQRVEEL",60,6,"IIIf","N",null,"H","E","R","R","R",6,"1A1","G binder",5,4,2,9,15,20,1,2,6,5,4]
["TabHLH246","TRIAE_CS42_5AL_TGACv1_374235_AA1194600",null,null,"PQESNIKTHVLSERRRREKLNDMFLVLKSMVPSINKMDKASILAETITYLRELEQRVEEL",60,6,"IIIf","N",null,"H","E","R","R","R",6,"1A1","G binder",5,4,2,9,15,20,15,6,1,2,6,5]
["TabHLH247","TRIAE_CS42_5AL_TGACv1_374516_AA1202210",null,null,"PQESNIKTHVLSERRRREKLNDMFLVLKSMVPSINKMDKASILAETITYLRELEQRVEEL",60,6,"IIIf","N",null,"H","E","R","R","R",6,"1A1","G binder",5,4,2,9,15,20,13,27,11,32,15,6,1,2,6,5]
["AtbHLH011","AT4G36060",null,null,"KKEAVCSQKAEREKLRRDKLKEQFLELGNALDPNRPKSDKASVLTDTIQMLKDVMNQVDRL",61,7,"IVb","K","IVb","K","E","K","R","R",7,"1A1","G binder",4,3,2,9,14,18,1,2,7]
["AtbHLH121","AT3G19860",null,null,"DVSARKSQKAGREKLRREKLNEHFVELGNVLDPERPKNDKATILTDTVQLLKELTSEVNKL",61,7,"IVb","other","IVb","K","E","K","R","R",7,"1A1","G binder",4,4,2,9,15,19,1,2,7]
["OsbHLH064","LOC_Os02g23823",null,null,"SIATRKVQKADREKMRRDRLNEQFQELGSTLDPDRPRNDKATILSDAIQMLKDLTSQVNKL",61,7,"IVb","K","IVb","K","E","K","R","R",7,"1A1","G binder",4,3,1,10,14,18,1,2,7,34]
["ZmbHLH172","GRMZM2G114444",null,"ZmbHLH183","STSARKVQKADREKMRRDKLNEQFQDLGNALDPDRPRNDKATILGDTIQMLKDLTTQVNKL",61,7,"IVb","K",null,"K","E","K","R","R",7,"1A1","G binder",4,3,2,10,15,19,1,2,7,34]
["TabHLH421","TRIAE_CS42_6AL_TGACv1_471152_AA1503590",null,null,"SVTARKVHKADRERMRRDKLNEQFLELGTTLDPDRPRHDKATILGDTVQMLKDLTSQVNKL",61,7,"IVb","K",null,"K","E","R","R","R",8,"1A1","G binder",4,3,1,10,14,18,1,2,7]
["AtbHLH047","AT3G47640","PYE",null,"GKVPKRINKAVRERLKREHLNELFIELADTLELNQQNSGKASILCEATRFLKDVFGQIESL",61,7,"IVb","K","IVb","K","E","R","K","R",8,"1A1","G binder",3,3,1,8,12,15,1,2,7,34,21]
["OsbHLH061","LOC_Os11g38870",null,null,"EKAPKKTHKAEREKLKRDQLNDLFVELSSMLDPERQNSGKATVLGDAARVLRDLVSQVESL",61,7,"IVb","K","IVb","K","E","K","K","R",9,"1A1","G binder",3,3,1,8,12,15,1,2,7,34]
["ZmbHLH171","GRMZM2G133675",null,"ZmbHLH182","EKPPKKTHKAEREKLKRDQLNDLFVELGSMLDLDRQNTGKATVLGDAARVLRDLITQVESL",61,7,"IVb","K",null,"K","E","K","K","R",9,"1A1","G binder",3,3,2,8,13,16,1,2,7,34,3,36]
["TabHLH419","TRIAE_CS42_4BS_TGACv1_327821_AA1075370",null,null,"EKAPKKNHKAEREKLKRDQLNDLFVELSSMLDHDRQNRGKATVLGDAARVLRDLTTQVESL",61,7,"IVb","K",null,"K","E","K","K","R",9,"1A1","G binder",3,3,1,8,12,15,1,2,7,34,36]
["TabHLH420","TRIAE_CS42_4DS_TGACv1_361207_AA1163620",null,null,"EKAPKKNHKAEREKLKRDQLNDLFVELSSMLDHDRQNRGKATVLGDVARVLRDLITQVESL",61,7,"IVb","K",null,"K","E","K","K","R",9,"1A1","G binder",3,3,1,7,11,14,1,2,7,34,36]
["OsbHLH062","LOC_Os07g43530","OsbHLH1",null,"KKAPKRIHKSEREKLKRDKQNDLFNELGNLLEPDRQNNGKACVLGETTRILKDLLSQVESL",61,7,"IVb","K","IVb","K","E","K","K","R",10,"1A1","G binder",3,3,1,8,12,15,36,1,2,7]
["ZmbHLH170","GRMZM2G017145",null,"ZmbHLH181","KKAPKKVHKSEREKRKRDKQNDLFGELGNMLEPDRQNNGKACILSDTTRILKDLLSQVESL",61,7,"IVb","K",null,"K","E","K","K","R",11,"1A1","G binder",3,2,2,9,13,16,1,2,7]
["TabHLH415","TRIAE_CS42_2BS_TGACv1_146500_AA0466710",null,null,"TKVPNKIHKSEREKRKRGTQNDLFNELGAMLEPDRQNNGKACVLGDTTRILKDLVSQVESL",61,7,"IVb","K",null,"K","E","K","K","R",9,"1A1","G binder",3,2,1,8,11,14,1,2,7]
["TabHLH413","TRIAE_CS42_2AS_TGACv1_113102_AA0351260",null,null,"EKVPKKIHKSEREKRKRGTQNDLFNELGAMLEPDRQNNGKACVLGDTTRILKDLVSQVESL",61,7,"IVb","K",null,"K","E","K","K","R",10,"1A1","G binder",3,2,1,8,11,14,1,2,7]
["TabHLH414","TRIAE_CS42_2DS_TGACv1_177983_AA0588610",null,null,"KKVPKKIHKSEREKRKRGTQNDLFNELGAMLEPDRQNNGKACVLGDTTRILKDLVSQVESL",61,7,"IVb","K",null,"K","E","K","K","R",11,"1A1","G binder",3,2,1,8,11,14,1,2,7]
["OsbHLH063","LOC_Os03g26210","IRO3",null,"KKVPRKVHKSEREKLKRGHLNDLFGELGNMLEADRQSNGKACILTDTTRILRDLLSQVKSL",61,7,"IVb","K","IVb","K","E","K","K","R",10,"1A1","G binder",3,3,1,7,11,14,36,1,2,7,20]
["ZmbHLH169","GRMZM2G350312",null,"ZmbHLH180","KPGPRKIHKAEREKLKRDHLNDLFVELGNMLEADRQNNGKACILTDTTRILRDLLVQVDSL",61,7,"IVb","K",null,"K","E","K","K","R",9,"1A1","G binder",3,3,2,7,12,15,1,2,7]
["TabHLH416","TRIAE_CS42_2AS_TGACv1_113707_AA0359670",null,null,"KKAPRMIHKAEREKHKRDLLNDLFSELDEMLEADRQTNGKACILTDTTRILRDLLSQLESL",61,7,"IVb","K",null,"K","E","K","K","R",10,"1A1","G binder",3,3,1,7,11,14,1,2,7]
["TabHLH417","TRIAE_CS42_2BS_TGACv1_148847_AA0495340",null,null,"KKAPRMIHKAEREKHKRDLLNDLFGELGEMLEADRQTNGKACILTDTTRILRDLLSQLESL",61,7,"IVb","K",null,"K","E","K","K","R",10,"1A1","G binder",3,3,1,7,11,14,29,5,9,1,2,7]
["TabHLH418","TRIAE_CS42_2DS_TGACv1_178613_AA0598190",null,null,"KKAPRMIHKAEREKHKRDLLNDLFSELGEMLEADRQTNGKACILTDTTRILRDLLSQLESL",61,7,"IVb","K",null,"K","E","K","K","R",10,"1A1","G binder",3,3,1,7,11,14,1,2,7]
["AtbHLH034","AT3G23210",null,null,"GSCSKPGTKACREKLRREKLNDKFMDLSSVLEPGRTPKTDKSAILDDAIRVVNQLRGEAHEL",62,8,"IVc","L","IVc","K","E","K","R","R",6,"1A1","G binder",4,5,2,7,14,18,34,1,2,7,25]
["AtbHLH104","AT4G14410",null,null,"SCSRGGGTKACRERLRREKLNERFMDLSSVLEPGRTPKTDKPAILDDAIRILNQLRDEALKL",62,8,"IVc","L","IVc","K","E","R","R","R",6,"1A1","G binder",4,5,2,6,13,17,1,2,7,25]
["ZmbHLH178","GRMZM2G058451",null,"ZmbHLH179","ESTTESSTKASREKIRRDKLNERFLELGAILEPGKTPKMDKTAILSDAIRVVGELRSEAKKL",62,8,"IVc","L",null,"K","E","K","R","R",5,"1A1","G binder",4,5,2,6,13,17,1,2,7,25]
["OsbHLH057","LOC_Os07g35870",null,null,"ESGTRPSSKACREKVRRDKLNERFLELGAVLEPGKTPKMDKSSILNDAIRVMAELRSEAQKL",62,8,"IVc","other","IVc","K","E","K","R","R",6,"1A1","G binder",4,5,2,8,15,19,1,2,7,29,25]
["TabHLH406","TRIAE_CS42_2BS_TGACv1_146937_AA0475590",null,null,"ETGAQPSSKACREKVRRDKLNERFLELSAVLDPGKTPKIDKCAILNDAIRAVTELRSEAEKL",62,8,"IVc","L",null,"K","E","K","R","R",5,"1A1","G binder",4,5,2,6,13,17,1,2,7,25]
["TabHLH404","TRIAE_CS42_2AS_TGACv1_112268_AA0334520",null,null,"ETGAQPSSKACREKVRRDKLNERFLELGAVLDPGKTPKIDKCAILNDAIRAVTELRSEAEKL",62,8,"IVc","L",null,"K","E","K","R","R",5,"1A1","G binder",4,5,2,6,13,17,1,2,7,25]
["TabHLH405","TRIAE_CS42_2DS_TGACv1_178140_AA0591730",null,null,"ETGAQPSSKACREKVRRDKLNERFLELGAVLDPGKTPKIDKCAILNDAIRAVTELRSEAEKL",62,8,"IVc","L",null,"K","E","K","R","R",5,"1A1","G binder",4,5,2,6,13,17,1,2,7,25]
["AtbHLH105","AT5G54680","ILR3",null,"ESSSATSSKACREKQRRDRLNDKFMELGAILEPGNPPKTDKAAILVDAVRMVTQLRGEAQKL",62,8,"IVc","L","IVc","K","E","K","R","R",5,"1A1","G binder",4,5,2,7,14,18,1,7,25]
["AtbHLH115","AT1G51070",null,null,"ESCTGSNSKACREKQRRDRLNDKFTELSSVLEPGRTPKTDKVAIINDAIRMVNQARDEAQKL",62,8,"IVc","L","IVc","K","E","K","R","R",5,"1A1","G binder",4,5,2,4,11,15,1,7,25]
["OsbHLH059","LOC_Os02g02480",null,null,"SSSSGPKSKACREKIRRDRLNDRFLELSSVINPDKQAKLDKANILSDAARLLAELRGEAEKL",62,8,"IVc","other","IVc","K","E","K","R","R",6,"1A1","G binder",4,5,2,6,13,17,36,1,2,7,25]
["ZmbHLH175","GRMZM2G314882",null,"ZmbHLH175","PCSSGLKSKACREKMRRDKLNDRFLELSSVMNPGKQAKLDKANILSDAARMVAQLRGEAEKL",62,8,"IVc","L",null,"K","E","K","R","R",6,"1A1","G binder",4,4,2,6,12,16,1,2,7,25]
["ZmbHLH176","GRMZM5G856837",null,"ZmbHLH174","PCSSGPTSKACREKMRRDKLNDRFLELSSIMNPGKEAKLDKANILSDAARMVAQLRGEAEKL",62,8,"IVc","L",null,"K","E","K","R","R",5,"1A1","G binder",4,4,2,6,12,16,38,1,2,7,25]
["TabHLH410","TRIAE_CS42_6AS_TGACv1_485603_AA1548260",null,null,"PSSSGPKSKACREKMRRDKLNDRFLELCSVMNSGKHSGLEECSASNPGKNAKLDKASILSDATRMLTQLRGETEKL",76,22,"IVc","L",null,"K","E","K","R","R",6,"1A1","G binder",4,4,2,7,13,17,36,1,2,7,25]
["TabHLH411","TRIAE_CS42_6BS_TGACv1_514711_AA1663590",null,null,"PSSSGPKSKACREKMRRDKLNDRFLELCSVMNSGKHTGLEECSASNPGKNAKLDKASILSDATRMLTQLRGETEKL",76,22,"IVc","L",null,"K","E","K","R","R",6,"1A1","G binder",4,4,2,7,13,17,36,1,2,7,25]
["TabHLH412","TRIAE_CS42_6DS_TGACv1_542526_AA1723490",null,null,"PSPSGPKSKACREKMRRDKLNDRFLELCSVMNSGKHTGVEECSASNPGKNAKLDKASILSDATRMLTQLRGETEKL",76,22,"IVc","L",null,"K","E","K","R","R",6,"1A1","G binder",4,4,2,7,13,17,36,1,2,7,25]
["OsbHLH058","LOC_Os05g38140",null,null,"ESSAPPGTKACREKLRRDRLNERFNELSAILEPGKPPRADKVSILSDAARLLSQLRAEAQKL",62,8,"IVc","other","IVc","K","E","K","R","R",5,"1A1","G binder",4,5,2,6,13,17,1,2,7,25]
["ZmbHLH177","GRMZM2G061906",null,"ZmbHLH178","ESSAPPGTKACREKLRRDRLNERFNELCAILEPGKPPKADKVAILSDAARLLNQLQGEAQKL",62,8,"IVc","L",null,"K","E","K","R","R",5,"1A1","G binder",4,5,2,6,13,17,1,2,7,25]
["TabHLH401","TRIAE_CS42_1AL_TGACv1_000254_AA0007360",null,null,"ESSAQPGTKACREKLRRDRLNERFNELCAVLEPGKPPKADKVAILSDATRLLDQLRAEAQKL",62,8,"IVc","L",null,"K","E","K","R","R",5,"1A1","G binder",4,5,2,5,12,16,1,2,7,25]
["TabHLH402","TRIAE_CS42_1BL_TGACv1_034678_AA0145290",null,null,"ESSAQPGTKACREKLRRDRLNERFSELCAVLEPGKPPKADKVAILSDATRLLDQLRAEAQKL",62,8,"IVc","L",null,"K","E","K","R","R",5,"1A1","G binder",4,5,2,5,12,16,36,1,7,25]
["TabHLH403","TRIAE_CS42_1DL_TGACv1_063169_AA0224560",null,null,"ESSAQPGTKACREKLRRDRLNERFSELCAVLEPGKPPKADKVAILSDATRLLDQLRAEAQKL",62,8,"IVc","L",null,"K","E","K","R","R",5,"1A1","G binder",4,5,2,5,12,16,36,1,2,7,25]
["OsbHLH060","LOC_Os08g04390",null,null,"GSCGRPTSKASREKIRRDKMNDRFLELGTTLEPGKPVKSDKAAILSDATRMVIQLRAEAKQL",62,8,"IVc","other","IVc","K","E","K","R","R",6,"1A1","G binder",4,4,2,6,12,16,36,36,1,7,25]
["TabHLH407","TRIAE_CS42_7AL_TGACv1_556014_AA1752750","TabHLH060, ADC33137 ",null,"EPCGRPTSKACREKVRRDKLNDRFLELGTTLDPGKPVKADKAAILSDATRMVTQLRAEAQQL",62,8,"IVc","L",null,"K","E","K","R","R",6,"1A1","G binder",4,4,2,6,12,16,1,7,25]
["TabHLH408","TRIAE_CS42_7BL_TGACv1_578581_AA1897480",null,null,"EPCGRPTSKACREKVRRDKLNDRFLELGTTLDPGKPVKADKAAILSDATRMVTQLRAEAQQL",62,8,"IVc","L",null,"K","E","K","R","R",6,"1A1","G binder",4,4,2,6,12,16,1,7,25]
["TabHLH409","TRIAE_CS42_7DL_TGACv1_602762_AA1967700",null,null,"EPCGRPTSKACREKVRRDKLNDRFLELGTTLDPGKPVKADKAAILSDATRMVTQLRAEAQQL",62,8,"IVc","L",null,"K","E","K","R","R",6,"1A1","G binder",4,4,2,6,12,16,1,7,25]
["ZmbHLH173","GRMZM2G017586",null,"ZmbHLH177","GSSDMPTSKACRERMRRNKLNDRFLELGSALEPGKPVKADKAAILSDATRMVIQLRSESQQL",62,8,"IVc","L",null,"K","E","R","R","R",5,"1A1","G binder",4,4,2,6,12,16,1,7,25]
["ZmbHLH174","GRMZM2G093744",null,"ZmbHLH176","NDVHVPTSKASREKMRRNKLNDRFLELGSTLEPGKPVKADKAAILSDATRMVIQLRSEAQQL",62,8,"IVc","L",null,"K","E","K","R","R",6,"1A1","G binder",4,4,2,6,12,16,1,2,7,25]
["ZmbHLH179","GRMZM2G069630",null,null,"YVNTNDVFKEPNDVFKEPGSNKRFLELGSTLEPGKPVKADKVAILSDATLMVIQLRSEAQQL",62,8,"IVc","L",null,"K","D","V","K","E",2,2,"non DNA binder",0,3,2,5,10,10,7]
["AtbHLH019","AT2G22760",null,null,"RSPVLAKEHVLAERKRREKLSEKFIALSALLPGLKKADKVTILDDAISRMKQLQEQLRTL",60,6,"IVa","N","IVa","H","E","R","R","R",7,"1A1","G binder",5,6,2,10,18,23,24,1,2,6,5,10]
["AtbHLH020","AT2G22770","NAI1",null,"REPHLLKEHVLAERKRRQKLNERLIALSALLPGLKKTDKATVLEDAIKHLKQLQERVKKL",60,6,"IVa","N","IVa","H","E","R","R","R",8,"1A1","G binder",5,6,2,10,18,23,24,1,2,6,5,10]
["AtbHLH018","AT2G22750",null,null,"RSQSNAQDHILAERKRREKLTQRFVALSALIPGLKKMDKASVLGDAIKHIKYLQESVKEY",60,6,"IVa","N","IVa","H","E","R","R","R",6,"1A1","G binder",5,6,2,9,17,22,24,1,2,6,5]
["AtbHLH025","AT4G37850",null,null,"RNQSNAQDHIIAERKRREKLTQRFVALSALVPGLKKMDKASVLGDALKHIKYLQERVGEL",60,6,"IVa","N","IVa","H","E","R","R","R",6,"1A1","G binder",5,6,2,9,17,22,34,1,2,6,5,10]
["OsbHLH018","LOC_Os03g51580",null,null,"RPASQNQEHILAERKRREKLSQRFIALSKIVPGLKKMDKASVLGDAIKYVKQLQDQVKGL",60,6,"IVa","N","IVa","H","E","R","R","R",6,"1A1","G binder",5,6,2,12,20,25,28,34,24,1,2,6,5,10]
["ZmbHLH122","GRMZM2G019806",null,"ZmbHLH107","RPASQNQDHILAERKRREKLSQRFIALSKIVPGLKKMDKASVLGDAIKYVKQLQDQVKGL",60,6,"IVa","N",null,"H","E","R","R","R",6,"1A1","G binder",5,6,2,12,20,25,28,26,24,1,2,6,5,10]
["ZmbHLH123","GRMZM2G082343",null,"ZmbHLH106","RPASQNQDHILAERKRREKLSQRFIALSKIVPGLKKMDKASVLGDAIKYVKQLQDQVKGL",60,6,"IVa","N",null,"H","E","R","R","R",6,"1A1","G binder",5,6,2,12,20,25,28,24,1,2,6,5,10]
["TabHLH283","TRIAE_CS42_4AL_TGACv1_288533_AA0951280",null,null,"RPAAQNQDHILAERRRREKLSERFIALSKIVPGLKKMDKASVLGDAIKYVKTLQEQVKGM",60,6,"IVa","P",null,"H","E","R","R","R",6,"1A1","G binder",5,6,2,12,20,25,28,34,24,1,2,6,5,10,37]
["TabHLH284","TRIAE_CS42_4BS_TGACv1_327970_AA1080160",null,null,"RPAAQNQDHIMAERKRREKLSERFIALSKIVPGLKKMDKASVLGDAIKYVKTLQEQVKGM",60,6,"IVa","P",null,"H","E","R","R","R",6,"1A1","G binder",5,6,2,12,20,25,28,34,24,1,2,6,5,10]
["TabHLH285","TRIAE_CS42_4DS_TGACv1_361059_AA1159920",null,null,"RPAAQNQDHIMAERKRREKLSERFIALSKIVPGLKKMDKASVLGDAIKYVKTLQEQVKGM",60,6,"IVa","P",null,"H","E","R","R","R",6,"1A1","G binder",5,6,2,12,20,25,36,28,26,24,1,2,6,5,10]
["TabHLH280","TRIAE_CS42_7AL_TGACv1_556512_AA1764470",null,null,"MSPDPAKDHIIAERRRREKINQRLMELSTLIPGLKKMNKATIIGDAVKHVRELQEKVNIL",60,6,"IVa","N",null,"H","E","R","R","R",6,"1A1","G binder",5,6,1,9,16,21,28,24,1,2,6,5,10]
["TabHLH281","TRIAE_CS42_7BL_TGACv1_577114_AA1866320",null,null,"VSPDPANGHIIAERRRREKINQRLMELSTLIPGLKKMNKATIIGDAVKHLRELQEKVNIL",60,6,"IVa","N",null,"H","E","R","R","R",5,"1A1","G binder",5,6,1,9,16,21,28,1,2,6,5,10]
["OsbHLH021","LOC_Os12g43620",null,null,"AAPGYVQDHIIAERRRREKINQRFIELSTVIPGLKKMDKATILGDAVKYVKELQEKVKTL",60,6,"IVa","N","IVa","H","E","R","R","R",5,"1A1","G binder",5,6,2,12,20,25,28,36,36,36,24,1,2,6,5,10]
["ZmbHLH115","GRMZM2G068604",null,"ZmbHLH103","SSPGPVQDHIIAERRRREKINQRFIELSTVIPGLKKMDKATILGDAVKYVRELQEKVKGL",60,6,"IVa","N",null,"H","E","R","R","R",5,"1B","non E binder",5,6,2,11,19,24,28,24,24,1,2,36,36,6,5,10]
["ZmbHLH116","GRMZM2G049686",null,"ZmbHLH104","SSPGPVQDHIIAERRRREKINQRFIELSTVIPGLKKMDKATILGDAVKYVRELQEKVKGL",60,6,"IVa","N",null,"H","E","R","R","R",5,"1A1","G binder",5,6,2,11,19,24,28,24,24,1,2,36,36,6]
["TabHLH276","TRIAE_CS42_5AS_TGACv1_393503_AA1273320",null,null,"ASPGPVQDHIIAERRRREKINQRFIELSTVIPNLKKMDKATILGDAVKYVRELQDKVKTM",60,6,"IVa","N",null,"H","E","R","R","R",5,"1A1","G binder",5,6,2,11,19,24,28,24,24,1,2,6,5,10]
["TabHLH277","TRIAE_CS42_5DS_TGACv1_456542_AA1473610",null,null,"ASPGPVQDHIIAERRRREKINQRFIELSTVIPNLKKMDKATILGDAVKYVRELQDKVKTM",60,6,"IVa","N",null,"H","E","R","R","R",5,"1A1","G binder",5,6,2,11,19,24,28,24,24,1,2,6,5,10]
["TabHLH278","TRIAE_CS42_5BS_TGACv1_424423_AA1389560",null,null,"ASPGPVQDHIIAERRRREKINQRFIELSTVIPNLKKMDKATILGDAVKYVRELQEKVKTM",60,6,"IVa","N",null,"H","E","R","R","R",5,"1A1","G binder",5,6,2,11,19,24,28,30,24,24,1,2,26,6,5,10,22]
["TabHLH279","TRIAE_CS42_5BS_TGACv1_424423_AA1389570",null,null,"ASPGPVQDHIIAERRRREKINQRFIELSTVIPNLKKMDKATILGDAVKYVRELQEKVKTM",60,6,"IVa","N",null,"H","E","R","R","R",5,"1A1","G binder",5,6,2,11,19,24,28,30,24,24,1,2,26,6,5,10]
["TabHLH250","TRIAE_CS42_3AS_TGACv1_212821_AA0703590",null,null,"KVAACAQGHIMAERKRREKTNQRFIELSALIPGLKKMDKGTILSNATSYVKELQEKVKSL",60,6,"IVa","N",null,"H","E","R","R","R",6,"1A1","G binder",5,5,2,9,16,21,28,24,1,2,6,5,10]
["TabHLH251","TRIAE_CS42_3DS_TGACv1_271545_AA0902100",null,null,"KVGACAQDHIMAERKRREKTNQRFIELSAVIPGLKKMDKGTILSNATSYVKQLQEKVKSL",60,6,"IVa","N",null,"H","E","R","R","R",6,"1A1","G binder",5,5,2,9,16,21,28,24,1,2,6,5,10]
["TabHLH265","TRIAE_CS42_4DL_TGACv1_343948_AA1141930",null,null,"KGPPHAQDHVMAERKRREKINQRFIELSALIPGLKMDKGTILTDATRYVKELQERVRSL",59,5,"IVa","N",null,"H","E","R","R","R",7,"1A1","G binder",5,6,2,9,17,22,28,13,24,1,2,6,5,10]
["TabHLH260","TRIAE_CS42_4AL_TGACv1_289198_AA0967130",null,null,"KSTSYAQDHIMAERKRREKINQRFIELSAVIPGLKKMDKGTILTDATRYVKELQEKVRSL",60,6,"IVa","N",null,"H","E","R","R","R",6,"1A1","G binder",5,6,2,10,18,23,28,36,36,24,1,2,6,5,10]
["TabHLH262","TRIAE_CS42_4BL_TGACv1_320303_AA1034450",null,null,"KSRPYAQDHIMAERKRREKINQRFIELSAVIPGLKKMDKGTILADATRYVKELQERVKYL",60,6,"IVa","N",null,"H","E","R","R","R",7,"1A1","G binder",5,6,2,9,17,22,28,36,36,36,24,1,2,6,5,10]
["TabHLH263","TRIAE_CS42_4DL_TGACv1_342860_AA1124130",null,null,"KSTPYAQDHIMAERKRREKINQRFIELSAVIPGLKKMDKGTILADATRYVKELQERVK",58,6,"IVa","N",null,"H","E","R","R","R",6,"1A1","G binder",5,6,2,8,16,21,28,36,36,31,36,24,1,2]
["TabHLH261","TRIAE_CS42_4BL_TGACv1_320266_AA1033070",null,null,"KSTPYAQDHIMAERKRREKINQRFIELSAVIPGLKKMDKGTILADATRYVKELQERVKYL",60,6,"IVa","N",null,"H","E","R","R","R",6,"1A1","G binder",5,6,2,9,17,22,28,36,36,24,1,2,6,5,10]
["TabHLH264","TRIAE_CS42_4AL_TGACv1_292536_AA0999160",null,null,"KSTPYAQDHIMAERKRRENINQSFIELSALIPGLKKMDKGTILADATIFVKELQERVKYL",60,6,"IVa","N",null,"H","E","R","R","R",6,"1A1","G binder",5,5,2,8,15,20,28,36,36,24,1,2]
["ZmbHLH121","GRMZM2G036554",null,"ZmbHLH105","GAASCTPEHIVAERKRREKINNRLIELSTVIPGLKKMDKATILSDAAKYVKELQQRLKAL",60,6,"IVa","N",null,"H","E","R","R","R",5,"1A1","G binder",5,6,2,10,18,23,28,36,15,1,2,6,5,10]
["OsbHLH022","LOC_Os03g46790",null,null,"ASVAVQLEHVVAERKRREKINQRFMELSAVIPKLKKMDKATILSDAASYIRELQEKLKAL",60,6,"IVa","N","IVa","H","E","R","R","R",5,"1A1","G binder",5,6,2,10,18,23,28,31,1,2,6,5]
["ZmbHLH120","GRMZM2G095899",null,"ZmbHLH102","SAPPCSQDHIVAERKRREKINQRFIELSAVIPCLKKMDKATILSDATRYVKELQEKLKAL",60,6,"IVa","N",null,"H","E","R","R","R",5,"1A1","G binder",5,6,2,12,20,25,28,24,1,2,6,5,10]
["ZmbHLH119","GRMZM2G355469",null,"ZmbHLH099","VGSIYAQDHIIAERKRREKINQRFIELSTVIPGLKKMDKATILSDATRYVRDLQEKIKAH",60,6,"IVa","N",null,"H","E","R","R","R",5,"1A1","G binder",5,6,2,9,17,22,28,36,1,2,6,5,10]
["TabHLH256","TRIAE_CS42_4BS_TGACv1_328234_AA1085010",null,null,"SGPPYAQDHIMAERKRREKINQRFIELSTIIPGLKKMDKATILSDTTRHVKELQEKIKAL",60,6,"IVa","N",null,"H","E","R","R","R",5,"1A1","G binder",5,6,2,10,18,23,28,24,1,2,6,5,10]
["TabHLH257","TRIAE_CS42_4DS_TGACv1_361787_AA1172740",null,null,"SVPPYAQDHIMAERKRREKINQRFIELSTVIPGLKKMDKATILSDTTRHVKELQEKIKAL",60,6,"IVa","N",null,"H","E","R","R","R",5,"1A1","G binder",5,6,2,10,18,23,28,24,1,2,6,5,10,37]
["TabHLH258","TRIAE_CS42_4BS_TGACv1_328234_AA1085020",null,null,"SGPPYAQDHIMAERKRREKINQRFIELSTVIPGLKKMHKATILSDATRHIKELQAKIKAL",60,6,"IVa","I",null,"H","E","R","R","R",5,"1A1","G binder",5,6,1,10,17,22,28,36,24,1,2,36]
["TabHLH259","TRIAE_CS42_4BS_TGACv1_329736_AA1103590",null,null,"SGPPYAQDHNMAERKRREKINQRFIELSTVIPGLKKMHKATILSDATRHVKELQAKIKAL",60,6,"IVa","N",null,"H","E","R","R","R",5,"1A1","G binder",5,6,1,10,17,22,28,24,1,2,32,6,5,10,37]
["TabHLH252","TRIAE_CS42_4AL_TGACv1_288604_AA0953560",null,null,"SGPPYAQDHIMAERKRREKINQRFIELSTVIPGLKKMDKATILSDATRHVKELQEKIKAL",60,6,"IVa","N",null,"H","E","R","R","R",5,"1A1","G binder",5,6,2,10,18,23,28,24,1,2,6,5,10,37]
["TabHLH253","TRIAE_CS42_4BS_TGACv1_328687_AA1092100",null,null,"SGPPYAQDHIMAERKRREKINQRFIELSTVIPGLKKMDKATILSDATRHVKELQEKIKAL",60,6,"IVa","N",null,"H","E","R","R","R",5,"1A1","G binder",5,6,2,10,18,23,28,36,15,24,1,2,6,5,10,37]
["TabHLH254","TRIAE_CS42_4DS_TGACv1_362140_AA1177100",null,null,"SGPPYAQDHIMAERKRREKINQRFIELSTVIPGLKKMDKATILSDATRHVKELQEKIKAL",60,6,"IVa","N",null,"H","E","R","R","R",5,"1A1","G binder",5,6,2,10,18,23,28,36,25,24,1,2,32,6,5,10,37]
["TabHLH255","TRIAE_CS42_4BS_TGACv1_328570_AA1090230",null,null,"SGPPYAQDHIMAERKRREKINQRFIELSTVIPGLKKMDKATILSDATRHAKELQEKIKAL",60,6,"IVa","N",null,"H","E","R","R","R",5,"1A1","G binder",5,6,2,10,18,23,28,36,32,24,1,2,32,6,5,10,37]
["ZmbHLH117","GRMZM2G120021",null,"ZmbHLH101","SSAAYAQDHIIAERKRREKINQRFIELSTVIPGLKKMDKATILSDATKYVKELHGKLKDL",60,6,"IVa","N",null,"H","E","R","R","R",5,"1A1","G binder",5,6,2,10,18,23,28,24,1,2,6,5,10]
["ZmbHLH118","GRMZM2G155043",null,"ZmbHLH100","MAAAYAKDHIIAERKRREKINQRFIELSTVIPGLKKMDKATILLDATRYLKELQEKLKDL",60,6,"IVa","N",null,"H","E","R","R","R",6,"1A1","G binder",5,6,2,11,19,24,28,24,1,2,6,24,36,10]
["OsbHLH020","LOC_Os03g46860",null,null,"SAAPYAQEHIIAERKRREKINQRFIELSTVIPGLKKMDKATILSDAVRYVKEMQEKLSEL",60,6,"IVa","N","IVa","H","E","R","R","R",5,"1A1","G binder",5,6,2,11,19,24,28,36,36,36,24,1,2,6,5,10,37]
["TabHLH266","TRIAE_CS42_4AL_TGACv1_288604_AA0953580",null,null,"GHAPYAQDHIMAERKRREKINRRFIELSTVIPGLKKMDKATILSDAVRYVKEQQEKLRAL",60,6,"IVa","N",null,"H","E","R","R","R",6,"1A1","G binder",5,6,2,11,19,24,28,24,1,2,6,5,10]
["TabHLH268","TRIAE_CS42_4DS_TGACv1_361787_AA1172730",null,null,"GHAPYAQDHIMAERKRREKINRRFIELSTVIPGLKKMDKATILSDAVKYVKEQQEKLKAL",60,6,"IVa","N",null,"H","E","R","R","R",6,"1A1","G binder",5,6,2,11,19,24,28,31,24,1,2,6,5,10]
["TabHLH267","TRIAE_CS42_4BS_TGACv1_328270_AA1085430",null,null,"GHAPYAQDHIMAERKRREKINRRFIELSTVIPGLKKMDKATILSDAVKYVREQQEKLKAL",60,6,"IVa","N",null,"H","E","R","R","R",6,"1A1","G binder",5,6,2,10,18,23,28,24,1,2,6,5,10,37]
["TabHLH269","TRIAE_CS42_4DS_TGACv1_362140_AA1177090",null,null,"GHAPYAQDHIMAERKRREKINRRFIELSTVIPGLKKMDKATILSDAVKYVKEQQEKLKAL",60,6,"IVa","N",null,"H","E","R","R","R",6,"1A1","G binder",5,6,2,11,19,24,28,36,24,1,2,6,5,10]
["TabHLH282","TRIAE_CS42_5BL_TGACv1_406714_AA1349130",null,null,"PTRSSRPRRAGAGAQRREKINRRFIELSTVIPGLKKMDKATILSDALRYVKEQQEKLKAL",60,6,"IVa","N",null,"R","G","A","R","R",6,"1B","non E binder",2,6,2,10,18,20,28,3,1,2,36,6,5,10]
["TabHLH270","TRIAE_CS42_5BL_TGACv1_405125_AA1320710",null,null,"GAVPTVQEHVMAERKRREKINRRFIELSTVIPSLKKMDKATILSDAVRYVKEQQEKLKAL",60,6,"IVa","N",null,"H","E","R","R","R",5,"1A1","G binder",5,6,2,11,19,24,28,3,24,1,2,6,5,10]
["TabHLH274","TRIAE_CS42_5BL_TGACv1_404811_AA1311390",null,null,"GTASTGQEHVMAERKRREKLNRHFIEHSTVIPGLKKMDKTTILSDAVRYVKEQQEKLKAL",60,6,"IVa","N",null,"H","E","R","R","R",5,"1A1","G binder",5,4,2,10,16,21,28,24,1,2,29,6,5,10]
["TabHLH275","TRIAE_CS42_5BL_TGACv1_407899_AA1360140",null,null,"GTASTGQKHVMAERKRREKLNRHFIELSTVIPGLKKMDKTTILSDAVRYVKEQHEKLKAL",60,6,"IVa","N",null,"H","E","R","R","R",6,"1A1","G binder",5,5,2,9,16,21,28,24,1,2,29,6]
["TabHLH271","TRIAE_CS42_5DL_TGACv1_434394_AA1435180",null,null,"GTVPTVQEHVMAERKRREKINRRFIELSTVIPGLKKMDKATILSDAVRYVKEQQEKLKAL",60,6,"IVa","N",null,"H","E","R","R","R",5,"1A1","G binder",5,6,2,11,19,24,28,3,24,1,2,6,5,10]
["TabHLH272","TRIAE_CS42_U_TGACv1_643293_AA2130290",null,null,"GMVPTVQEHVMAERKRREKINRRFIELSTVIPGLKKMDKATILSDAVRYVKEQQEKLKAL",60,6,"IVa","N",null,"H","E","R","R","R",5,"1A1","G binder",5,6,2,11,19,24,28,3,24,1,2,6,5,10]
["TabHLH273","TRIAE_CS42_5BL_TGACv1_407899_AA1360160",null,null,"GMEPTVHEHVMAERKRREKINRRFIELSTVIPGLKRMDKATILSDALRCVKEQQEKLKAF",60,6,"IVa","N",null,"H","E","R","R","R",6,"1A1","G binder",5,6,2,8,16,21,28,1,2,6,5,10]
["OsbHLH023","LOC_Os10g01530",null,null,"RATSSMQEHVIAERKRREKMHQQFTTLASIVPEITKTDKVSVLGSTIEYVHHLRERVKIL",60,6,"IVa","N","IVa","H","E","R","R","R",6,"1A1","G binder",5,5,2,7,14,19,24,1,2,6,5,10]
["ZmbHLH114","GRMZM2G150327",null,"ZmbHLH132","RASSGVHEHIVAERMRRQKMNHQFAALASMIPDITKTDKVSLLGSTIEYVQHLRGRLKAL",60,6,"IVa","N",null,"H","E","R","R","R",6,"1A1","G binder",5,4,2,8,14,19,34,1,2,6,5,10]
["TabHLH294","TRIAE_CS42_5AL_TGACv1_376232_AA1234160",null,null,"RRGRAPQEHVIAERKRREKLQQQFVSLATIVPGLKKTDKLSLLGSTIDYVKNLEEKVKAL",60,6,"IVa","N",null,"H","E","R","R","R",8,"1A1","G binder",5,5,2,9,16,21,29,1,2,6,5,10]
["TabHLH292","TRIAE_CS42_4BL_TGACv1_320809_AA1049270",null,null,"RLGRAPQEHVIAERKRREKLQQQFVSLATIVPGLKKTDKLSLLGSTIDYVKQLEEKVQAL",60,6,"IVa","N",null,"H","E","R","R","R",7,"1A1","G binder",5,5,2,9,16,21,11,29,1,2]
["TabHLH293","TRIAE_CS42_4DL_TGACv1_342960_AA1126170",null,null,"RRGRAPQEHVIAERKRREKLQQQFVSLATIVPGLKKTDKLSLLGSTIDYVKQLEEKVKAL",60,6,"IVa","N",null,"H","E","R","R","R",8,"1A1","G binder",5,5,2,9,16,21,11,29,1,2,36,6,5,10]
["ZmbHLH113","GRMZM2G317317",null,null,"RMHWNTQEHVIAERKRREKMQQQFVTLATIVPDLTKMGLAGGGIHALIKHTFWGIPAGSGTVASANVITKSGISPNGSHQKAGNPIRVPDGSAHVRNWWSIPGLRTLAPRILTQPDQDKISLLGSTIEYVKHLEEKVKAL",140,86,"IVa","other",null,"H","E","R","R","R",7,"1A1","G binder",5,5,2,9,16,21,34,1,2,6,5]
["TabHLH291","TRIAE_CS42_5AL_TGACv1_374203_AA1193520",null,null,"RATASAHEHVIAERKRREKLQRQFVSLATIVPAGVRKADKISLLGSAIDYVKQLEEKVKAL",61,7,"IVa","N",null,"H","E","R","R","R",7,"1A1","G binder",5,5,2,9,16,21,29,1,2]
["TabHLH289","TRIAE_CS42_4BL_TGACv1_320418_AA1038430",null,null,"RATASAQEHVIAERKRREKLQLQFVSLATIVPGVKKADRISLLGSTIDYVKQLEEKVKTM",60,6,"IVa","N",null,"H","E","R","R","R",6,"1A1","G binder",5,5,2,9,16,21,29,1,2,6,5,10]
["TabHLH290","TRIAE_CS42_4BL_TGACv1_320418_AA1038450",null,null,"RATASAQEHVIAECKRREKLQLQFASLATIAPGIKKADGISLLGSTIDYVKQLEEKVKTM",60,6,"IVa","N",null,"H","E","C","R","R",5,"1A1","G binder",4,4,2,9,15,19,35,24,1,2,6,5,10]
["OsbHLH019","LOC_Os03g12760",null,null,"RPPANAQEHVIAERKRREKLQQQFVALATIVPGLKKTDKISLLGSTIDYVKQLEEKVKAL",60,6,"IVa","N","IVa","H","E","R","R","R",6,"1A1","G binder",5,5,2,9,16,21,34,24,1,2,6,5,10]
["TabHLH288","TRIAE_CS42_4BL_TGACv1_320891_AA1051000",null,null,"RAPANAQEHVIAERKRREKLQQQFVSLATIVPGLKKTDKISLLGSTIDYVKQLEDKVKAL",60,6,"IVa","N",null,"H","E","R","R","R",6,"1A1","G binder",5,5,2,9,16,21,29,24,1,2,6,5,10]
["TabHLH286","TRIAE_CS42_4AS_TGACv1_307600_AA1021820",null,null,"RAPANAQEHVIAERKRREKLQQQFVSLATIVPGLRKTDKISLLGSTIDYVKQLEDKVRAL",60,6,"IVa","N",null,"H","E","R","R","R",6,"1A1","G binder",5,5,2,9,16,21,21,29,24,1,2,6,5,10]
["TabHLH287","TRIAE_CS42_4DL_TGACv1_343422_AA1134210",null,null,"RAPANAQEHVIAERKRREKLQQQFVSLATIVPGLKKTDKISLLGSTIDYVKQLEDKVRAL",60,6,"IVa","N",null,"H","E","R","R","R",6,"1A1","G binder",5,5,2,9,16,21,11,29,24,1,2,6,5,10]
["AtbHLH042","AT4G09820","TT8",null,"RLPREDLSHVVAERRRREKLNEKFITLRSMVPFVTKMDKVSILGDTIAYVNHLRKRVHEL",60,6,"III(d+e)","N","IIIf","H","E","R","R","R",7,"1A1","G binder",5,5,2,8,15,20,13,27,11,32,15,38,1,2,6,5,6]
["TabHLH235","TRIAE_CS42_1AS_TGACv1_019344_AA0065150",null,null,"REVDFGASHVMQERKRREKLNERFIVLRSLVPFVTKMDKASILGDTIEYVKQLTKRIQDL",60,6,"III(d+e)","J",null,"H","E","R","R","R",6,"1A1","G binder",5,6,2,10,18,23,13,27,11,32,15,28,1,2,6,5,20]
["TabHLH236","TRIAE_CS42_1DS_TGACv1_081152_AA0258100",null,null,"REVDFGASHVMQERKRREKLNERFIVLRSLVPFVTKMDKASILGDTIEYVKQLTKRIQDL",60,6,"III(d+e)","J",null,"H","E","R","R","R",6,"1A1","G binder",5,6,2,10,18,23,27,11,32,15,28,1,2,6,5,20]
["TabHLH237","TRIAE_CS42_1BS_TGACv1_050618_AA0173960",null,null,"REVDFGASHVMQERKRREKLNERFIILRSLVPFVTKMDKASILGDTIEYVKQLTKRIQDL",60,6,"III(d+e)","J",null,"H","E","R","R","R",6,"1A1","G binder",5,6,2,10,18,23,13,27,11,32,15,28,1,2,6,5,20]
["TabHLH238","TRIAE_CS42_1DS_TGACv1_080648_AA0251560",null,null,"REVDFGASHVMQERKRRGKLNERFIILRSLVPFVTKMDKASILGDTIEYVKQLTKRIQDL",60,6,"III(d+e)","J",null,"H","E","R","R","R",6,"1A1","G binder",5,6,2,10,18,23,28,1,2,6,5]
["AtbHLH014","AT4G00870",null,null,"KHHPAVLSHVEAEKQRREKLNHRFYALRAIVPKVSRMDKASLLSDAVSYIESLKSKIDDL",60,6,"III(d+e)","P","IIId+e","H","E","K","R","R",7,"1A1","G binder",5,6,2,11,19,24,13,27,32,15,9,1,2,6,5]
["TabHLH223","TRIAE_CS42_1DL_TGACv1_062596_AA0216990",null,null,"SDSRQTVGHVQAERQRRDKLNRRFCDLRAVVPNVSRMDKASLLADAATYIGELRTRVAHL",60,6,"III(d+e)","P",null,"H","E","R","R","R",5,"1A1","G binder",5,6,2,8,16,21,14,1,2,30,5]
["TabHLH222","TRIAE_CS42_1BL_TGACv1_032369_AA0129030",null,null,"PSSVTATPLSNGRAAGRDKLDRRFCDLRAVVPNVSRMDKASLLADAATYIGELRTRVAHL",60,6,"III(d+e)","T",null,"L","R","A","G","R",2,2,"non DNA binder",1,6,2,8,16,17,33,1,2,30,5]
["TabHLH234","TRIAE_CS42_U_TGACv1_642736_AA2122420",null,null,"PGSCSTVSHVQAERQRRNKLNRRFCDLRAAVPTVSRMDKASLLSDATIYITELRSRLERL",60,6,"III(d+e)","P",null,"H","E","R","R","R",4,"1A1","G-box",5,5,2,8,15,20,1,2,30,5]
["TabHLH224","TRIAE_CS42_2AL_TGACv1_095705_AA0313970",null,null,"DGRHSAVSHVQAERLRRDKLNRRFCDLRAAVPNVSRMNKASLLADAVAYIAELRSRVARL",60,6,"III(d+e)","P",null,"H","E","R","R","R",6,"1A1","G binder",5,5,1,9,15,20,33,24,1,2,30,5]
["TabHLH233","TRIAE_CS42_5BL_TGACv1_404510_AA1302570",null,null,"RPDGPAVSHVEAERQRRDKLNRRFCDLRAAVPNVSRMDKASLLADAVAYITDLRSRVARL",60,6,"III(d+e)","P",null,"H","E","R","R","R",5,"1A1","G binder",5,5,2,9,16,21,34,1,2,30,5,29]
["TabHLH231","TRIAE_CS42_5AL_TGACv1_374857_AA1210320",null,null,"RPEGPTVSHVEAERQRRDKLNRRFCDLRAAVPRVSRMDKASLLADAVAYITDLRSCVARL",60,6,"III(d+e)","P",null,"H","E","R","R","R",5,"1A1","G binder",5,5,2,9,16,21,34,1,2,30,5]
["TabHLH232","TRIAE_CS42_5DL_TGACv1_433569_AA1416380",null,null,"RPEGPAVSHVEAERQRRDKLNRRFCDLRAAVPKVSRMDKASLLADAVAYITDLRSCVARL",60,6,"III(d+e)","P",null,"H","E","R","R","R",5,"1A1","G binder",5,5,2,9,16,21,11,1,2,30,5]
["OsbHLH011","LOC_Os08g43070",null,null,"GGGAPPIGHVEAERQRREKLNRRFCELRAAVPTVSRMDKASLLADAVDYIAELRRRVERL",60,6,"III(d+e)","P","IIId+e","H","E","R","R","R",4,"1A1","G-box",5,5,2,9,16,21,17,1,2,30,5]
["ZmbHLH109","GRMZM2G472671",null,"ZmbHLH108","RTNGPTLSHVEAERQRRDKLNRRFCELRAAVPTVSRMDKASLLADAATYIGELRDRVEQL",60,6,"III(d+e)","P",null,"H","E","R","R","R",5,"1A1","G binder",5,5,2,8,15,20,17,1,2,5]
["ZmbHLH112","GRMZM2G038479",null,"ZmbHLH111","RSDNPGISHVEAERQRREKLNRRFCDLRAAVPTVSRMDKASLLADAAAYIAELRGRVEQL",60,6,"III(d+e)","P",null,"H","E","R","R","R",5,"1A1","G binder",5,5,2,8,15,20,17,1,2,30,5]
["ZmbHLH111","GRMZM2G013688",null,"ZmbHLH110","RPDGPAVSHVESERQRREKLNRRFCDLRAAVPTVSRMDKASLLADAASYIAELRGRVARL",60,6,"III(d+e)","P",null,"H","E","R","R","R",5,"1A1","G binder",5,5,2,8,15,20,8,17,1,2,36,30,5,2]
["OsbHLH167","LOC_Os09g34330",null,null,"RPDGPTVSHVEAERQRREKLNRRFCDLRAAVPTVSRMDKASLLADAAAYIAELRARVARL",60,6,"III(d+e)","P","IIId+e","H","E","R","R","R",5,"1A1","G binder",5,5,2,8,15,20,37,38,1,2,36,36,30,5]
["ZmbHLH110","GRMZM2G107560",null,"ZmbHLH109","RPDGPTVSHVEAERQRREKLNRRFCDLRAAVPTVSRMDKASLLADAAAYIAELRGRIARL",60,6,"III(d+e)","P",null,"H","E","R","R","R",5,"1A1","G binder",5,5,2,8,15,20,27,34,1,2,30,5]
["TabHLH225","TRIAE_CS42_5AL_TGACv1_373941_AA1184950",null,null,"RPEGPTVSHVEAERQRRDKLNRRFCDLRAAVPTVSRMDKASLLADAAAYIAELRARVARL",60,6,"III(d+e)","P",null,"H","E","R","R","R",5,"1A1","G binder",5,5,2,8,15,20,34,1,2,36,30,5]
["TabHLH226","TRIAE_CS42_5BL_TGACv1_404893_AA1314300",null,null,"RPEGPTVSHVEAERQRRDKLNRRFCDLRAAVPTVSRMDKASLLADAAAYIAELRARVARL",60,6,"III(d+e)","P",null,"H","E","R","R","R",5,"1A1","G binder",5,5,2,8,15,20,34,17,1,2,36,30,5]
["TabHLH227","TRIAE_CS42_5BL_TGACv1_407596_AA1358290",null,null,"RPEGPTVSHVEAERQRRDKLNRRFCDLRAAVPTVSRMDKASLLADAAAYIAELRARVARL",60,6,"III(d+e)","P",null,"H","E","R","R","R",5,"1A1","G binder",5,5,2,8,15,20,34,1,2,36,30,5]
["TabHLH228","TRIAE_CS42_5DL_TGACv1_433569_AA1416360",null,null,"RPEGPTVSHVEAERQRRDKLNRRFCDLRAAVPTVSRMDKASLLADAAAYIAELRARVARL",60,6,"III(d+e)","P",null,"H","E","R","R","R",5,"1A1","G binder",5,5,2,8,15,20,34,1,2,30,5]
["TabHLH229","TRIAE_CS42_5DL_TGACv1_435551_AA1451950",null,null,"RPEGPTVSHVEAERQRRDKLNRRFCDLRAAVPTVSRMDKASLLADAAAYIAELRARVARL",60,6,"III(d+e)","P",null,"H","E","R","R","R",5,"1A1","G binder",5,5,2,8,15,20,34,1,2,30,5]
["TabHLH230","TRIAE_CS42_5AL_TGACv1_375036_AA1214470",null,null,"RPEGPTVSHVEAERQRRDKLNRRFCDLRAAVPTVSRMDKASLLADAAAYIAELRAGVARL",60,6,"III(d+e)","P",null,"H","E","R","R","R",5,"1A1","G binder",5,5,2,8,15,20,34,1,2,36,30]
["AtbHLH017","AT2G46510","AIB, JAM1",null,"NGREEPLNHVEAERQRREKLNQRFYALRSVVPNISKMDKASLLGDAISYIKELQEKVKIM",60,6,"III(d+e)","P","IIId+e","H","E","R","R","R",5,"1A1","G binder",5,6,2,12,20,25,13,27,11,32,15,17,1,2,6,10]
["AtbHLH028","AT5G46830","MYC5",null,"HGRDKPLNHVEAERMRREKLNHRFYALRAVVPNVSKMDKTSLLEDAVCYINELKSKAENV",60,6,"III(d+e)","P","IIId+e","H","E","R","R","R",7,"1A1","G binder",5,6,2,9,17,22,13,27,11,32,15,17,1,2,6,5]
["AtbHLH006","AT1G32640","MYC2,  ZBF1, JAI1",null,"NGREEPLNHVEAERQRREKLNQRFYALRAVVPNVSKMDKASLLGDAIAYINELKSKVVKT",60,6,"III(d+e)","P","IIId+e","H","E","R","R","R",5,"1A1","G binder",5,6,2,10,18,23,25,24,13,27,11,32,15,10,17,1,2,6,5]
["AtbHLH004","AT4G17880","MYC4",null,"NGREEPLNHVEAERQRREKLNQRFYSLRAVVPNVSKMDKASLLGDAISYISELKSKLQKA",60,6,"III(d+e)","P","IIId+e","H","E","R","R","R",5,"1A1","G binder",5,6,2,10,18,23,13,27,36,11,32,15,17,1,2,6,5]
["AtbHLH005","AT5G46760","ATR2,  MYC3",null,"NGREEPLNHVEAERQRREKLNQRFYSLRAVVPNVSKMDKASLLGDAISYINELKSKLQQA",60,6,"III(d+e)","P","IIId+e","H","E","R","R","R",5,"1A1","G binder",5,6,2,10,18,23,13,27,11,32,15,36,17,1,2,6,5]
["TabHLH183","TRIAE_CS42_1AL_TGACv1_000298_AA0008240",null,null,"NGREEPLNHVEAERQRREKLNQRFYALRAVVPNVSKMDKASLLGDAISYINELRGKMTAL",60,6,"III(d+e)","P",null,"H","E","R","R","R",5,"1A1","G binder",5,6,2,10,18,23,32,15,36,34,34,17,1,2,6,5]
["TabHLH184","TRIAE_CS42_1DL_TGACv1_061684_AA0201690",null,null,"NGREEPLNHVEAERQRREKLNQRFYALRAVVPNVSKMDKASLLGDAISYINELRGKMTAL",60,6,"III(d+e)","P",null,"H","E","R","R","R",5,"1A1","G binder",5,6,2,10,18,23,13,27,11,32,15,36,34,34,17,1,2,6,5]
["OsbHLH009","LOC_Os10g42430","MYC2",null,"NGREEPLNHVEAERQRREKLNQRFYALRAVVPNVSKMDKASLLGDAISYINELRGKLTAL",60,6,"III(d+e)","P","IIId+e","H","E","R","R","R",5,"1A1","G binder",5,6,2,10,18,23,34,13,27,11,32,15,34,34,17,1,2,36,6,5]
["ZmbHLH103","GRMZM2G001930",null,"ZmbHLH117","NGREEPLNHVEAERQRREKLNQRFYALRAVVPNVSKMDKASLLGDAISYINELRGKLTSL",60,6,"III(d+e)","P",null,"H","E","R","R","R",5,"1A1","G binder",5,6,2,10,18,23,13,27,11,32,15,36,34,21,17,1,2,6,5]
["ZmbHLH104","GRMZM2G049229",null,"ZmbHLH116","NGREEPLNHVEAERQRREKLNQRFYALRAVVPNVSKMDKASLLGDAISYINELRGKLTSL",60,6,"III(d+e)","P",null,"H","E","R","R","R",5,"1A1","G binder",5,6,2,10,18,23,13,27,11,32,15,36,25,34,21,17,1,2,6,5]
["AtbHLH013","AT1G01260","MYC7E, JAM2",null,"NGRAEALNHVEAERQRREKLNQRFYALRSVVPNISKMDKASLLGDAVSYINELHAKLKVM",60,6,"III(d+e)","P","IIId+e","H","E","R","R","R",5,"1A1","G binder",5,6,2,10,18,23,13,27,11,32,15,34,34,21,17,1,2,6,5,10]
["AtbHLH003","AT4G16430","JAM3",null,"NGREEALNHVEAERQRREKLNQRFYALRAVVPNISKMDKASLLADAITYITDMQKKIRVY",60,6,"III(d+e)","P","IIId+e","H","E","R","R","R",5,"1A1","G binder",5,6,2,9,17,22,13,27,11,32,15,17,1,2,6,10]
["TabHLH187","TRIAE_CS42_4AS_TGACv1_306248_AA1005050",null,null,"NGRVEALNHVEAERQRREKLNQRFYALRAVVPNISKMDKASLLGDAITHITDLQKKLKEM",60,6,"III(d+e)","P",null,"H","E","R","R","R",5,"1A1","G binder",5,6,2,10,18,23,13,27,11,32,15,17,1,2,6,31]
["TabHLH188","TRIAE_CS42_4BL_TGACv1_321774_AA1065290",null,null,"NGRVEALNHVEAERQRREKLNQRFYALRAVVPNISKMDKASLLGDAITHITDLQKKLKEM",60,6,"III(d+e)","P",null,"H","E","R","R","R",5,"1A1","G binder",5,6,2,10,18,23,13,27,11,32,15,17,1,2,6]
["TabHLH189","TRIAE_CS42_4DL_TGACv1_344639_AA1148620",null,null,"NGRVEALNHVEAERQRREKLNQRFYALRAVVPNISKMDKASLLGDAITHITDLQKKLKEM",60,6,"III(d+e)","P",null,"H","E","R","R","R",5,"1A1","G binder",5,6,2,10,18,23,13,27,11,32,15,17,1,2,6]
["OsbHLH008","LOC_Os01g13460",null,null,"NGREEPLNHVEAERQRREKLNQRFYALRAVVPNISKMDKASLLGDAITYITDLQKKLKEM",60,6,"III(d+e)","P","IIId+e","H","E","R","R","R",5,"1A1","G binder",5,6,2,11,19,24,13,27,11,32,15,34,17,1,2,6,3]
["ZmbHLH105","GRMZM2G148723",null,"ZmbHLH114","NGREEPLNHVEAERQRREKLNQRFYALRAVVPNISKMDKASLLGDAITYITDLQKKLKEM",60,6,"III(d+e)","P",null,"H","E","R","R","R",5,"1A1","G binder",5,6,2,11,19,24,13,27,11,32,15,17,1,2,6]
["ZmbHLH106","GRMZM2G076636",null,"ZmbHLH115","NGREEPLNHVEAERQRREKLNQRFYALRAVVPNISKMDKASLLGDAITYITDLQKKLKEM",60,6,"III(d+e)","P",null,"H","E","R","R","R",5,"1A1","G binder",5,6,2,11,19,24,13,27,11,32,15,17,1,2,6]
["TabHLH185","TRIAE_CS42_3B_TGACv1_224594_AA0798480","bHLH3, CJ685625",null,"NGREEPLNHVEAERQRREKLNQRFYALRAVVPNISKMDKASLLGDAIAYITDLQKKLKDM",60,6,"III(d+e)","P",null,"H","E","R","R","R",5,"1A1","G binder",5,6,2,11,19,24,36,13,27,11,32,15,34,17,1,2,6]
["TabHLH186","TRIAE_CS42_3DS_TGACv1_272768_AA0925060","bHLH2,  CA599618",null,"NGREEPLNHVEAERQRREKLNQRFYALRAVVPNISKMDKASLLGDAIAYITDLQKKLKDM",60,6,"III(d+e)","P",null,"H","E","R","R","R",5,"1A1","G binder",5,6,2,11,19,24,34,17,1,2,6]
["ZmbHLH107","GRMZM2G303463",null,"ZmbHLH112","NGREEPLNHVEAEHQRREKLNQRFYALRAVVPNISKMDKASLLGDAITYIPDERVALPPL",60,6,"III(d+e)","P",null,"H","E","H","R","R",5,"1A1","G binder",4,6,2,8,16,20,13,27,11,17,1,2]
["OsbHLH010","LOC_Os01g50940",null,null,"NGREEPLNHVEAERQRREKLNQRFYALRAVVPKISKMDKASLLSDAIAYIQELEARLRGD",60,6,"III(d+e)","P","IIId+e","H","E","R","R","R",5,"1A1","G binder",5,6,2,9,17,22,13,27,11,32,15,17,1,2,6,10]
["ZmbHLH108","GRMZM2G159937",null,"ZmbHLH113","NGREEPLNHVEAERQRREKLNQRFYALRAVVPKISKMDKASLLSDAIAYIQELEDRLRGG",60,6,"III(d+e)","P",null,"H","E","R","R","R",5,"1A1","G binder",5,6,2,9,17,22,13,27,11,32,15,17,1,2,36,6]
["TabHLH190","TRIAE_CS42_3AL_TGACv1_198518_AA0668780",null,null,"NGREEPLNHVEAERQRREKLNQRFYALRAVVPKISKMDKASLLSDAIAYIQELEERLRGG",60,6,"III(d+e)","P",null,"H","E","R","R","R",5,"1A1","G binder",5,6,2,9,17,22,13,27,11,32,15,17,1,2,6,10]
["TabHLH191","TRIAE_CS42_3B_TGACv1_227460_AA0823450",null,null,"NGREEPLNHVEAERQRREKLNQRFYALRAVVPKISKMDKASLLSDAIAYIQELEERLRGG",60,6,"III(d+e)","T",null,"H","E","R","R","R",5,"1A1","G binder",5,6,2,9,17,22,13,27,11,32,15,17,1,2,6,10]
["TabHLH192","TRIAE_CS42_U_TGACv1_641247_AA2089700",null,null,"NGREEPLNHVEAERQRREKLNQRFYALRAVVPKISKMDKASLLSDAIAYIQELEERLRGG",60,6,"III(d+e)","p",null,"H","E","R","R","R",5,"1A1","G binder",5,6,2,9,17,22,13,27,11,32,15,17,1,2,6]
["TabHLH193","TRIAE_CS42_3B_TGACv1_224357_AA0795640",null,null,"NGREEPLNHVEAERQRREKLNQRFYALRAVVPKISKMDKASLLSDAIAYIPELEERLRGG",60,6,"III(d+e)","T",null,"H","E","R","R","R",5,"1A1","G binder",5,6,2,8,16,21,13,27,11,32,15,17,1,2,6,10]
["AtbHLH029","AT2G28160","FRU, FIT",null,"KTKTDRSRTLISERRRRGRMKDKLYALRSLVPNITKMDKASIVGDAVLYVQELQSQAKKL",60,6,"III(a+c)","N","IIIa+c","T","E","R","R","R",8,"1A2","E non G",4,6,2,11,19,23,8,1,2,21]
["TabHLH311","TRIAE_CS42_2AL_TGACv1_096288_AA0318370",null,null,"RKRRDRSKTIVSERKRRFRMKEKLYELRALVPNITKMDKASIIADAVAYVKNLQSHARKL",60,6,"III(a+c)","N",null,"T","E","R","R","R",10,"1A2","E non G",4,6,2,10,18,22,34,36,1,2,34,36,30]
["TabHLH312","TRIAE_CS42_2BL_TGACv1_130714_AA0416510",null,null,"RKRRDRSKTIVSERKRRFRMKEKLYELRALVPNITKMDKASIIADAVAYVKNLQSHARKL",60,6,"III(a+c)","N",null,"T","E","R","R","R",10,"1A2","E non G",4,6,2,10,18,22,34,36,1,2,34,36,30]
["TabHLH313","TRIAE_CS42_2DL_TGACv1_157905_AA0501180",null,null,"RKRRDRSKTIVSERKRRFRMKEKLYELRALVPNITKMDKASIIADAVAYVKNLQSHARKL",60,6,"III(a+c)","N",null,"T","E","R","R","R",10,"1A2","E non G",4,6,2,10,18,22,34,36,1,2,34,36,30,22]
["ZmbHLH101","GRMZM2G313756",null,"ZmbHLH125","RKRRDRSKTIVSERKRRVRMKEKLYELRSLVPNITKVRLAPVWTSEFGRLFAGELGHSIHVVPLHACARHVQMDKASIIADAVVYVKNLQAHARKL",96,42,"III(a+c)","P",null,"T","E","R","R","R",10,"1A2","E non G",4,6,1,10,17,21,1,2,34,30]
["OsbHLH156","LOC_Os04g31290",null,null,"RKRRDRSKTIVSERKRRVRMKEKLYELRALVPNITKMDKASIIADAVVYVKDLQAHARKL",60,6,"III(a+c)","P","IIIa+c","T","E","R","R","R",10,"1A2","E non G",4,6,2,10,18,22,34,36,1,2,36,26]
["ZmbHLH099","GRMZM2G173521",null,"ZmbHLH126","RKRRDRSKTIVSERKRRVRMKEKLYELRALVPNITKMDKASIIADAVVYVKNLQAHARKL",60,6,"III(a+c)","N",null,"T","E","R","R","R",10,"1A2","E non G",4,6,2,10,18,22,36,34,1,2,34,30,13]
["ZmbHLH100","GRMZM2G107672",null,"ZmbHLH127","RKRRDRSKTIVSERKRRVRMKEKLYELRALVPNITKMDKASIIADAVVYVKNLQAHARKL",60,6,"III(a+c)","N",null,"T","E","R","R","R",10,"1A2","E non G",4,6,2,10,18,22,36,34,1,2,34,30,13]
["TabHLH221","TRIAE_CS42_6BS_TGACv1_515006_AA1666590",null,null,"GGKRQQCKNLIAERRRRKKLNNRLYTLRSLVPNITKMDRASILGDAIDYIVGLQKQVKDL",60,6,"III(a+c)","N",null,"N","E","R","R","R",7,"1A2","E non G",4,6,2,11,19,23,36,13,32,15,36,1,2,8,5,36,34,34]
["TabHLH219","TRIAE_CS42_6AS_TGACv1_488251_AA1574920",null,null,"GGKRQQCKNLIAERKRRKKLNNRLYTLRSLVPNITKMDRASILGDAIDYIVGLQKQVKDL",60,6,"III(a+c)","N",null,"N","E","R","R","R",7,"1A2","E non G",4,6,2,11,19,23,36,13,32,15,36,1,2,8,5,36,34,34]
["TabHLH220","TRIAE_CS42_U_TGACv1_643846_AA2135420",null,null,"GGKRQQCKNLIAERKRRKKLNNRLYTLRSLVPNITKMDRASILGDAIDYIVGLQKQVKDL",60,6,"III(a+c)","N",null,"N","E","R","R","R",7,"1A2","E non G",4,6,2,11,19,23,36,13,32,15,36,1,2,8,30,5,36,34,34]
["ZmbHLH095","GRMZM2G139372",null,"ZmbHLH124","GGKRQQCKNLEAERKRRKKLNERLYKLRSLVPNISKMDRAAILGDAIDYIVGLQNQVKAL",60,6,"III(a+c)","N",null,"N","E","R","R","R",7,"1A2","E non G",4,6,2,10,18,22,13,32,15,36,34,36,1,2,16,5,12]
["TabHLH217","TRIAE_CS42_6BS_TGACv1_514404_AA1659330",null,null,"CGKRQQCKNLEAERKRRKKLNERLYKLRSLVPNITKMDRASILGDAIDYIVGLQKQVKDL",60,6,"III(a+c)","N",null,"N","E","R","R","R",7,"1A2","E non G",4,6,2,11,19,23,36,13,32,15,36,1,2,5,34,34]
["TabHLH216","TRIAE_CS42_6AS_TGACv1_486918_AA1566480",null,null,"EGKRQQCKNLEAERKRRRKLNDRLYKLRSLVPNITKMDRASILGDAIDYIVGLQKQVKDL",60,6,"III(a+c)","N",null,"N","E","R","R","R",7,"1A2","E non G",4,6,2,11,19,23,13,32,15,36,1,2,8,5,36,34,34]
["OsbHLH005","LOC_Os02g02820","TDR1",null,"GAKRQQCKNLEAERKRRKKLNGHLYKLRSLVPNITKMDRASILGDAIDYIVGLQKQVKEL",60,6,"III(a+c)","N","orphan","N","E","R","R","R",7,"1A2","E non G",4,5,2,11,18,22,13,28,32,15,36,36,1,2,25,36,30,5,36,34]
["TabHLH218","TRIAE_CS42_U_TGACv1_644658_AA2140990",null,null,"CGKRQQCKNLEAERKRRKKLNDRLYKLRSLVPNITKMDRASILGDAIDYIVGLQKQVKEL",60,6,"III(a+c)","N",null,"N","E","R","R","R",7,"1A2","E non G",4,6,2,11,19,23,36,13,32,15,36,34,1,2,5,36,34,34]
["AtbHLH022","AT4G21330","DYT1",null,"EDENFKSPNLEAERRRREKLHCRLMALRSHVPIVTNMTKASIVEDAITYIGELQNNVKNL",60,6,"III(a+c)","N","orphan","N","E","R","R","R",5,"1A2","E non G",4,5,0,9,14,18,1,2,2]
["AtbHLH090","AT1G10610",null,null,"PTENFKSKNLHSERKRRERINQAMYGLRAVVPKITKLNKIGIFSDAVDYINELLVEKQKL",60,6,"III(a+c)","N","orphan","N","E","R","R","R",7,"1A2","E non G",4,5,1,6,12,16,13,27,32,15,10,1,2,24,5]
["OsbHLH164","LOC_Os07g36460","UDT1",null,"MGKEFKSKNLEAERRRRGRLNGNIFALRAVVPKITKMSKEATLSDAIEHIKNLQNEVLEL",60,6,"III(a+c)","N","orphan","N","E","R","R","R",7,"1A2","E non G",4,5,1,8,14,18,36,36,34,1,2,21,6]
["ZmbHLH102","GRMZM2G163233",null,"ZmbHLH131","PAAEFKSKNLEAERKRRGKLNRNILALRAVVPNITKMSKESTLSDAIDLIKRLQNQVLEL",60,6,"III(a+c)","N",null,"N","E","R","R","R",6,"1A2","E non G",4,5,1,10,16,20,1,2,21,6,30,9]
["TabHLH316","TRIAE_CS42_2BS_TGACv1_147847_AA0488170",null,null,"DAPQYKSKNLDAERRRRGRLNDNILKLRAVVPNITKMSKESTLADAIGHIKKLQNQVLEL",60,6,"III(a+c)","N",null,"N","E","R","R","R",6,"1A2","E non G",4,5,1,10,16,20,36,36,1,2,21]
["TabHLH314","TRIAE_CS42_2AS_TGACv1_112616_AA0342330",null,null,"DATQYKSKNLDAERRRRGRLNTNILKLRAVVPNITKMSKESTLADAIGHIKKLQNQVLEL",60,6,"III(a+c)","N",null,"N","E","R","R","R",6,"1A2","E non G",4,5,1,10,16,20,36,36,1,2,21]
["TabHLH315","TRIAE_CS42_2DS_TGACv1_178055_AA0589930",null,null,"DATQYKSKNLDAERRRRGRLNTNILKLRAVVPNITKMSKESTLADAIGHIKKLQNQVLEL",60,6,"III(a+c)","N",null,"N","E","R","R","R",6,"1A2","E non G",4,5,1,10,16,20,36,36,1,2,21,28]
["AtbHLH027","AT4G29930",null,null,"ATSPASSKNVVSERNRRQKLNQRLFALRSVVPNISKLDKASVIKDSIDYMQELIDQEKTL",60,6,"III(a+c)","N","IIIa+c","N","E","R","R","R",4,"1A2","E-box",4,6,2,9,17,21,1,2,35,6,5]
["AtbHLH035","AT5G57150",null,null,"AASSPASKNIVSERNRRQKLNQRLFALRSVVPNITKMDKASIIKDAISYIEGLQYEEKKL",60,6,"III(a+c)","N","IIIa+c","N","E","R","R","R",4,"1A2","E-box",4,6,2,9,17,21,1,2,6,5,31]
["ZmbHLH096","GRMZM2G042893",null,"ZmbHLH130","GVTTTTTRNMDMERTRRRKLNERLYALRSVVPNITKMDKASIVRDAIAHIEHLQEQERRL",60,6,"III(a+c)","I",null,"N","E","R","R","R",4,"1A2","E-box",4,6,2,9,17,21,1,2,5,10]
["TabHLH310","TRIAE_CS42_3DL_TGACv1_249128_AA0838810",null,null,"AVSASKSNVVVTRRLRGRTLNGKLYTLRSVVPNITKMDKVSILRDAIEYIHQLQEQERRM",60,6,"III(a+c)","N",null,"V","R","R","R","G",4,2,"non DNA binder",2,6,2,10,18,20,36,1,2,6,5]
["TabHLH308","TRIAE_CS42_3AL_TGACv1_193615_AA0615140",null,null,"AVSASKSNVVVTRRLRGRTLNGKLYALRSVVPNITKMDKVSILRDAVEYIQQLQEQERWM",60,6,"III(a+c)","N",null,"V","R","R","R","G",4,2,"non DNA binder",2,6,2,11,19,21,36,1,2,6,5]
["TabHLH309","TRIAE_CS42_3DL_TGACv1_249128_AA0838800",null,null,"AVSASKSNVVVTRRLRGQTLNGKLYALRSVVPNITKMDKVSILRDAVEYMQQLQEQERRM",60,6,"III(a+c)","N",null,"V","R","R","R","G",4,2,"non DNA binder",2,6,2,11,19,21,36,1,2,6,5]
["OsbHLH006","LOC_Os04g23550","RERJ",null,"DDAGGANKNILMERDRRRKLNEKLYALRSVVPNITKMDKASIIKDAIEYIQRLQAEEQQM",60,6,"III(a+c)","N","IIIa+c","N","E","R","R","R",4,"1A2","E-box",4,6,2,10,18,22,36,36,1,2,6,5]
["TabHLH295","TRIAE_CS42_2AL_TGACv1_092910_AA0266830",null,null,"MSGTGANKNILMERDRRRKLNEKLYTLRSVVPNITKMDKASIIKDAIEYIQQLHAEERQM",60,6,"III(a+c)","I",null,"N","E","R","R","R",4,"1A2","E-box",4,6,2,9,17,21,1,2,5]
["TabHLH296","TRIAE_CS42_2BL_TGACv1_129640_AA0391310",null,null,"MDGTGANKNILMERDRRRKLNEKLYTLRSVVPNITKMDKASIIKDAIEYIQQLQAEERQM",60,6,"III(a+c)","I",null,"N","E","R","R","R",4,"1A2","E-box",4,6,2,10,18,22,1,2,32,6,5]
["ZmbHLH097","GRMZM2G042895",null,"ZmbHLH129","GGAAAANKNILMERDRRRKLNEKLYALRSVVPNITKMDKASIIKDAIEYIEQLQAEERRA",60,6,"III(a+c)","I",null,"N","E","R","R","R",4,"1A2","E-box",4,6,2,8,16,20,1,2,36,6,5,26]
["ZmbHLH098","GRMZM2G119823",null,"ZmbHLH128","SAAACGNKNILMERDRRRKLNDKLYALRSVVPNITKMDKASIIKDAIEYIQQLQVEERRV",60,6,"III(a+c)","I",null,"N","E","R","R","R",4,"1A2","E-box",4,6,2,9,17,21,22,1,2,6,5,26]
["OsbHLH007","LOC_Os04g23440",null,null,"AAAAASSKNIAMERDRRKRLNEKLFALRAVVPKITKMDKASIVRDAIAHIEKLQEEERQL",60,6,"III(a+c)","N","IIIa+c","N","E","R","R","R",4,"1A2","E-box",4,6,2,8,16,20,16,1,2,5]
["TabHLH297","TRIAE_CS42_2BL_TGACv1_129521_AA0386920",null,null,"TRATRASKNIIMERDRRRRLNEKLYNLRGVVPNITKMDKASIIQDAIAYIEALQEQERQL",60,6,"III(a+c)","I",null,"N","E","R","R","R",6,"1A2","E non G",4,6,2,10,18,22,1,2,9,6,5]
["TabHLH298","TRIAE_CS42_2DL_TGACv1_158826_AA0526780",null,null,"TRATRASKNIIMERDRRRRLNEKLYNLRGVVPNITKMDKASIIQDAIAYIEALQEQERQL",60,6,"III(a+c)","I",null,"N","E","R","R","R",6,"1A2","E non G",4,6,2,10,18,22,1,2,6,5]
["TabHLH305","TRIAE_CS42_4BL_TGACv1_321048_AA1054370",null,null,"KASSLERKNIINERHRRRMLNEKLYALRRVVPNITKMDKASIIQDAIAYIEELQEQERQI",60,6,"III(a+c)","I",null,"N","E","R","R","R",7,"1A2","E non G",4,6,2,9,17,21,1,2,26]
["TabHLH306","TRIAE_CS42_4DL_TGACv1_342778_AA1121830",null,null,"KASSLERKNIINERHRRRMLNEKLYALRRVVPNITKMDKASIIQDAIAYIEELQEQERQI",60,6,"III(a+c)","I",null,"N","E","R","R","R",7,"1A2","E non G",4,6,2,9,17,21,1,2,30,5,32]
["TabHLH307","TRIAE_CS42_5AL_TGACv1_374128_AA1191180",null,null,"KASSLERKNIINERHRRRMLNEKLYALRRVVPNITKMDKASIIQDAIAYIEELQEQERQI",60,6,"III(a+c)","I",null,"N","E","R","R","R",7,"1A2","E non G",4,6,2,9,17,21,1,2,9,30,5]
["TabHLH301","TRIAE_CS42_3B_TGACv1_222461_AA0764980",null,null,"TASTRASKNIVEERDRRRRLNEKLYAIRGVVPNITKMDKASIIQDAVAYIEELQEQERRI",60,6,"III(a+c)","I",null,"N","E","R","R","R",5,"1A2","E non G",4,5,2,9,16,20,1,2,30,5]
["TabHLH299","TRIAE_CS42_3AS_TGACv1_210742_AA0678170",null,null,"ARATRASKNIVEERDRRRRLNEKLYAIRGVVPNITKMDKASIIQDAVAYIEELQEQERRI",60,6,"III(a+c)","I",null,"N","E","R","R","R",6,"1A2","E non G",4,5,2,9,16,20,1,2,5]
["TabHLH300","TRIAE_CS42_3DS_TGACv1_272632_AA0923340",null,null,"TRATRASKNIVEERVRRRRLNEKLYAIRGVVPNITKMDKASIIQDAVAYIEELQEQERRI",60,6,"III(a+c)","I",null,"N","E","R","R","R",6,"1A2","E non G",4,5,2,9,16,20,1,2,9,5]
["TabHLH304","TRIAE_CS42_4DL_TGACv1_344028_AA1142670",null,null,"LTRRWAGRNMLNERDRRMRLNEKLYAIRGVVPNITKMDKASIIQDAIAYIEELQEQERQI",60,6,"III(a+c)","I",null,"N","E","R","R","R",6,"1A2","E non G",4,5,2,9,16,20,1,2,6,5]
["TabHLH302","TRIAE_CS42_4BL_TGACv1_321250_AA1057890",null,null,"LTRRWAGRNMLNERDRRRRLNEKLYAIRGVVPNITKMNKASIIQDAIAYIEELQEQERQI",60,6,"III(a+c)","I",null,"N","E","R","R","R",6,"1A2","E non G",4,5,1,9,15,19,1,2]
["TabHLH303","TRIAE_CS42_5AL_TGACv1_374463_AA1200850",null,null,"LTRRWAGRNMLNERDRRRRLNEKLYAIRGVVPNITKMNKASIIQDAIAYIEELQEQERQI",60,6,"III(a+c)","I",null,"N","E","R","R","R",6,"1A2","E non G",4,5,1,9,15,19,1,2,5]
["AtbHLH021","AT2G16910","AMS",null,"SGKGSQAKNLMAERRRRKKLNDRLYALRSLVPRITKLDRASILGDAINYVKELQNEAKEL",60,6,"Orphan","N","orphan","N","E","R","R","R",6,"1A2","E non G",4,6,2,11,19,23,13,33,15,10,1,2,30,5,34,34]
["TabHLH200","TRIAE_CS42_4AL_TGACv1_288540_AA0951590",null,null,"KKKGMPAKNLLAERRRRKKLNDRLYALRSVVPRISKMDRASILGDAIEYLKELKQKINVL",60,6,"IIIb","N",null,"N","E","R","R","R",8,"1A2","E non G",4,6,2,12,20,24,34,36,11,1,2,22,5]
["TabHLH201","TRIAE_CS42_4DS_TGACv1_361166_AA1162390","TaICE87, EU562184",null,"KKKGMPAKNLMAERRRRKKLNDRLYALRSVVPRISKMDRASILGDAIEYLKELKQKINVL",60,6,"IIIb","N",null,"N","E","R","R","R",8,"1A2","E non G",4,6,2,12,20,24,34,36,18,23,1,2,22,5]
["TabHLH202","TRIAE_CS42_4BS_TGACv1_330085_AA1105940",null,null,"KKKGMPAKNLMAERRRRKKLNDRLYALRSVVPRISKMDRASILGDAIEYLKELTQKINVL",60,6,"IIIb","N",null,"N","E","R","R","R",8,"1A2","E non G",4,6,2,11,19,23,36,18,23,1,2,22,5]
["ZmbHLH092","GRMZM2G172297","ICEc","ZmbHLH123","KRKRLPAKNLMAERRRRKKLNDRLYMLRSVVPKISKMDRASILGDAIEYLKELLRKIEEL",60,6,"IIIb","N",null,"N","E","R","R","R",9,"1A2","E non G",4,6,2,11,19,23,36,22,1,2,22,5]
["ZmbHLH094","GRMZM2G033356","ICEb","ZmbHLH122","KRKGLPAKNLMAERRRRKKLNDRLYMLRSVVPKISKMDRASILGDAIEYLKELLQKINDL",60,6,"IIIb","N",null,"N","E","R","R","R",8,"1A2","E non G",4,6,2,11,19,23,34,36,4,36,1,2,3,5]
["TabHLH197","TRIAE_CS42_7AL_TGACv1_559421_AA1799540",null,null,"KKKGMPAKNLMAERRRRKKLNDRLYMLRSVVPKISKMDRASILGDAIEYLKELLHKISNL",60,6,"IIIb","N",null,"N","E","R","R","R",8,"1A2","E non G",4,6,2,11,19,23,34,36,36,36,4,1,2,3,5]
["TabHLH198","TRIAE_CS42_7BL_TGACv1_579010_AA1902990",null,null,"KKKGMPAKNLMAERRRRKKLNDRLYMLRSVVPKISKMDRASILGDAIEYLKELLHKISDL",60,6,"IIIb","N",null,"N","E","R","R","R",8,"1A2","E non G",4,6,2,11,19,23,34,36,36,4,1,2,3,5]
["TabHLH199","TRIAE_CS42_7DL_TGACv1_603478_AA1984500",null,null,"KKKGMPAKNLMAERRRRKKLNDRLYMLRSVVPKISKMDRASILGDAIEYLKELLHKISDL",60,6,"IIIb","N",null,"N","E","R","R","R",8,"1A2","E non G",4,6,2,11,19,23,34,36,36,36,4,1,2,3,5]
["OsbHLH001","LOC_Os01g70310",null,null,"KKKGMPAKNLMAERRRRKKLNDRLYMLRSVVPKISKMDRASILGDAIEYLKELLQRINDL",60,6,"IIIb","N","IIIb","N","E","R","R","R",8,"1A2","E non G",4,6,2,10,18,22,36,34,36,1,2,3,5]
["OsbHLH002","LOC_Os11g32100",null,null,"KKKGMPAKNLMAERRRRKKLNDRLYMLRSVVPKISKMDRASILGDAIEYLKELLQKINDL",60,6,"IIIb","N","IIIb","N","E","R","R","R",8,"1A2","E non G",4,6,2,11,19,23,34,36,36,36,36,4,1,2,3,5]
["AtbHLH033","AT1G12860","SCRM2",null,"KKKGMPAKNLMAERRRRKKLNDRLYMLRSVVPKISKMDRASILGDAIDYLKELLQRINDL",60,6,"IIIb","N","IIIb","N","E","R","R","R",8,"1A2","E non G",4,6,2,10,18,22,34,1,2,3,5]
["AtbHLH116","AT3G26744","ICE1",null,"KKKGMPAKNLMAERRRRKKLNDRLYMLRSVVPKISKMDRASILGDAIDYLKELLQRINDL",60,6,"IIIb","N","IIIb","N","E","R","R","R",8,"1A2","E non G",4,6,2,10,18,22,36,29,18,1,2,3,5]
["ZmbHLH093","GRMZM2G173534","ZmmICE1","ZmbHLH121","KKKGMPAKNLMAERRRRKKLNDRLYMLRSVVPKISKMDRASILGDAIEYLKELLQRISDL",60,6,"IIIb","N",null,"N","E","R","R","R",8,"1A2","E non G",4,6,2,10,18,22,22,24,8,36,1,2,3,5,37]
["TabHLH194","TRIAE_CS42_3AL_TGACv1_194201_AA0628420",null,null,"KKKGMPAKNLMAERRRRKKLNDRLYMLRSVVPKISKMDRASILGDAIDYLKELLQRISDL",60,6,"IIIb","N",null,"N","E","R","R","R",8,"1A2","E non G",4,6,2,10,18,22,36,10,36,1,2,3,5]
["TabHLH195","TRIAE_CS42_3B_TGACv1_224571_AA0798100","TaICE41, EU562183",null,"KKKGMPAKNLMAERRRRKKLNDRLYMLRSVVPKISKMDRASILGDAIDYLKELLQRISDL",60,6,"IIIb","N",null,"N","E","R","R","R",8,"1A2","E non G",4,6,2,10,18,22,10,36,1,2,3,5]
["TabHLH196","TRIAE_CS42_3DL_TGACv1_249128_AA0838840",null,null,"KKKGMPAKNLMAERRRRKKLNDRLYMLRSVVPKISKMDRASILGDAIDYLKELLQRISDL",60,6,"IIIb","N",null,"N","E","R","R","R",8,"1A2","E non G",4,6,2,10,18,22,36,10,36,1,2,3,5]
["AtbHLH061","AT5G10570",null,null,"KLEGQPSKNLMAERRRRKRLNDRLSLLRSIVPKITKMDRTSILGDAIDYMKELLDKINKL",60,6,"IIIb","N","IIIb","N","E","R","R","R",6,"1A2","E non G",4,6,2,10,18,22,1,2,22,5,36]
["AtbHLH093","AT5G65640","NFL",null,"KLEGQPSKNLMAERRRRKRLNDRLSMLRSIVPKISKMDRTSILGDAIDYMKELLDKINKL",60,6,"IIIb","N","IIIb","N","E","R","R","R",6,"1A2","E non G",4,6,2,10,18,22,34,27,1,2,22,5,36]
["ZmbHLH091","GRMZM2G435015",null,"ZmbHLH118","RVVGMSSKNLMAERRRRKRLNGRLSMLQSVVPKINKMDWTSILGDTIDYMKELLERIKLL",60,6,"IIIb","N",null,"N","E","R","R","R",6,"1A2","E non G",4,6,2,9,17,21,12,1,2]
["ZmbHLH090","GRMZM2G128807",null,"ZmbHLH120","RVEGMPSKNLMAERRRRKRLNDRLSMLRSVVPKISKMDRTSILGDTIDYMKELLERIKLL",60,6,"IIIb","N",null,"N","E","R","R","R",6,"1A2","E non G",4,6,2,9,17,21,1,2,17,36]
["TabHLH203","TRIAE_CS42_7AL_TGACv1_557295_AA1779420",null,null,"RVEGMPSKNLMAERRRRKRLNDRLSMLRSVVPKISKMDRTSILGDTIDYMKELLERIRRL",60,6,"IIIb","N",null,"N","E","R","R","R",6,"1A2","E non G",4,6,2,9,17,21,29,36,1,2,22,5,36]
["TabHLH204","TRIAE_CS42_7BL_TGACv1_578421_AA1894460",null,null,"RVEGMPSKNLMAERRRRKRLNDRLSMLRSVVPKISKMDRTSILGDTIDYMKELLERIRRL",60,6,"IIIb","N",null,"N","E","R","R","R",6,"1A2","E non G",4,6,2,9,17,21,36,34,36,1,2,35,22,5,36]
["TabHLH205","TRIAE_CS42_7DL_TGACv1_603063_AA1974950",null,null,"RVEGMPSKNLMAERRRRKRLNDRLSMLRSVVPKISKMDRTSILGDTIDYMKELLERIRRL",60,6,"IIIb","N",null,"N","E","R","R","R",6,"1A2","E non G",4,6,2,9,17,21,34,36,1,2,22,5,36]
["OsbHLH004","LOC_Os10g39750",null,null,"PQPGAPSKNLMAERRRRKRLNDRLSMLRSVVPRISKMDRTSILGDTIGYVKELMDRIKNL",60,6,"IIIb","N","IIIb","N","E","R","R","R",5,"1A2","E non G",4,6,2,9,17,21,24,36,36,1,2,35,22,5,36]
["ZmbHLH089","GRMZM2G173372",null,"ZmbHLH119","HGGGAPSKNLMAERRRRKRLNDRLSMLRSIVPKISKMDRTSILGDTIDYVKELTERIKVL",60,6,"IIIb","N",null,"N","E","R","R","R",6,"1A2","E non G",4,6,2,9,17,21,36,1,2,35,22,5,36]
["OsbHLH003","LOC_Os03g04310","RAI1",null,"KLHGTPSKNLMAERRRRKRLNDRLSMLRSIVPKISKMDRTSILGDTIDYVKELTERIKTL",60,6,"IIIb","N","IIIb","N","E","R","R","R",7,"1A2","E non G",4,6,2,9,17,21,36,36,36,1,2,35,22,5,36]
["TabHLH206","TRIAE_CS42_3AS_TGACv1_213270_AA0706310",null,null,"AGSGTPSKNLMAERRRRKRLNDRLSMLRSTVPKISKMDRTATLGDTIDYVKELTERIKTV",60,6,"IIIb","N",null,"N","E","R","R","R",5,"1A2","E non G",4,5,2,7,14,18,36,36,1,2,22,5]
["TabHLH215","TRIAE_CS42_4BL_TGACv1_322324_AA1070610",null,null,"LNRGTRSKNLMAERRRRKRLNDRLSMLRSIVPKISKMDRTSILGDTIDYVNELTERIKEI",60,6,"IIIb","N",null,"N","E","R","R","R",7,"1A2","E non G",4,6,2,7,15,19,36,1,35,22,5,36]
["OsbHLH155","LOC_Os06g50900",null,null,"RVEGMPSKNLMAERRRRKRLNDRLSMLRSVVPKISKVYRVLSESFCVAIGIASAREMRLDDV",62,8,"IIIb","P","IIIb","N","E","R","R","R",6,"1A2","E non G",4,6,0,3,9,13,36,1]
["TabHLH212","TRIAE_CS42_4DL_TGACv1_345069_AA1151420",null,null,"LNGGTTSKNLMAERRRRKRLNDRLSMLRSIVPKITKMDRTSILGDTIDYVNELTERIQTL",60,6,"IIIb","N",null,"N","E","R","R","R",5,"1A2","E non G",4,6,2,8,16,20,27,1,2,35,22,5,36]
["TabHLH207","TRIAE_CS42_4BL_TGACv1_321343_AA1059260",null,null,"LNGGTTSKNLMAERRRRKRLNDRLSMLRSIVPKISKMDRTSILGDTIDYVNELTERIKTL",60,6,"IIIb","N",null,"N","E","R","R","R",5,"1A2","E non G",4,6,2,8,16,20,36,1,2,35]
["TabHLH214","TRIAE_CS42_5AL_TGACv1_379200_AA1255780",null,null,"LNGGTTSKNLMAERRRRKRLNDRLSMLRSIVPKVTKMDRTSILGDTIDYVNELTERIKTI",60,6,"IIIb","J",null,"N","E","R","R","R",5,"1A2","E non G",4,6,2,7,15,19,27,36,1,2,35,22,5,36]
["TabHLH208","TRIAE_CS42_4DL_TGACv1_343669_AA1138030",null,null,"LNGGTTSKNLMAERRRRKRLNDRLSMLRSIVPKITKMDRTSILGDTIDYVNELTERIKTL",60,6,"IIIb","N",null,"N","E","R","R","R",5,"1A2","E non G",4,6,2,8,16,20,11,1,2,35,22,5,36]
["TabHLH209","TRIAE_CS42_4DL_TGACv1_344748_AA1149520",null,null,"LNGGTTSKNLMAERRRRKRLNDRLSMLRSIVPKITKMDRTSILGDTIDYVNELTERIKTL",60,6,"IIIb","N",null,"N","E","R","R","R",5,"1A2","E non G",4,6,2,8,16,20,25,36,1,2,35,22,5]
["TabHLH210","TRIAE_CS42_5AL_TGACv1_374177_AA1192480",null,null,"LNGGTTSKNLMAERRRRKRLNDRLSMLRSIVPKITKMDRTSILGDTIDYVNELTERIKTL",60,6,"IIIb","N",null,"N","E","R","R","R",5,"1A2","E non G",4,6,2,8,16,20,1,2,35,22,5,36]
["TabHLH211","TRIAE_CS42_5AL_TGACv1_377033_AA1243390",null,null,"LNGGTTSKNLMAERRRRKRLNDRLSMLRSIVPKITKMDRTSILGDTIDYVNELTERIKTL",60,6,"IIIb","N",null,"N","E","R","R","R",5,"1A2","E non G",4,6,2,8,16,20,1,2,35,22,5,36]
["TabHLH213","TRIAE_CS42_4DL_TGACv1_343765_AA1139400",null,null,"LNGGTTSKNLMAERRRRKRLNDRLSMLRSIMPKITKMDRTSILGDTIDYVNELTERIKTL",60,6,"IIIb","N",null,"N","E","R","R","R",5,"1A2","E non G",4,5,2,8,15,19,36,1,2,35,22,5,2,35,22,5,36]
["ZmbHLH140","GRMZM2G481280",null,"ZmbHLH154","AASKKLKPHIVAERKRRDRMRDYFGELLALMPQIPAKSDKGTIVGHAVDYIQ",52,7,"Orphan","N",null,"H","E","R","R","R",8,"1A1","G binder",5,4,2,5,11,16,1]
["AtbHLH092","AT5G43650",null,null,"PEKERSRRHMLKERTRREKQKQSYLALHSLLPFATKNDKNSIVEKAVDEIAKLQRLKKEL",60,6,10,"N","IVd","H","E","R","R","R",9,"1A1","G binder",5,4,2,6,12,17,1,2,2,6]
["ZmbHLH156","GRMZM2G301089",null,"ZmbHLH169","VESSRGFRHMMRERQRREKLSQSYADLHALVAARSRGDKNSIVQAAAVYIHELRGARDQL",60,6,10,"P",null,"H","E","R","R","R",7,"1A1","G binder",5,4,2,5,11,16,36,1,2,19,34]
["TabHLH485","TRIAE_CS42_5AL_TGACv1_375786_AA1227160",null,null,"VESSRGFRHMMRERQRREKLSQSYADLHAMVSSRSKQDKNSIVQSAAVYIHELKVAKEQL",60,6,10,"N",null,"H","E","R","R","R",7,"1A1","G binder",5,3,2,6,11,16,34,1,2,19]
["OsbHLH148","LOC_Os03g53020",null,null,"VESSRGFRHMMRERQRREKLSQSYADLYAMVSSRSKGDKNSIVQSAAIYIHELKVARDQL",60,6,10,"N","IVd","H","E","R","R","R",7,"1A1","G binder",5,3,2,6,11,16,36,1,2]
["TabHLH486","TRIAE_CS42_5BL_TGACv1_406498_AA1346300",null,null,"VESSRGFRHMMRERQRREKLSQSYADLYAMVSSRSKQDKNSIVQSAAVYIHELKVAKEQL",60,6,10,"N",null,"H","E","R","R","R",7,"1A1","G binder",5,3,2,6,11,16,34,1,2,19]
["TabHLH487","TRIAE_CS42_5DL_TGACv1_433588_AA1416820",null,null,"VESSRGFRHMMRERQRREKLSQSYADLYAMVSSRSKQDKNSIVQSAAVYIHELKVAKEQL",60,6,10,"N",null,"H","E","R","R","R",7,"1A1","G binder",5,3,2,6,11,16,34,1,2,19]
["OsbHLH185","LOC_Os01g56690",null,null,"SGGSARFRHIMRERLRRERLSQGYADLQAILPTGASSSKVLVKSLIRNYMSGGKNTIVAAAANYIRELEGRKGWL",75,21,10,"N",null,"H","E","R","R","R",7,"1A1","G binder",5,5,2,6,13,18,8,1,2,30]
["ZmbHLH157","GRMZM2G109605",null,"ZmbHLH171","RREARGFRNIMRERLRRERLSQGFADLHALLPHGASSKGGKNDIVGAAAGYVRELVARKEQL",62,6,10,"N",null,"N","E","R","R","R",8,"1A2","E non G",3,5,2,4,11,14,1,2]
["ZmbHLH158","GRMZM2G173862",null,"ZmbHLH170","APRSSRFRNIMRERLRRERLSQGFADLHALLPHGASSKGGKNDIVGAAAGYVRELVARKEQL",62,8,10,"N",null,"N","E","R","R","R",7,"1A2","E non G",4,5,2,4,11,15,1,2]
["TabHLH484","TRIAE_CS42_3B_TGACv1_220647_AA0713660",null,null,"VPRSSAFRHITRERLRRERLSQGYADIHALLPPGRASNGAKNCVLAAAVDYIRELEGRKGRL",62,8,10,"N",null,"H","E","R","R","R",7,"1A1","G binder",5,4,0,7,11,16,1,2,36,2]
["TabHLH482","TRIAE_CS42_3AL_TGACv1_195693_AA0652820",null,null,"VPRSSAFRHITRERLRRERLSQGYADIRALLPPGRAPNGAKNFVLAAAVDYIRELEGRKGRL",62,8,10,"N",null,"H","E","R","R","R",7,"1A1","G binder",5,4,0,7,11,16,24,1,2,2]
["TabHLH483","TRIAE_CS42_3DL_TGACv1_252533_AA0890530",null,null,"VPRSSAFRHITRERLRRERLSQGYADIRALLPPGRAPNGAKNFVLAAAVDYIRELEGRKGRL",62,8,10,"N",null,"H","E","R","R","R",7,"1A1","G binder",5,4,0,7,11,16,24,1,2,30,7]
["AtbHLH160","AT1G71200",null,null,"SGAAKKQDHNAKERLRRMRLHASYLTLGTLLPDHSSSSSKKKWSAPSIIDNVITYIPKLQNEVGEL",66,12,"Orphan","P","Ib(2)","H","E","R","R","R",7,"1A1","G binder",5,5,1,6,12,17,28,1,2,6,5]
["ZmbHLH153","GRMZM2G021276",null,"ZmbHLH133","FHAVLANGVEKKEKQRRLRLTEKYTALMHLIPNVTKTDRATVISDAIEYIQELGRTVEEL",60,6,"II","N",null,"V","E","K","R","R",6,"1A2","E non G",4,6,2,9,17,21,17,1,2,6,5,10]
["OsbHLH142","LOC_Os01g18870","TIP2",null,"HGGGPANGVEKKEKQRRLRLTEKYNALMLLIPNRTKEDRATVISDAIEYIQELGRTVEEL",60,6,"II","N","II","V","E","K","R","R",6,"1A2","E non G",4,6,2,9,17,21,1,2,6,5,10]
["TabHLH339","TRIAE_CS42_7AS_TGACv1_569601_AA1820050",null,null,"HGFPANGSVEKKEKQRRQRLSEKFTALMLLIPNRTKEDRATVIYDAIEYIQELGRTVEEL",60,6,"II","N",null,"V","E","K","R","R",6,"1A2","E non G",4,6,2,9,17,21,1,2,6,5,10]
["TabHLH340","TRIAE_CS42_7BS_TGACv1_592219_AA1933560",null,null,"HGFPANGGVEKKEKQRRQRLSEKFTALMLLIPNRTKEDRATVIYDAIEYIQELGRTVEEL",60,6,"II","N",null,"V","E","K","R","R",6,"1A2","E non G",4,6,2,9,17,21,1,2,6,5,10]
["TabHLH341","TRIAE_CS42_7DS_TGACv1_622525_AA2041260",null,null,"HGFPANGGVEKKEKQRRQRLSEKFTALMLLIPNRTKEDRATVIYDAIEYIQELGRTVEEL",60,6,"II","N",null,"V","E","K","R","R",6,"1A2","E non G",4,6,2,9,17,21,1,2,6,5,10]
["AtbHLH091","AT2G31210",null,null,"GRGKRKNKPFTTERERRCHLNERYEALKLLIPSPSKGDRASILQDGIDYINELRRRVSEL",60,6,"II","N","II","P","E","R","R","R",8,"1A2","E non G",4,6,2,8,16,20,29,7,1,2,6,5,10,37]
["AtbHLH138","AT2G31215",null,null,"GKGSKKSRTFLTERERRALFNDRFFDLKNLIPNPTKGGEASIVQDGIVYINELQRLVSEL",60,6,"II","N","II","T","E","R","R","R",7,"1A2","E non G",4,5,2,8,15,19,1,2]
["AtbHLH010","AT2G31220",null,null,"GRGSRKSRTSPTERERRVHFNDRFFDLKNLIPNPTKIDRASIVGEAIDYIKELLRTIEEF",60,6,"II","N","II","T","E","R","R","R",7,"1A2","E non G",4,5,2,8,15,19,34,29,27,1,2,36,6,5,10]
["AtbHLH089","AT1G06170",null,null,"GRGSKKRKIFPTERERRVHFKDRFGDLKNLIPNPTKNDRASIVGEAIDYIKELLRTIDEF",60,6,"II","N","II","I","E","R","R","R",8,"1A2","E non G",4,5,2,8,15,19,1,2,6,5,10]
["TabHLH336","TRIAE_CS42_2AL_TGACv1_096473_AA0319360",null,null,"MPGSLIKPDFANERQRREWMNVAFWALRILLPDPKDDRVSNVEDAIEYIHELNRTVKEL",59,5,"II","J",null,"D","E","R","R","R",4,"1A2","E-box",4,5,2,7,14,18,1,2,6,5,10]
["TabHLH333","TRIAE_CS42_6AL_TGACv1_471250_AA1505490",null,null,"GGFGKAKANFATEKERREQINVKYGALRSLLPSPTKNDRASIVGDAIEYINELNRTLKEL",60,6,"II","N",null,"N","E","K","R","R",5,"1A2","E non G",4,6,2,9,17,21,29,37,1,2,6,5,10]
["TabHLH334","TRIAE_CS42_6BL_TGACv1_500543_AA1606120",null,null,"GGFGKAKANFATEKERREQINVKYGALRSLLPSPTKNDRASIVGDAIEYINELNRTLKEL",60,6,"II","N",null,"N","E","K","R","R",5,"1A2","E non G",4,6,2,9,17,21,29,37,1,2,6,5,10]
["TabHLH335","TRIAE_CS42_6DL_TGACv1_527698_AA1707690",null,null,"GGFGKAKANFATEKERREQINVKYGALRSLLPSPTKNDRASIVGDAIEYINELNRTLKEL",60,6,"II","N",null,"N","E","K","R","R",5,"1A2","E non G",4,6,2,9,17,21,29,37,1,2,6,5,10]
["ZmbHLH152","AC233960.1_FG005",null,"ZmbHLH134","FGKGKGKANFATERERREQFNVKYGALRSLFPNPTKKNSLSTVTKISRTFTIFQNDRASIVGDAIEYINELNRTVKEL",78,24,"II","other",null,"N","E","R","R","R",6,"1A2","E non G",4,4,2,8,14,18,33,1,2,6,5,10]
["OsbHLH141","LOC_Os04g51070","EAT1/DTD1",null,"FGKGKGKANFATERERREQLNVKFRTLRMLFPNPTKNDRASIVGDAIEYIDELNRTVKEL",60,6,"II","N","II","N","E","R","R","R",6,"1A2","E non G",4,5,2,8,15,19,2,14,34,1,2,6,5,10]
["TabHLH330","TRIAE_CS42_2AL_TGACv1_094707_AA0301850",null,null,"FGKGKGKANFATERERREQLNVKYKTLRMLFPNPTKNDRASVVGDAIEYIDELNRTVKEL",60,6,"II","N",null,"N","E","R","R","R",6,"1A2","E non G",4,5,2,9,16,20,34,34,1,2,6,5,10]
["TabHLH331","TRIAE_CS42_2BL_TGACv1_129925_AA0399500",null,null,"FGKGKGKANFATERERREQLNVKYKTLRMLFPNPTKNDRASVVGDAIEYIDELNRTVKEL",60,6,"II","N",null,"N","E","R","R","R",6,"1A2","E non G",4,5,2,9,16,20,34,34,1,2,6,5,10]
["TabHLH332","TRIAE_CS42_2DL_TGACv1_158620_AA0523420",null,null,"FGKGKGKANFATERERREQLNVKYKTLRMLFPNPTKNDRASVVGDAIEYIDELNRTVKEL",60,6,"II","N",null,"N","E","R","R","R",6,"1A2","E non G",4,5,2,9,16,20,34,1,2,6,5,10]
["AtbHLH045","AT3G06120","MUTE",null,"MSHIAVERNRRRQMNEHLKSLRSLTPCFYIKRGDQASIIGGVIEFIKELQQLVQVL",56,8,"Ia","N","Ia","H","E","R","R","R",4,"1A1","G-box",5,4,2,7,13,18,1,2,6,5,10]
["ZmbHLH015","GRMZM2G417164",null,"ZmbHLH140","MSHIAVERNRRRQMNEHLKVLRSLTPGLYIKRGDQASIIGGAIEFIKELQQVLESL",56,8,"Ia","P",null,"H","E","R","R","R",4,"1A1","G-box",5,4,2,8,14,19,1,2,6,5,10,37]
["OsbHLH055","LOC_Os05g51820","MUTE",null,"MSHIAVERNRRRQMNDHLKVLRSLTPAFYIKRGDQASIIGGAIDFIKELQTLLQSL",56,8,"Ia","N","Ia","H","E","R","R","R",4,"1A1","G-box",5,4,2,8,14,19,1,2,6,5,10]
["TabHLH446","TRIAE_CS42_2AS_TGACv1_115098_AA0371000",null,null,"MSHIAVERNRRRQMNDHLKVLRALTPAFYIKRCDQASIIGGAIEFIRELHTVLDAL",56,8,"Ia","p",null,"H","E","R","R","R",4,"1A1","G-box",5,4,2,6,12,17,1,2,36,6,5,10,37]
["TabHLH447","TRIAE_CS42_2DS_TGACv1_179180_AA0605010",null,null,"MSHIAVERNRRRQMNDHLKVLRALTPAFYIKRCDQASIIGGAIEFIRELHTVLDAL",56,8,"Ia","p",null,"H","E","R","R","R",4,"1A1","G-box",5,4,2,6,12,17,1,2,36,6,5,10,37]
["TabHLH448","TRIAE_CS42_2BS_TGACv1_145888_AA0448240",null,null,"AEGRRKMSHIAVERNRRRQMNDHLKVLRALTPAFYIKRCDQASIIGGAIEFIRELHTVLDAL",62,8,"Ia","p",null,"H","E","R","R","R",7,"1A1","G binder",5,4,2,6,12,17,9,1,2,36,6,5,10,37]
["OsbHLH054","LOC_Os06g33450","SPC2",null,"AATTPKTAHIAVERNRRKQMNENLAVLRSLMPCFYVKRGDQASIIGGVVDYIKELQQVLHSL",62,8,"Ia","N","Ia","H","E","R","R","R",5,"1A1","G binder",5,4,2,8,14,19,34,9,1,2,6,5,10]
["AtbHLH098","AT5G53210","SPCH",null,"QDGQQKMSHVTVERNRRKQMNEHLTVLRSLMPCFYVKRGDQASIIGGVVEYISELQQVLQSL",62,8,"Ia","N","Ia","H","E","R","R","R",5,"1A1","G binder",5,4,2,7,13,18,7,1,2,34,6,5,10]
["ZmbHLH013","GRMZM2G064638",null,"ZmbHLH142","DEGAPKISHVAVERNRRKQMNEHLTVLRSLMPCFYVKRGDQASIIGGVVDYIKELQQVLRSL",62,8,"Ia","N",null,"H","E","R","R","R",5,"1A1","G binder",5,4,2,8,14,19,36,9,1,2,34,6,5,10]
["OsbHLH053","LOC_Os02g15760","SPC1",null,"GDGAAKMSHITVERNRRKQMNEHLAVLRSLMPCFYVKRGDQASIIGGVVDYIKELQQVLRSL",62,8,"Ia","N","Ia","H","E","R","R","R",5,"1A1","G binder",5,4,2,8,14,19,36,36,36,1,2,6,5,10]
["ZmbHLH012","GRMZM2G085751",null,"ZmbHLH141","DEGAAKMSHITVERNRRKQMNEHLAVLRSLMPCFYVKRGDQASIIGGVVDYIKELQQVLRSL",62,8,"Ia","N",null,"H","E","R","R","R",5,"1A1","G binder",5,4,2,7,13,18,36,9,1,2,34,6,5,10]
["ZmbHLH014","GRMZM2G045109",null,"ZmbHLH143","DGAVNKTSHITVERNRRKQMNEHIAVLRSLMPCFYVKRGDQASIIGGVVDYIKELQQVLQSL",62,8,"Ia","N",null,"H","E","R","R","R",5,"1A1","G binder",5,4,2,7,13,18,9,1,2,10,6,5,10]
["TabHLH449","TRIAE_CS42_7AL_TGACv1_556816_AA1771580",null,null,"GGAAPKTAHITVERNRRKQMNEHLTVLRSLMPCFYVKRGDQASIIGGVVDYIKELQQVKQSL",62,8,"Ia","N",null,"H","E","R","R","R",5,"1A1","G binder",5,4,2,8,14,19,1,2,6,10]
["TabHLH450","TRIAE_CS42_7BL_TGACv1_579967_AA1911230",null,null,"GGAAPKTAHITVERNRRKQMNEHLTVLRSLMPCFYVKRGDQASIIGGVVDYIKELQQVKQSL",62,8,"Ia","N",null,"H","E","R","R","R",5,"1A1","G binder",5,4,2,8,14,19,1,2,6,10]
["TabHLH451","TRIAE_CS42_7DL_TGACv1_604188_AA1994980",null,null,"GGAAPKTAHITVERNRRKQMNEHLTVLRSLMPCFYVKRGDQASIIGGVVDYIKELQQVKQSL",62,8,"Ia","N",null,"H","E","R","R","R",5,"1A1","G binder",5,4,2,8,14,19,31,1,2,6,10]
["ZmbHLH011","GRMZM2G086474",null,"ZmbHLH153","DAESQRMTHIAVERNRRRQMNEYLAALRSLMPDSYVHRSDQASVVSGAIDFVKELEQQLQSL",62,8,"Ia","N",null,"H","E","R","R","R",5,"1A1","G binder",5,4,2,8,14,19,9,1,2,34,29,5,10,37]
["OsbHLH052","LOC_Os03g03000",null,null,"EAENQRMTHIAVERNRRRLMNDHLASLRSLIPSNYIPRGDQATVVGGAIDYVKQLEQQLVAL",62,8,"Ia","N","Ia","H","E","R","R","R",5,"1A1","G binder",5,5,2,9,16,21,36,9,1,2,29,5,10]
["ZmbHLH001","GRMZM2G475289",null,"ZmbHLH138","EAESQRMTHIAVERNRRRLMNDHLASLRSLIPSSYTPRGDQATVVGGAIDYVKQLEQQLVAL",62,8,"Ia","N",null,"H","E","R","R","R",5,"1A1","G binder",5,5,2,9,16,21,24,9,1,2,29,5,10]
["ZmbHLH016","GRMZM2G171464",null,"ZmbHLH139","EAESQRMTHIAVERNRRRLMNDHLASLRSLIPSSYIPRVSHAMQSPCMHAAFRFDLTTQRLHAMQCRA",68,14,"Ia","P",null,"H","E","R","R","R",5,"1A1","G binder",5,5,1,4,10,15,34,9,1]
["TabHLH443","TRIAE_CS42_4BL_TGACv1_320325_AA1035300",null,null,"EAECQRMTHIAVERNRRRLMNDHLASLRALIPSDYIPRGDQATVVGGAIDYVKQLEQQLVAL",62,8,"Ia","N",null,"H","E","R","R","R",5,"1A1","G binder",5,5,2,9,16,21,9,1,2,29,30,5,10,37]
["TabHLH444","TRIAE_CS42_4DL_TGACv1_342773_AA1121670",null,null,"EAECQRMTHIAVERNRRRLMNDHLASLRALIPSDYIPRGDQATVVGGAIDYVKQLEQQLVAL",62,8,"Ia","N",null,"H","E","R","R","R",5,"1A1","G binder",5,5,2,9,16,21,9,1,2,29,30,5,10,37]
["TabHLH445","TRIAE_CS42_5AL_TGACv1_375819_AA1227520",null,null,"EAECQRMTHIAVERNRRRLMNDHLASLRALIPSDYIPRGDQATVVGGAIDYVKQLEQQLVAL",62,8,"Ia","N",null,"H","E","R","R","R",5,"1A1","G binder",5,5,2,9,16,21,9,1,2,29,30,5,10,37]
["AtbHLH067","AT3G61950",null,null,"EIENQRINHIAVERNRRRQMNEHINSLRALLPPSYIQRGDQASIVGGAINYVKVLEQIIQSL",62,8,"Ia","N","Ia","H","E","R","R","R",5,"1A1","G binder",5,5,2,8,15,20,18,9,1,2,6,5,10,37]
["TabHLH436","TRIAE_CS42_6BL_TGACv1_500252_AA1602130",null,null,"EAESQRLTHIAVERNRRRQMNEYLGVLRSLMPASYVHRGDQASIIGGAINYVKELEQLVQSL",62,8,"Ia","N",null,"H","E","R","R","R",5,"1A1","G binder",5,4,2,8,14,19,36,36,9,1,2,29,6,5,10,37]
["TabHLH434","TRIAE_CS42_6AL_TGACv1_471133_AA1503210",null,null,"EAESQRMTHIAVERNRRKQMNEYLGVLRSLMPASYVHRGDQASIIGGAINYVKELEQLVQSL",62,8,"Ia","N",null,"H","E","R","R","R",5,"1A1","G binder",5,4,2,8,14,19,36,9,1,2,29,6,5,10,37]
["TabHLH435","TRIAE_CS42_6DL_TGACv1_527642_AA1706730",null,null,"EAESQRMTHIAVERNRRKQMNEYLGVLRSLMPASYVHRGDQASIIGGAINYVKELEQLVQSL",62,8,"Ia","N",null,"H","E","R","R","R",5,"1A1","G binder",5,4,2,8,14,19,36,36,9,1,2,29,6,5,10,37]
["AtbHLH099","AT5G65320",null,null,"DKENQRMNHIAVERNRRKQMNHFLSILKSMMPLSYSQPNDQASIIEGTISYLKKLEQRLQSL",62,8,"Ia","N","Ia","H","E","R","R","R",6,"1A1","G binder",5,3,1,8,12,17,9,1,2,29,34,6,5,10,37]
["AtbHLH071","AT5G46690",null,null,"EAENQRMTHIAVERNRRRQMNQHLSVLRSLMPQPFAHKGDQASIVGGAIDFIKELEHKLLSL",62,8,"Ia","N","Ia","H","E","R","R","R",5,"1A1","G binder",5,4,2,8,14,19,9,1,2,6,5,10,37]
["AtbHLH057","AT4G01460",null,null,"EVENQRMTHIAVERNRRRQMNEHLNSLRSLMPPSFLQRGDQASIVGGAIDFIKELEQLLQSL",62,8,"Ia","N","Ia","H","E","R","R","R",5,"1A1","G binder",5,4,2,7,13,18,21,9,1,2,6,5,10,37]
["AtbHLH070","AT2G46810",null,null,"EIESQRMTHIAVERNRRRQMNVHLNSLRSIIPSSYIQRGDQASIVGGAIDFVKILEQQLQSL",62,8,"Ia","N","Ia","H","E","R","R","R",5,"1A1","G binder",5,5,2,8,15,20,2,9,1,2,6,5,10]
["AtbHLH097","AT3G24140","FMA",null,"EVESQRMTHIAVERNRRKQMNEHLRVLRSLMPGSYVQRGDQASIIGGAIEFVRELEQLLQCL",62,8,"Ia","N","Ia","H","E","R","R","R",5,"1A1","G binder",5,4,2,6,12,17,34,34,7,9,1,2,24,6,5,10,37]
["ZmbHLH010","GRMZM2G162450",null,"ZmbHLH144","EVESQRMTHIAVERNRRRQMNEYLRILRSLMPGSYVQRGDQASIIGGAIEFIRELEQLIQCL",62,8,"Ia","N",null,"H","E","R","R","R",5,"1A1","G binder",5,4,2,6,12,17,9,1,2,6,5,10,37]
["OsbHLH051","LOC_Os05g50900","FMA",null,"EVESQRMTHIAVERNRRRQMNEYLRVLRSLMPGSYVQRGDQASIIGGAIEFIRELEQLIQCL",62,8,"Ia","N","Ia","H","E","R","R","R",5,"1A1","G binder",5,4,2,6,12,17,36,37,36,9,1,2,6,5,10,37]
["TabHLH422","TRIAE_CS42_1AL_TGACv1_002060_AA0038240",null,null,"EVESQRMTHIAVERNRRRQMNDYLRVLRSLMPGSYVQRGDQASIIGGAIEFIRELEQLIQCL",62,8,"Ia","N",null,"H","E","R","R","R",5,"1A1","G binder",5,4,2,6,12,17,9,1,2,36,6,5,10,37]
["TabHLH423","TRIAE_CS42_1BL_TGACv1_030848_AA0102180",null,null,"EVESQRMTHIAVERNRRRQMNDYLRVLRSLMPGSYVQRGDQASIIGGAIEFIRELEQLIQCL",62,8,"Ia","N",null,"H","E","R","R","R",5,"1A1","G binder",5,4,2,6,12,17,9,1,2,11,6,5,10,37]
["TabHLH424","TRIAE_CS42_1DL_TGACv1_061459_AA0195880",null,null,"EVESQRMTHIAVERNRRRQMNDYLRVLRSLMPGSYVQRGDQASIIGGAIEFIRELEQLIQCL",62,8,"Ia","N",null,"H","E","R","R","R",5,"1A1","G binder",5,4,2,6,12,17,9,1,2,36,6,5,10,37]
["OsbHLH049","LOC_Os02g46560",null,null,"ETETQRMTHIAVERNRRRQMNEYLAILRSLMPEPYVQRGDQASIVGGAIEFVKELEQQLQSL",62,8,"Ia","N","Ia","H","E","R","R","R",5,"1A1","G binder",5,4,2,8,14,19,9,1,2,29,24,6,5,10,37]
["ZmbHLH008","GRMZM2G091003",null,"ZmbHLH146","EAETQRMTHIAVERNRRRQMNEYLAALRSTMPEAYVQRGDQASIVGGAIVFVRELEQQLQCL",62,8,"Ia","N",null,"H","E","R","R","R",5,"1A1","G binder",5,3,2,7,12,17,2,34,9,1,2,29,6,5,10,37]
["ZmbHLH009","GRMZM2G111146",null,"ZmbHLH145","ETETQRMTHIAVERNRRRQMNEYLAALRSIMPEAYVQRGDQASIVGGAIEFVKELEQQVQCL",62,8,"Ia","N",null,"H","E","R","R","R",5,"1A1","G binder",5,4,2,8,14,19,9,1,2,24,29,6,5,10]
["TabHLH437","TRIAE_CS42_6AL_TGACv1_474464_AA1535280",null,null,"ETECQRMTHIAVERNRRRQMNEYLVVLRSLMPESYVQRGDQASIVGGAIDFVKELEQQLQSL",62,8,"Ia","N",null,"H","E","R","R","R",5,"1A1","G binder",5,4,2,8,14,19,36,9,1,2,34,29,6,5,10,37]
["TabHLH438","TRIAE_CS42_6BL_TGACv1_501529_AA1618440",null,null,"ETECQRMTHIAVERNRRRQMNEYLVVLRSLMPESYVQRGDQASIVGGAIDFVKELEQQLQSL",62,8,"Ia","N",null,"H","E","R","R","R",5,"1A1","G binder",5,4,2,8,14,19,9,1,2,29,6,5,10,37]
["TabHLH439","TRIAE_CS42_6DL_TGACv1_526420_AA1682990",null,null,"ETECQRMTHIAVERNRRRQMNEYLVVLRSLMPESYVQRGDQASIVGGAIDFVKELEQQLQSL",62,8,"Ia","N",null,"H","E","R","R","R",5,"1A1","G binder",5,4,2,8,14,19,9,1,2,34,29,6,5,10,37]
["OsbHLH050","LOC_Os04g50090",null,null,"DAESQRMTHIAVERNRRRQMNEYLAVLRSLMPESYVHRGDQASIVGGAIDFVKELEQLLQSL",62,8,"Ia","N","Ia","H","E","R","R","R",5,"1A1","G binder",5,4,2,7,13,18,9,1,2,34,29,36,6,5,10,10,37]
["TabHLH425","TRIAE_CS42_2AL_TGACv1_093349_AA0278210",null,null,"DAESQRMTHIAVERNRRRQMNEYLAVLRSLMPESYAHRGDQASIVGGAIDFVKELEQLLQSL",62,8,"Ia","N",null,"H","E","R","R","R",5,"1A1","G binder",5,4,2,7,13,18,9,1,2,29,6,5,10,37]
["TabHLH426","TRIAE_CS42_2BL_TGACv1_134884_AA0444490",null,null,"DAESQRMTHIAVERNRRRQMNEYLAALRSLMPESYAHRGDQASIVGGAIDFVKELEQLLQSL",62,8,"Ia","N",null,"H","E","R","R","R",5,"1A1","G binder",5,4,2,7,13,18,9,1,2,29,6,5,10,37]
["TabHLH427","TRIAE_CS42_2DL_TGACv1_162463_AA0562850",null,null,"DAESQRMTHIAVERNRRRQMNEYLAALRSLMPESYAHRGDQASIVGGAIDFVKELEQLLQSL",62,8,"Ia","N",null,"H","E","R","R","R",5,"1A1","G binder",5,4,2,7,13,18,9,1,2,34,29,6,5,10,37]
["ZmbHLH004","GRMZM2G015666",null,"ZmbHLH148","EVESQRMIHIAVERNRRKQMNEHLAALRSLMPPAHTQRGDQASIVGGAINFVKELEQLLQSL",62,8,"Ia","N",null,"H","E","R","R","R",5,"1A1","G binder",5,4,2,7,13,18,14,36,9,1,2,29,6,5,10,37]
["OsbHLH047","LOC_Os08g37730",null,null,"EVESQRMTHIAVERNRRKQMNEYLAVLRSLMPASYVQRGDQASIIGGAINYVKEMEQLLQSL",62,8,"Ia","N","Ia","H","E","R","R","R",5,"1A1","G binder",5,4,2,7,13,18,36,38,9,1,2,29,6,5,10,37]
["AtbHLH094","AT1G22490",null,null,"EIENQRMTHIAVERNRRKQMNEYLAVLRSLMPSSYAQRGDQASIVGGAINYVKELEHILQSM",62,8,"Ia","N","Ia","H","E","R","R","R",5,"1A1","G binder",5,4,2,8,14,19,9,1,2,29,6,5,10,37]
["AtbHLH096","AT1G72210",null,null,"EIENQRMTHIAVERNRRKQMNEYLAVLRSLMPPYYAQRGDQASIVGGAINYLKELEHHLQSM",62,8,"Ia","N","Ia","H","E","R","R","R",5,"1A1","G binder",5,4,2,8,14,19,9,1,2,29,6,5,10,37]
["ZmbHLH002","GRMZM2G006631",null,"ZmbHLH149","EIESQRITHIAVERNRRRQMNEYLAVLRSLMPPSHAHRGDQASIVGGAINYVRELEQLLQSL",62,8,"Ia","N",null,"H","E","R","R","R",5,"1A1","G binder",5,4,2,7,13,18,36,9,1,2,29,6,5,10,37]
["OsbHLH044","LOC_Os03g08930",null,null,"EIECQRMTHIAVERNRRRQMNEYLAVLRSLMPASYSQRGDQASIVGGAINYVKELEQLLQSL",62,8,"Ia","N","Ia","H","E","R","R","R",5,"1A1","G binder",5,4,2,8,14,19,36,9,1,2,29,6,5,10,37]
["OsbHLH045","LOC_Os10g23050",null,null,"EIESQRMTHIAVERNRRRQMNEYLAVLRSLMPPSYAQRGDQASIVGGAINYVRELEQLLQTL",62,8,"Ia","N","Ia","H","E","R","R","R",5,"1A1","G binder",5,4,2,7,13,18,36,36,9,1,2,29,31,6,5,10,37]
["ZmbHLH003","AC233899.1_FG002",null,"ZmbHLH150","EIESQRMTHIAVERNRRRQMNEYLAVLRSLMPPSYAHRGDQASIVGGAINYVRELEQLLQSL",62,8,"Ia","N",null,"H","E","R","R","R",5,"1A1","G binder",5,4,2,7,13,18,36,36,9,1,2,29,6,5,10,37]
["TabHLH428","TRIAE_CS42_4BL_TGACv1_322043_AA1068010",null,null,"EVESQRRTHIAVERNRRRQMNEYLAALRSLMPQSYAQRGDQASIVGGAINYVKELEQLLQSL",62,8,"Ia","N",null,"H","E","R","R","R",6,"1A1","G binder",5,4,2,8,14,19,9,1,2,29,6,5,10,37]
["TabHLH429","TRIAE_CS42_4DL_TGACv1_343470_AA1134950",null,null,"EVESQRRTHIAVERNRRRQMNEYLAALRSLMPQSYAQRGDQASIVGGAINYVKELEQLLQSL",62,8,"Ia","N",null,"H","E","R","R","R",6,"1A1","G binder",5,4,2,8,14,19,9,1,2,29,6,5,10,37]
["TabHLH430","TRIAE_CS42_U_TGACv1_641530_AA2097270",null,null,"EVESQRRTHIAVERNRRRQMNEYLAALRSLMPQSYAQRGDQASIVGGAINYVKELEQLLQSL",62,8,"Ia","N",null,"H","E","R","R","R",6,"1A1","G binder",5,4,2,8,14,19,9,1,2,29,6,5,10,37]
["ZmbHLH005","GRMZM2G082586",null,"ZmbHLH147","EVESQRMVHIAVERNRRKQMNEYLAALRSLMPPAYTQRGDQASIVGGAINFVKELEQLLQSL",62,8,"Ia","N",null,"H","E","R","R","R",5,"1A1","G binder",5,4,2,7,13,18,36,36,9,1,2,29,6,5,10,37]
["OsbHLH046","LOC_Os09g29360",null,null,"EVESQRMTHIAVERNRRKQMNEYLAVLRSLMPPSYAQRGDQASIVGGAINFVKELEQLLQSL",62,8,"Ia","N","Ia","H","E","R","R","R",5,"1A1","G binder",5,4,2,7,13,18,36,9,1,2,29,6,5,10,37]
["TabHLH433","TRIAE_CS42_5DL_TGACv1_435338_AA1449250",null,null,"EVESQRMTHIAVERNRRKQMNEYLAALRSLMPPSYALRGDQASIVGGAINFVKELEQLLQTL",62,8,"Ia","N",null,"H","E","R","R","R",5,"1A1","G binder",5,4,2,7,13,18,9,1,2,29,6,5,10,37]
["TabHLH431","TRIAE_CS42_5AL_TGACv1_376676_AA1239820",null,null,"EVESQRMTHIAVERNRRKQMNEYLAALRSLMPPSYAQRGDQASIVGGAINFVKELEQLLQTL",62,8,"Ia","N",null,"H","E","R","R","R",5,"1A1","G binder",5,4,2,7,13,18,36,9,1,2,29,6,5,10,37]
["TabHLH432","TRIAE_CS42_5BL_TGACv1_404543_AA1303670",null,null,"EVESQRMTHIAVERNRRKQMNEYLAALRSLMPPSYAQRGDQASIVGGAINFVKELEQLLQTL",62,8,"Ia","N",null,"H","E","R","R","R",5,"1A1","G binder",5,4,2,7,13,18,36,26,9,1,2,29,6,5,10,37]
["OsbHLH048","LOC_Os02g52190",null,null,"EAESQRRNHIAVERNRRRQMNEYLAVLRSLMPPSYAQRGDQASIVAGAINFVKELEQLLQSL",62,8,"Ia","N","Ia","H","E","R","R","R",6,"1A1","G binder",5,4,2,7,13,18,36,36,9,1,2,29,6,5,10,37]
["ZmbHLH007","GRMZM2G045883",null,"ZmbHLH151","EMESQRRNHIAVERNRRRQMNEYLSVLRSAMPPSYTQRGDQASIVAGAINFVKELEQLLQSL",62,8,"Ia","N",null,"H","E","R","R","R",6,"1A1","G binder",5,3,2,7,12,17,34,9,1,2,29,36,6,5,10,37]
["ZmbHLH006","GRMZM2G008691",null,"ZmbHLH152","EVESQRRNHIAVERNRRRQMNEYLSVLRSALPPSYPQRGDQASIVAGAINFVKELEHLLQSL",62,8,"Ia","N",null,"H","E","R","R","R",6,"1A1","G binder",5,4,2,7,13,18,9,1,2,29,36,6,5,10,37]
["TabHLH440","TRIAE_CS42_6AL_TGACv1_474451_AA1535220",null,null,"ETESQRRNHIAVERNRRRQMNDYLAVLRSSMPPSYAQRGDQASIVAGAINFVKELEQLLQSL",62,8,"Ia","N",null,"H","E","R","R","R",6,"1A1","G binder",5,3,2,7,12,17,38,9,1,2,29,6,5,10,37]
["TabHLH441","TRIAE_CS42_6BL_TGACv1_499809_AA1592220",null,null,"ETESQRRNHIAVERNRRRQMNDYLAVLRSAMPPSYAQRGDQASIVAGAINFVKELEQLLQSL",62,8,"Ia","N",null,"H","E","R","R","R",6,"1A1","G binder",5,3,2,7,12,17,9,1,2,29,6,5,10,37]
["TabHLH442","TRIAE_CS42_6DL_TGACv1_527673_AA1707150",null,null,"ETESQRRNHIAVERNRRRQMNDYLAVLRSAMPPSYAQRGDQASIVAGAINFVKELEQLLQSL",62,8,"Ia","N",null,"H","E","R","R","R",6,"1A1","G binder",5,3,2,7,12,17,38,9,1,2,29,6,5,10,37]
["OsbHLH146","LOC_Os02g34320",null,null,"GGRSRERMHIFAERERRRKIKNMFTDLRDLVPSLTNKADKATIVGEAISFIRSLEETVADL",61,7,"Ib(1)","N","Ib(1)","H","E","R","R","R",7,"1A1","G binder",5,5,1,7,13,18,36,1,2,22,5]
["TabHLH337","TRIAE_CS42_6AS_TGACv1_486218_AA1558270",null,null,"GRRGDRELHIITERERRRRMSEMFTKLHGLLPTLPDKVDKSSIVMEAIHYIKSLEGTVSEL",61,7,"Ib(1)","N",null,"H","E","R","R","R",7,"1A1","G binder",5,5,1,9,15,20,29,24,1,2,22,5]
["TabHLH338","TRIAE_CS42_6BS_TGACv1_513283_AA1637170",null,null,"GRRGDRELHIITERERRRRMSEMFTKLHGLLPTLPDKVDKSSIVMEAIHYIKSLEGTVSEL",61,7,"Ib(1)","N",null,"H","E","R","R","R",7,"1A1","G binder",5,5,1,9,15,20,1,2,6,5]
["OsbHLH144","LOC_Os04g35010",null,null,"AMDMEHALHIWTERERRKKMKNMFSTLHGLLPKIPGKTDKASIVGEAIGYIKTLEDVVQKL",61,7,"Ib(1)","N","Ib(1)","H","E","R","R","R",5,"1A1","G binder",5,5,1,9,15,20,10,1,2,36,6,5]
["AtbHLH095","AT1G49770","ZOU",null,"EESPDHEIHIWTERERRKKMRDMFSKLHALLPQLPPKADKSTIVDEAVSSIKSLEQTLQKL",61,7,"Ib(1)","N","Ib(1)","H","E","R","R","R",5,"1A1","G binder",5,5,2,8,15,20,9,1,2,5]
["ZmbHLH139","GRMZM2G147685","ZmZHOUPI","ZmbHLH155","VEDVDHDLHIFTERERRKKMKNMFSTLHALLPQLPDKADKATIVGEAVTYIKTLEGTVQKL",61,8,"Ib(1)","N",null,"H","E","R","R","R",5,"1A1","G binder",5,5,2,9,16,21,36,1,2,24,6,5]
["OsbHLH147","LOC_Os02g34370",null,null,"GGGNRACMFAVRERERRRRMNDMFAGIRRLVPNLPEKGEEVRMEAQKQELQRERDRL",57,3,"Orphan","N","Ib(2)","F","E","R","R","R",5,"1A2","E non G",4,5,1,5,11,15,36,1,24]
["AtbHLH100","AT2G41240",null,null,"PVVMKKLNHNASERERRKKINTMFSSLRSCLPPTNQTKKLSVSATVSQALKYIPELQEQVKKL",63,9,"Ib(2)","N","Ib(2)","H","E","R","R","R",6,"1A1","G binder",5,4,1,7,12,17,1,2,7,19]
["AtbHLH101","AT5G04150",null,null,"VVLEKKLNHNASERDRRRKLNALYSSLRALLPLSDQKRKLSIPMTVARVVKYIPEQKQELQRL",63,9,"Ib(2)","N","Ib(2)","H","E","R","R","R",6,"1A1","G binder",5,5,1,4,10,15,1,2,2]
["AtbHLH038","AT3G56970","ORG2",null,"PVVVKKLNHNASERDRRKKINTLFSSLRSCLPASDQSKKLSIPETVSKSLKYIPELQQQVKRL",63,9,"Ib(2)","N","Ib(2)","H","E","R","R","R",6,"1A1","G binder",5,4,1,5,10,15,1,2,19]
["AtbHLH039","AT3G56980","ORG3",null,"PVVVKKLNHNASERDRRRKINSLFSSLRSCLPASGQSKKLSIPATVSRSLKYIPELQEQVKKL",63,9,"Ib(2)","N","Ib(2)","H","E","R","R","R",6,"1A1","G binder",5,4,1,5,10,15,1,2,19]
["TabHLH465","TRIAE_CS42_3DL_TGACv1_249177_AA0840490",null,null,"SRSHRKMSHSAYERDSRKQLNEHYSNLRSLLPDDDHHTRKLGNPTIVSRVIKYIPELQKEVDGL",64,10,"Ib(2)","Q",null,"H","E","R","S","R",7,"1B","non E binder",4,5,2,7,14,18,1,2,5,19]
["TabHLH462","TRIAE_CS42_3B_TGACv1_223873_AA0788730",null,null,"SGSHRKMSHNAYERDRRKQLNEQYSSLRSLLPDDDHTKKMSIPTTVSRVINYIPELQKEVDRL",63,9,"Ib(2)","Q",null,"H","E","R","R","R",7,"1A1","G binder",5,5,1,6,12,17,34,1,2,30,5,19]
["TabHLH460","TRIAE_CS42_3AL_TGACv1_194219_AA0628920",null,null,"SGSQRKMSHNAYERDRRKQLNEQYSSLRSLLPDDDHNKKMSIPTTVSRVIKYIPELQKEVDGL",63,9,"Ib(2)","Q",null,"H","E","R","R","R",6,"1A1","G binder",5,5,1,6,12,17,34,1,2,30,5,19]
["TabHLH461","TRIAE_CS42_3DL_TGACv1_249177_AA0840500",null,null,"SGSHRKMSHNAYERDRRKQLNEQYSSLRSLLPDDDHNKKMSIPTTVSRVIKYIPELQKEVDGL",63,9,"Ib(2)","Q",null,"H","E","R","R","R",7,"1A1","G binder",5,5,1,6,12,17,34,1,2,5,19]
["TabHLH463","TRIAE_CS42_7BL_TGACv1_577103_AA1866010",null,null,"SGSHKKLNHNAYERDRRTQLNQLYSTLRSLIPNADHTKKLSIPTTVCQVLDYIPKLQKQVEDL",63,9,"Ib(2)","Q",null,"H","E","R","R","R",7,"1A1","G binder",5,6,1,6,13,18,1,2,1,5]
["TabHLH464","TRIAE_CS42_7DL_TGACv1_603100_AA1975860",null,null,"SGSHKKLNHNAYERDRRTQLNQLYSTLRSLIPNADHTKKLSIPTTVCQVLDYIPKLQKQVEDL",63,9,"Ib(2)","Q",null,"H","E","R","R","R",7,"1A1","G binder",5,6,1,6,13,18,1,2,1,5]
["TabHLH452","TRIAE_CS42_2AL_TGACv1_094066_AA0291970",null,null,"PGSHKKLSHNAYERDRRKQLNELYLSLRSLLPDTDHTKKLSIPTTVCRALKYIPELQKQVENL",63,9,"Ib(2)","Q",null,"H","E","R","R","R",7,"1A1","G binder",5,6,1,7,14,19,1,2,5,19]
["TabHLH453","TRIAE_CS42_2DL_TGACv1_158275_AA0514360",null,null,"PGSHKKLSHNAYERDRRKQLNELYLSLRSLLPDADHTKKLSIPTTVCRALKYIPELQKQVENL",63,9,"Ib(2)","Q",null,"H","E","R","R","R",7,"1A1","G binder",5,6,1,7,14,19,1,2,5,19]
["OsbHLH056","LOC_Os01g72370","IRO2",null,"SGSHRKLSHNAYERDRRKQLNELYSSLRALLPDADHTKKLSIPTTVSRVLKYIPELQKQVENL",63,9,"Ib(2)","N","Ib(2)","H","E","R","R","R",7,"1A1","G binder",5,5,1,6,12,17,8,36,1,2,5,19]
["ZmbHLH154","GRMZM2G057413",null,"ZmbHLH172","SGGHRKLSHNAYERDRRKQLNDLYSSLRSLLPDADHTKKLSIPTTVSRVLKYIPELQKQVDNL",63,9,"Ib(2)","Q",null,"H","E","R","R","R",7,"1A1","G binder",5,5,1,6,12,17,36,1,2,5,19]
["ZmbHLH155","AC193786.3_FG005",null,"ZmbHLH173","SGGHRKLSHNAYERGRRKQLNELYSSLRSLLPDADQTKKLSIPTTVSRVLKYIPELQKQVDNL",63,9,"Ib(2)","Q",null,"H","E","R","R","R",7,"1A1","G binder",5,6,1,6,13,18,36,1,2,5,19]
["TabHLH455","TRIAE_CS42_3B_TGACv1_226262_AA0815350",null,null,"SGSHRKISHNAYERDRRKELNELYSDLRSLLPEDDRTKKLSIPITVSRVLKYIPELQKQVEGL",63,9,"Ib(2)","Q",null,"H","E","R","R","R",7,"1A1","G binder",5,6,1,5,12,17,34,36,1,2,5,19,27]
["TabHLH454","TRIAE_CS42_3AL_TGACv1_194219_AA0628900",null,null,"SGSHRKISHNAYERDRRKELNELYSDLRSLLPEDDRTKKLSIPITVSRVLKYIPEQQKQVEGL",63,9,"Ib(2)","Q",null,"H","E","R","R","R",7,"1A1","G binder",5,6,1,4,11,16,34,36,1,2,5,19]
["TabHLH456","TRIAE_CS42_3DL_TGACv1_249177_AA0840530",null,null,"SGSHRKISHNAYERDRRKELNELYSDLRSLLPEDDRTKKLSIPITVSRVLKYIPELQKQVEGL",63,9,"Ib(2)","Q",null,"H","E","R","R","R",7,"1A1","G binder",5,6,1,5,12,17,34,36,1,2,5,19]
["TabHLH457","TRIAE_CS42_3AL_TGACv1_196226_AA0658520",null,null,"SGSHRKISHNAYERDRRKQLNELYSDLRSLLPDTDHTKKLSIPITVSRVLKYIPELQKQVDGL",63,9,"Ib(2)","Q",null,"H","E","R","R","R",7,"1A1","G binder",5,6,1,5,12,17,34,36,1,2,5,19]
["TabHLH458","TRIAE_CS42_3B_TGACv1_227188_AA0822050",null,null,"SGSHRKISHNAYERDRRKQLNELYSDLRSLLPDTDHTKKLSIPITVSRVLKYIPELQKQVDGL",63,9,"Ib(2)","Q",null,"H","E","R","R","R",7,"1A1","G binder",5,6,1,5,12,17,34,36,1,2,5,19]
["TabHLH459","TRIAE_CS42_3DL_TGACv1_250396_AA0867500",null,null,"SGSHRKISHNAYERDRRKQLNELYSDLRSLLPDTDHTKKLSIPITVSRVLKYIPELQKQVDGL",63,9,"Ib(2)","Q",null,"H","E","R","R","R",7,"1A1","G binder",5,6,1,5,12,17,34,36,1,2,5,19]
["AtbHLH055","AT1G12540",null,null,"EPKNKRAKHKELERQRRQENTSLFKILRYLLPSQYIKGKRSSADHVLEAVNYIKDLQKKIKEV",63,9,"Ib(2)","N","Ib(2)","H","E","R","R","R",9,"1A1","G binder",5,4,1,9,14,19,25,1,2,10]
["AtbHLH125","AT1G62975",null,null,"DRESKKMKHRDIERQRRQEVSSLFKRLRTLLPFQYIQGKRSTSDHIVQAVNYIKDLQIKIKEL",63,9,"Ib(2)","N","Ib(2)","H","E","R","R","R",9,"1A1","G binder",5,4,1,9,14,19,1,2]
["AtbHLH036","AT5G51780",null,null,"MEKMMHRETERQRRQEMASLYASLRSLLPLHFIKGKRSTSDQVNEAVNYIKYLQRKIKEL",60,6,"Ib(2)","N","Ib(2)","H","E","R","R","R",6,"1A1","G binder",5,5,1,10,16,21,1,2,27,19]
["AtbHLH118","AT4G25400",null,null,"MEKLVHKEIEKRRRQEMASLYASLRSLLPLEFIQGKRSTSDQVKGAVNYIDYLQRNIKDI",60,6,"Ib(2)","N","Ib(2)","I","R","R","E","M",7,"1B","non E binder",5,5,1,6,12,17,1,2]
["AtbHLH120","AT5G51790",null,null,"TKKEKKLLHRNIERQRRQEMAILFASLRSQLPLKYIKGKRAMSDHVNGAVSFIKDTQTRIKDL",63,9,"Ib(2)","N","Ib(2)","H","E","R","R","R",9,"1A1","G binder",5,4,1,6,11,16,1,2,5]
["AtbHLH126","AT4G25410",null,null,"NKKKKKLLHRDIERQRRQEMATLFATLRTHLPLKYIKGKRAVSDHVNGAVNFIKDTEARIKEL",63,9,"Ib(2)","N","Ib(2)","H","E","R","R","R",10,"1A1","G binder",5,3,1,5,9,14,36,1,2,5]
["OsbHLH160","LOC_Os11g02054",null,null,"MSGKDQKKATTALEEKLELLRDVTKSSAANETSILVDASKYIKELKDKVSQE",52,5,"Ib(2)","N","-","S","Q","K","A","T",3,2,"non DNA binder",1,4,0,9,13,14,2,5]
["OsbHLH161","LOC_Os12g02020",null,null,"MSGKDQKKAAALEEKLELLRSVTKSSAANETSILVDASKYIKELKDKVSQE",51,5,"Ib(2)","N",null,"M","D","Q","K","A",3,2,"non DNA binder",0,4,0,9,13,13,2,9,5]
["OsbHLH162","LOC_Os05g27090",null,null,"MVSREQKRASLHEKLQILRTLTHSHAVNKMSIISDASTYIKDLKQKIAAL",50,5,"Ib(2)","N","orphan","-","R","E","K","R",3,2,"non DNA binder",1,4,0,9,13,14,1,2,6,5]
["ZmbHLH161","AC215201.3_FG008",null,null,"MVSKEQNKRGALHEKLKILRSVTHSHAGDKVSIIADASSYIKELKQKIAKL",51,6,"Ib(2)","N",null,"M","E","Q","K","R",3,"1A2","E-box",2,4,1,9,14,16,1,2,5]
["OsbHLH166","LOC_Os03g21970",null,null,"MMSSRERKKAAALQEKLQILRSITHSHALSNTSILMDASKYIKELKQKVVRL",52,5,"Ib(2)","N","orphan","M","E","R","K","A",4,"1A2","E-box",2,4,0,10,14,16,1,2,5]
["OsbHLH163","LOC_Os07g47960",null,null,"MMSRERKKAAALHEKLQILRSITHSHALSNTSIITDASEYIKELKQKVVRL",51,5,"Ib(2)","N","orphan","M","E","R","K","A",4,"1A2","E-box",2,4,0,9,13,15,1,2,6,5]
["TabHLH518","TRIAE_CS42_4AS_TGACv1_307930_AA1024540",null,null,"MMSRERKKAAALQEKLQLLRSLTHSHALSNTSIIMDASKYIKELKQKVVML",51,5,"Ib(2)","Q",null,"M","E","R","K","A",4,"1A2","E-box",2,4,0,9,13,15,1,2,12,5,36]
["TabHLH519","TRIAE_CS42_4BL_TGACv1_320552_AA1042950",null,null,"MMSRERKKAAALQEKLQLLRSLTHSHALSNTSIIMDASKYIKELKQKVVML",51,5,"Ib(2)","Q",null,"M","E","R","K","A",4,"1A2","E-box",2,4,0,9,13,15,1,2,5]
["TabHLH520","TRIAE_CS42_U_TGACv1_646516_AA2146560",null,null,"MMSRERKKAAALQEKLQLLRSLTHSHALSNTSIIMDASKYIKELKQKVVML",51,5,"Ib(2)","Q",null,"M","E","R","K","A",4,"1A2","E-box",2,4,0,9,13,15,1,2,5,36]
["ZmbHLH159","GRMZM2G043493",null,null,"MMSRERKKAAALQEKLKILRSITHSHALSNTSIIMDASAYIKELKQKVVRL",51,5,"Ib(2)","N",null,"M","E","R","K","A",4,"1A2","E-box",2,4,0,10,14,16,1,2]
["ZmbHLH160","GRMZM2G124567",null,null,"MMSRERKKAAAALQEKLKILRSITHSHALSNTSIIMDASAYIKQLQQKVVRL",52,8,"Ib(2)","N",null,"-","S","R","R","K",3,2,"non DNA binder",2,2,0,9,11,13,1,2,5]
["TabHLH516","TRIAE_CS42_2BS_TGACv1_145952_AA0450620",null,null,"MSRERKKAAALQEKMQILRSITHSHALSNPSIVMDASEYIKGLKQKIARL",50,5,"Ib(2)","Q",null,null,"E","R","K","A",4,"1A2","E-box",2,4,0,9,13,15,1,2,6,5]
["TabHLH515","TRIAE_CS42_2AS_TGACv1_113204_AA0353060",null,null,"MSRERKKAAAALQEKMQILRSITHSHALSNPSIVMDASEYIKGLKQKIARL",51,5,"Ib(2)","Q",null,"M","R","K","A","A",4,2,"non DNA binder",1,4,0,9,13,14,1,2,6,5]
["TabHLH517","TRIAE_CS42_2DS_TGACv1_177625_AA0581350",null,null,"MSRERKKAAALQEKMQILRSITHSHALSNPSIVMDASEYIKGLKQKIARL",50,5,"Ib(2)","Q",null,null,"E","R","K","A",4,"1A2","E-box",2,4,0,9,13,15,1,2,6,5]
["OsbHLH183","LOC_Os01g33400",null,null,"EAASGRPPKAGSERARRQTMSRLYDELGALLPNLPPRASTTRIVEEAIACVGELRARTAEL",61,7,"Ib(2)","P",null,"K","E","R","R","R",5,"1A1","G binder",4,5,0,5,10,14,22,1,2,15]
["TabHLH542","TRIAE_CS42_1BS_TGACv1_049881_AA0163510",null,null,"AGASRRRRSPRLERARRQAMSVLFDELGALLPDLPHRACKADIVDGAIAYVRALEDTAAEL",61,7,"Ib(2)","Q",null,"S","E","R","R","R",8,"1A2","E non G",4,5,0,6,11,15,1,2,24,5,31]
["TabHLH541","TRIAE_CS42_1AS_TGACv1_019480_AA0067170",null,null,"AGASRRRRSPRLERARRQTMSVLFDELGALLPDLPHRACRADVVDGAIAYVRALEDTAAEL",61,7,"Ib(2)","Q",null,"S","E","R","R","R",8,"1A2","E non G",4,5,0,6,11,15,1,2,24,5,31]
["TabHLH543","TRIAE_CS42_1DS_TGACv1_080951_AA0255990",null,null,"SGASRRRRSPRLERARRQTMSVLFDELGALLPDLPPRACRADVVDGAIAYVRALEDTAAEL",61,7,"Ib(2)","Q",null,"S","E","R","R","R",8,"1A2","E non G",4,5,0,6,11,15,1,2,24,5,31]
["OsbHLH184","LOC_Os12g35070",null,null,"EEEELRRPPPPRRRRQQPTMAALYAELASLLPGLRSRASREEIVEAAAKQVKVLEDTVAVL",61,7,"Ib(2)","N",null,"P","R","R","Q","Q",6,"1B","non E binder",1,5,0,4,9,10,1,2,37,32]
["ZmbHLH231","GRMZM2G054564",null,"ZmbHLH196","TAGPSAGERRPRARPNRRTLSSLYAELGAMLPNLPIDRPASKEEIVDAAAARVKVLEDTVAVL",63,9,"Ib(2)","N",null,"R","A","R","N","R",5,"1B","non E binder",3,4,2,4,10,13,1,2,32]
["TabHLH544","TRIAE_CS42_5AS_TGACv1_394254_AA1279190",null,null,"SLAVAGSTRDPGRPQRRRAQFPLYAELAALLPGDLSRANQVEILDAAVAHLKVLSGTAAVL",61,7,"Ib(2)","Q",null,"R","R","P","R","R",4,2,"non DNA binder",2,4,0,6,10,12,1,2,5,37]
["TabHLH545","TRIAE_CS42_5DS_TGACv1_457437_AA1486530",null,null,"SLAVSGSTRAPGRPQRRRPQFPLYAELGALLPGDLSRANQVEILDAAVAHLKVLADTAAVL",61,7,"Ib(2)","Q",null,"R","R","P","R","R",4,2,"non DNA binder",2,4,1,6,11,13,1,2,5,37]
["AtbHLH162","AT4G20970",null,null,"TGQSRSVDRKTVEKNRRMQMKSLYSELISLLPHHSSTEPLTLPDQLDEAANYIKKLQVNVEKK",63,9,"Ib(2)","N","Ib(2)","R","E","K","R","R",6,"1A2","E non G",4,5,0,7,12,16,1,2,28,5]
["ZmbHLH207","GRMZM5G863198",null,"ZmbHLH193","AAGGSKLDRKTVERNRRNQMNALYSRLDTLVRAGSSPSSAAAPVQRGPPAMTRPDRLEEAAAYIRQTTERVERL",74,20,"Ib(2)","Q",null,"R","E","R","R","R",6,"1A2","E non G",4,4,1,5,10,14,1,2,24,5,19]
["TabHLH571","TRIAE_CS42_5BL_TGACv1_405277_AA1323840",null,null,"ATAGGKPERKTVERNRRNQMNALYYRLDTLVRAGGAAPSPAPAAATRPDRLGEAAAYISQTAERVERL",68,14,"Ib(2)","Q",null,"R","E","R","R","R",6,"1A2","E non G",4,4,0,5,9,13,1,37,5,19]
["ZmbHLH205","GRMZM2G112629",null,"ZmbHLH195","SGGGCKLERKDVEKNRRLHMKGLCLKLSSLIPPAAATTHASLLSDAASAAVSSNPGNKQDAVTQLDQLDSAAAYIKQLKERIEAL",85,31,"Ib(2)","N",null,"R","E","K","R","R",6,"1A2","E non G",4,5,2,7,14,18,36,1,2,16,5,19]
["TabHLH550","TRIAE_CS42_U_TGACv1_640850_AA2077250",null,null,"GCSASKMERKDVEKNRRLHMKGLCLKLSSLVPPSSAHHLRHYSSTCSSPPSSNKDAATQLDQLDSAAAYIKQLRARIDHL",80,26,"Ib(2)","Q",null,"R","E","K","R","R",6,"1A2","E non G",4,5,1,6,12,16,36,1,2,16,5,19]
["TabHLH548","TRIAE_CS42_3DS_TGACv1_271634_AA0904410",null,null,"TTSSGKMERKDVEKNRRLHMKGLCLKLSSLVPASSTHHLRHYSSSSSSPPSSNKDAATQLDQLDSAAAYIKQLRARIEDL",80,26,"Ib(2)","Q",null,"R","E","K","R","R",6,"1A2","E non G",4,5,1,6,12,16,1,2,16,5,19]
["TabHLH547","TRIAE_CS42_3B_TGACv1_222310_AA0761900",null,null,"HSSGSKMERKDVEKNRRLHMKGLCLKLSSLVPASPSSDHHLRHYSSSPPSSNKDAATQLDQLDSAAAYIKQLRGRIDDL",79,25,"Ib(2)","Q",null,"R","E","K","R","R",7,"1A2","E non G",4,5,1,6,12,16,1,2,16,5,19]
["TabHLH546","TRIAE_CS42_3B_TGACv1_221074_AA0729320",null,null,"ADGGCKMERKDVEKNRRLHMKGLCLKLSSLVPASSSSDHHLRHYSSSPPSSNKDAATQLDQLDSAAAYIKQLRGRIDDL",79,25,"Ib(2)","Q",null,"R","E","K","R","R",6,"1A2","E non G",4,5,2,6,13,17,1,2,16,5,19]
["TabHLH549","TRIAE_CS42_3DS_TGACv1_271634_AA0904430",null,null,"GGCSGKMERKDVEKNRRLHMKGLCLKLSSLLPASSAHHLRHYSSTSSSPPSSNKDAATQLDQLDSAAAYIKQLRGRIDDL",80,26,"Ib(2)","Q",null,"R","E","K","R","R",6,"1A2","E non G",4,5,2,6,13,17,1,2,16,5,19]
["OsbHLH187","LOC_Os01g01840",null,null,"TAAAAAAERKEMERRRRQDMKGLCVKLASLIPKEHCSMSKMQAASRTQLGSLDEAAAYIKKLKERVDEL",69,15,"Ib(2)","N",null,"R","E","R","R","R",6,"1A2","E non G",4,5,1,8,14,18,24,1,2,36,16,5,19,36,36]
["ZmbHLH206","GRMZM2G169947",null,"ZmbHLH194","STTTTAVERKEIERRRRQQMKSLCAKLASLIPKEHYSSKDAMTQLGSLDEAATYIKRLKERVEEL",65,11,"Ib(2)","N",null,"R","E","R","R","R",6,"1A2","E non G",4,5,1,8,14,18,1,2,36,16,5]
["TabHLH565","TRIAE_CS42_3B_TGACv1_221074_AA0729360",null,null,"TTATRVVQRKEAERERRQHMKALCAKLTSLIPKEHFSNPDTMTQLSSLDEAASYIKKLKERVDEL",65,11,"Ib(2)","Q",null,"R","E","R","R","R",6,"1A2","E non G",4,5,1,9,15,19,1,2,16,5,19]
["TabHLH564","TRIAE_CS42_3B_TGACv1_221074_AA0729350",null,null,"GTTARVVPRKEAERERRQHMKALCAKLASLIPKEHFSNPSTVTQLGSLDEAVSYIKKLKERVDEL",65,11,"Ib(2)","Q",null,"R","E","R","R","R",6,"1A2","E non G",4,5,0,9,14,18,1,2,16,5,19]
["TabHLH568","TRIAE_CS42_3DS_TGACv1_272524_AA0921760",null,null,"TTAARVVERKEAERERRQHMKALCAKLASLIPKEHFSNPDTMTQLGSLDEAVSYIKKLKEKVDEL",65,11,"Ib(2)","Q",null,"R","E","R","R","R",6,"1A2","E non G",4,5,1,10,16,20,1,2,16,5,19]
["TabHLH566","TRIAE_CS42_3B_TGACv1_222310_AA0761880",null,null,"TTTTRVVERKEAERERRQHMKALCAKLTSLIPKEHFSNPDTMTQLGSLDEAASYIKKLKERVDEL",65,11,"Ib(2)","Q",null,"R","E","R","R","R",6,"1A2","E non G",4,5,1,8,14,18,1,2,16,5,19]
["TabHLH567","TRIAE_CS42_3B_TGACv1_222310_AA0761890",null,null,"TTAARVVERKEAERERRQHMKALCAKLASLIPKEHFSNPDTMTQLGSLDESASYIKKLKERVDEL",65,11,"Ib(2)","Q",null,"R","E","R","R","R",6,"1A2","E non G",4,5,1,7,13,17,1,2,16,5,19]
["TabHLH569","TRIAE_CS42_3DS_TGACv1_271613_AA0903900",null,null,"TTAARVVERKEAERERRQHMKALCAKLTSLIPKEYFSNPDTMTQLGSLDEAASYIKKLKERVDEL",65,11,"Ib(2)","Q",null,"R","E","R","R","R",6,"1A2","E non G",4,5,1,8,14,18,1,2,16,5,19]
["TabHLH557","TRIAE_CS42_3B_TGACv1_222310_AA0761840",null,null,"GDTAAPMEKKRSERQRRQRMKALCDKLASLIPKQHFPHALGSLDVAASYIKKLKERVDDL",60,6,"Ib(2)","U",null,"K","E","R","R","R",6,"1A1","G binder",3,5,0,7,12,15,1,2,16,5,19]
["TabHLH570","TRIAE_CS42_U_TGACv1_640850_AA2077260",null,null,"GGTAVPVEKKELERERRQRMKALCEKLASCIPKEYFPHSDAATQLDQLDSATAYIKQLKARIDHL",65,11,"Ib(2)","Q",null,"K","E","R","R","R",5,"1A1","G binder",4,4,1,7,12,16,24,1,2,16,5,19]
["TabHLH558","TRIAE_CS42_3DS_TGACv1_271634_AA0904420",null,null,"RGTAVLVEKKRSERERRQRMKALCEKLASLIPKEHFPHATGDVAASYIKKLKERVDEL",58,4,"Ib(2)","V",null,"K","E","R","R","R",7,"1A1","G binder",4,5,0,6,11,15,24,1,16,5]
["TabHLH555","TRIAE_CS42_3B_TGACv1_222310_AA0761850",null,null,"GGMAVPVEKKVLERERRQRMKALCEKLGSLIPKEHFPHADTMTQLGSLDVAASYIKKLTEWVDEL",65,11,"Ib(2)","Q",null,"K","E","R","R","R",5,"1A1","G binder",4,5,1,6,12,16,24,1,2,16]
["TabHLH556","TRIAE_CS42_3B_TGACv1_222310_AA0761910",null,null,"GSRAVPVEKKASEKEKRQRMKALCGKLASLISKEHFPHADTMTQLGSLDVAASYIKKLKEKVDEL",65,11,"Ib(2)","Q",null,"K","E","K","K","R",6,"1A1","G binder",3,4,1,8,13,16,24,1,2,16,5,19]
["TabHLH553","TRIAE_CS42_3B_TGACv1_221074_AA0729340",null,null,"AAAAVLMEKKDSEKERRQRMKGLCDKLASLIPKEHNPHDDTMTQLGSLDVAASYIKMLKERVDEL",65,11,"Ib(2)","Q",null,"K","E","K","R","R",5,"1A1","G binder",4,5,1,7,13,17,24,1,2,16,5,19]
["TabHLH554","TRIAE_CS42_3DS_TGACv1_272524_AA0921750",null,null,"AAAMILVEKKDSEKERRQRMKALCDKLASLIPKEHNPHADTMTQLGSLDVAASYIKKLKERVDEL",65,11,"Ib(2)","Q",null,"K","E","K","R","R",5,"1A1","G binder",4,5,1,7,13,17,3,1,2,16,5,19]
["TabHLH551","TRIAE_CS42_3B_TGACv1_221074_AA0729330",null,null,"PTEKLLMEKKDSEKERRQRMKALCDKLASLIPKEDNPHADTVTQLGSLDVAASYIKKLKERVDEL",65,11,"Ib(2)","Q",null,"K","E","K","R","R",6,"1A1","G binder",4,5,1,7,13,17,1,2,16,5,19]
["TabHLH552","TRIAE_CS42_U_TGACv1_640850_AA2077290",null,null,"PTAKVLMEKKESEKERRQHMKRLCEKLSSLIPKEDNPHADTMTQLGSLDVAASYIKKLKERVDEL",65,11,"Ib(2)","Q",null,"K","E","K","R","R",6,"1A1","G binder",4,5,1,7,13,17,24,1,2,16,5,19]
["TabHLH563","TRIAE_CS42_5AL_TGACv1_374162_AA1192100",null,null,"GTAGVLLEKKESEKERRKRMKALCEKLASLIPREHCCCNADTMTQLGSLDAGASYIKKLKERIDEL",66,12,"Ib(2)","Q",null,"K","E","K","R","R",5,"1A1","G binder",4,5,1,6,12,16,24,1,2,16,5,19]
["TabHLH562","TRIAE_CS42_5AL_TGACv1_374128_AA1191170",null,null,"GTTVVLLEKKESEKERRKRMKALCEKLASLIPREHCCSSTDTMTQLGSLDVGASYIKKLKERVDEL",66,12,"Ib(2)","Q",null,"K","E","K","R","R",5,"1A1","G binder",4,5,1,6,12,16,24,1,2,16,5,19]
["TabHLH561","TRIAE_CS42_4DL_TGACv1_342778_AA1121840",null,null,"GTAVVLLEKKESEKERRKRMKALCEKLASLIPREHCCSSTDTMTQLGSLDVGASYIKKLKERVDEL",66,12,"Ib(2)","Q",null,"K","E","K","R","R",5,"1A1","G binder",4,5,1,6,12,16,24,1,2,16,5,19]
["TabHLH559","TRIAE_CS42_4BL_TGACv1_321048_AA1054360",null,null,"GTAVVLLEKKESEKERRKRMKGLCEKLASLIPREHCCSSTAIIDEVCIHGFQRENTGGNQLPTEKCWFFIGGDHHQSIDKDTMTQLGSLDVGASYIKKLKERVDEL",106,52,"Ib(2)","Q",null,"K","E","K","R","R",5,"1A1","G binder",4,5,2,6,13,17,24,1,2,16,5,19]
["TabHLH560","TRIAE_CS42_4BL_TGACv1_321744_AA1064910",null,null,"GMAVVLLEKKESEKERRKRMKALCEKLASLIPREHCCSSTDTMTQLGSLDVGASYIKKLKERVDEL",66,12,"Ib(2)","Q",null,"K","E","K","R","R",5,"1A1","G binder",4,5,1,6,12,16,24,1,2,16,5,19]
["AtbHLH102","AT1G69010","BIM2",null,"KASAIRSKHSVTEQRRRSKINERFQILRELIPNSEQKRDTASFLLEVIDYVQYLQEKVQKY",61,7,"Va","G","orphan","H","E","Q","R","R",7,"1A1","G binder",4,6,2,10,18,22,1,2,22,5]
["TabHLH509","TRIAE_CS42_7AL_TGACv1_557704_AA1784950",null,null,"APGSPRSKHSATEQRRRCKINERFQILRDLVPQSDQKRDKATFLLEVIEYVKFLQEKVQNH",61,7,"Va","G",null,"H","E","Q","R","R",6,"1A1","G binder",4,6,1,10,17,21,36,1,2,5]
["TabHLH510","TRIAE_CS42_7BL_TGACv1_577219_AA1869350",null,null,"APGSPRSKHSATEQRRRCKINERFQILRDLVPQSDQKRDKATFLLEVIEYVKFLQEKVQKH",61,7,"Va","G",null,"H","E","Q","R","R",6,"1A1","G binder",4,6,1,10,17,21,36,1,2,5]
["TabHLH511","TRIAE_CS42_7DL_TGACv1_604040_AA1993000",null,null,"APGSPRSKHSATEQRRRCKINERFQILRDLVPQSDQKRDKATFLLEVIEYVKFLQEKVQKH",61,7,"Va","G",null,"H","E","Q","R","R",6,"1A1","G binder",4,6,1,10,17,21,36,1,2,5]
["AtbHLH141","AT5G38860","BIM3",null,"NRNSCRSKHSETEQRRRSKINERFQSLMDIIPQNQNDQKRDKASFLLEVIEYIHFLQEKVHMY",63,9,"Va","other","Va","H","E","Q","R","R",7,"1A1","G binder",4,6,2,9,17,21,1,2]
["AtbHLH046","AT5G08130","BIM1",null,"KLNTPRSKHSATEQRRRSKINDRFQMLRQLIPNSDQKRDKASFLLEVIEYIQFLQEKADKY",61,7,"Va","G","Va","H","E","Q","R","R",7,"1A1","G binder",4,6,2,10,18,22,34,23,1,2,28,5]
["OsbHLH034","LOC_Os02g49480",null,null,"GPSTPRSKHSATEQRRRTKINDRLEILRELLPHTDQKRDKASFLSEVIEYIRFLQEKVQKY",61,7,"Va","other","Va","H","E","Q","R","R",6,"1A1","G binder",4,6,1,9,16,20,1,2,27]
["ZmbHLH143","GRMZM2G317450",null,"ZmbHLH135","GPSTPRSKHSATEQRRRTKINDRLEILRELLPHGDQKRDKASFLLEVIEYIRFLQEKVQKY",61,7,"Va","G",null,"H","E","Q","R","R",6,"1A1","G binder",4,6,2,9,17,21,34,36,1,2,27,5]
["TabHLH512","TRIAE_CS42_6AL_TGACv1_472572_AA1523770",null,null,"DPSSPRSKHSATEQRRRTKINDRLDVLRDLLPNCDQKRDKASFLLQVIEYIRLLQEKCQKY",61,7,"Va","G",null,"H","E","Q","R","R",6,"1A1","G binder",4,6,1,8,15,19,1,2,27,5]
["TabHLH513","TRIAE_CS42_6BL_TGACv1_500462_AA1605080",null,null,"DPSSPRSKHSATEQRRRTKINDRLDILRDLLPNCDQKRDKASFLLEVIEYIRLLQEKCQKY",61,7,"Va","G",null,"H","E","Q","R","R",6,"1A1","G binder",4,6,1,9,16,20,22,1,2,27,5]
["TabHLH514","TRIAE_CS42_6DL_TGACv1_528285_AA1713040",null,null,"DPSSPRSKHSATEQRRRTKINDRLDILRDLLPNCDQKRDKASFLLEVIEYIRLLQEKCQKY",61,7,"Va","G",null,"H","E","Q","R","R",6,"1A1","G binder",4,6,1,9,16,20,36,22,1,2,27,5]
["OsbHLH032","LOC_Os09g29930",null,null,"RPSSPRSKHSATEQRRRSKINDRFQILRELLPHSDQKRDKATFLLEVIEYIRFLQEKVQKF",61,7,"Va","other","Va","H","E","Q","R","R",7,"1A1","G binder",4,6,1,9,16,20,34,34,36,1,2,27,5]
["ZmbHLH142","GRMZM2G089501",null,"ZmbHLH136","RPNTPRSKHSATEQRRRSKINDRFQILRELLPHSDQKRDKATFLLEVIEYIRFLQEKVQKY",61,7,"Va","G",null,"H","E","Q","R","R",7,"1A1","G binder",4,6,2,9,17,21,34,36,1,2,27,5]
["OsbHLH031","LOC_Os08g38210",null,null,"MPNTPRSKHSATEQRRRSKINDRFQLLRDLLPHNDQKRDKASFLLEVIEYIRFLQEKVQKY",61,7,"Va","other","Va","H","E","Q","R","R",6,"1A1","G binder",4,6,1,9,16,20,34,30,1,2,27,21,5]
["ZmbHLH141","GRMZM2G009478",null,"ZmbHLH137","GPNTPRSKHSATEQRRRSKINDRFQILRELLPHNDQKRDKATFLLEVIEYIRFLQEKAQKY",61,7,"Va","G",null,"H","E","Q","R","R",6,"1A1","G binder",4,6,2,9,17,21,34,27,1,2,5]
["TabHLH506","TRIAE_CS42_5AL_TGACv1_375353_AA1220330",null,null,"LPNTPKSKHSATEQRRRSKINDRFQILRDLLPHTDQKRDKATFLLEVIEYIRFLQEKAQKY",61,7,"Va","G",null,"H","E","Q","R","R",6,"1A1","G binder",4,6,1,9,16,20,25,34,1,2,27,10,5]
["TabHLH507","TRIAE_CS42_5BL_TGACv1_404178_AA1288360",null,null,"LPNTPKSKHSATEQRRRSKINDRFQILRDLLPHTDQKRDKATFLLEVIEYIRFLQEKAQKY",61,7,"Va","G",null,"H","E","Q","R","R",6,"1A1","G binder",4,6,1,9,16,20,34,25,34,1,2,27,5]
["TabHLH508","TRIAE_CS42_5DL_TGACv1_433921_AA1425260",null,null,"LPNTPKSKHSATEQRRRSKINDRFQILRDLLPHTDQKRDKATFLLEVIEYIRFLQEKAQKY",61,7,"Va","G",null,"H","E","Q","R","R",6,"1A1","G binder",4,6,1,9,16,20,34,25,34,1,2,27,5,7]
["AtbHLH108","AT1G25310","MEE8",null,"KSSDKSDHDTLLKKKRRERIRRQLETLKEITPNCPQSDINAILDCVIEYTNNLRLAHYKG",60,6,"Orphan","P","orphan","D","K","K","R","R",8,"1B","non E binder",3,4,1,4,9,12,1,2]
["ZmbHLH163","GRMZM2G412430",null,"ZmbHLH156","EAEAAEGDSPDEQRRRRERIQETVAALRNMVPGGIAKDAAAVLDEAICYLQYLKLKVKTL",60,6,"XIV","P",null,"S","Q","R","R","R",4,2,"non DNA binder",3,4,2,11,17,20,24,1,2]
["OsbHLH138","LOC_Os03g27390",null,null,"GEEAEGDDGPDDRKRRRERIQETVAALRKIVPGGIAKDATAVLDEAICYLKYLKLKVKTL",60,6,"XIV","P","XIV","G","R","K","R","R",5,"1B","non E binder",3,5,1,10,16,19,1,2]
["ZmbHLH164","GRMZM2G154029",null,"ZmbHLH157","EVEAAEGDSPDDQRRRRERIQETVAALRNIVPGGTAKDATAVLDEAICYLQYLKLKVKTL",60,6,"XIV","P",null,"S","Q","R","R","R",4,2,"non DNA binder",3,5,2,10,17,20,1,2]
["AtbHLH145","AT5G50010","SACL2",null,"RISFLKRSKLSSNKIGEEKIFETVSLLRSVVPGEELVDPILVIDRAIDYLKSLKMEAKNR",60,6,"XIV","P","XIV","K","N","K","G","E",5,"1B","non E binder",1,5,1,6,12,13,34,1,2]
["AtbHLH142","AT5G64340","SAC51",null,"STKEDTGSGLSNEQSKKDKIRTALKILESVVPGAKGNEALLLLDEAIDYLKLLKRDLIST",60,6,"XIV","P","XIV","G","E","Q","K","K",3,"1A2","E-box",1,5,1,8,14,15,21,1,2]
["AtbHLH143","AT5G09460","AJAX3/SACL1",null,"SSKQETGSGLSDEQSRKDKIHTALRILESVVPGAKGKEALLLLDEAIDYLKLLKQSLNSS",60,6,"XIV","P","XIV","G","E","Q","R","K",3,"1A2","E-box",2,5,1,8,14,16,1,2]
["AtbHLH144","AT1G29950","SACL3",null,"QSLSGSASSSNNDGKGRKKMKKMMGVLRRIVPGGEQMNTACVLDEAVQYLKSLKIEAQKL",60,6,"XIV","P","XIV","S","D","G","G","R",2,2,"non DNA binder",1,5,0,10,15,16,21,36,1,2]
["OsbHLH180","LOC_Os01g43680",null,null,"SSSQSSVFHGSMDTVTHERMRNMVTVLRGIIPGGDQLDTASVIEEAVRYLKFLKMEAKKL",60,6,"XIV","P",null,"H","D","T","T","H",2,2,"non DNA binder",1,5,1,10,16,17,21,14,1,2]
["OsbHLH139","LOC_Os02g21090",null,null,"TCSSSYGGGQARPGRKKERMKKMVRTLKGIIPGGNQMDTPAVLDEAVRYLKSLKVEVKKL",60,6,"XIV","P","XIV","G","P","G","K","K",4,2,"non DNA binder",0,5,1,9,15,15,36,36,36,21,36,36,1,2]
["ZmbHLH168","GRMZM2G139029",null,null,"CSSGYAAAGAGGGEKKKERMKKMVRTLKGIIPGVDRMDTPAVLDEAVRYLKSLKVEVKKL",60,6,"XIV","P",null,"G","G","E","K","K",3,2,"non DNA binder",0,5,2,9,16,16,36,36,21,36,1,2]
["OsbHLH140","LOC_Os03g39432",null,null,"DCGGGRKPEAGGGERKKERMKKMMRTLKGIIPGGDRMDTPAVLDEAVRYLKSLKVEVKKL",60,6,"XIV","P","XIV","E","G","E","K","K",5,"1B","non E binder",0,5,2,9,16,16,36,36,36,21,1,2]
["ZmbHLH167","GRMZM2G098988",null,null,"NSSGGRKHETGGGEKKKERMKKMVRTLKGIIPGGDRMDTPAVLDEAVRYLKSLKVEVKKA",60,6,"XIV","P",null,"E","G","E","K","K",6,"1B","non E binder",1,5,2,8,15,16,36,36,21,1,2]
["ZmbHLH165","GRMZM2G018686",null,null,"SGGGRKHEAPAGGEKKKERVKKMVRTLKGIIPGGDRMDTPAAVLDEAVRYLKSLKVEVNKA",61,7,"XIV","P",null,"A","G","E","K","K",6,"1B","non E binder",1,4,2,8,14,15,36,36,21,36,1,2]
["ZmbHLH166","GRMZM2G087445",null,null,"SGGGRKHEAPAGGEKKKERVKKMVRTLKGIIPGGDRMDTPAAVLDEAVRYLKSLKVEVNKA",61,7,"XIV","P",null,"A","G","E","K","K",6,"1B","non E binder",1,4,2,9,15,16,36,36,21,36,1,2]
["TabHLH386","TRIAE_CS42_7AL_TGACv1_555997_AA1752040",null,null,"SPTGNATGAGGGGERKKERMKKMMKTLKGIIPGGDRMDTPAVLDEAVRYLKSLKVEVKKL",60,6,"XIV","P",null,"A","G","E","K","K",3,2,"non DNA binder",0,5,2,9,16,16,36,36,36,21,1,2]
["TabHLH387","TRIAE_CS42_7BL_TGACv1_580043_AA1911680",null,null,"SPTGNAAGAGGGGERKKERMKKMMKTLKGIIPGGDRMDTPAVLDEAVRYLKSLKVEVKKL",60,6,"XIV","P",null,"A","G","E","K","K",3,2,"non DNA binder",0,5,2,9,16,16,36,36,36,21,1,2]
["TabHLH388","TRIAE_CS42_7DL_TGACv1_603113_AA1976200",null,null,"SPTGNAAGAGGGGERKKERMKKMMKTLKGIIPGGDRMDTPAVLDEAVRYLKSLKVEVKKL",60,6,"XIV","P",null,"A","G","E","K","K",3,2,"non DNA binder",0,5,2,9,16,16,36,36,36,21,1,2]
["TabHLH383","TRIAE_CS42_4AL_TGACv1_289614_AA0974140",null,null,"YVVSVSPSGGGGGERKKNRMKKMMKTLKGIIPGGDRMDTPAALDEAVKYLKSLKVEAKKH",60,6,"XIV","P",null,"G","G","E","K","K",3,2,"non DNA binder",0,5,2,8,15,15,36,36,21,1,2]
["TabHLH384","TRIAE_CS42_4BL_TGACv1_321204_AA1057110",null,null,"YVVSVSPSGGGGGERKKNRMKKMMKTLKGIIPGGDRMDTPAALDEAVKYLKSLKVEAKKH",60,6,"XIV","P",null,"G","G","E","K","K",3,2,"non DNA binder",0,5,2,8,15,15,36,36,21,36,1,2]
["TabHLH385","TRIAE_CS42_4DL_TGACv1_342962_AA1126200",null,null,"YVVSVSPSGGGGGERKKNRMKKMMKTLKGIIPGGDRMDTPAALDEAVKYLKSLKVEAKKH",60,6,"XIV","P",null,"G","G","E","K","K",3,2,"non DNA binder",0,5,2,8,15,15,36,36,21,36,1,2]
["OsbHLH188","LOC_Os07g01130",null,null,"KGRCRKTGLHRPRPRDRQLIQDRMMELRQLVPNTSKVQLLALFDVSPSTKDVLFICLFVLSFGNEEANGLLTVSSFYKLKQCSIDSLLDKTIAHMQFLQCVSEKA",105,51,"XIII","N",null,"L","R","P","D","R",9,"1B","non E binder",1,6,1,7,14,15,21,38,27,33,32,15,37,23,31,1,2,2,18]
["ZmbHLH221","GRMZM2G404922",null,null,"KRRCRKVELQRPRPRDRQLIQDRMKGLRELIPNASKCSIDALLDKTIAYMLFLQSVSEKA",60,6,"XIII","N",null,"L","R","P","D","R",9,"1B","non E binder",2,6,1,6,13,15,25,13,27,33,32,15,6,1,2,12,5]
["TabHLH527","TRIAE_CS42_2AL_TGACv1_097638_AA0324730",null,null,"KHEGGKKELHRPRPRDRQLIQDRMKELRELIPNASKCSIDALLDKTITQMLFLQSVSEKA",60,6,"XIII","N",null,"L","R","P","D","R",9,"1B","non E binder",1,6,1,5,12,13,21,37,1,2,12,5]
["TabHLH528*","TRIAE_CS42_2BL_TGACv1_131033_AA0421520",null,null,"KHEGGKKELHRPRPRDRQLIQDRMKELRELIPNASKCSIDALLDKTITQMLFLQSVSEKA",60,6,"XIII","N",null,"L","R","P","D","R",9,"1B","non E binder",1,6,1,5,12,13,13,27,33,32,7,37,1,2,12,5]
["TabHLH529","TRIAE_CS42_2DL_TGACv1_159636_AA0540780",null,null,"KHEGGKKELHRPRPRDRQLIQDRMKELRELIPNASKCSIDALLDKTITQMLFLQSVSEKA",60,6,"XIII","N",null,"L","R","P","D","R",9,"1B","non E binder",1,6,1,5,12,13,13,27,38,33,32,21,7,37,1,2,12,5]
["AtbHLH155","AT2G31280","CPU",null,"KKRAKPGESSRPRPRDRQLIQDRIKELRELVPNGSKCSIDSLLERTIKHMLFLQNVTKHA",60,6,"XIII","N","XIII","S","R","P","D","R",8,"1B","non E binder",1,6,1,6,13,14,13,27,33,32,15,33,35,1,2,12,5]
["AtbHLH157","AT1G64625",null,null,"KKRAKAGESRRPRPKDRQMIQDRIKELRGMIPNGAKCSIDTLLDLTIKHMVFMQSLAKYA",60,6,"XIII","N","XIII","S","R","P","D","R",9,"1B","non E binder",1,5,1,5,11,12,13,33,32,15,1,2,12,5,18]
["ZmbHLH220","GRMZM2G017414",null,null,"KRRARAGESTRPRPKDRQLIQDRVKELREIVPNGAKCSIDALLERTIKHMLFLQSVNKYA",60,6,"XIII","N",null,"S","R","P","D","R",8,"1B","non E binder",2,6,1,5,12,14,13,27,33,32,15,10,1,2,12,5,18]
["ZmbHLH219","GRMZM2G144097",null,null,"KKRARPGESTRPRPKDRQQIQERVKELREIVPNSAKCSIDALLDRTIKHMLFLQSVTKYA",60,6,"XIII","N",null,"S","R","P","D","R",8,"1B","non E binder",1,6,1,5,12,13,13,27,33,32,15,19,38,1,2,36,12,5,18]
["TabHLH536","TRIAE_CS42_6AL_TGACv1_472636_AA1524290",null,null,"KKRARPGESTRPRPKDRQQIQDRVKELREIVPNSAKCSIDALLDRTIKHMIFLQGVTKYA",60,6,"XIII","N",null,"S","R","P","D","R",8,"1B","non E binder",1,6,1,5,12,13,15,33,38,1,2,12,5,18]
["TabHLH537","TRIAE_CS42_6BL_TGACv1_501261_AA1615390",null,null,"KKRARPGESTRPRPKDRQQIQDRVKELREIVPNSAKCSIDALLDRTIKHMIFLQGVTKYA",60,6,"XIII","N",null,"S","R","P","D","R",8,"1B","non E binder",1,6,1,5,12,13,13,27,33,32,15,21,10,1,2,12,5,18]
["TabHLH538","TRIAE_CS42_6DL_TGACv1_526988_AA1696740",null,null,"KKRARPGESTRPRPKDRQQIQDRVKELREIVPNSAKCSIDALLDRTIKHMIFLQGVTKYA",60,6,"XIII","N",null,"S","R","P","D","R",8,"1B","non E binder",1,6,1,5,12,13,13,27,33,32,15,33,38,1,2,12,5,18]
["OsbHLH149","LOC_Os01g64560",null,null,"RKRSRPGESARPRPKDRQMIQDRIKELREIVPNSAKCSIDTLLEKTIKHMLFLQNVAKHA",60,6,"XIII","N","XIII","S","R","P","D","R",8,"1B","non E binder",1,6,1,6,13,14,13,27,36,33,32,15,35,18,29,23,1,2,12,5,18]
["AtbHLH156","AT2G27230","LHW",null,"RKRLKPGENPRPRPKDRQMIQDRVKELREIIPNGAKCSIDALLERTIKHMLFLQNVSKHS",60,6,"XIII","N","XIII","N","R","P","D","R",8,"1B","non E binder",1,6,1,5,12,13,13,33,32,15,27,23,1,2,12,5,18]
["ZmbHLH217","GRMZM2G069408",null,"ZmbHLH186","RKRSRPGENPKPRPKDRQLIQDRIKELRELVPNGAKCSIDALLEKTIKHMLFLQSVTKHA",60,6,"XIII","N",null,"N","R","P","D","R",8,"1B","non E binder",2,6,1,5,12,14,13,27,33,32,15,11,23,1,2,12,5,18]
["OsbHLH150","LOC_Os12g06330","CPU",null,"RKRSRPGESPKPRPKDRQLIQDRIKELRELVPNGAKCSIDALLEKTIKHMVFLQSVTKHA",60,6,"XIII","N","XIII","S","R","P","D","R",8,"1B","non E binder",1,6,1,5,12,13,13,27,33,32,15,11,23,1,2,12,5,18]
["ZmbHLH218","GRMZM2G031656",null,null,"RKRSRPGENPKPRPKDRQLIQDRIKELRELVPNGAKCSIDALLEKTIKHMVFLQSVTKHA",60,6,"XIII","N",null,"N","R","P","D","R",8,"1B","non E binder",1,6,1,5,12,13,13,27,33,32,15,11,23,1,2,12,5,18]
["TabHLH533","TRIAE_CS42_5AL_TGACv1_375450_AA1221830",null,null,"RKRSRPGESSKPRPKDRQLIQDRIKELRELVPNGAKCSIDALLEKTIKHMVFLQSVTKHA",60,6,"XIII","N",null,"S","R","P","D","R",8,"1B","non E binder",1,6,1,5,12,13,13,27,33,32,15,21,3,11,18,23,1,2,12,5,18]
["TabHLH534","TRIAE_CS42_5BL_TGACv1_404438_AA1299770",null,null,"RKRSRPGESSKPRPKDRQLIQDRIKELRELVPNGAKCSIDALLEKTIKHMVFLQSVTKHA",60,6,"XIII","N",null,"S","R","P","D","R",8,"1B","non E binder",1,6,1,5,12,13,13,27,33,32,15,3,11,18,21,23,1,2,12,5,18]
["TabHLH535","TRIAE_CS42_5DL_TGACv1_433529_AA1415610",null,null,"RKRSRPGESSKPRPKDRQLIQDRIKELRELVPNGAKCSIDALLEKTIKHMVFLQSVTKHA",60,6,"XIII","N",null,"S","R","P","D","R",8,"1B","non E binder",1,6,1,5,12,13,13,27,33,32,15,21,3,11,18,21,23,1,2,12,5,18]
["ZmbHLH215","GRMZM2G460472",null,"ZmbHLH184","RKRSRPGESPKPRPKDRQLIQDRIKELRELVPNGAKCSIDGLLEKTVKHMLFLQSVTKNA",60,6,"XIII","N",null,"S","R","P","D","R",8,"1B","non E binder",1,6,1,5,12,13,13,33,32,15,22,23,1,2,12,5,6]
["ZmbHLH216","GRMZM2G158281",null,"ZmbHLH185","RKRSRPGESAKPRPKDRQLIQDRIKELRELVPNGAKCSIDGLLEKTVKHMLFLQSVTKNA",60,6,"XIII","N",null,"S","R","P","D","R",8,"1B","non E binder",1,6,1,5,12,13,13,33,32,15,24,38,23,1,2,12,5,18]
["OsbHLH151","LOC_Os11g06010",null,null,"RKRSRPGESPKPRPKDRQLIQDRIKELREMVPNGAKCSIDALLEKTVKHMLFLQSVTKHA",60,6,"XIII","N","XIII","S","R","P","D","R",8,"1B","non E binder",1,5,1,5,11,12,13,27,33,32,15,18,8,23,1,2,12,5,18]
["TabHLH531","TRIAE_CS42_4BS_TGACv1_328737_AA1092800",null,null,"RKRSRPGESSKARPKDRQLIQDRIKELREMVPNGAKCSIDALLEKTVKHMLFLQSVTKHA",60,6,"XIII","N",null,"S","R","P","D","R",8,"1B","non E binder",1,5,1,5,11,12,13,27,33,32,15,23,23,1,2,12,5,18]
["TabHLH530","TRIAE_CS42_4AL_TGACv1_289331_AA0969250",null,null,"RKRSRPGESSKARPKDRQLIQDRIKELREMVPNGAKQCSIDALLEKTVKHMLFLQSVTKHA",61,7,"XIII","N",null,"S","R","P","D","R",8,"1B","non E binder",1,5,1,5,11,12,13,27,33,32,15,23,23,1,2,12,5,18]
["TabHLH532","TRIAE_CS42_4DS_TGACv1_360993_AA1157680",null,null,"RKRSRPGESSKARPKDRQLIQDRIKELREMVPNGAKCSIDALLEKTVKHMLFLQSVTKHA",60,6,"XIII","N",null,"S","R","P","D","R",8,"1B","non E binder",1,5,1,5,11,12,13,27,33,32,15,23,33,2,23,1,2,12,5,18]
["TabHLH152","TRIAE_CS42_5BS_TGACv1_423417_AA1376410",null,null,"SGRRRSCSGKAAEQRRRDKINDKLRTLQQLTPRCSKTDKASTLEEVIKYVKSLQHQIQMM",60,6,"Orphan","B",null,"G","E","Q","R","R",7,"1A2","E non G",3,5,2,11,18,21,1,2]
["AtbHLH109","AT1G68240",null,null,"RQRSMEYRMMMEKKRRKEIKDKVDILQGLMPNHCTKPDLASKLENIIEYIKSLKYQVDVM",60,6,"Orphan","A","orphan","M","K","K","R","K",8,"1B","non E binder",4,5,2,11,18,22,1,2]
["TabHLH153","TRIAE_CS42_4BL_TGACv1_320656_AA1045770",null,null,"RRSSCTGSHSQTEKRRRAKINKSLKTLQRIVPGCDKRCSQASTLDLTIKYIKSLQRQVQDM",61,7,"VII(a+b)","C",null,"H","E","K","R","R",7,"1A1","G binder",5,5,1,11,17,22,38,25,24,1,2]
["TabHLH154","TRIAE_CS42_5AL_TGACv1_376148_AA1232830",null,null,"RRTASGGTQSQTEKRRRSKINKSLKTLQHLVPGCDDKRCSQASTLDLTIRYIKSLQRQVHAM",62,8,"VII(a+b)","C",null,"Q","E","K","R","R",6,"1A2","E non G",4,5,1,11,17,21,38,1,2]
["ZmbHLH060","GRMZM2G018472",null,"ZmbHLH045","RRSHHGEAHNLTEKRRRHKINERFKTLQQIVPGCSKSNQASTLDQTIHYMKSLQHQVQAM",60,6,"VII(a+b)","C",null,"H","E","K","R","R",9,"1A1","G binder",5,6,1,11,18,23,24,1,2,30]
["ZmbHLH061","GRMZM2G165090",null,"ZmbHLH044","RRSHHGEAHNLTEKRRRHKINERLKTLQQIVPGCSKSNQASTLDQTIHYMKSLQHQVQAM",60,6,"VII(a+b)","C",null,"H","E","K","R","R",9,"1A1","G binder",5,6,1,11,18,23,24,1,2,30]
["TabHLH155","TRIAE_CS42_4DL_TGACv1_343229_AA1131860",null,null,"RPSHHSETHNSTEKRRRCKISDRLRTLQQLVPGCDKTNQESTLDQTIKYMKSLQQQVQAM",60,6,"VII(a+b)","C",null,"H","E","K","R","R",8,"1A1","G binder",5,6,1,10,17,22,24,1,2]
["OsbHLH116","LOC_Os12g40730",null,null,"KSGDSIDELFTKFHRRRFKITERFRTLQRLVPGCDKSNQASTLDQTIQYMKSLQHQLKAM",60,6,"VII(a+b)","C","VIIa+b","L","F","H","R","R",6,"1B","non E binder",2,6,1,11,18,20,36,37,1,2,29,36]
["OsbHLH136","LOC_Os12g40710",null,null,"RHRHAAGAHNLTEKRRRFKITERFRTLQRLVPGCDNKSNQASTLDQTIQYMKSLQHQLEAT",61,7,"VII(a+b)","C","VIIa+b","H","E","K","R","R",9,"1A1","G binder",5,6,0,10,16,21,24,1,2]
["OsbHLH135","LOC_Os12g40590",null,null,"RNPGYAETHGLTEKRRRSRINEKFKMLQRLVPGCDKCSQSSTLDRTIHYMKSLQQQLQAM",60,6,"VII(a+b)","A","VIIa+b","H","E","K","R","R",6,"1A1","G binder",5,6,1,11,18,23,38,36,24,1,2]
["OsbHLH137","LOC_Os12g40630",null,null,"EDQVPTDEGICVMQKRRCKINENLKTLQQLVPVCDKSNNQASTLDKTIRYMKSLQQHAQAM",61,7,"VII(a+b)","A","VIIa+b","G","M","Q","R","R",3,2,"non DNA binder",2,5,1,10,16,18,36,1,2]
["AtbHLH056","AT4G28800",null,null,"KRSRTAEMHNLAERRRREKINEKMKTLQQLIPRCNKSTKVSTLDDAIEYVKSLQSQIQGM",60,6,"VII(a+b)","A","VIIa+b","H","E","R","R","R",8,"1A1","G binder",5,6,2,2,10,15,38,34,24,1,2,25,21,34]
["AtbHLH127","AT4G28815",null,null,"KRSRAAEMHNLAERRRREKINERMKTLQQLIPRCNKSTKVSMLEDVIEYVKSLEMQINQF",60,6,"VII(a+b)","A","VIIa+b","H","E","R","R","R",8,"1A1","G binder",5,6,1,8,15,20,38,36,34,24,1,2,25,21,34]
["AtbHLH119","AT4G28811",null,null,"KRSRAADMHNLSERRRRERINERMKTLQELLPRCRKTDKVSMLEDVIEYVKSLQLQIQMM",60,6,"VII(a+b)","A","VIIa+b","H","E","R","R","R",8,"1A1","G binder",5,6,2,10,18,23,34,38,36,24,1,2,30]
["AtbHLH023","AT4G28790",null,null,"KRSRAAIMHKLSERRRRQKINEMMKALQELLPRCTKTDRSSMLDDVIEYVKSLQSQIQGK",60,6,"VII(a+b)","A","VIIa+b","H","E","R","R","R",9,"1A1","G binder",5,5,2,10,17,22,38,36,34,15,24,1,2]
["AtbHLH072","AT5G61270","PIF7",null,"RRGRAAAIHNESERRRRDRINQRMRTLQKLLPTASKADKVSILDDVIEHLKQLQAQVQFM",60,6,"VII(a+b)","A","VIIa+b","H","E","R","R","R",8,"1A1","G binder",5,6,2,9,17,22,23,24,1,2,34,34,36,19]
["AtbHLH016","AT4G00050","UNE10",null,"KRSRAAAIHNQSERKRRDKINQRMKTLQKLVPNSSKTDKASMLDEVIEYLKQLQAQVSMM",60,6,"VII(a+b)","A","VIIa+b","H","E","R","R","R",8,"1A1","G binder",5,6,2,11,19,24,38,24,1,2,34,34]
["OsbHLH113","LOC_Os10g40740",null,null,"KRSRAAAIHNESERKRRDRINQKMKTLQKLVPNSSKTDKASMLDEVIDYLKQLQAQVQVM",60,6,"VII(a+b)","C","VIIa+b","H","E","R","R","R",8,"1A1","G binder",5,6,2,11,19,24,36,36,38,36,24,1,2,30,34]
["TabHLH061","TRIAE_CS42_1AL_TGACv1_001658_AA0033690",null,null,"KRSRAAAIHNESERKRRDRINQKMQTLQKLVPNSSKTDKASMLDEVIDHLKELQATVQMM",60,6,"VII(a+b)","C",null,"H","E","R","R","R",8,"1A1","G binder",5,6,2,9,17,22,38,24,1,2,30,26]
["TabHLH062","TRIAE_CS42_1BL_TGACv1_031037_AA0106450",null,null,"KRSRAAAIHNESERKRRDRINQKMQTLQKLVPNSSKTDKASMLDEVIDHLKQLQATVQMM",60,6,"VII(a+b)","C",null,"H","E","R","R","R",8,"1A1","G binder",5,6,2,9,17,22,38,24,1,2,30,26,34]
["TabHLH063","TRIAE_CS42_1DL_TGACv1_062395_AA0213790",null,null,"KRSRAAAIHNESERKRRDRINQKMQTLQKLVPNSSKTDKASMLDEVIDHLKQLQATVQMM",60,6,"VII(a+b)","C",null,"H","E","R","R","R",8,"1A1","G binder",5,6,2,9,17,22,38,24,1,2,30,26]
["AtbHLH026","AT1G02340","HFR1",null,"REVPSVTRKGSKRRRRDEKMSNKMRKLQQLVPNCHKTDKVSVLDKTIEYMKNLQLQLQMM",60,6,"VII(a+b)","N","VIIa+b","K","R","R","R","D",8,"1A2","E non G",2,6,2,10,18,20,38,27,1,2]
["AtbHLH124","AT2G46970","PIL1",null,"KRKRSTEVHKLYERKRRDEFNKKMRALQDLLPNCYKDDKASLLDEAIKYMRTLQLQVQMM",60,6,"VII(a+b)","A","VIIa+b","H","E","R","R","R",10,"1A1","G binder",5,5,2,11,18,23,38,10,24,1,2,30,3]
["AtbHLH132","AT3G62090","PIL2",null,"KRKRNAEAYNSPERNQRNDINKKMRTLQNLLPNSHKDDNESMLDEAINYMTNLQLQVQMM",60,6,"VII(a+b)","A","VIIa+b","Y","E","R","Q","R",6,"1B","non E binder",3,6,2,10,18,21,19,36,1,2,30]
["ZmbHLH057","GRMZM2G080054",null,"ZmbHLH011","RRSRSAEFHNFSERRRRDKINEKLKALQELLPNCNKTDKVSMLDEAIDYLKSLQLQLQML",60,6,"VII(a+b)","A",null,"H","E","R","R","R",8,"1A1","G binder",5,6,2,11,19,24,24,1,2,30,34]
["TabHLH082","TRIAE_CS42_2DL_TGACv1_158402_AA0517680",null,null,"RRSRSADFHNFSERRRRDKINEKLKALQELLPNCTKTDKVSMLDEVIDYLKSLQLQLQML",60,6,"VII(a+b)","A",null,"H","E","R","R","R",8,"1A1","G binder",5,6,2,10,18,23,24,1,2,30,34]
["OsbHLH101","LOC_Os04g52770","HFR",null,"RRSRSAEFHNFSERRRRDRINEKLKALQELLPNCTKTDKVSMLDEAIDYLKSLQLQLQML",60,6,"VII(a+b)","A","VIIa+b","H","E","R","R","R",8,"1A1","G binder",5,6,2,11,19,24,24,1,2,30]
["ZmbHLH058","GRMZM2G042920",null,"ZmbHLH012","RRSRSADFHNFSERRRRDRINEKLRALQELLPNCTKTDKVSMLDEAIDYLKSLQLQLQML",60,6,"VII(a+b)","A",null,"H","E","R","R","R",8,"1A1","G binder",5,6,2,11,19,24,24,1,2,30,34,36]
["TabHLH079","TRIAE_CS42_2AL_TGACv1_096180_AA0317630",null,null,"RRSRSADFHNFSERRRRDKINEKLKALQELLPNCTKTDKVSMLDEAIDYLKSLQLQLQML",60,6,"VII(a+b)","A",null,"H","E","R","R","R",8,"1A1","G binder",5,6,2,11,19,24,24,1,2,30,34,36]
["TabHLH080","TRIAE_CS42_2BL_TGACv1_131481_AA0428310",null,null,"RRSRSADFHNFSERRRRDKINEKLKALQELLPNCTKTDKVSMLDEAIDYLKSLQLQLQML",60,6,"VII(a+b)","A",null,"H","E","R","R","R",8,"1A1","G binder",5,6,2,11,19,24,24,1,2,30,34,36]
["TabHLH081","TRIAE_CS42_2DL_TGACv1_158402_AA0517700",null,null,"RRSRSADFHNFSERRRRDKINEKLKALQELLPNCTKTDKVSMLDEAIDYLKSLQLQLQML",60,6,"VII(a+b)","A",null,"H","E","R","R","R",8,"1A1","G binder",5,6,2,11,19,24,24,1,2,30,34,36]
["TabHLH084","TRIAE_CS42_6BL_TGACv1_500113_AA1599320",null,null,"KRARAAEVHNLSEKRRRCKINEKMKALQSLVPDSSKTDKASMLDDAIEYLKHLQLQVQML",60,6,"VII(a+b)","D",null,"H","E","K","R","R",8,"1A1","G binder",5,6,2,12,20,25,9,24,1,2,30,26,14]
["TabHLH083","TRIAE_CS42_6AL_TGACv1_473573_AA1531810",null,null,"KRARAAEVHNLSEKRRRCKINEKMKALQSLVPNSSKVRPCITPKNHTAVPSSLFFCWKLIEAMLYGRRRLQTDKASMLDDAIEYLKHLQLQVQML",95,41,"VII(a+b)","O",null,"H","E","K","R","R",8,"1A1","G binder",5,6,2,12,20,25,24,1,2,30]
["TabHLH085","TRIAE_CS42_6DL_TGACv1_526389_AA1681810",null,null,"KRARAAEVHNLSEKRRRCKINEKMKALQSLVPNSSKTDKASMLDDAIEYLKHLQLQVQML",60,6,"VII(a+b)","D",null,"H","E","K","R","R",8,"1A1","G binder",5,6,2,12,20,25,34,24,1,2,30,14]
["AtbHLH073","AT5G67110","ALC",null,"KRNIDAQFHNLSEKKRRSKINEKMKALQKLIPNSNKTDKASMLDEAIEYLKQLQLQVQTL",60,6,"VII(a+b)","A","VIIa+b","H","E","K","R","R",7,"1A1","G binder",5,6,2,12,20,25,24,1,2,30]
["TabHLH382","TRIAE_CS42_4BS_TGACv1_328282_AA1085700",null,null,"QANPCLRVNKLSEKRRRSRTNEKMKALQSLIPNSNKTDKASMLDEHKRSAGDFFDVHEFA",60,6,"VII(a+b)","C",null,"N","E","K","R","R",6,"1A2","E non G",4,5,2,4,11,15,24,1,22,34]
["ZmbHLH162","AC177924.2_FG001",null,"ZmbHLH074","TASIYARSIQGYKQLRRSKIKEKMKALQSLIPNSNKIDKASMLHEAIEYPKTLQYISF",58,6,"VII(a+b)","F",null,"I","K","Q","R","R",4,2,"non DNA binder",2,6,2,10,18,20,24,16,5,1,2]
["OsbHLH108","LOC_Os06g06900","SPT",null,"KRSRAAEVHNLSEKRRRSKINEKMKALQSLIPNSNKTDKASMLDEAIEYLKQLQLQVQML",60,6,"VII(a+b)","A","VIIa+b","H","E","K","R","R",8,"1A1","G binder",5,6,2,12,20,25,9,24,1,2,30]
["ZmbHLH056","GRMZM2G017349",null,"ZmbHLH010","KRSRAAEVHNLSEKRRRSKINEKMKALQSLIPNSNKTDKASMLDEAIEYLKQLQLQVQML",60,6,"VII(a+b)","A",null,"H","E","K","R","R",8,"1A1","G binder",5,6,2,12,20,25,36,34,24,1,2,30]
["AtbHLH024","AT4G36930","SPT",null,"KRCRAAEVHNLSEKRRRSRINEKMKALQSLIPNSNKTDKASMLDEAIEYLKQLQLQVQML",60,6,"VII(a+b)","A","VIIa+b","H","E","K","R","R",8,"1A1","G binder",5,6,2,12,20,25,34,37,36,24,1,2,30]
["OsbHLH107","LOC_Os02g56140",null,null,"KRSRAAEVHNLSEKRRRSRINEKMKALQSLIPNSSKTDKASMLDDAIEYLKQLQLQVQML",60,6,"VII(a+b)","A","VIIa+b","H","E","K","R","R",8,"1A1","G binder",5,6,2,12,20,25,24,1,2,30]
["ZmbHLH055","GRMZM2G030744",null,"ZmbHLH009","KRSRAAEVHNLSEKRRRSRINEKMKALQTLIPNSSKTDKASMLDDAIEYLKHLQLQVQML",60,6,"VII(a+b)","A",null,"H","E","K","R","R",8,"1A1","G binder",5,6,2,12,20,25,24,1,2,30]
["AtbHLH015","AT2G20180","PIF1, PIL5",null,"KRSRAAEVHNLSERKRRDRINERMKALQELIPRCNKSDKASMLDEAIEYMKSLQLQIQMM",60,6,"VII(a+b)","A","VIIa+b","H","E","R","R","R",8,"1A1","G binder",5,6,2,12,20,25,38,36,24,1,2,30,25]
["AtbHLH009","AT2G43010","PIF4",null,"RRSRAAEVHNLSERRRRDRINERMKALQELIPHCSKTDKASILDEAIDYLKSLQLQLQVM",60,6,"VII(a+b)","A","VIIa+b","H","E","R","R","R",8,"1A1","G binder",5,6,2,12,20,25,38,24,1,2,30]
["AtbHLH065","AT3G59060","PIF5, PIL6",null,"RRSRAAEVHNLSERRRRDRINERMKALQELIPHCSRTDKASILDEAIDYLKSLQMQLQVM",60,6,"VII(a+b)","A","VIIa+b","H","E","R","R","R",8,"1A1","G binder",5,6,2,12,20,25,38,11,24,1,2,30]
["TabHLH067","TRIAE_CS42_2AL_TGACv1_092984_AA0268670",null,null,"RRTRAAEVHNQSERKRRDRINEKMKALQELVPHCNKSDKASILDEAIEYLKSLQLQVQIM",60,6,"VII(a+b)","A",null,"H","E","R","R","R",8,"1A1","G binder",5,6,2,12,20,25,38,36,24,1,2,30,12]
["TabHLH068","TRIAE_CS42_2BL_TGACv1_131229_AA0424700",null,null,"RRTRAAEVHNQSERKRRDRINEKMKALQELVPHCNKSDKASILDEAIEYLKSLQLQVQIM",60,6,"VII(a+b)","A",null,"H","E","R","R","R",8,"1A1","G binder",5,6,2,12,20,25,38,36,24,1,2,30]
["TabHLH069","TRIAE_CS42_2DL_TGACv1_157972_AA0504380",null,null,"RRTRAAEVHNQSERKRRDRINEKMKALQELVPHCNKSDKASILDEAIEYLKSLQLQVQIM",60,6,"VII(a+b)","A",null,"H","E","R","R","R",8,"1A1","G binder",5,6,2,12,20,25,38,36,24,1,2,30]
["ZmbHLH059","GRMZM2G016756",null,"ZmbHLH008","RKGMCRDESDSRSERRRDRIKEKMRALQELIPHCNKTDKASILDETIEYLKSLQMQVQIM",60,6,"VII(a+b)","B",null,"S","S","E","R","R",7,"1B","non E binder",2,6,2,12,20,22,38,36,1,2,30]
["ZmbHLH051","GRMZM2G065374","PIL5.1","ZmbHLH003","RRTRAAEVHNLSERRRRDRINEKMRALQELIPHCNKTDKASILDETIEYLKSLQMQVQIM",60,6,"VII(a+b)","A",null,"H","E","R","R","R",8,"1A1","G binder",5,6,2,12,20,25,18,19,38,36,24,1,2,30]
["OsbHLH104","LOC_Os07g05010","PIL14",null,"RRTRAAEVHNLSERRRRDRINEKLRALQELVPHCNKTDKASILDEAIEYLKSLQMQVQIM",60,6,"VII(a+b)","A","VIIa+b","H","E","R","R","R",8,"1A1","G binder",5,6,2,12,20,25,38,36,36,24,1,2,30]
["OsbHLH152","LOC_Os03g56950","PIL13/PIL1",null,"RRTRAAEVHNLSERRRRDRINEKMRALQELIPHCNKTDKASILDEAIEYLKSLQMQVQIM",60,6,"VII(a+b)","A","VIIa+b","H","E","R","R","R",8,"1A1","G binder",5,6,2,12,20,25,38,24,1,2,30,22]
["TabHLH070","TRIAE_CS42_5BL_TGACv1_406687_AA1348610",null,null,"RRSRAAEVHNQSERRRRDRINEKMRSLQELIPHCNKADKASILDEAIEYLKSLQMQVQIM",60,6,"VII(a+b)","A",null,"H","E","R","R","R",8,"1A1","G binder",5,6,2,12,20,25,38,36,38,24,1,2,30]
["TabHLH071","TRIAE_CS42_5BS_TGACv1_423220_AA1371390",null,null,"RRSRAAEVHNQSERRRRDRINEKMRSLQELIPHCNKADKASILDEAIEYLKSLQMQVQIM",60,6,"VII(a+b)","A",null,"H","E","R","R","R",8,"1A1","G binder",5,6,2,12,20,25,38,36,24,1,2,30]
["TabHLH072","TRIAE_CS42_5DL_TGACv1_433353_AA1410620",null,null,"RRSRAAEVHNQSERRRRDRINEKMRSLQELIPHCNKADKASILDEAIEYLKSLQMQVQIM",60,6,"VII(a+b)","A",null,"H","E","R","R","R",8,"1A1","G binder",5,6,2,12,20,25,38,36,24,1,2,30,32]
["OsbHLH102","LOC_Os12g41650","BP5, PIL11",null,"KRRRAAEVHNLSERRRRDRINEKMKALQELIPHCNKTDKASMLDEAIEYLKSLQLQLQMM",60,6,"VII(a+b)","A","VIIa+b","H","E","R","R","R",9,"1A1","G binder",5,6,2,12,20,25,38,36,15,24,1,2,30,34]
["ZmbHLH049","GRMZM5G865967","PIL5.2","ZmbHLH007","KRRRAAQVHNLSERRRRDRINEKMKALQELIPHCNKADKASMLDEAIEYLKSLQLQLQVV",60,6,"VII(a+b)","A",null,"H","E","R","R","R",9,"1A1","G binder",5,6,2,11,19,24,38,24,1,2,30]
["TabHLH076","TRIAE_CS42_5AS_TGACv1_392936_AA1266450",null,null,"KRRRAAQVHNLSERRRRDRINEKMRALQELVPHCNKVCTASNTILNIILSNCDRSDHLVLGIEFFHQTDKASMLDEAIEYLKSLQLQLQVM",91,37,"VII(a+b)","M",null,"H","E","R","R","R",9,"1A1","G binder",5,6,2,12,20,25,38,24,1,37,2]
["TabHLH077","TRIAE_CS42_5BS_TGACv1_423513_AA1378460",null,null,"KRRRAAQVHNLSERRRRDRINEKMRALQELVPHCNKTDKASMLDEAIEYLKSLQLQLQLM",60,6,"VII(a+b)","F",null,"H","E","R","R","R",9,"1A1","G binder",5,6,2,12,20,25,38,24,1,2]
["TabHLH078","TRIAE_CS42_5DS_TGACv1_457004_AA1480900",null,null,"KRRRAAQVHNLSERRRRDRINEKMRALQELVPHCNKTDKASMLDEAIEYLKSLQLQLQLM",60,6,"VII(a+b)","F",null,"H","E","R","R","R",9,"1A1","G binder",5,6,2,12,20,25,38,36,24,1,2]
["OsbHLH103","LOC_Os03g43810","PIL12",null,"RRSRAAEVHNLSERRRRDRINEKMRALQELIPHCNKTDKASMLDEAIEYLKSLQLQLQMM",60,6,"VII(a+b)","A","VIIa+b","H","E","R","R","R",8,"1A1","G binder",5,6,2,12,20,25,38,36,24,1,2,30]
["ZmbHLH050","GRMZM2G165042",null,"ZmbHLH002","RRSRAAEVHNLSERRRRDRINEKMRALQELIPHCNKTDKASMLDEAIEYLKSLQLQVQMM",60,6,"VII(a+b)","A",null,"H","E","R","R","R",8,"1A1","G binder",5,6,2,12,20,25,38,36,36,29,24,1,2,30,17,29]
["TabHLH073","TRIAE_CS42_5AL_TGACv1_375250_AA1218580",null,null,"RRSRAAEVHNLSERRRRDRINEKMRALQELIPHCNKTDKASMLDEAIEYLKTLQMQVQMM",60,6,"VII(a+b)","F",null,"H","E","R","R","R",8,"1A1","G binder",5,6,2,12,20,25,38,14,36,24,1,2,30,34,34]
["TabHLH074","TRIAE_CS42_5BL_TGACv1_404326_AA1295610",null,null,"RRSRAAEVHNLSERRRRDRINEKMRALQELIPHCNKTDKASMLDEAIEYLKTLQMQVQMM",60,6,"VII(a+b)","F",null,"H","E","R","R","R",8,"1A1","G binder",5,6,2,12,20,25,38,36,24,1,2,30,25,34,34]
["TabHLH075","TRIAE_CS42_5DL_TGACv1_435807_AA1455110","TabHLH39, ANA75353",null,"RRSRAAEVHNLSERRRRDRINEKMRALQELIPHCNKTDKASMLDEAIEYLKTLQMQVQMM",60,6,"VII(a+b)","C",null,"H","E","R","R","R",8,"1A1","G binder",5,6,2,12,20,25,38,14,36,24,1,2,30,34,34]
["AtbHLH008","AT1G09530","PIF3, POC1",null,"KRSRSAEVHNLSERRRRDRINEKMRALQELIPNCNKVDKASMLDEAIEYLKSLQLQVQIM",60,6,"VII(a+b)","A","VIIa+b","H","E","R","R","R",8,"1A1","G binder",5,6,2,12,20,25,38,24,1,2,30,29]
["ZmbHLH052","GRMZM2G115960","PIF3.1","ZmbHLH005","KRSRTAEVHNLSERRRRDRINEKMRALQELIPNCNKIDKASMLDEAIEYLKTLQLQVQMM",60,6,"VII(a+b)","A",null,"H","E","R","R","R",8,"1A1","G binder",5,6,2,12,20,25,38,12,24,1,2,30]
["ZmbHLH053","GRMZM2G387528","PIF3.2","ZmbHLH004","KRSRTAEVHNLSERRRRDRINEKMRALQELIPNCNKIDKASMLDEAIEYLKTLQLQVQMM",60,6,"VII(a+b)","A",null,"H","E","R","R","R",8,"1A1","G binder",5,6,2,12,20,25,38,24,1,2,30,34]
["OsbHLH106","LOC_Os05g04740","PIL16/APG",null,"KRSRTAEVHNLSERRRRDRINEKMRALQELIPNCNKIDKASMLEEAIEYLKTLQLQVQMM",60,6,"VII(a+b)","N","VIIa+b","H","E","R","R","R",8,"1A1","G binder",5,6,2,12,20,25,38,29,34,36,24,1,2,30,34]
["ZmbHLH054","GRMZM2G062541","PIL1","ZmbHLH006","KRCRTAEVHNLSERRRRDRINEKMRALQELIPNCNKVDKSSMLEEAIEYLKTLQLQVQMM",60,6,"VII(a+b)","C",null,"H","E","R","R","R",8,"1A1","G binder",5,6,2,12,20,25,38,32,36,25,24,1,2,30,34]
["TabHLH066","TRIAE_CS42_1DS_TGACv1_080393_AA0247260",null,null,"KRGRTAEVHNMSERRRRDRINEKMRALQELIPNCNKVHDTSTLARNLEKSLTRAQSDIQCFMVMKIDKASMLEEAIEYLKTLQLQVQMM",89,35,"VII(a+b)","H",null,"H","E","R","R","R",8,"1A1","G binder",5,6,2,12,20,25,38,28,24,1,2,30,34]
["TabHLH064","TRIAE_CS42_1AS_TGACv1_019045_AA0058870",null,null,"KRGRTAEVHNMSERRRRDRINEKMRALQELIPNCNKIDKASMLEEAIEYLKTLQLQVQMM",60,6,"VII(a+b)","C",null,"H","E","R","R","R",8,"1A1","G binder",5,6,2,12,20,25,38,34,28,24,1,2,30,34]
["TabHLH065","TRIAE_CS42_1BS_TGACv1_049601_AA0157510",null,null,"KRGRTAEVHNMSERRRRDRINEKMRALQELIPNCNKIDKASMLEEAIEYLKTLQLQVQMM",60,6,"VII(a+b)","C",null,"H","E","R","R","R",8,"1A1","G binder",5,6,2,12,20,25,38,34,28,24,1,2,30,34]
["AtbHLH080","AT1G35460","CFLAP2/FBH1",null,"KRGCATHPRSIAERVRRTRISDRIRRLQELVPNMDKQTNTADMLEEAVEYVKALQSQIQEL",61,7,"IX","N","IX","R","E","R","R","R",7,"1A2","E non G",4,6,1,11,18,22,36,3,1,2]
["AtbHLH081","AT4G09180","FBH2",null,"KRGCATHPRSIAERVRRTRISDRIRKLQELVPNMDKQTNTADMLEEAVEYVKVLQRQIQEL",61,7,"IX","N","IX","R","E","R","R","R",7,"1A2","E non G",4,6,1,11,18,22,36,3,1,2]
["TabHLH151","TRIAE_CS42_5AL_TGACv1_374266_AA1195530",null,null,"KKDRASDGRSIAERVRRTKISERLRNLQGLVPNMEKQTNTSDMLDMAVDYIKELQMKIKAM",61,7,"IX","A",null,"R","E","R","R","R",7,"1A2","E non G",4,6,1,10,17,21,15,31,3,1,2]
["OsbHLH109","LOC_Os01g67480",null,null,"KRGCATHPRSIAERERRTRISKRLKKLQDLVPNMDKQTNTSDMLDIAVTYIKELQGQVEKL",61,7,"IX","A","IX","R","E","R","R","R",7,"1A2","E non G",4,6,1,10,17,21,34,34,36,29,3,1,2]
["ZmbHLH087","GRMZM2G114873",null,"ZmbHLH071","RRGCATHPRSIAERERRTRISKRLKKLQDLVPNMDKQTNTSDMLDLAVEYIKELKDQVEKL",61,7,"IX","A",null,"R","E","R","R","R",7,"1A2","E non G",4,6,1,10,17,21,3,1,2]
["TabHLH139","TRIAE_CS42_3AL_TGACv1_196899_AA0663610",null,null,"KRGCATHPRSIAERERRTRISKRLRRLQDLVPNMDKQTNTSDMLDIAVDYIKVLQDQIEKL",61,7,"IX","A",null,"R","E","R","R","R",7,"1A2","E non G",4,6,1,10,17,21,36,34,34,3,1,2]
["TabHLH140","TRIAE_CS42_3B_TGACv1_226360_AA0816200",null,null,"KRGCATHPRSIAERERRTRISKRLRRLQDLVPNMDKQTNTSDMLDIAVDYIKVLQDQIEKL",61,7,"IX","A",null,"R","E","R","R","R",7,"1A2","E non G",4,6,1,10,17,21,3,36,34,36,34,36,3,1,2]
["TabHLH141","TRIAE_CS42_3DL_TGACv1_251345_AA0880420",null,null,"KRGCATHPRSIAERERRTRISKRLRRLQDLVPNMDKQTNTSDMLDIAVDYIKVLQDQIEKL",61,7,"IX","A",null,"R","E","R","R","R",7,"1A2","E non G",4,6,1,10,17,21,36,36,34,3,1,2]
["AtbHLH129","AT2G43140",null,null,"KRGFATHPRSIAERERRTRISGKLKKLQELVPNMDKQTSYADMLDLAVEHIKGLQHQVEVR",61,7,"IX","N","IX","R","E","R","R","R",7,"1A2","E non G",4,6,1,8,15,19,34,36,3,1,2]
["OsbHLH110","LOC_Os02g39140",null,null,"KRGCATHPRSIAERERRTRISEKLRKLQELVPNMDKQTSTADMLDLAVEHIKGLQSQLQAL",61,7,"IX","A","IX","R","E","R","R","R",7,"1A2","E non G",4,6,1,9,16,20,36,36,36,36,3,1,2]
["ZmbHLH088","GRMZM2G437481",null,"ZmbHLH072","KRGCATHPRSIAERERRTRISEKLRKLQALVPNMDKQTSTADMLDLAVDHIRGLQNELQAL",61,7,"IX","A",null,"R","E","R","R","R",7,"1A2","E non G",4,6,1,7,14,18,3,1,2]
["OsbHLH111","LOC_Os04g41229",null,null,"KRGCATHPRSIAERERRTRISEKLRKLQALVPNMDKQTSTSDMLDLAVDHIKGLQSQLQTL",61,7,"IX","A","IX","R","E","R","R","R",7,"1A2","E non G",4,6,1,9,16,20,36,36,36,3,1,2]
["AtbHLH128","AT1G05805","AKS2",null,"KRGCATHPRSIAERERRTRISGKLKKLQDLVPNMDKQTSYSDMLDLAVQHIKGLQHQLQNL",61,7,"IX","N","IX","R","E","R","R","R",7,"1A2","E non G",4,6,1,9,16,20,36,3,1,2]
["TabHLH148","TRIAE_CS42_6AL_TGACv1_471877_AA1515610",null,null,"KRGCATHPRSIAERERRTRISDKLRKLQDLVPNMDKQTSTSDMLDLAVEHIKGLQSQLQAM",61,7,"IX","A",null,"R","E","R","R","R",7,"1A2","E non G",4,6,1,9,16,20,36,36,3,1,2]
["TabHLH149","TRIAE_CS42_6BL_TGACv1_501882_AA1621260",null,null,"KRGCATHPRSIAERERRTRISDKLRKLQDLVPNMDKQTSTSDMLDLAVEHIKGLQSQLQAM",61,7,"IX","A",null,"R","E","R","R","R",7,"1A2","E non G",4,6,1,9,16,20,3,1,2]
["TabHLH150","TRIAE_CS42_6DL_TGACv1_527215_AA1700620",null,null,"KRGCATHPRSIAERERRTRISYKLRKLQDLVPNMDKQTSTSDMLDLAVEHIKGLQSQLQAM",61,7,"IX","A",null,"R","E","R","R","R",7,"1A2","E non G",4,6,1,9,16,20,36,3,1,2]
["AtbHLH122","AT1G51140","AKS1/CFLAP1/FBH3",null,"KRGCATHPRSIAERVRRTKISERMRKLQDLVPNMDTQTNTADMLDLAVQYIKDLQEQVKAL",61,7,"IX","N","IX","R","E","R","R","R",7,"1A2","E non G",4,6,0,10,16,20,34,34,3,1,2,30]
["AtbHLH130","AT2G42280","AKS3/FBH4",null,"KRGCATHPRSIAERVRRTRISERMRKLQELVPNMDKQTNTSDMLDLAVDYIKDLQRQYKIL",61,7,"IX","N","IX","R","E","R","R","R",7,"1A2","E non G",4,6,1,10,17,21,3,1,2]
["OsbHLH143","LOC_Os09g31300",null,null,"KRGCATHPRSIAERVRRTRISERIRKLQELVPNMEKQTNTADMLDLAVDYIKELQKQVLND",61,7,"IX","N","IX","R","E","R","R","R",7,"1A2","E non G",4,6,1,9,16,20,36,34,34,34,36,36,3,1,2]
["OsbHLH112","LOC_Os08g39630",null,null,"KRGCATHPRSIAERVRRTRISERIRKLQELVPNMDKQTNTADMLDLAVDYIKDLQKQVKGL",61,7,"IX","A","IX","R","E","R","R","R",7,"1A2","E non G",4,6,1,10,17,21,34,34,36,36,36,3,1,2,30]
["TabHLH145","TRIAE_CS42_7AS_TGACv1_569290_AA1812510",null,null,"KRGCATHPRSIAERVRRTRISERIRKLQELVPNMDKQTNTADMLDLAVDYIKELQEQVKVI",61,7,"IX","A",null,"R","E","R","R","R",7,"1A2","E non G",4,6,1,9,16,20,37,34,34,3,1,2,30]
["TabHLH146","TRIAE_CS42_7BS_TGACv1_591787_AA1921120",null,null,"KRGCATHPRSIAERVRRTRISERIRKLQELVPNMDKQTNTADMLDLAVDYIKELQEQVKVI",61,7,"IX","A",null,"R","E","R","R","R",7,"1A2","E non G",4,6,1,9,16,20,34,34,36,3,1,2,30]
["TabHLH147","TRIAE_CS42_U_TGACv1_642184_AA2112830",null,null,"KRGCATHPRSIAERVRRTRISERIRKLQELVPNMDKQTNTADMLDLAVDYIKELQEQVKVI",61,7,"IX","A",null,"R","E","R","R","R",7,"1A2","E non G",4,6,1,9,16,20,34,34,36,3,1,2,30]
["ZmbHLH083","GRMZM2G417597",null,"ZmbHLH067","KRGCATHPRSIAERVRRTKISERIRKLQELVPNMEKQTNTADMLDLAVDYIKDLQKQVKVL",61,7,"IX","A",null,"R","E","R","R","R",7,"1A2","E non G",4,6,1,10,17,21,36,17,3,1,2,30]
["ZmbHLH084","GRMZM2G085467",null,"ZmbHLH068","KRGCATHPRSIAERVRRTKISERIRKLQELVPNMEKQTNTADMLDLAVDYIKDLQKQVKVL",61,7,"IX","other",null,"R","E","R","R","R",7,"1A2","E non G",4,6,1,10,17,21,34,36,3,1,2,30]
["ZmbHLH085","GRMZM2G142932",null,"ZmbHLH070","KRGCATHPRSIAERVRRTKISERIRKLQELVPNMDKQTNTSDMLDLAVDYIKELQKQVKVL",61,7,"IX","A",null,"R","E","R","R","R",7,"1A2","E non G",4,6,1,10,17,21,34,34,3,1,2,30]
["ZmbHLH082","GRMZM5G879527",null,"ZmbHLH066","KRGCATHPRSIAERVRRTKISERIRKLQELVPDMDKQTNTSDMLDLAVDYIKDLQKQVKAL",61,7,"IX","other",null,"R","E","R","R","R",7,"1A2","E non G",4,6,1,10,17,21,34,34,36,36,3,1,2,30]
["ZmbHLH086","GRMZM2G153454",null,"ZmbHLH069","KRGCATHPRSIAERVRRTKISERIRKLQELVPNMDKQTNTSDMLDLAVDYIKDLQKQVKVL",61,7,"IX","A",null,"R","E","R","R","R",7,"1A2","E non G",4,6,1,10,17,21,34,34,36,3,1,2,30]
["TabHLH142","TRIAE_CS42_5AL_TGACv1_375068_AA1215240",null,null,"KRGCATHPRSIAERVRRTKISERIRKLQELVPNMEKQTNTSDMLDLAVDYIKELQMQVKAM",61,7,"IX","A",null,"R","E","R","R","R",7,"1A2","E non G",4,6,1,10,17,21,34,34,36,36,3,1,2,30]
["TabHLH143","TRIAE_CS42_5BL_TGACv1_404874_AA1313540",null,null,"KRGCATHPRSIAERVRRTKISERIRKLQELVPNMEKQTNTSDMLDLAVDYIKELQMQVKVM",61,7,"IX","A",null,"R","E","R","R","R",7,"1A2","E non G",4,6,1,10,17,21,34,34,36,36,3,1,2,30]
["TabHLH144","TRIAE_CS42_5DL_TGACv1_434495_AA1436970",null,null,"KRGCATHPRSIAERVRRTKISERIRKLQELVPNMEKQTNTSDMLDLAVDYIKELQMQVKVM",61,7,"IX","A",null,"R","E","R","R","R",7,"1A2","E non G",4,6,1,10,17,21,24,34,36,3,1,2,30]
["OsbHLH097","LOC_Os02g35660",null,null,"RRGQATDPHSIAERLRREKISDRMKDLQELVPNSNKTNKASMLDEIIDYVKFLQLQVKVL",60,6,"XI","A","XI","H","E","R","R","R",6,"1A1","G binder",5,6,1,12,19,24,34,24,3,1,2,30,31,4,36]
["ZmbHLH045","GRMZM5G839518",null,"ZmbHLH013","RRGQATDPHSIAERLRREKISDRMKNLQELVPNSNRTDKASMLDEIIEYVKFLQLQVKVL",60,7,"XI","A",null,"H","E","R","R","R",6,"1A1","G binder",5,6,2,12,20,25,3,1,2,30,31,4]
["ZmbHLH046","GRMZM2G116785",null,"ZmbHLH014","RRGQATDPHSIAERLRREKISDRMKNLQDLVPNSNKADKASMLDEIIDYVKFLQLQVKVL",60,6,"XI","A",null,"H","E","R","R","R",6,"1A1","G binder",5,6,2,12,20,25,1,14,3,1,2,30,31,4]
["ZmbHLH047","GRMZM2G024530",null,"ZmbHLH015","RRGQATDPHSIAERLRREKISDRMKNLQDLVPNSNKADKASMLDEIIDHVKFLQLQVKVL",60,6,"XI","A",null,"H","E","R","R","R",6,"1A1","G binder",5,6,2,11,19,24,1,3,1,2,30,31,4]
["OsbHLH096","LOC_Os06g09370","PTF",null,"RRGQATDPHSIAERLRREKISERMKNLQVLVPNSNKADKASMLDEIIDYVKFLQLQVKVL",60,6,"XI","A","XI","H","E","R","R","R",6,"1A1","G binder",5,6,2,12,20,25,23,3,1,2,30,31,4]
["TabHLH136","TRIAE_CS42_7AS_TGACv1_569918_AA1826920","TabHLH1, TC307165",null,"RRGQATDPHSIAERLRREKISERMKNLQDLVPNSNKADKSSMLDEIIDYVKFLQLQVKVL",60,6,"XI","A",null,"H","E","R","R","R",6,"1A1","G binder",5,6,2,12,20,25,3,1,2,30,31,4]
["TabHLH137","TRIAE_CS42_7BS_TGACv1_591870_AA1923970",null,null,"RRGQATDPHSIAERLRREKISERMKNLQDLVPNSNKADKSSMLDEIIDYVKFLQLQVKVL",60,6,"XI","A",null,"H","E","R","R","R",6,"1A1","G binder",5,6,2,12,20,25,3,1,2,30,31,4]
["TabHLH138","TRIAE_CS42_7DS_TGACv1_624291_AA2060360","TaPTF1, ABI95371",null,"RRGQATDPHSIAERLRREKISERMKNLQDLVPNSNKADKSSMLDEIIDYVKFLQLQVKVL",60,6,"XI","A",null,"H","E","R","R","R",6,"1A1","G binder",5,6,2,12,20,25,3,1,2,30,31,4]
["TabHLH134","TRIAE_CS42_6BL_TGACv1_501060_AA1613040",null,null,"RRGQATDPHSIAERLRRERIAERMKALQELVPSANKTDKASMLDEIIDYVKFLQLQVKVL",60,6,"XI","A",null,"H","E","R","R","R",6,"1A1","G binder",5,6,2,12,20,25,36,24,3,1,2,30,31,4]
["TabHLH135","TRIAE_CS42_6DL_TGACv1_528383_AA1713780",null,null,"RRGQATDPHSIAERLRRERIAERMKALQELVPSANKTDKASMLDEIIDYVKFLQLQVKVL",60,6,"XI","A",null,"H","E","R","R","R",6,"1A1","G binder",5,6,2,12,20,25,36,3,1,2,30,31,4]
["AtbHLH082","AT5G58010",null,null,"RRGQATDPHSIAERLRRERIAERMKSLQELVPNTNKTDKASMLDEIIEYVRFLQLQVKVL",60,6,"XI","A","XI","H","E","R","R","R",6,"1A1","G binder",5,6,2,11,19,24,29,3,1,2,30,31,4,20]
["ZmbHLH041","GRMZM2G067654",null,"ZmbHLH017","KRGQATDPHSIAERLRRERIAERMKSLQELVPNANKTDKASMLDEIIDYVRFLQLQVKVL",60,6,"XI","A",null,"H","E","R","R","R",6,"1A1","G binder",5,6,2,11,19,24,36,36,3,1,2,30,36,31,4,36]
["TabHLH131","TRIAE_CS42_7BS_TGACv1_591977_AA1927230",null,null,"RRGQATDPHSIAERLRRERIAERMKSLQELVPNANKTDKASMLDEIIDYVKFLQLQVKVL",60,6,"XI","A",null,"H","E","R","R","R",6,"1A1","G binder",5,6,2,12,20,25,24,36,36,3,1,2,30,36,31,4]
["TabHLH132","TRIAE_CS42_7DS_TGACv1_627659_AA2067140",null,null,"RRGQATDPHSIAERLRRERIAERMKSLQELVPNANKTDKASMLDEIIDYVKFLQLQVKVL",60,6,"XI","A",null,"H","E","R","R","R",6,"1A1","G binder",5,6,2,12,20,25,36,36,3,1,2,30,36,36,31,4]
["TabHLH133","TRIAE_CS42_U_TGACv1_644456_AA2139670",null,null,"RRGQATDPHSIAERLRRERIAERMKSLQELVPNANKTDKASMLDEIIDYVKFLQLQVKVL",60,6,"XI","C",null,"H","E","R","R","R",6,"1A1","G binder",5,6,2,12,20,25,36,36,36,3,1,2,30,36,31,4]
["AtbHLH069","AT4G30980",null,null,"RRGQATDPHSIAERLRRERIAERMKSLQELVPNGNKTDKASMLDEIIDYVKFLQLQVKVL",60,6,"XI","A","XI","H","E","R","R","R",6,"1A1","G binder",5,6,2,12,20,25,3,1,2,30,31,4]
["AtbHLH066","AT2G24260",null,null,"RRGQATDPHSIAERLRRERIAERMKALQELVPNGNKTDKASMLDEIIDYVKFLQLQVKVL",60,6,"XI","A","XI","H","E","R","R","R",6,"1A1","G binder",5,6,2,12,20,25,28,3,1,2,30,31,4]
["OsbHLH100","LOC_Os09g25040",null,null,"RRGQATDPHSIAERLRRERIAERMKALQELVPNANKLMQTDKASMLDEIIDYVKFLQLQVKAS",63,9,"XI","C","XI","H","E","R","R","R",6,"1A1","G binder",5,6,1,11,18,23,36,34,36,36,36,36,34,36,36,3,1,2,30,36,31,4,34,36]
["ZmbHLH044","GRMZM2G027563",null,"ZmbHLH018","RRGQATDPHSIAERLRRERIAERMKALQELVSNANKTDKASMLDEIIDYVKFLQLQVLSM",60,6,"XI","A",null,"H","E","R","R","R",6,"1A1","G binder",5,5,2,12,19,24,34,34,34,36,3,1,2,31,4]
["TabHLH127","TRIAE_CS42_5AL_TGACv1_375186_AA1217430",null,null,"RRGQATDPHSIAERLRRERIAERMKALQELVPNANKTDKASMLDEIIDYVKFLQLQVKVL",60,6,"XI","A",null,"H","E","R","R","R",6,"1A1","G binder",5,6,2,12,20,25,34,36,36,36,34,34,36,3,1,2,30,30,31,4,36]
["TabHLH128","TRIAE_CS42_5BL_TGACv1_406163_AA1341570",null,null,"RRGQATDPHSIAERLRRERIAERMKALQELVPNANKTDKASMLDEIIDYVKFLQLQVKVL",60,6,"XI","A",null,"H","E","R","R","R",6,"1A1","G binder",5,6,2,12,20,25,36,36,36,36,34,34,36,3,1,2,30,30,31,4]
["TabHLH129","TRIAE_CS42_5DL_TGACv1_434490_AA1436920",null,null,"RRGQATDPHSIAERLRRERIAERMKALQELVPNANKTDKASMLDEIIDYVKFLQLQVKVL",60,6,"XI","A",null,"H","E","R","R","R",6,"1A1","G binder",5,6,2,12,20,25,36,34,36,36,36,34,34,36,3,1,2,30,30,31,4,36]
["TabHLH130","TRIAE_CS42_6AL_TGACv1_471618_AA1511840",null,null,"RRGQATDPHSIAERLRRERIAERMKALQELVPNANKTDKASMLDEIIDYVKFLQLQVKVL",60,6,"XI","A",null,"H","E","R","R","R",6,"1A1","G binder",5,6,2,12,20,25,36,24,3,1,2,30,31,4]
["ZmbHLH040","GRMZM2G350165",null,"ZmbHLH016","RRGQATDPHSIAERLRRERIAERMKALQELVPNANKTDKASMLDEIVDYVKFLQLQVKVL",60,5,"XI","A",null,"H","E","R","R","R",6,"1A1","G binder",5,6,2,12,20,25,34,36,36,34,34,36,3,1,2,30,30,31,4,36,34]
["AtbHLH007","AT1G03040",null,null,"RRGQATDPHSIAERLRRERIAERIRSLQELVPTVNKTDRAAMIDEIVDYVKFLRLQVKVL",60,6,"XI","A","XI","H","E","R","R","R",6,"1A1","G binder",5,6,2,9,17,22,3,1,2,30,31,4]
["AtbHLH059","AT4G02590","UNE12",null,"RRGQATDPHSIAERLRRERIAERIRALQELVPTVNKTDRAAMIDEIVDYVKFLRLQVKVL",60,6,"XI","A","XI","H","E","R","R","R",6,"1A1","G binder",5,6,2,9,17,22,3,1,2,30,31,4]
["TabHLH125","TRIAE_CS42_5BL_TGACv1_404191_AA1289300",null,null,"RRGQATDPHSIAERLRRERIAERMRALQELVPNTNKTDRAVMLDEILDYVKFLRLQVKVL",60,6,"XI","A",null,"H","E","R","R","R",6,"1A1","G binder",5,6,2,9,17,22,25,3,1,2,30,31,4]
["TabHLH126","TRIAE_CS42_5DL_TGACv1_438677_AA1468570",null,null,"RRGQATDPHSIAERLRRERIAERMRALQELVPNTNKTDRAVMLDEILDYVKFLRLQVKVL",60,6,"XI","A",null,"H","E","R","R","R",6,"1A1","G binder",5,6,2,9,17,22,3,1,2,30,31,4]
["OsbHLH098","LOC_Os03g58330",null,null,"RRGQATDPHSIAERLRRERIAERMRALQELVPNTNKTDRAAMLDEILDYVKFLRLQVKVL",60,6,"XI","A","XI","H","E","R","R","R",6,"1A1","G binder",5,6,2,9,17,22,34,36,3,1,2,30,31,4]
["ZmbHLH042","GRMZM2G004356",null,"ZmbHLH020","RRGQATDPHSIAERLRRERIAERMRALQELVPNTNKTDRAAMLDEILDYVKFLRLQVKVL",60,6,"XI","A",null,"H","E","R","R","R",6,"1A1","G binder",5,6,2,9,17,22,36,3,1,2,30,31,4]
["ZmbHLH043","GRMZM2G162382",null,"ZmbHLH019","RRGQATDPHSIAERLRRERIAERMRALQELVPNTNKTDRAAMLDEILDYVKFLRLQVKVL",60,6,"XI","A",null,"H","E","R","R","R",6,"1A1","G binder",5,6,2,8,16,21,36,34,3,1,2,30,36,34,31,4]
["OsbHLH099","LOC_Os07g08440",null,null,"MRALQDLVPNTNKTDRAAMLDEILDYVKFLRLQVKVL",37,6,"XI","A","XI","-","-","-","-","-",0,2,"non DNA binder",0,4,2,9,15,15,2,30,31,4]
["TabHLH124","TRIAE_CS42_5AL_TGACv1_374213_AA1193840",null,null,"MRALQELVPNTNKTDRAVMLDEILDYVKFLRLQVKVL",37,6,"XI","other",{"$nulls":6},0,2,"non DNA binder",0,4,2,9,15,15,2,30,31,4]
["OsbHLH115","LOC_Os06g08500","RHL1",null,"HGGSGGAGQPPFGQLRRERIAERMKSLQELVPNANKTDKASMLDEIIDYVKFLQLQVKVL",60,6,"XI","A","XI","Q","G","Q","R","R",3,2,"non DNA binder",3,6,2,12,20,23,36,36,36,36,1,2,30,36,36,31,4]
["OsbHLH114","LOC_Os02g55250",null,null,"PFSPPFFIASMPCCLRRERIAERMKALQELVPNANKTDKASMLDEIIDYVKFLQLQVKVL",60,6,"XI","A","XI","A","C","C","R","R",2,2,"non DNA binder",2,6,2,12,20,22,36,36,36,36,3,1,2,30,31,4,36]
["ZmbHLH048","GRMZM2G316758",null,"ZmbHLH021","GMHAAAVHQPPFGQLRRERIAERMKALQELVPNANKTDKASMLDEIIDYVKFLQLQVKVL",60,6,"XI","A",null,"Q","G","Q","R","R",4,"1A1","G-box",3,6,2,12,20,23,36,36,1,2,30]
["AtbHLH075","AT1G25330",null,null,"KRGQATDSHSLAERVRREKINERLKCLQDLVPGCYKAMGMAVMLDVIIDYVRSLQNQIEFL",61,7,"XII","A","XII","H","E","R","R","R",6,"1A1","G binder",5,6,2,9,17,22,3,1,2,8]
["AtbHLH044","AT1G18400","BEE1",null,"RRGQATDSHSLAERVRRGKINERLRCLQDMVPGCYKAMGMATMLDEIINYVQSLQNQVEFL",61,7,"XII","A","XII","H","E","R","R","R",6,"1A1","G binder",5,5,2,12,19,24,34,3,1,2,8]
["AtbHLH050","AT1G73830","BEE3",null,"RRGQATDSHSIAERVRRGKINERLKCLQDIVPGCYKTMGMATMLDEIINYVQSLQNQVEFL",61,7,"XII","A","XII","H","E","R","R","R",6,"1A1","G binder",5,6,2,12,20,25,35,3,1,2,8]
["OsbHLH079","LOC_Os02g47660",null,null,"RRGQATDSHSLAERVRRERISERMRYLQELVPGCNKVTGKAGMLDEIINYVQSLQKQVEFL",61,7,"XII","E","XII","H","E","R","R","R",6,"1A1","G binder",5,6,2,11,19,24,36,34,3,1,2,8]
["ZmbHLH036","GRMZM2G176289",null,"ZmbHLH025","RRGQATDSHSLAERVRRERISERMRYLQELVPGCSKVTGKAGMLDEIINYVQSLQKQVEFL",61,7,"XII","E",null,"H","E","R","R","R",6,"1A1","G binder",5,6,2,12,20,25,3,1,2,8]
["ZmbHLH037","GRMZM2G101350",null,"ZmbHLH026","RRGQATDSHSLAERVRRERISERMRYLQELVPGCSKVTGKAGMLDEIINYVQSLQKQVEFL",61,7,"XII","E",null,"H","E","R","R","R",6,"1A1","G binder",5,6,2,11,19,24,24,3,1,2,8]
["TabHLH115","TRIAE_CS42_6AL_TGACv1_471916_AA1515920",null,null,"RRGQATDSHSLAERVRRERISERMRYLQELVPGCDKVTGKAGMLDEIINYVQSLQKQVEFL",61,7,"XII","A",null,"H","E","R","R","R",6,"1A1","G binder",5,6,2,11,19,24,34,36,3,1,2,8,34]
["TabHLH116","TRIAE_CS42_6BL_TGACv1_499425_AA1582300",null,null,"RRGQATDSHSLAERVRRERISERMRYLQELVPGCDKVTGKAGMLDEIINYVQSLQKQVEFL",61,7,"XII","A",null,"H","E","R","R","R",6,"1A1","G binder",5,6,2,11,19,24,34,3,1,2,8,34]
["TabHLH117","TRIAE_CS42_6DL_TGACv1_527262_AA1701490",null,null,"RRGQATDSHSLAERVRRERISERMRYLQELVPGCDKVTGKAGMLDEIINYVQSLQKQVEFL",61,7,"XII","A",null,"H","E","R","R","R",6,"1A1","G binder",5,6,2,11,19,24,34,36,3,1,2,8,34]
["OsbHLH083","LOC_Os05g01256",null,null,"RRGQATDSHSLAERVRREKISERMKMLQSLVPGCDKVTGKALMLDEIISYVQSLQNQVEFL",61,7,"XII","E","XII","H","E","R","R","R",6,"1A1","G binder",5,6,2,11,19,24,3,1,2,8]
["AtbHLH137","AT5G50915",null,null,"RRGQATDSHSLAERVRREKISERMRTLQNLVPGCDKVTGKALMLDEIINYVQTLQTQVEFL",61,7,"XII","A","XII","H","E","R","R","R",6,"1A1","G binder",5,6,2,11,19,24,3,1,2,8,12]
["TabHLH113","TRIAE_CS42_7AS_TGACv1_569520_AA1818140",null,null,"RRGQATDSHSLAERVRRERISERMRLLQTLVPGCDKVTGKALVLDEIINYVQSLQNQVEFL",61,7,"XII","A",null,"H","E","R","R","R",6,"1A1","G binder",5,6,2,11,19,24,34,29,3,1,2,8]
["TabHLH114","TRIAE_CS42_7DS_TGACv1_623316_AA2051900",null,null,"RRGQATDSHSLAERVRRERISERMRLLQTLVPGCDKVTGKALVLDEIINYVQSLQNQVEFL",61,7,"XII","A",null,"H","E","R","R","R",6,"1A1","G binder",5,6,2,11,19,24,34,29,3,1,2,8,32]
["ZmbHLH034","GRMZM2G145579",null,"ZmbHLH023","RRGQATDSHSLAERVRRERISERMRMLQALVPGCDKVTGKAMVLDEIINYVQSLQNQVEFL",61,7,"XII","A",null,"H","E","R","R","R",6,"1A1","G binder",5,6,2,11,19,24,29,3,1,2,8]
["ZmbHLH033","GRMZM2G178182",null,"ZmbHLH024","RRGQATDSHSLAERVRRERISERMRVLQALVPGCDKVTGKALVLDEIINYVQSLQNQVEFL",61,7,"XII","A",null,"H","E","R","R","R",6,"1A1","G binder",5,6,2,11,19,24,24,3,1,2,8,36]
["OsbHLH080","LOC_Os08g42470","BEE1",null,"RRGQATDSHSLAERVRRERISERMRMLQALVPGCDKVTGKALILDEIINYVQSLQNQVEFL",61,7,"XII","A","XII","H","E","R","R","R",6,"1A1","G binder",5,6,2,11,19,24,3,1,2,8,19]
["OsbHLH081","LOC_Os09g33580",null,null,"RRGQATDSHSLAERVRRERISERMRMLQALVPGCDKVTGKALILDEIINYVQSLQNQVEFL",61,7,"XII","A","XII","H","E","R","R","R",6,"1A1","G binder",5,6,2,11,19,24,34,3,1,2,8]
["ZmbHLH035","GRMZM5G882527",null,"ZmbHLH022","RRGQATDSHSLAERVRRERISERMRMLQALVPGCDKVTGKALILDEIINYVQSLQNQVEFL",61,7,"XII","A",null,"H","E","R","R","R",6,"1A1","G binder",5,6,2,11,19,24,17,3,1,2,8]
["TabHLH110","TRIAE_CS42_5AL_TGACv1_374347_AA1197610",null,null,"RRGQATDSHSLSERVRRERISERMRMLQSLVPGCDKVTGKALILDEIINYVQSLQNQVEFL",61,7,"XII","A",null,"H","E","R","R","R",6,"1A1","G binder",5,6,2,11,19,24,3,1,2,8,35]
["TabHLH111","TRIAE_CS42_5BL_TGACv1_404942_AA1315780",null,null,"RRGQATDSHSLSERVRRERISERMRMLQSLVPGCDKVTGKALILDEIINYVQSLQNQVEFL",61,7,"XII","A",null,"H","E","R","R","R",6,"1A1","G binder",5,6,2,11,19,24,3,1,2,8]
["TabHLH112","TRIAE_CS42_5DL_TGACv1_433040_AA1399490",null,null,"RRGQATDSHSLSERVRRERISERMRMLQSLVPGCDKVTGKALILDEIINYVQSLQNQVEFL",61,7,"XII","A",null,"H","E","R","R","R",6,"1A1","G binder",5,6,2,11,19,24,3,1,2,8]
["AtbHLH076","AT1G26260",null,null,"RRGQATNSHSLAERVRREKISERMKFLQDLVPGCDKVTGKAVMLDEIINYVQSLQCQIEFL",61,7,"XII","A","XII","H","E","R","R","R",6,"1A1","G binder",5,6,2,11,19,24,38,3,1,2,8]
["AtbHLH063","AT4G34530","CIB1",null,"RRGQATDSHSIAERVRREKISERMKFLQDLVPGCDKITGKAGMLDEIINYVQSLQRQIEFL",61,7,"XII","A","XII","H","E","R","R","R",6,"1A1","G binder",5,6,2,11,19,24,7,3,1,2,8,25]
["ZmbHLH029","GRMZM2G080168",null,"ZmbHLH036","RRGQATDSHSLAERVRREKIGERMKLLQDLVPGCSKVTGKAVMLDEIINYVQSLQRQVEFL",61,7,"XII","A",null,"H","E","R","R","R",6,"1A1","G binder",5,6,2,11,19,24,3,1,2,8]
["ZmbHLH030","GRMZM2G171818",null,"ZmbHLH037","RRGQATDSHSLAERVRREKISERMKLLQDLVPGCSKVTGKAVMLDEIINYVQSLQCQVEFL",61,7,"XII","A",null,"H","E","R","R","R",6,"1A1","G binder",5,6,2,11,19,24,3,1,2,8]
["OsbHLH086","LOC_Os06g16400",null,null,"RRGQATNSHSLAERVRREKISERMKYLQDLVPGCSKVTGKAVMLDEIINYVQSLQRQVEFL",61,7,"XII","A","XII","H","E","R","R","R",6,"1A1","G binder",5,6,2,11,19,24,3,1,2,8,21]
["AtbHLH049","AT1G68920",null,null,"RRGQATNSHSLAERVRREKISERMKFLQDLVPGCNKVTGKAVMLDEIINYVQSLQRQVEFL",61,7,"XII","A","XII","H","E","R","R","R",6,"1A1","G binder",5,6,2,11,19,24,36,14,3,1,2,8]
["TabHLH101","TRIAE_CS42_7AS_TGACv1_571133_AA1844970",null,null,"RSGQATNSHSLAERVRREKISERMKFLQDLVPGCSKVIGKAVMLDEIINYVQSLQRQVEFL",61,7,"XII","A",null,"H","E","R","R","R",5,"1A1","G binder",5,6,2,11,19,24,11,3,1,2,8]
["TabHLH102","TRIAE_CS42_7BS_TGACv1_594159_AA1956400",null,null,"RSGQATNSHSLAERVRREKISERMKFLQDLVPGCSKVIGKAVMLDEIINYVQSLQRQVEFL",61,7,"XII","A",null,"H","E","R","R","R",5,"1A1","G binder",5,6,2,11,19,24,9,3,1,2,8]
["TabHLH103","TRIAE_CS42_7DS_TGACv1_621909_AA2029080",null,null,"RSGQATNSHSLAERVRREKISERMKFLQDLVPGCSKVIGKAVMLDEIINYVQSLQRQVEFL",61,7,"XII","A",null,"H","E","R","R","R",5,"1A1","G binder",5,6,2,11,19,24,3,1,2,8]
["OsbHLH087","LOC_Os08g38080",null,null,"RKGQATNNHSLAERLRREKISERMKLLQDLVPGCSKVTGKALMLDEIINYVQSLQRQVEFL",61,7,"XII","A","XII","H","E","R","R","R",6,"1A1","G binder",5,6,2,11,19,24,3,1,2,8]
["ZmbHLH028","GRMZM5G818643",null,"ZmbHLH032","RRGQATNSHSLAERLRREKISERMKLLQDLVPGCSKVTGKAVMLDEIINYVQSLQRQVEFL",61,7,"XII","A",null,"H","E","R","R","R",6,"1A1","G binder",5,6,2,1,9,14,34,36,3,1,2,8]
["OsbHLH085","LOC_Os09g29830",null,null,"RRGQATNSHSLAERLRREKISERMKLLQDLVPGCSKVTGKAVMLDEIINYVQSLQRQVEFL",61,7,"XII","A","XII","H","E","R","R","R",6,"1A1","G binder",5,6,2,11,19,24,34,14,3,1,2,8,18]
["ZmbHLH027","GRMZM2G137541",null,"ZmbHLH033","RRGQATNSHSLAERLRREKISERMKLLQDLVPGCSKVTGKAVMLDEIINYVQSLQRQVEFL",61,7,"XII","A",null,"H","E","R","R","R",6,"1A1","G binder",5,6,2,11,19,24,30,36,35,14,3,1,2,8]
["TabHLH098","TRIAE_CS42_5AL_TGACv1_374308_AA1196490",null,null,"RRGQATNSHSLAERLRREKISERMKLLQDLVPGCSKVTGKAVMLDEIINYVQSLQRQVEFL",61,7,"XII","A",null,"H","E","R","R","R",6,"1A1","G binder",5,6,2,11,19,24,36,34,3,1,2,8]
["TabHLH099","TRIAE_CS42_5BL_TGACv1_404292_AA1294150",null,null,"RRGQATNSHSLAERLRREKISERMKLLQDLVPGCSKVTGKAVMLDEIINYVQSLQRQVEFL",61,7,"XII","A",null,"H","E","R","R","R",6,"1A1","G binder",5,6,2,11,19,24,36,34,3,1,2,8]
["TabHLH100","TRIAE_CS42_5DL_TGACv1_433614_AA1417740",null,null,"RRGQATNSHSLAERLRREKISERMKLLQDLVPGCSKVTGKAVMLDEIINYVQSLQRQVEFL",61,7,"XII","A",null,"H","E","R","R","R",6,"1A1","G binder",5,6,2,11,19,24,36,34,36,3,1,2,8]
["OsbHLH084","LOC_Os03g51910",null,null,"KRGQATNSHSLAERLRRKKISERMKLLQDLVPGCSKITGKAVMLDEIINYVQSLQRQVEFL",61,7,"XII","A","XII","H","E","R","R","R",6,"1A1","G binder",5,6,2,11,19,24,3,1,2,8]
["ZmbHLH025","GRMZM2G092091",null,"ZmbHLH035","KRGQATNSHSLAERLRRKKISERMKLLQDLVPGCSKITGKAVMLDEIINYVQSLQRQVEFL",61,7,"XII","A",null,"H","E","R","R","R",6,"1A1","G binder",5,6,2,11,19,24,3,1,2,8,2]
["ZmbHLH026","GRMZM2G385543",null,"ZmbHLH034","KRGQATNSHSLAERLRRKKISERMKLLQDLVPGCSKITGKAVMLDEIINYVQSLQRQVEFL",61,7,"XII","A",null,"H","E","R","R","R",6,"1A1","G binder",5,6,2,11,19,24,3,1,2,8]
["TabHLH095","TRIAE_CS42_4AL_TGACv1_288523_AA0950910",null,null,"KRGQATNSHSLAERLRRKKISEKMKLLQDLVPGCNKITGKAVMLDEIINYVQSLQQQVEFL",61,7,"XII","A",null,"H","E","R","R","R",6,"1A1","G binder",5,6,2,11,19,24,3,1,2,8]
["TabHLH096","TRIAE_CS42_4BS_TGACv1_329359_AA1100570",null,null,"KRGQATNSHSLAERLRRKKISERMKLLQDLVPGCNKITGKAVMLDEIINYVQSLQRQVEFL",61,7,"XII","A",null,"H","E","R","R","R",6,"1A1","G binder",5,6,2,11,19,24,3,1,2,8]
["TabHLH097","TRIAE_CS42_4DS_TGACv1_362163_AA1177340",null,null,"KRGQATNSHSLAERLRRKKISERMKLLQDLVPGCNKITGKAVMLDEIINYVQSLQRQVEFL",61,7,"XII","A",null,"H","E","R","R","R",6,"1A1","G binder",5,6,2,11,19,24,3,1,2,8]
["ZmbHLH019","GRMZM2G407119",null,"ZmbHLH038","KRGQATNSHSLAERFRREKINVRMKLLQDLVPGCNKITGKAMMLDEIINYVQSLQRQVEFL",61,7,"XII","other",null,"H","E","R","R","R",6,"1A1","G binder",5,6,2,11,19,24,3,1,2,8]
["OsbHLH088","LOC_Os03g12940",null,null,"KRGQATNSHSLAERFRREKINERMKLLQDLVPGCNKITGKAMMLDEIINYVQSLQRQVEFL",61,7,"XII","A","XII","H","E","R","R","R",6,"1A1","G binder",5,6,2,11,19,24,36,3,1,2,8]
["ZmbHLH018","GRMZM2G180452",null,"ZmbHLH039","KRGQATNSHSLAERFRREKINERMKLLQDLVPGCNKITGKAMMLDEIINYVQSLQRQIEFL",61,6,"XII","A",null,"H","E","R","R","R",6,"1A1","G binder",5,6,2,11,19,24,3,1,2,8,14]
["TabHLH107","TRIAE_CS42_4AS_TGACv1_308656_AA1028900",null,null,"KRGQATNNHSLAERFRREKINERMKHLQDLVPGCNKITGKAMMLDEIINYVQSLQRQVEFL",61,7,"XII","A",null,"H","E","R","R","R",6,"1A1","G binder",5,6,2,11,19,24,36,3,1,2,8]
["TabHLH108","TRIAE_CS42_4BL_TGACv1_320413_AA1038310",null,null,"KRGQATNNHSLAERFRREKINERMKHLQDLVPGCNKITGKAMMLDEIINYVQSLQRQVEFL",61,7,"XII","A",null,"H","E","R","R","R",6,"1A1","G binder",5,6,2,11,19,24,3,1,2,8,14]
["TabHLH109","TRIAE_CS42_4DL_TGACv1_342599_AA1117480",null,null,"KRGQATNNHSLAERFRREKINERMKHLQDLVPGCNKITGKAMMLDEIINYVQSLQRQVEFL",61,7,"XII","A",null,"H","E","R","R","R",6,"1A1","G binder",5,6,2,11,19,24,3,1,2,8]
["AtbHLH074","AT1G10120",null,null,"RRGQATNSHSLAERVRREKISERMRLLQELVPGCNKITGKAVMLDEIINYVQSLQQQVEFL",61,7,"XII","A","XII","H","E","R","R","R",6,"1A1","G binder",5,6,2,11,19,24,3,1,2,8]
["AtbHLH077","AT3G23690",null,null,"RRGQATDSHSLAERARREKISERMTLLQDLVPGCNRITGKAVMLDEIINYVQSLQRQVEFL",61,7,"XII","A","XII","H","E","R","R","R",6,"1A1","G binder",5,6,2,11,19,24,3,1,2,8]
["AtbHLH062","AT3G07340",null,null,"RRGQATDSHSLAERVRREKISERMKLLQDLVPGCNKVTGKALMLDEIINYVQSLQRQVEFL",61,7,"XII","A","XII","H","E","R","R","R",6,"1A1","G binder",5,6,2,11,19,24,33,3,1,2,8,34,21]
["AtbHLH078","AT5G48560",null,null,"RRGQATDSHSLAERVRREKIGERMKLLQDLVPGCNKVTGKALMLDEIINYVQSLQRQVEFL",61,7,"XII","A","XII","H","E","R","R","R",6,"1A1","G binder",5,6,2,11,19,24,34,36,23,3,1,2,8,34]
["OsbHLH093","LOC_Os04g28280","An-1",null,"RRGQATDSHSLAERVRRERISERMKLLQSLVPGCNKITGKALMLDEIINYVQSLQRQVEFL",61,7,"XII","A","XII","H","E","R","R","R",6,"1A1","G binder",5,6,2,11,19,24,3,1,2,8]
["TabHLH086","TRIAE_CS42_2AL_TGACv1_093921_AA0289390",null,null,"RRGQATDSHSLAERVRREKIGERMKLLQSLVPSCNKITGKALMLDEIINYVQSLQRQVEFL",61,7,"XII","A",null,"H","E","R","R","R",6,"1A1","G binder",5,6,2,11,19,24,1,17,3,1,2,8]
["TabHLH087","TRIAE_CS42_2BL_TGACv1_129357_AA0380060",null,null,"RRGQATDSHSLAERVRREKIGERMKLLQSLVPSCNKITGKALMLDEIINYVQSLQRQVEFL",61,7,"XII","A",null,"H","E","R","R","R",6,"1A1","G binder",5,6,2,11,19,24,1,26,3,1,2,8]
["TabHLH088","TRIAE_CS42_2DL_TGACv1_160046_AA0545980",null,null,"RRGQATDSHSLAERVRREKIGERMKLLQSLVPSCNKITGKALMLDEIINYVQSLQRQVEFL",61,7,"XII","A",null,"H","E","R","R","R",6,"1A1","G binder",5,6,2,11,19,24,1,17,3,1,2,8]
["AtbHLH048","AT2G42300",null,null,"RRGQATDNHSLAERARREKINARMKLLQELVPGCDKIQGTALVLDEIINHVQTLQRQVEML",61,7,"XII","A","XII","H","E","R","R","R",6,"1A1","G binder",5,6,2,10,18,23,1,3,1,2,8,34]
["AtbHLH060","AT3G57800",null,null,"RRGQATDSHSLAERARREKINARMKLLQELVPGCDKIQGTALVLDEIINHVQSLQRQVEML",61,7,"XII","A","XII","H","E","R","R","R",6,"1A1","G binder",5,6,2,10,18,23,3,1,2,8,34]
["ZmbHLH038","GRMZM2G074438",null,"ZmbHLH043","RRGQATDSHSLAERARREKINARMELLKELVPGCSKVSGTALVLDEIINHVQSLQRQVEYL",61,7,"XII","A",null,"H","E","R","R","R",6,"1A1","G binder",5,6,2,10,18,23,36,3,1,2,8,34]
["OsbHLH095","LOC_Os06g41060",null,null,"MELLKELVPGCSKVSGTALVLDEIINHVQSLQRQVEYL",38,7,"XII","A","XII","-","-","-","-","-",0,2,"non DNA binder",4,4,2,9,15,19,2,8,34]
["ZmbHLH039","GRMZM2G378653",null,"ZmbHLH042","RRGQATDSHSLAERARREKINARMELLKELVPGCSKVSGTALVLDEIINHVQSLQRQVEYL",61,7,"XII","A",null,"H","E","R","R","R",6,"1A1","G binder",5,6,2,10,18,23,36,14,3,1,2,8,34]
["TabHLH121","TRIAE_CS42_7AL_TGACv1_556882_AA1772710",null,null,"RRGQATDSHSLAERARREKINARMELLKELVPGCSKVSGTALVLEEIINHVQSLQRQVEYL",61,7,"XII","A",null,"H","E","R","R","R",6,"1A1","G binder",5,6,2,10,18,23,36,3,1,2,8,34]
["TabHLH122","TRIAE_CS42_7BL_TGACv1_577372_AA1873650",null,null,"RRGQATDSHSLAERARREKINARMELLKELVPGCSKVSGTALVLEEIINHVQSLQRQVEYL",61,7,"XII","A",null,"H","E","R","R","R",6,"1A1","G binder",5,6,2,10,18,23,17,3,1,2,8,34]
["TabHLH123","TRIAE_CS42_7DL_TGACv1_603192_AA1978010",null,null,"RRGQATDSHSLAERARREKINARMELLKELVPGCSKVSGTALVLEEIINHVQSLQRQVEYL",61,7,"XII","A",null,"H","E","R","R","R",6,"1A1","G binder",5,6,2,10,18,23,17,3,1,2,8,34]
["AtbHLH058","AT4G36540","BEE2",null,"RRGEATDRHSLAERARREKISKKMKCLQDIVPGCNKVTGKAGMLDEIINYVQSLQQQVEFL",61,7,"XII","H","XII","H","E","R","R","R",7,"1A1","G binder",5,6,2,11,19,24,3,1,2,8,29]
["AtbHLH064","AT2G18300",null,null,"RRGQATDRHSLAERARREKISKKMKYLQDIVPGCNKVTGKAGMLDEIINYVQCLQRQVEFL",61,7,"XII","A","XII","H","E","R","R","R",7,"1A1","G binder",5,6,2,11,19,24,34,3,1,2,8]
["AtbHLH031","AT1G59640","BPE, ZCW32",null,"RRGQATDSHSLAERARREKISERMKILQDLVPGCNKVIGKALVLDEIINYIQSLQRQVEFL",61,7,"XII","A","XII","H","E","R","R","R",6,"1A1","G binder",5,6,2,11,19,24,3,1,2,8]
["AtbHLH079","AT5G62610",null,null,"RRGQATDRHSLAERARREKISEKMTALQDIIPGCNKIIGKALVLDEIINYIQSLQRQVEFL",61,7,"XII","A","XII","H","E","R","R","R",7,"1A1","G binder",5,6,2,11,19,24,36,3,1,2,8]
["OsbHLH094","LOC_Os07g09590",null,null,"RRGQATDSHSLAERARREKISERMKILQDLVPGCNKVIGKASVLDEIINYIQSLQHQVEFL",61,7,"XII","A","XII","H","E","R","R","R",6,"1A1","G binder",5,6,2,12,20,25,34,36,36,3,1,2,8]
["ZmbHLH032","GRMZM2G008898",null,"ZmbHLH041","RRGQATDSHSLAERARREKISERMKVLQDIVPGCNKVIGKASVLDEIINYIQSLQRQVEFL",61,7,"XII","A",null,"H","E","R","R","R",6,"1A1","G binder",5,6,2,12,20,25,24,3,1,2,8]
["ZmbHLH031","GRMZM2G137358",null,"ZmbHLH040","RRGQATDSHSLAERARREKISERMKVLQDLVPGCNKVIGKASVLDEIINYIQSLQCQVEFL",61,7,"XII","A",null,"H","E","R","R","R",6,"1A1","G binder",5,6,2,12,20,25,38,36,36,3,1,2,8]
["OsbHLH089","LOC_Os03g58830",null,null,"RRGQATDSHSLAERARREKISERMKILQDLVPGCNKVIGKASVLDEIINYIQALQRQVEFL",61,7,"XII","A","XII","H","E","R","R","R",6,"1A1","G binder",5,6,2,12,20,25,36,36,36,3,1,2,8]
["TabHLH118","TRIAE_CS42_5AL_TGACv1_374284_AA1196090",null,null,"RRGQATDSHSLAERARREKITERMKILQDLVPGCNKVIGKASVLDEIINYVQALERQIEFL",61,7,"XII","A",null,"H","E","R","R","R",6,"1A1","G binder",5,6,2,11,19,24,36,3,1,2,8]
["TabHLH119","TRIAE_CS42_5BL_TGACv1_407256_AA1354920",null,null,"RRGQATDSHSLAERARREKITERMKILQDLVPGCNKVIGKASVLDEIINYVQALERQIEFL",61,7,"XII","A",null,"H","E","R","R","R",6,"1B","non E binder",5,6,2,11,19,24,36,3,1,2,8]
["TabHLH120","TRIAE_CS42_5DL_TGACv1_434122_AA1429800",null,null,"RRGQATDSHSLAERARREKITERMKILQDLVPGCNKVIGKASVLDEIINYVQALERQIEFL",61,7,"XII","A",null,"H","E","R","R","R",6,"1A1","G binder",5,6,2,11,19,24,36,3,1,2,8]
["OsbHLH090","LOC_Os01g68700",null,null,"RRGEATDSHSLAERVRREKISQRMKLLQDLVPGCNKVVGKAVMLDEIINYVQSLQRQVEFL",61,7,"XII","A","XII","H","E","R","R","R",6,"1A1","G binder",5,6,2,11,19,24,36,36,24,3,1,2,8]
["ZmbHLH021","GRMZM2G180406",null,"ZmbHLH028","RRGEATDSHSLAERVRREKISQRMKLLQDLVPGCNKVVGKAVMLDEIINYVQSLQRQVEFL",61,7,"XII","A",null,"H","E","R","R","R",6,"1A1","G binder",5,6,2,11,19,24,36,3,1,2,8]
["ZmbHLH022","GRMZM2G030762",null,"ZmbHLH029","RRGEATDSHSLAERVRREKISQRMKLLQDLVPGCNKVVGKAVMLDEIINYVQSLQRQVEFL",61,7,"XII","A",null,"H","E","R","R","R",6,"1B","non E binder",5,6,2,11,19,24,34,36,24,3,1,2,8]
["TabHLH089","TRIAE_CS42_3AL_TGACv1_194277_AA0630140",null,null,"RRGEATDSHSLAERVRREKISQRMKLLQDLVPGCNKVVGKAVMLDEIINYVQSLQRQVEFL",61,7,"XII","A",null,"H","E","R","R","R",6,"1A1","G binder",5,6,2,11,19,24,34,3,1,2,8,34]
["TabHLH090","TRIAE_CS42_3B_TGACv1_222450_AA0764830",null,null,"RRGEATDSHSLAERVRREKISQRMKLLQDLVPGCNKVVGKAVMLDEIINYVQSLQRQVEFL",61,7,"XII","A",null,"H","E","R","R","R",6,"1A1","G binder",5,6,2,11,19,24,34,36,3,1,2,8,34]
["TabHLH091","TRIAE_CS42_3DL_TGACv1_249382_AA0847200",null,null,"RRGEATDSHSLAERVRREKISQRMKLLQDLVPGCNKVVGKAVMLDEIINYVQSLQRQVEFL",61,7,"XII","A",null,"H","E","R","R","R",6,"1A1","G binder",5,6,2,11,19,24,34,36,3,1,2,8,34]
["OsbHLH091","LOC_Os08g41320",null,null,"RRGQATDSHSLAERVRRERISQRMKVLQDLVPGCNKVIGKALMLDEIINYVQSLQRQVEFL",61,7,"XII","A","XII","H","E","R","R","R",6,"1A1","G binder",5,6,2,11,19,24,36,17,3,1,2,8]
["ZmbHLH020","GRMZM5G828396",null,"ZmbHLH027","RRGQATDSHSLAERVRRERISQRMKVLQDLVPGCNKVIGKALMLDEIINYVQSLQRQVEFL",61,7,"XII","A",null,"H","E","R","R","R",6,"1A1","G binder",5,6,2,11,19,24,3,1,2,8,5,9]
["TabHLH092","TRIAE_CS42_7AS_TGACv1_571875_AA1850490",null,null,"RRGQATDSHSLAERVRRERISQRMKFLQDLVPGCNKVIGKALMLDEIINYVQSLQRQVEFL",61,7,"XII","A",null,"H","E","R","R","R",6,"1A1","G binder",5,6,2,11,19,24,36,3,1,2,8,34]
["TabHLH093","TRIAE_CS42_7BS_TGACv1_592241_AA1934170",null,null,"RRGQATDSHSLAERVRRERISQRMKFLQDLVPGCNKVIGKALMLDEIINYVQSLQRQVEFL",61,7,"XII","A",null,"H","E","R","R","R",6,"1A1","G binder",5,6,2,11,19,24,36,3,1,2,8,34]
["TabHLH094","TRIAE_CS42_7DS_TGACv1_624521_AA2061810",null,null,"RRGQATDSHSLAERVRRERISQRMKFLQDLVPGCNKVIGKALMLDEIINYVQSLQRQVEFL",61,7,"XII","A",null,"H","E","R","R","R",6,"1A1","G binder",5,6,2,11,19,24,36,3,1,2,8,34]
["OsbHLH092","LOC_Os09g32510",null,null,"RRGQATDSHSLAERVRREKISQRMKVLQDLVPGCNKVVGKALMLDEIINYVQSLQQQVEFL",61,7,"XII","A","XII","H","E","R","R","R",6,"1A1","G binder",5,6,2,11,19,24,36,3,1,2,8,11]
["ZmbHLH023","GRMZM2G083504",null,"ZmbHLH031","RRGQATDSHSLAERVRREKISQRMKFLQDLVPGCNKVVGKALMLDEIINYVQSLQQQVEFL",61,7,"XII","A",null,"H","E","R","R","R",6,"1A1","G binder",5,6,2,11,19,24,36,3,1,2,8,36]
["ZmbHLH024","GRMZM2G144275",null,"ZmbHLH030","RRGQATDSHSLAERVRREKISQRMKFLQDLVPGCNKVVGKALMLDEIINYVQSLQQQVEFL",61,7,"XII","A",null,"H","E","R","R","R",6,"1A1","G binder",5,6,2,11,19,24,36,14,3,1,2,8,25]
["TabHLH104","TRIAE_CS42_5AL_TGACv1_375841_AA1227830",null,null,"RRGQATDSHSLAERVRREKITLKMKMLQDLVPGCNKVIGKALMLDEIINYVQSLQQQVEFL",61,7,"XII","A",null,"H","E","R","R","R",6,"1A1","G binder",5,6,2,11,19,24,36,36,36,3,1,2,8]
["TabHLH105","TRIAE_CS42_5BL_TGACv1_404446_AA1300110",null,null,"RRGQATDSHSLAERVRREKITLKMKMLQDLVPGCNKVIGKALMLDEIINYVQSLQQQVEFL",61,7,"XII","A",null,"H","E","R","R","R",6,"1A1","G binder",5,6,2,11,19,24,36,36,3,1,2,8]
["TabHLH106","TRIAE_CS42_5DL_TGACv1_435131_AA1446470",null,null,"RRGQATDSHSLAERVRREKITLKMKMLQDLVPGCNKVIGKALMLDEIINYVQSLQQQVEFL",61,7,"XII","A",null,"H","E","R","R","R",6,"1A1","G binder",5,6,2,11,19,24,36,36,3,1,2,8]
["AtbHLH140","AT5G01310","ROX1",null,"TSTLSTDPQSVAARDRRHRISDRFKILQSMVPGGAKMDTVSMLDEAISYVKFLKAQIWYH",60,6,"VIIIb","P","VIIIb","Q","A","R","R","R",3,2,"non DNA binder",5,5,2,10,17,22,14,1,2,7,12,29,17]
["ZmbHLH074","GRMZM2G397518",null,"ZmbHLH058","GAKLSTDPQSVAARERRHRISDRFRVLRSLVPGGSKMDTVSMLEQAIHYVKFLKTQISLH",60,6,"VIIIb","P",null,"Q","A","R","R","R",4,2,"non DNA binder",5,6,2,9,17,22,14,1,2]
["OsbHLH123","LOC_Os01g61480","LAX1",null,"GAKLSTDPQSVAARERRHRISDRFRVLRSLVPGGSKMDTVSMLEQAIHYVKFLKAQVTLH",60,6,"VIIIb","P","VIIIb","Q","A","R","R","R",4,2,"non DNA binder",5,6,2,9,17,22,14,1,2]
["TabHLH060","TRIAE_CS42_U_TGACv1_641629_AA2099820",null,null,"GAKLSTDPQSVAARERRHRISDRFRVLRSLVPGGSKMDTVSMLEQAIHYVKFLKAQVSLY",60,6,"VIIIb","P",null,"Q","A","R","R","R",4,2,"non DNA binder",5,6,2,9,17,22,14,1,2]
["TabHLH058","TRIAE_CS42_3AL_TGACv1_193676_AA0617410",null,null,"GAKLSTDPQSVAARERRHRISDRFRVLRSLVPGGSKMDTVSMLEQAIHYVKFLKAQVSLH",60,6,"VIIIb","P",null,"Q","A","R","R","R",4,2,"non DNA binder",5,6,2,9,17,22,14,1,2]
["TabHLH059","TRIAE_CS42_3DL_TGACv1_251575_AA0882640",null,null,"GAKLSTDPQSVAARERRHRISDRFRVLRSLVPGGSKMDTVSMLEQAIHYVKFLKAQVSLH",60,6,"VIIIb","P",null,"Q","A","R","R","R",4,2,"non DNA binder",5,6,2,9,17,22,14,1,2]
["OsbHLH122","LOC_Os06g10820",null,null,"NARVSSEPQSVAARLRRERVSQRMRALQRLVPGGARLDTASMLEEAIRYVKFLKGHVQSL",60,6,"VIIIb","P","VIIIb","Q","A","R","R","R",4,2,"non DNA binder",5,5,2,11,18,23,25,14,1,2]
["TabHLH055","TRIAE_CS42_7AS_TGACv1_569497_AA1817540",null,null,"NGRVSSEPQSVAARLRRERVSQRMRALQRLVPGGARLDTASMLEEAVRYVRFLKSHVQAL",60,6,"VIIIb","P",null,"Q","A","R","R","R",4,2,"non DNA binder",5,5,2,10,17,22,14,1,2]
["TabHLH056","TRIAE_CS42_7BS_TGACv1_592977_AA1946950",null,null,"NGRVSSEPQSVAARLRRERVSQRMRALQRLVPGGARLDTASMLEEAVRYVRFLKSHVQAL",60,6,"VIIIb","P",null,"Q","A","R","R","R",4,2,"non DNA binder",5,5,2,10,17,22,14,1,2]
["TabHLH057","TRIAE_CS42_7DS_TGACv1_621980_AA2030600",null,null,"NGRVSSEPQSVAARLRRERVSQRMRALQRLVPGGARLDTASMLEEAVRYVRFLKSHVQAL",60,6,"VIIIb","P",null,"Q","A","R","R","R",4,2,"non DNA binder",5,5,2,10,17,22,14,1,2]
["AtbHLH087","AT3G21330",null,null,"NVKISTDPQTVAARQRRERISEKIRVLQTLVPGGTKMDTASMLDEAANYLKFLRAQVKAL",60,6,"VIIIb","P","VIIIb","Q","A","R","R","R",4,2,"non DNA binder",5,6,2,10,18,23,34,34,36,16,26,14,1,2,5]
["ZmbHLH073","GRMZM2G164341",null,"ZmbHLH054","NVRISSDPQTVAARQRRERISERLRVLQKLVPGGAKMDTASMLDEAASYLRFLQSQVREL",60,6,"VIIIb","P",null,"Q","A","R","R","R",4,2,"non DNA binder",5,6,2,10,18,23,34,36,26,14,1,2]
["ZmbHLH072","GRMZM2G081816",null,"ZmbHLH055","NVRISSDPQTVAARQRRERISDRLRVLQKLVPGGAKMDTASMLDEAASYLRFLKSQVRDL",60,6,"VIIIb","P",null,"Q","A","R","R","R",4,2,"non DNA binder",5,6,2,10,18,23,36,34,9,34,36,26,14,1,2]
["TabHLH043","TRIAE_CS42_3AL_TGACv1_195785_AA0653890",null,null,"NVRISSDPQTVAARQRRERISERLRVLQKLVPGGAKMDTASMLDEAANYLRFLKSQLREL",60,6,"VIIIb","P",null,"Q","A","R","R","R",4,2,"non DNA binder",5,6,2,10,18,23,36,34,24,36,26,14,1,2,36]
["OsbHLH117","LOC_Os01g38610",null,null,"NVRISSDPQTVAARQRRERISERLRVLQKLVPGGAKMDTASMLDEAANYLRFLKSQIREL",60,6,"VIIIb","P","VIIIb","Q","A","R","R","R",4,2,"non DNA binder",5,6,2,10,18,23,36,36,34,37,36,24,36,26,14,1,2,36]
["TabHLH044","TRIAE_CS42_3B_TGACv1_222101_AA0757380",null,null,"NVRISSDPQTVAARQRRERISERLRVLQKLVPGGAKMDTASMLDEAANYLRFLKSQIREL",60,6,"VIIIb","P",null,"Q","A","R","R","R",4,2,"non DNA binder",5,6,2,10,18,23,36,34,36,26,14,1,2]
["TabHLH045","TRIAE_CS42_3DL_TGACv1_251735_AA0884420",null,null,"NVRISSDPQTVAARQRRERISERLRVLQKLVPGGAKMDTASMLDEAANYLRFLKSQIREL",60,6,"VIIIb","P",null,"Q","A","R","R","R",4,2,"non DNA binder",5,6,2,10,18,23,36,34,36,26,14,1,2,36]
["ZmbHLH070","GRMZM2G111666",null,"ZmbHLH056","NVRISSDPQTVAARLRRERVSERLRVLQKLVPGGSKMDTASMLDEAASYLKFLKSQVQAL",60,6,"VIIIb","P",null,"Q","A","R","R","R",4,2,"non DNA binder",5,5,2,11,18,23,36,36,26,14,1,2,36]
["OsbHLH118","LOC_Os01g51140",null,null,"NVRISSDPQTVAARLRRERVSDRLRVLQKLVPGGNKMDTASMLDEAASYLKFLKSQVQKL",60,6,"VIIIb","P","VIIIb","Q","A","R","R","R",4,2,"non DNA binder",5,5,2,11,18,23,36,36,34,26,14,1,2]
["TabHLH040","TRIAE_CS42_3AL_TGACv1_195166_AA0645630",null,null,"NVRISSDPQTVAARLRRERVSDRLRVLQKLVPGGSKMDTASMLDEAASYLKFLKSQVQAL",60,6,"VIIIb","P",null,"Q","A","R","R","R",4,2,"non DNA binder",5,5,2,11,18,23,36,26,14,1,2,34]
["TabHLH041","TRIAE_CS42_3B_TGACv1_223262_AA0779260",null,null,"NVRISSDPQTVAARLRRERVSDRLRVLQKLVPGGSKMDTASMLDEAASYLKFLKSQVQAL",60,6,"VIIIb","P",null,"Q","A","R","R","R",4,2,"non DNA binder",5,5,2,11,18,23,36,26,14,1,2]
["TabHLH042","TRIAE_CS42_3DL_TGACv1_253633_AA0895140",null,null,"NVRISSDPQTVAARLRRERVSDRLRVLQKLVPGGSKMDTASMLDEAASYLKFLKSQVQAL",60,6,"VIIIb","P",null,"Q","A","R","R","R",4,2,"non DNA binder",5,5,2,11,18,23,36,26,14,1,2,34]
["OsbHLH119","LOC_Os05g46370","LF",null,"NVRISSDPQTVAARLRRERVSERLRVLQRLVPGGSKMDTATMLDEAASYLKFLKSQLEAL",60,6,"VIIIb","P","VIIIb","Q","A","R","R","R",4,2,"non DNA binder",5,5,2,11,18,23,30,15,26,14,1,2,30]
["ZmbHLH071","GRMZM2G094892",null,"ZmbHLH057","NVRISSDPQTVAARLRRERVSERLRVLQRLVPGGSRMDTASMLDEAAGYLKFLKSQVKAL",60,6,"VIIIb","P",null,"Q","A","R","R","R",4,2,"non DNA binder",5,5,2,11,18,23,29,36,26,14,1,2]
["TabHLH037","TRIAE_CS42_1AL_TGACv1_002331_AA0040910",null,null,"NVRISSDPQTVAARLRREKVSERLRALQRLVPGGSKMDTASMLDEAASYLKFLKSQVAAL",60,6,"VIIIb","P",null,"Q","A","R","R","R",4,2,"non DNA binder",5,5,2,11,18,23,36,36,26,14,1,2,36,36,30]
["TabHLH038","TRIAE_CS42_1BL_TGACv1_030506_AA0092700",null,null,"NVRISSDPQTVAARLRREKVSERLRALQRLVPGGSKMDTASMLDEAASYLKFLKSQVAAL",60,6,"VIIIb","P",null,"Q","A","R","R","R",4,2,"non DNA binder",5,5,2,11,18,23,36,36,26,14,1,2,36,30]
["TabHLH039","TRIAE_CS42_1DL_TGACv1_062219_AA0210680",null,null,"NVRISSDPQTVAARLRREKVSERLRALQRLVPGGSKMDTASMLDEAASYLKFLKSQVAAL",60,6,"VIIIb","P",null,"Q","A","R","R","R",4,2,"non DNA binder",5,5,2,11,18,23,36,36,6,26,14,1,2,30]
["ZmbHLH062","GRMZM2G134735",null,"ZmbHLH051","NARISTDPQSVAARVRRERISERIRVLQRLVPGGTKMDTASMLDEAIHYVKFLKTQVQSL",60,6,"VIIIb","P",null,"Q","A","R","R","R",4,2,"non DNA binder",5,6,2,12,20,25,11,26,14,1,2]
["ZmbHLH064","GRMZM2G414252",null,"ZmbHLH052","NVRVSKDPQSVAARLRRERISERIRALQRLVPGGTKMDTASMLDEAIQYVKFLKSQLQSL",60,6,"VIIIb","P",null,"Q","A","R","R","R",5,"1B","non E binder",5,6,2,12,20,25,25,34,26,14,1,2,13]
["TabHLH048","TRIAE_CS42_6AS_TGACv1_487945_AA1573750",null,null,"NVRTSKDPQSVAARLRRERISERIRVLQRLVPGGTKMDTASMLDEAIHYVKFLKSQV",57,6,"VIIIb","P",null,"Q","A","R","R","R",5,"1B","non E binder",5,6,2,11,19,24,36,24,14,1,2]
["TabHLH046","TRIAE_CS42_5AL_TGACv1_374167_AA1192220",null,null,"NVRTSKDPQSVAARLRRERISERIRVLQRLVPGGTKMDTASMLDEAIHYVKFLKSQVQSL",60,6,"VIIIb","P",null,"Q","A","R","R","R",5,"1B","non E binder",5,6,2,12,20,25,34,36,24,14,1,2]
["TabHLH047","TRIAE_CS42_5DL_TGACv1_436794_AA1463240",null,null,"NVRTSKDPQSVAARLRRERISERIRVLQRLVPGGTKMDTASMLDEAIHYVKFLKSQVQSL",60,6,"VIIIb","P",null,"Q","A","R","R","R",5,"1B","non E binder",5,6,2,12,20,25,34,36,24,14,1,2]
["TabHLH051","TRIAE_CS42_7BS_TGACv1_594444_AA1957600",null,null,"NVHISTDPQSVAARMRRERISERIRILQRLVPGGTKMDTASMLDEAIHYVKFLKTQVQSL",60,6,"VIIIb","P",null,"Q","A","R","R","R",4,2,"non DNA binder",5,6,2,12,20,25,26,14,1,2]
["OsbHLH121","LOC_Os08g36740",null,null,"NVRISTDPQSVAARMRRERISERIRILQRLVPGGTKMDTASMLDEAIHYVKFLKTQVQSL",60,6,"VIIIb","P","VIIIb","Q","A","R","R","R",4,2,"non DNA binder",5,6,2,12,20,25,36,26,14,1,2]
["ZmbHLH063","GRMZM2G471635",null,"ZmbHLH050","NVRISTDPQSVAARMRRERISERIRILQRLVPGGTKMDTASMLDEAIHYVKFLKTQVQSL",60,6,"VIIIb","P",null,"Q","A","R","R","R",4,2,"non DNA binder",5,6,2,12,20,25,26,14,1,2]
["TabHLH049","TRIAE_CS42_7AS_TGACv1_569842_AA1825040",null,null,"NVRISTDPQSVAARMRRERISERIRILQRLVPGGTKMDTASMLDEAIHYVKFLKTQVQSL",60,6,"VIIIb","P",null,"Q","A","R","R","R",4,2,"non DNA binder",5,6,2,12,20,25,26,14,1,2]
["TabHLH050","TRIAE_CS42_7DS_TGACv1_623499_AA2053860",null,null,"NVRISTDPQSVAARMRRERISERIRILQRLVPGGTKMDTASMLDEAIHYVKFLKTQVQSL",60,6,"VIIIb","P",null,"Q","A","R","R","R",4,2,"non DNA binder",5,6,2,12,20,25,26,14,1,2]
["AtbHLH037","AT3G50330","HEC2",null,"NVRISKDPQSVAARHRRERISERIRILQRLVPGGTKMDTASMLDEAIHYVKFLKKQVQSL",60,6,"VIIIb","P","VIIIb","Q","A","R","R","R",6,"1B","non E binder",5,6,2,12,20,25,26,14,1,2,36]
["AtbHLH088","AT5G67060","HEC1",null,"NVRISKDPQSVAARHRRERISERIRILQRLVPGGTKMDTASMLDEAIHYVKFLKKQVQSL",60,6,"VIIIb","P","VIIIb","Q","A","R","R","R",6,"1B","non E binder",5,6,2,12,20,25,3,26,14,1,2,36,36]
["OsbHLH120","LOC_Os09g28210","qRT9",null,"NVRISKDPQSVAARLRRERISERIRILQRLVPGGTKMDTASMLDEAIHYVKFLKSQVQSL",60,6,"VIIIb","P","VIIIb","Q","A","R","R","R",5,"1B","non E binder",5,6,2,12,20,25,26,14,1,2,34]
["ZmbHLH065","GRMZM2G045431",null,"ZmbHLH053","NVRISKDPQSVAARLRRERISERIRTLQRLVPGGTKMDTASMLDEAIHYVKFLKSQVQSL",60,6,"VIIIb","P",null,"Q","A","R","R","R",5,"1B","non E binder",5,6,2,12,20,25,25,24,14,1,2]
["AtbHLH043","AT5G09750","HEC3",null,"NVRISDDPQSVAARHRRERISERIRILQRLVPGGTKMDTASMLDEAIRYVKFLKRQIRLL",60,6,"VIIIb","P","VIIIb","Q","A","R","R","R",5,"1B","non E binder",5,6,2,12,20,25,34,26,14,1,2]
["AtbHLH040","AT4G00120","IND, EDA33",null,"NVRISDDPQTVVARRRRERISEKIRILKRIVPGGAKMDTASMLDEAIRYTKFLKRQVRIL",60,6,"VIIIb","P","VIIIb","Q","A","R","R","R",5,"1B","non E binder",5,6,2,12,20,25,26,14,1,2]
["OsbHLH124","LOC_Os08g01700",null,null,"NVRISDDPQSVAARHRRERISERIRILQRLVPGGTKMDTASMLDEAIRYIKFLKRQVQEL",60,6,"VIIIb","P","VIIIb","Q","A","R","R","R",5,"1B","non E binder",5,6,2,12,20,25,34,34,36,26,14,1,2,36]
["TabHLH052","TRIAE_CS42_7AL_TGACv1_558191_AA1791090",null,null,"NVRISEDPQSVAARHRRERISERIRILQRLVPGGTKMDTASMLDEAIRYIKFLKRQVQDL",60,6,"VIIIb","P",null,"Q","A","R","R","R",5,"1B","non E binder",5,6,2,12,20,25,34,34,34,26,14,1,2,34]
["TabHLH053","TRIAE_CS42_7BL_TGACv1_577424_AA1875200",null,null,"NVRISEDPQSVAARHRRERISERIRILQRLVPGGTKMDTASMLDEAIRYIKFLKRQVQDL",60,6,"VIIIb","P",null,"Q","A","R","R","R",5,"1B","non E binder",5,6,2,12,20,25,34,34,34,26,14,1,2,34,36]
["TabHLH054","TRIAE_CS42_7DL_TGACv1_602759_AA1967510",null,null,"NVRISEDPQSVAARHRRERISERIRILQRLVPGGTKMDTASMLDEAIRYIKFLKRQVQDL",60,6,"VIIIb","P",null,"Q","A","R","R","R",5,"1B","non E binder",5,6,2,12,20,25,34,34,34,26,14,1,2,34,36]
["ZmbHLH066","GRMZM5G817854",null,"ZmbHLH047","NVRISEDPQSVAARHRRERISERVRVLQRLVPGGTKMDTASMLDEAIRYIKFLKRQVQEL",60,6,"VIIIb","P",null,"Q","A","R","R","R",5,"1B","non E binder",5,6,2,12,20,25,34,26,14,1,2]
["ZmbHLH067","GRMZM5G818776",null,"ZmbHLH046","NVRISEDPQSVAARHRRERISERVRVLQRLVPGGTKMDTASMLDEAIRYIKFLKRQVQEL",60,6,"VIIIb","P",null,"Q","A","R","R","R",5,"1B","non E binder",5,6,2,12,20,25,34,26,14,1,2]
["ZmbHLH068","GRMZM5G812883",null,"ZmbHLH048","NVRISEDPQSVAARHRRERISERVRVLQRLVPGGTKMDTASMLDEAIRYIKFLKRQVQEL",60,6,"VIIIb","P",null,"Q","A","R","R","R",5,"1B","non E binder",5,6,2,12,20,25,34,26,14,1,2]
["ZmbHLH069","GRMZM2G354618",null,"ZmbHLH049","NVRISEDPQSVVARHRRERISERVRVLQRLVPGGTKMDTASMLDEAIRYIKFLKRQVQEL",60,6,"VIIIb","P",null,"Q","A","R","R","R",5,"1B","non E binder",5,6,2,12,20,25,34,26,14,1,2]
["OsbHLH127","LOC_Os06g30090",null,null,"QRANNKETQSSAAKSRRERISERLRALQELVPSGGKVDMVTMLDRAISYVKFMQMQLRVL",60,6,"VIIIc(1)","H","VIIIc(1)","Q","A","K","R","R",5,"1B","non E binder",5,6,2,9,17,22,38,31,36,1,2,20]
["TabHLH034","TRIAE_CS42_7AS_TGACv1_570301_AA1833620",null,null,"ATSSAKDTQSDAAKTRRERIGERLRVLQELVPNGSKVDMVTMLDKAITYVKFMQLQLTVL",60,6,"VIIIc(1)","E",null,"Q","A","K","R","R",4,2,"non DNA binder",5,6,2,9,17,22,36,1,2,20]
["TabHLH035","TRIAE_CS42_7BS_TGACv1_591858_AA1923730",null,null,"PTSSAKDPQSDAAKTRRERIGERLRVLQELVPNGNKVDMVTMLDKAITYVKFMQLQLTVL",60,6,"VIIIc(1)","E",null,"Q","A","K","R","R",4,2,"non DNA binder",5,6,2,9,17,22,36,1,2,20]
["TabHLH036","TRIAE_CS42_7DS_TGACv1_622929_AA2047440",null,null,"ATTSAKDPQSDAAKTRRERIGERLRVLQELVPNGNKVDMVTMLDKAITYVKFMQLQLTVL",60,6,"VIIIc(1)","E",null,"Q","A","K","R","R",4,2,"non DNA binder",5,6,2,9,17,22,1,2,20]
["OsbHLH125","LOC_Os01g02110",null,null,"PSPNKEQPQSAAAKVRRERISERLKVLQDLVPNGTKVDLVTMLEKAINYVKFLQLQVKVL",60,6,"VIIIc(1)","A","VIIIc(1)","Q","A","K","R","R",4,2,"non DNA binder",5,6,2,10,18,23,36,36,36,1,2,20]
["ZmbHLH081","GRMZM2G066057",null,"ZmbHLH064","APAPTKDPQSVAAKVRREKIAEKLKVLQDLVPNGTKVDLVTMLEKAITYVKFLQLQVKVL",60,6,"VIIIc(1)","D",null,"Q","A","K","R","R",4,2,"non DNA binder",5,6,2,10,18,23,36,36,34,24,1,2,20]
["TabHLH022","TRIAE_CS42_3AS_TGACv1_211357_AA0689070",null,null,"KVVPTKDPQSVVAKVRRERISERLKVLQDLVPNGTKVDMVTMLEKAITYVKFLQLQVKVL",60,6,"VIIIc(1)","A",null,"Q","A","K","R","R",5,"1B","non E binder",5,6,2,10,18,23,14,1,2,20]
["TabHLH023","TRIAE_CS42_3B_TGACv1_228181_AA0826160",null,null,"KVVPTKDPQSAVAKVRRERISERLKVLQDLVPNGTKVDMVTMLEKAITYVKFLQLQVKVL",60,6,"VIIIc(1)","A",null,"Q","A","K","R","R",5,"1B","non E binder",5,6,2,10,18,23,1,2,20]
["TabHLH024","TRIAE_CS42_3DS_TGACv1_271549_AA0902260",null,null,"KVVPTKDPQSAVAKVRRERISERLKVLQDLVPNGTKVDMVTMLEKAITYVKFLQLQVKVL",60,6,"VIIIc(1)","A",null,"Q","A","K","R","R",5,"1B","non E binder",5,6,2,10,18,23,24,1,2,20]
["ZmbHLH080","AC216731.3_FG001",null,"ZmbHLH065","STAPTKDPQSLAAKNRRERISERLRALQELVPNGTKVDLVTMLEKAISYVKFLQLQVKVL",60,6,"VIIIc(1)","E",null,"Q","A","K","R","R",4,2,"non DNA binder",5,6,2,10,18,23,36,37,36,30,1,2,20]
["OsbHLH126","LOC_Os02g48060",null,null,"PTTPTKDPQSLAAKNRRERISERLRILQELVPNGTKVDLVTMLEKAISYVKFLQLQVKVL",60,6,"VIIIc(1)","E","VIIIc(1)","Q","A","K","R","R",4,2,"non DNA binder",5,6,2,10,18,23,20,36,1,2,20]
["AtbHLH083","AT1G66470","RHD6",null,"PTTSPKDPQSLAAKNRRERISERLKILQELVPNGTKVDLVTMLEKAISYVKFLQVQVKVL",60,6,"VIIIc(1)","A","VIIIc(1)","Q","A","K","R","R",4,2,"non DNA binder",5,6,2,10,18,23,36,34,36,34,14,1,2,20]
["AtbHLH086","AT5G37800","RSL1",null,"ATTSPKDPQSLAAKNRRERISERLKVLQELVPNGTKVDLVTMLEKAIGYVKFLQVQVKVL",60,6,"VIIIc(1)","A","VIIIc(1)","Q","A","K","R","R",4,2,"non DNA binder",5,6,2,10,18,23,14,1,2,20]
["TabHLH032","TRIAE_CS42_6DL_TGACv1_527275_AA1701670",null,null,"HNSPKGDPQSLAAKNRREKISERLRTLQELVPNGTKVDMVTMLEKAVSYVKFLQLQVKVL",60,6,"VIIIc(1)","H",null,"Q","A","K","R","R",5,"1B","non E binder",5,6,2,10,18,23,24,1,2,20]
["TabHLH030","TRIAE_CS42_6BL_TGACv1_499609_AA1587290",null,null,"TTSPKGDPQSLAAKNRREKISERLRTLQELVPNGTKVDMVTMLEKAVSYVKFLQLQVKVL",60,6,"VIIIc(1)","H",null,"Q","A","K","R","R",4,2,"non DNA binder",5,6,2,10,18,23,20,24,1,2,20]
["TabHLH029","TRIAE_CS42_6AL_TGACv1_472700_AA1525100",null,null,"TTSPKGDPQSLAAKTRREKISERLRTLQELVPNGTKVDMVTMLEKAFSYVKFLQLQVKVL",60,6,"VIIIc(1)","H",null,"Q","A","K","R","R",4,2,"non DNA binder",5,6,2,9,17,22,24,1,2]
["TabHLH031","TRIAE_CS42_6DL_TGACv1_526808_AA1692430",null,null,"TSSPKGDTQSLTAKNRREKISERLRTLQELVPNGTKVDMVTMLEKAFSYVKFLQLQVKVL",60,6,"VIIIc(1)","H",null,"Q","A","K","R","R",4,2,"non DNA binder",5,6,2,9,17,22,24,1,2]
["TabHLH027","TRIAE_CS42_6AL_TGACv1_472700_AA1525070",null,null,"TTSPKGDPQSLTAKNRREKISERLRTLQELVPNGTKVDMVTMLEKAFSYVQFLQLQVKVL",60,6,"VIIIc(1)","H",null,"Q","A","K","R","R",4,2,"non DNA binder",5,6,2,9,17,22,36,24,1,2,20]
["TabHLH028","TRIAE_CS42_6BL_TGACv1_499437_AA1582540",null,null,"ITSPKGDPQSLTAKNRREKISERLRTLQELVPNGTKVDMVTMLEKAFSYVKFLQLQVKVL",60,6,"VIIIc(1)","H",null,"Q","A","K","R","R",4,2,"non DNA binder",5,6,2,9,17,22,24,1,2,20]
["TabHLH025","TRIAE_CS42_6AL_TGACv1_472047_AA1517200",null,null,"TTSPKGDPQSLTAKNRREKISERLRTLQELVPNGTKVDMVTMLEKAFSYVKFLQLQVKVL",60,6,"VIIIc(1)","H",null,"Q","A","K","R","R",4,2,"non DNA binder",5,6,2,9,17,22,1,2,20]
["TabHLH026","TRIAE_CS42_6DL_TGACv1_528456_AA1714200",null,null,"TTSPKGDPQSLTAKNRREKISERLRTLQELVPNGTKVDMVTMLEKAFSYVKFLQLQVKVL",60,6,"VIIIc(1)","E",null,"Q","A","K","R","R",4,2,"non DNA binder",5,6,2,9,17,22,36,24,1,2,20]
["TabHLH033","TRIAE_CS42_6DL_TGACv1_530011_AA1719250",null,null,"TTSAKGGPQSHTAKNRREKISERLRTLQELVPNGTKVDMVTMLEKAFSYVKFLQLQVKVL",60,6,"VIIIc(1)","H",null,"Q","A","K","R","R",5,"1B","non E binder",5,6,2,9,17,22,36,1,2,20]
["TabHLH015","TRIAE_CS42_5DL_TGACv1_435745_AA1454260",null,null,"GRGSAADPQSLYAKRRREKINDRLRALQKLVPNGTKVDLSTMLEEAVLYVKFLQLQIKVL",60,6,"VIIIc(2)","A",null,"Q","A","K","R","R",5,"1B","non E binder",5,6,2,12,20,25,3,1,2,13]
["TabHLH013","TRIAE_CS42_5AL_TGACv1_374204_AA1193610",null,null,"GRGSAADPQSLYAKRRREKINDRLRVLQKLVPNGTKVDLSTMLEEAVLYVKFLQLQIKVL",60,6,"VIIIc(2)","A",null,"Q","A","K","R","R",5,"1B","non E binder",5,6,2,12,20,25,24,3,1,2,13]
["TabHLH014","TRIAE_CS42_5BL_TGACv1_409284_AA1365700",null,null,"GRGSAADPQSLYAKRRRERINDRLRVLQKLVPNGTKVDLSTMLEEAVLYVKFLQLQIKVL",60,6,"VIIIc(2)","A",null,"Q","A","K","R","R",5,"1B","non E binder",5,6,2,12,20,25,3,1,2,13]
["OsbHLH134","LOC_Os03g55550",null,null,"RRRSATIAQSLYARRRRERINGRLRILQKLVPNGTKVDISTMLEEAVHYVKFLQLQIKVE",60,6,"VIIIc(2)","C","VIIIc(2)","Q","A","R","R","R",7,"1B","non E binder",5,6,2,11,19,24,36,3,1,2,13]
["OsbHLH133","LOC_Os12g32400",null,null,"HSVSAESSQSYYAKNRRQRINERLRILQELIPNGTKVDISTMLEEAIQYVKFLHLQIKLL",60,6,"VIIIc(2)","A","VIIIc(2)","Q","A","K","R","R",4,2,"non DNA binder",5,6,2,11,19,24,34,1,2,13]
["TabHLH001","TRIAE_CS42_1AL_TGACv1_000066_AA0002070",null,null,"KSRAAMDSQSNYAKRRRHKINERLRVLQHLIPNGTKVDISTMLEEAVQYVKFLHLQIKLL",60,6,"VIIIc(2)","A",null,"Q","A","K","R","R",6,"1B","non E binder",5,6,2,11,19,24,1,2,13]
["TabHLH002","TRIAE_CS42_1BL_TGACv1_030606_AA0095590",null,null,"KSRASMDSQSNYAKRRRHKINERLRVLQHLIPNGTKVDISTMLEEAVQYVKFLHLQIKLL",60,6,"VIIIc(2)","A",null,"Q","A","K","R","R",6,"1B","non E binder",5,6,2,11,19,24,15,1,2,13]
["TabHLH003","TRIAE_CS42_1DL_TGACv1_062113_AA0208940",null,null,"MSRAGLDSQSNYAKRRRHKINERLRVLQHLIPNGTKVDISTMLEEAVHYVKFLHLQIKLL",60,6,"VIIIc(2)","A",null,"Q","A","K","R","R",5,"1B","non E binder",5,6,2,11,19,24,15,1,2,13]
["OsbHLH132","LOC_Os11g41640",null,null,"HKQCSKDTQSLYAKRRRERINERLRILQQLVPNGTKVDISTMLEEAVQYVKFLQLQIKLL",60,6,"VIIIc(2)","A","VIIIc(2)","Q","A","K","R","R",7,"1B","non E binder",5,6,2,12,20,25,16,1,2,13]
["ZmbHLH079","GRMZM2G165188",null,"ZmbHLH063","PSRSSKDSQSLYAKRRRERINEKLRTLQQLIPNGTKVDMSTMLEEAVQYVKFLQLQIKLL",60,6,"VIIIc(2)","A",null,"Q","A","K","R","R",6,"1B","non E binder",5,6,2,12,20,25,34,31,1,2]
["TabHLH021","TRIAE_CS42_3B_TGACv1_222057_AA0756240",null,null,"CRRPSKNLQSLYAKRRRERINEKLRVLQHLIPNGTKVDISTMLEEAVQYVKFLQLQIKVL",60,6,"VIIIc(2)","A",null,"Q","A","K","R","R",7,"1B","non E binder",5,6,2,12,20,25,34,10,35,1,2,13]
["TabHLH019","TRIAE_CS42_3AL_TGACv1_194940_AA0642340",null,null,"CKRPSKNLQSLCAKRRRERINEKLRELQNLIPNGTKVDISTMLEEAVQYVKFLQLQIKVL",60,6,"VIIIc(2)","A",null,"Q","A","K","R","R",7,"1B","non E binder",5,6,2,12,20,25,34,35,1,2,13]
["TabHLH020","TRIAE_CS42_3DL_TGACv1_250299_AA0865600",null,null,"CKRPSKNLQSLCAKRRRERINEKLRVLQRLIPNGTKVDISTMLEEAVQYVKFLQLQIKVL",60,6,"VIIIc(2)","A",null,"Q","A","K","R","R",7,"1B","non E binder",5,6,2,12,20,25,34,35,1,2,13]
["TabHLH010","TRIAE_CS42_5AS_TGACv1_394538_AA1280880",null,null,"GRGAATDPQSLYARKRRERINERLKTLQTLVPNGTKVDMSTMLEEAVQYVKFLQLQIKVL",60,6,"VIIIc(2)","A",null,"Q","A","R","R","R",5,"1B","non E binder",5,6,2,12,20,25,25,17,3,1,2,13]
["TabHLH011","TRIAE_CS42_5DS_TGACv1_456674_AA1475990",null,null,"GRGAATDPQSLYARKRRERINERLKTLQTLVPNGTKVDMSTMLEEAVQYVKFLQLQIKVL",60,6,"VIIIc(2)","A",null,"Q","A","R","R","R",5,"1B","non E binder",5,6,2,12,20,25,17,3,1,2,13]
["TabHLH012","TRIAE_CS42_5BS_TGACv1_424380_AA1389210",null,null,"GRGAATDPQSLYARKRRKRINERLKTLQTLVPNGTKVDMSTMLEEAVQHVKFLQLQIKVL",60,6,"VIIIc(2)","A",null,"Q","A","R","R","R",5,"1B","non E binder",5,6,2,11,19,24,17,3,1,2,13]
["ZmbHLH077","AC198518.3_FG005",null,"ZmbHLH060","ATTTTAEPQSIYARKRRERINERLKVLQSLVPNGTKVDMSTMLEEAVHYVKFLQLQIRLL",60,6,"VIIIc(2)","E",null,"Q","A","R","R","R",4,2,"non DNA binder",5,6,2,12,20,25,17,1,2,13]
["ZmbHLH078","GRMZM2G395549",null,"ZmbHLH059","ATTTTAEPQSIYARKRRERINERLKVLQSLVPNGTKVDMSTMLEEAVHYVKFLQLQIRLI",60,6,"VIIIc(2)","E",null,"Q","A","R","R","R",4,2,"non DNA binder",5,6,2,11,19,24,17,1,2,15,11,5,15,1]
["TabHLH016","TRIAE_CS42_4AL_TGACv1_289001_AA0963110",null,null,"AGRQTTDPQSLYARKRREKINERLKVLQNLVPNGTKVDISTMLEEAVEYVKFLQLQIKLL",60,6,"VIIIc(2)","A",null,"Q","A","R","R","R",5,"1B","non E binder",5,6,2,12,20,25,11,14,1,2,13]
["TabHLH017","TRIAE_CS42_4BS_TGACv1_328220_AA1084850",null,null,"AGRQTTDPQSLYARKRREKINERLKVLQNLVPNGTKVDISTMLEEAVEYVKFLQLQIKLL",60,6,"VIIIc(2)","A",null,"Q","A","R","R","R",5,"1B","non E binder",5,6,2,12,20,25,14,1,2,13]
["TabHLH018","TRIAE_CS42_4DS_TGACv1_361334_AA1165960",null,null,"AGRQTTDPQSLYARKRREKINERLKVLQNLVPNGTKVDISTMLEEAVEYVKFLQLQIKLL",60,6,"VIIIc(2)","A",null,"Q","A","R","R","R",5,"1B","non E binder",5,6,2,12,20,25,11,14,1,2,13]
["AtbHLH054","AT1G27740","RSL4",null,"TKGTATDPQSLYARKRREKINERLKTLQNLVPNGTKVDISTMLEEAVHYVKFLQLQIKLL",60,6,"VIIIc(2)","E","VIIIc(2)","Q","A","R","R","R",5,"1B","non E binder",5,6,2,12,20,25,34,7,3,1,2,13]
["AtbHLH139","AT5G43175",null,null,"NRGIASDPQSLYARKRRERINDRLKTLQSLVPNGTKVDISTMLEDAVHYVKFLQLQIKLL",60,6,"VIIIc(2)","E","VIIIc(2)","Q","A","R","R","R",5,"1B","non E binder",5,6,2,12,20,25,3,1,2,13]
["OsbHLH131","LOC_Os03g42100",null,null,"GHRSATDPQSLYARKRRERINERLKILQNLVPNGTKVDISTMLEEAMHYVKFLQLQIKLL",60,6,"VIIIc(2)","A","VIIIc(2)","Q","A","R","R","R",6,"1B","non E binder",5,6,2,11,19,24,3,1,2,13]
["OsbHLH130","LOC_Os12g39850",null,null,"GRGAATDPQSLYARKRRERINERLKTLQNLVPNGTKVDISTMLEEAVHYVKFLQLQIKLL",60,6,"VIIIc(2)","A","VIIIc(2)","Q","A","R","R","R",5,"1B","non E binder",5,6,2,12,20,25,3,1,2,13]
["OsbHLH129","LOC_Os03g10770",null,null,"GRGAATDPQSLYARKRRERINERLKILQNLIPNGTKVDISTMLEEAVHYVKFLQLQIKLL",60,6,"VIIIc(2)","A","VIIIc(2)","Q","A","R","R","R",5,"1B","non E binder",5,6,2,12,20,25,34,34,36,3,1,2,13]
["TabHLH009","TRIAE_CS42_4BL_TGACv1_322340_AA1070730",null,null,"GRGAATDPQSLYARKRRQKINERLKVLQKLIPNGTKVDISTMLEEAVHYIKFMQLQIKLL",60,6,"VIIIc(2)","A",null,"Q","A","R","R","R",5,"1B","non E binder",5,6,2,11,19,24,36,3,1,2,13]
["TabHLH007","TRIAE_CS42_4AS_TGACv1_306506_AA1009290",null,null,"GRGAATDPQSLYARKRREKINERLKVLQNLIPNGTKVDISTMLEEAVHYIKFMQLQIKLL",60,6,"VIIIc(2)","A",null,"Q","A","R","R","R",5,"1B","non E binder",5,6,2,11,19,24,3,1,2,13]
["TabHLH008","TRIAE_CS42_4DL_TGACv1_345261_AA1152510",null,null,"GRGAATDPQSLYARKRREKINERLKVLQNLIPNGTKVDISTMLEEAVHYIKFMQLQIKLL",60,6,"VIIIc(2)","A",null,"Q","A","R","R","R",5,"1B","non E binder",5,6,2,11,19,24,3,1,2,13]
["TabHLH004","TRIAE_CS42_2AS_TGACv1_112464_AA0338550",null,null,"SRGAATDPQSLYARKRRERINERLKTLQNLVPNGTKVDISTMLEEAVEYVKFMQLQIKLL",60,6,"VIIIc(2)","A",null,"Q","A","R","R","R",5,"1B","non E binder",5,6,2,11,19,24,21,36,3,1,2,13]
["TabHLH005","TRIAE_CS42_2BS_TGACv1_146126_AA0455980",null,null,"SRGAATDPQSLYARKRRERINERLKTLQNLVPNGTKVDISTMLEEAVEYVKFMQLQIKLL",60,6,"VIIIc(2)","A",null,"Q","A","R","R","R",5,"1B","non E binder",5,6,2,11,19,24,9,3,1,2,13]
["TabHLH006","TRIAE_CS42_2DS_TGACv1_178698_AA0599900",null,null,"SRGAATDPQSLYARKRRERINERLKTLQNLVPNGTKVDISTMLEEAVEYVKFMQLQIKLL",60,6,"VIIIc(2)","A",null,"Q","A","R","R","R",5,"1B","non E binder",5,6,2,11,19,24,17,3,1,2,13]
["AtbHLH085","AT4G33880",null,null,"SRGAATDPQSLYARKRRERINERLRILQNLVPNGTKVDISTMLEEAVHYVKFLQLQIKLL",60,6,"VIIIc(2)","A","VIIIc(2)","Q","A","R","R","R",5,"1B","non E binder",5,6,2,12,20,25,12,3,1,2,13]
["OsbHLH128","LOC_Os07g39940",null,null,"NRGAATDPQSLYARKRRERINERLRILQNLVPNGTKVDISTMLEEAVQYVKFLQLQIKLL",60,6,"VIIIc(2)","A","VIIIc(2)","Q","A","R","R","R",5,"1B","non E binder",5,6,2,12,20,25,17,3,1,2,13]
["AtbHLH084","AT2G14760",null,null,"SRGAATDPQSLYARKRRERINERLRILQHLVPNGTKVDISTMLEEAVQYVKFLQLQIKLL",60,6,"VIIIc(2)","A","VIIIc(2)","Q","A","R","R","R",5,"1B","non E binder",5,6,2,12,20,25,9,3,1,2,13]
["ZmbHLH075","GRMZM2G383841",null,"ZmbHLH061","SRGAATEPQSLYARKRRERINERLRILQNLVPNGTKVDISTMLEEAAQYVKFLQLQIKLL",60,6,"VIIIc(2)","A",null,"Q","A","R","R","R",5,"1B","non E binder",5,6,2,11,19,24,3,1,2,13]
["ZmbHLH076","GRMZM2G057260",null,"ZmbHLH062","SRGGATDPQSLYARKRRERINERLRILQNLVPNGTKVDISTMLEEAAQYVKFLQLQIKLL",60,6,"VIIIc(2)","A",null,"Q","A","R","R","R",5,"1B","non E binder",5,6,2,11,19,24,3,1,2,13]
["AtbHLH117","AT3G22100",null,null,"TSGSPTASNDGGIITKRRKISDKIRSLEKLMPWERKMNLAMTLEESHKYIKFLQSQIASL",60,6,"VIIIa","P","VIIIa","N","I","I","K","R",2,2,"non DNA binder",1,5,1,9,15,16,6,1,2]
["AtbHLH052","AT1G30670",null,null,"TKKRELSAQSIAARKRRRRITEKTQELGKLIPGSQKHNTAEMFNAAAKYVKFLQAQIEIL",60,6,"VIIIa","P","VIIIa","Q","A","R","R","R",7,"1B","non E binder",5,6,1,8,15,20,21,1,2]
["AtbHLH053","AT2G34820",null,null,"SKKPTLSSQSIAARGRRRRIAEKTHELGKLIPGGNKLNTAEMFQAAAKYVKFLQSQVGIL",60,6,"VIIIa","P","VIIIa","Q","A","R","R","R",5,"1B","non E binder",5,6,1,8,15,20,1,2,19]
["ZmbHLH017","GRMZM2G137374",null,"ZmbHLH075","AGGACQSVQNSAARQRRKRISEKTAELARLIPGANKLNTAEMLEEASRHVKLLQAQVGML",60,6,"VIIIa","P",null,"Q","A","R","R","R",3,2,"non DNA binder",5,6,1,9,16,21,1,2,4]
["TabHLH400","TRIAE_CS42_5AL_TGACv1_379359_AA1256180",null,null,"NGRVGQTAPSAAARERRRRISEKTAELSRLVPGGHRLNTAEMLQEAGRHVKLLQAQVGVL",60,6,"VIIIa","P",null,"P","A","R","R","R",4,2,"non DNA binder",4,6,1,9,16,20,36,1,2,4]
["OsbHLH181","LOC_Os12g31430",null,null,"HHHHNQAVQSAAARERRRRISSKTAELSRLIPGAARMNSTAEMLQAAARHVRLLQAQVGML",61,7,"VIIIa","N",null,"Q","A","R","R","R",7,"1B","non E binder",5,6,1,7,14,19,34,34,1,2,30,4]
["TabHLH398","TRIAE_CS42_5AL_TGACv1_378127_AA1251370",null,null,"QAAGNGSSQSAAARERRRRISEKTAELSRLIPGGHKLNTAEMLQEAARHVKLLQAQVGML",60,6,"VIIIa","P",null,"Q","A","R","R","R",3,2,"non DNA binder",5,6,1,9,16,21,1,2,4]
["TabHLH399","TRIAE_CS42_5BL_TGACv1_406549_AA1346950",null,null,"QAAGNGSSQSAAARERRRRISEKTAELSRLIPGGHKLNTAEMLQEAARHVKLLQAQVGML",60,6,"VIIIa","P",null,"Q","A","R","R","R",3,2,"non DNA binder",5,6,1,9,16,21,1,2,4]
["AtbHLH146","AT4G30180",null,null,"DGIRILERPDKEGGNEEGGIEERLRELKKLLPGGEEMNVEEMLSEIGNYIKCLELQTIAL",60,6,"VIIIa","P","VIIIa","P","G","G","E","E",3,2,"non DNA binder",0,6,0,8,14,14,1,2]
["AtbHLH170","AT2G18969",null,null,"KRQGGEKHQDSDEEEEGGEIKKRLKELQKLLPGGEEMNMEEILSEIGSYIVCLELQMIVL",60,6,"VIIIa","P","-","Q","E","E","E","G",4,2,"non DNA binder",2,6,0,7,13,15,1,2]
["AtbHLH165","AT2G42870","PAR1",null,"ETNASVREDREEAEEEEDEVKEKIEALQRIIPGGAALGVDALFEETAGYILSLQCQIKTI",60,6,"VIIIa","P","-","D","A","E","E","E",2,2,"non DNA binder",1,5,1,6,12,13,1,2]
["AtbHLH166","AT3G58850","PAR2",null,"ATASVSETDVEDEDEDEEGVEEKIEALQTIVPGGTELGVDALFEETASYILALQCQINAI",60,6,"VIIIa","P","-","D","E","D","D","E",0,2,"non DNA binder",1,5,1,6,12,13,1,2]
["OsbHLH175","LOC_Os04g56500","IBH1",null,"AGETSAAARAVPPPPRQQGEPPRAEALRRLVPGGAGMEYSSLLEETADYLRSLRAQVQLM",60,6,26,"P","-","R","P","P","R","Q",2,2,"non DNA binder",1,5,0,9,14,15,36,13,2]
["ZmbHLH226","GRMZM2G388823",null,null,"TPLAPAAVAARGPPPRQAGEPARADALRRLVPGGAEMEYGSLLDETADYVRSLRAQVQLM",60,6,26,"P",null,"A","P","P","R","Q",2,2,"non DNA binder",1,5,0,8,13,14,34,13,3,2]
["ZmbHLH227","GRMZM2G084576",null,null,"GATSAAAPPVQGPPPRQAGEPARADALRRIVPGGAGMEYCSLLDETADYVLHLRAQVQLM",60,8,26,"P",null,"P","P","P","R","Q",1,2,"non DNA binder",1,5,0,8,13,14,34,13,2]
["TabHLH490","TRIAE_CS42_2BL_TGACv1_130086_AA0403480",null,null,"SAAARAALVPPPPPARQAGEPARSDALRRLVPGGAGMEYSSLLEETADYVRCLRAQVQLM",60,6,26,"P",null,"V","P","P","R","Q",2,2,"non DNA binder",1,5,0,9,14,15,13,2]
["TabHLH488","TRIAE_CS42_2AL_TGACv1_093360_AA0278520",null,null,"SAAARAALVPPAPPARQAGEPARSDALRRLVPGGAGMEYCSLLEETADYVRCLRAQVQLM",60,6,26,"P",null,"V","P","P","R","Q",2,2,"non DNA binder",1,5,0,8,13,14,13,2]
["TabHLH489","TRIAE_CS42_2DL_TGACv1_158009_AA0505760",null,null,"AAAARAALAPPPPPARQAGEPARSDALRRLVPGGAGMEYCSLLEETADYVRCLRAQVQLM",60,6,26,"P",null,"A","P","P","R","Q",2,2,"non DNA binder",1,5,0,8,13,14,13,2]
["OsbHLH171","LOC_Os08g16030",null,null,"SLAMAAASGGGGALAARRMVKGRLRLLRRLVPGGEALRGFSLLSETLDYVVCLKTQVELM",60,6,"Orphan","P","-","G","A","L","A","R",1,2,"non DNA binder",2,5,0,9,14,16,36,1,2]
["ZmbHLH230","GRMZM2G145909",null,null,"AAEGGGGIRCSAMAAARRMVKARLQVLRSLVPGGEAMGGLSLLTETLDYVVCLKAQVELM",60,6,"Orphan","P",null,"R","M","A","A","R",2,2,"non DNA binder",1,5,1,9,15,16,13,1,2]
["AtbHLH159","AT4G30410","P1R2",null,"LRRKSKSASEEAAAKAKRLVKRRTQGLRNVVPGGELMSNDVLLLQETLDYIVSLQTQVNVM",61,7,"Orphan","P","orphan","S","A","A","A","K",6,"1B","non E binder",1,5,0,8,13,14,1,2]
["AtbHLH167","AT5G57780","P1R1",null,"MKNRCNILRRNGNFTAKTWVRKRTDLLKSLVPGGELIDDKDYLIRETLDYIVYLRAQVDVM",61,7,"Orphan","P","-","R","N","F","A","K",5,"1B","non E binder",0,5,1,6,12,12,38,1,2]
["OsbHLH168","LOC_Os02g54870",null,null,"TTKAYGGGGGGGGGVARAMVRKRASVLKEIVPGGKALDMCALLGETLDYAVSLKAQVDVM",60,6,27,"P","-","G","G","G","A","R",2,2,"non DNA binder",1,5,1,8,14,15,36,20,36,1,2]
["TabHLH491","TRIAE_CS42_6AL_TGACv1_471835_AA1514960",null,null,"KAGTAARPRGSAGVVARAMLRKRTQVLKGIVPGVQAVDDECTLLGEALDYAVCLKAQVDVM",61,7,27,"P",null,"R","G","V","A","R",4,2,"non DNA binder",1,6,1,9,16,17,24,2]
["TabHLH492","TRIAE_CS42_6DL_TGACv1_526442_AA1683630",null,null,"KAGTAARPRGSAGIVARAMVRKRTQVLKGIVPGVEGVDDECTLLGEALDYAVCLKAQVDVM",61,7,27,"P",null,"R","G","I","A","R",4,2,"non DNA binder",1,5,1,9,15,16,1,2]
["TabHLH493","TRIAE_CS42_6BL_TGACv1_501109_AA1613550",null,null,"KAGTAARPWGSAGVVARAMVRKRTQVLKGIVPGVEAVDDECTLLGEALDYAVCLKAQVDVM",61,7,27,"P",null,"W","G","V","A","R",3,2,"non DNA binder",1,5,1,9,15,16,1,2]
["TabHLH505","TRIAE_CS42_7BL_TGACv1_578428_AA1894660",null,null,"PKAILAPASSGYKVQRCRRIVRRTMALREVIPGGRDSTVDEATLLREAVDYTVHLRAQVDVL",62,8,"Orphan","L",null,"S","K","V","R","C",3,2,"non DNA binder",2,6,1,10,17,19,13,1,2]
["ZmbHLH229","GRMZM6G998221",null,null,"TTAAAGTTLGSCREIARRLVRKRTMVLRKMIPGGELLHDEISLLHEAVDYVTHLHAQVDAL",61,7,28,"P",null,"L","R","E","A","R",2,2,"non DNA binder",1,4,1,9,14,15,13,1,2]
["OsbHLH157","LOC_Os02g08220",null,null,"IVRRRTPLMSSSSEVARRLVKKRDKVLRRMIPGGELIADEISLLHEAMDYVVHLHAQVDVL",61,7,28,"P","orphan","M","S","E","A","R",4,2,"non DNA binder",1,4,1,8,13,14,13,1,2,38]
["TabHLH494","TRIAE_CS42_6AS_TGACv1_485210_AA1540160",null,null,"RCCPQRRTTASSGEIARRLVRKRTKVLRGMVPGGELLDGASLLREAVDYVVHLRAQVAVL",60,6,28,"P",null,"T","G","E","A","R",4,2,"non DNA binder",1,4,1,10,15,16,13,1,2]
["TabHLH495","TRIAE_CS42_6BS_TGACv1_514447_AA1659780",null,null,"RRCPQRRTTTSSGEIARRLVRKRTKVLRGMVPGGELLDGASLLREAMDYVVHLRAQVAVL",60,6,28,"P",null,"T","G","E","A","R",5,"1B","non E binder",1,4,1,9,14,15,13,1,2]
["TabHLH496","TRIAE_CS42_6DS_TGACv1_542830_AA1731230",null,null,"RRCLQRRTTTSSGEIARRLVRKRTKVLRGMVPGGELLDGASLLREAMDYVVHLRAQVAVL",60,6,28,"P",null,"T","G","E","A","R",5,"1B","non E binder",1,4,1,9,14,15,13,1,2]
["ZmbHLH228","GRMZM2G435001",null,null,"VVRRPRRATASCDVVARRLVRSRTMALRKVIPGADATAAMDDEAVLLRETIDYAVHLRAQVDVL",64,10,"Orphan","P",null,"T","D","V","A","R",5,"1B","non E binder",1,5,1,9,15,16,13,1,2]
["OsbHLH158","LOC_Os06g44320",null,null,"GRKTRSGAGGGGEMARRLQVRRRAMALRKVIPGGGDAMDEAALLREAMDYVVHLRAQVDVL",61,7,29,"P","orphan","G","E","M","R","R",5,"1A2","E non G",3,5,1,8,14,17,5,13,1,2]
["TabHLH503","TRIAE_CS42_7BL_TGACv1_578797_AA1900290",null,null,"KRSWIRSGRAGGGAVARRLLRTRTMALRELIPGGRDATVDEVTLLREAMDYTVHLRAQVDVL",62,8,29,"P",null,"R","G","A","A","R",5,"1B","non E binder",2,6,1,8,15,17,13,1,2]
["TabHLH504","TRIAE_CS42_7DL_TGACv1_603189_AA1977840",null,null,"KKSWIRSGRAGAGAVARRLLRTRTMALRDVIPGGRDAAVDQATLLREAMDYAVHLRAQVDVL",62,8,29,"P",null,"R","G","A","A","R",5,"1B","non E binder",2,6,1,9,16,18,13,1,2]
["TabHLH502","TRIAE_CS42_7DL_TGACv1_603189_AA1977830",null,null,"MALRDVIPGGRHSAVDEVILLREAMDYAVHLCAQVDVL",38,8,29,"other",{"$nulls":6},0,2,"non DNA binder",0,4,2,7,13,13,2]
["TabHLH499","TRIAE_CS42_7AL_TGACv1_556102_AA1755830",null,null,"RRIMRRCRGCKRSNVVGRLVRRRMTALREVIPGGRDSAVDEVTLLCEAMDYAVHLRAQVDVL",62,8,29,"P",null,"G","S","N","V","G",7,"1B","non E binder",1,5,1,8,14,15,13,1,2]
["TabHLH497","TRIAE_CS42_7AL_TGACv1_556102_AA1755810",null,null,"KRCSGRSGRTGGGDTPGRLVSSRTMALREVIPGGRNSTVDEATLLREAMDYAMHLRAQVDVL",62,8,29,"P",null,"R","G","D","P","G",4,2,"non DNA binder",1,5,1,9,15,16,13,1,2]
["TabHLH498","TRIAE_CS42_7DL_TGACv1_603189_AA1977850",null,null,"KRCSGRSGRAGGGDVAGRLLKSRTMALRDVIPGGRNSTIDEATLLREAMDYAVHLRAQVDVL",62,8,29,"P",null,"R","G","D","A","G",4,2,"non DNA binder",1,6,1,9,16,17,20,23,13,1,2]
["TabHLH500","TRIAE_CS42_7AL_TGACv1_556102_AA1755850",null,null,"RRIVRRCRGCKRSYVAGRLLRRWTIALRDVIPGGRHAAVDEVTLLREAMDYAVHLRAQVDVL",62,8,29,"P",null,"G","S","Y","A","G",7,"1B","non E binder",1,5,1,8,14,15,13,1,2]
["TabHLH501","TRIAE_CS42_7BL_TGACv1_578428_AA1894690",null,null,"RRIVRRCRGCKRSYVAGRLLRRRTMALREVIPGGRDATVDEATLLREAMDYAVHLRAQVDVL",62,8,29,"P",null,"G","S","Y","A","G",7,"1B","non E binder",1,6,1,9,16,17,13,1,2]
["ZmbHLH212","GRMZM2G120296",null,null,"VQARDKAAAAAALKGKEGKVQERLRVLGRLVPGCRKLPTPALLEEAADYVAALQMQVSAM",60,6,30,"P",null,"A","L","K","K","E",4,2,"non DNA binder",1,5,1,8,14,15,13,1,2]
["ZmbHLH213","GRMZM2G078267",null,null,"VQARDKAAVAALKGQGKDKVQERLRALGCLVPGCRRLPAPALLEEAADYVAALQMQVSAM",60,6,30,"P",null,"V","K","G","G","K",4,2,"non DNA binder",0,5,1,8,14,14,24,13,24,1,2]
["OsbHLH182","LOC_Os01g14110","AK070651",null,"KAAAAASSAGEPPMLKERKVKERLRVLGRLVPGCRKLPAPALLEETADYVAALEMQVKAM",60,6,30,"P",null,"A","P","M","K","E",2,2,"non DNA binder",0,5,1,7,13,13,24,36,13,36,1,2]
["TabHLH395","TRIAE_CS42_3AS_TGACv1_211166_AA0686260",null,null,"SKAAAAASASEPPLLKEKKVKDRLRVLGRLVPGCRKLQAPDLLEETADYVAALEMQVKAM",60,6,30,"P",null,"A","P","L","K","E",2,2,"non DNA binder",0,5,1,7,13,13,13,1,2]
["TabHLH396","TRIAE_CS42_3B_TGACv1_227098_AA0821360",null,null,"SKAAAAASAGEPPLLKERKVKDRLRVLGRLVPGCRKLQAPDLLEETADYVAALEMQVKAM",60,6,30,"P",null,"A","P","L","K","E",2,2,"non DNA binder",0,5,1,7,13,13,13,1,2]
["TabHLH397","TRIAE_CS42_3DS_TGACv1_272376_AA0919810",null,null,"SKAAAAASAGEPPLLKERKVKDRLRVLGRLVPGCRKLQAPDLLEETADYVAALEMQVKAM",60,6,30,"P",null,"A","P","L","K","E",2,2,"non DNA binder",0,5,1,7,13,13,13,1,2]
["AtbHLH150","AT3G05800",null,null,"LAAAIRGSGGSGRRRKLSAVGNRVRVLGGLVPGCRRTALPELLDETADYIAALEMQVRAM",60,6,30,"P","orphan","G","R","R","K","L",5,"1B","non E binder",1,5,1,7,13,14,13,36,1,2]
["AtbHLH149","AT1G09250",null,null,"GNCKSRKGLTETNRIKLPAVERKLKILGRLVPGCRKVSVPNLLDEATDYIAALEMQVRAM",60,6,30,"P","orphan","L","N","R","K","L",5,"1B","non E binder",1,5,1,7,13,14,9,18,13,1,2]
["AtbHLH147","AT3G17100","AIF3",null,"KKQRATVLRLKAKGLPAVQRKVKVLSRLVPGCRKQSLPVVLEETTDYIAAMEMQIRTM",58,6,30,"P","orphan","R","K","G","P","A",6,"1B","non E binder",0,5,1,6,12,12,24,13,1,2]
["AtbHLH148","AT3G06590",null,null,"RSRKRRVSVLRLNKKSIPDVNRKVRVLGRLVPGCGKQSVPVILEEATDYIQALEMQVRAM",60,6,30,"P","orphan","V","N","K","S","I",8,"1B","non E binder",1,5,1,8,14,15,24,13,22,1,2]
["ZmbHLH214","GRMZM2G041636",null,null,"PRHRQRRHQQQQDERPAGGLAGRAKVLARLVPGCRSLSLPALLAEVSDYVAALEMQVRAM",60,6,30,"P",null,"Q","D","E","P","A",7,"1B","non E binder",0,6,1,7,14,14,24,13,34,2]
["OsbHLH178","LOC_Os07g48900",null,null,"LGAPPPPPAARPAPRSRPPLASKAKVLGRLVPGCRKLAFPALLAEASDYIAALEMQVRAM",60,6,30,"P","-","A","A","P","S","R",3,2,"non DNA binder",2,6,1,7,14,16,24,13,1,2]
["ZmbHLH210","GRMZM5G851485",null,null,"PARHGAPSASAAKGAATPPLERKAKVLGRLVPGCRKLSFPTLLAETTDYIAALQMQVRAM",60,6,30,"P",null,"A","K","G","A","T",3,2,"non DNA binder",0,6,1,8,15,15,17,24,13,2]
["ZmbHLH211","GRMZM2G112428",null,null,"SPPPRHGASAAKGTAALPPVARKAMVLGRLVPGCRKLSFPTLLAETTDYIAALQMQVRAM",60,6,30,"P",null,"S","G","T","A","L",3,2,"non DNA binder",0,5,1,9,15,15,24,13,2]
["TabHLH394","TRIAE_CS42_4BL_TGACv1_320259_AA1032760",null,null,"ARHSSVAAAAQPQPGKAPALAKKAKVLGRLVPGCHKLPFPALLSEASDYIKALEMQVRAM",60,6,30,"P",null,"A","Q","P","K","A",3,2,"non DNA binder",0,6,1,8,15,15,24,13,2]
["TabHLH392","TRIAE_CS42_4AS_TGACv1_307935_AA1024580",null,null,"ARHPSVAAAAQPQPGKAPALAKKAKVLGRLVPGCHKLPFPALLSEASDYIRALEMQVRAM",60,6,30,"P",null,"A","Q","P","K","A",3,2,"non DNA binder",0,6,1,8,15,15,24,13,2]
["TabHLH393","TRIAE_CS42_4DL_TGACv1_343725_AA1138660",null,null,"ARHPSVAAAAQPQPGKAPALAKKAKVLGRLVPGCHKLPFPALLSEASDYIKALEMQVRAM",60,6,30,"P",null,"A","Q","P","K","A",3,2,"non DNA binder",0,6,1,8,15,15,24,13,2]
["OsbHLH176","LOC_Os03g19780",null,null,"SPPSRHPSSSSGKGPKAPALARKAKVLGRLVPGCRKLPFPALLAEASDYIAALEMQVRAM",60,6,30,"P","-","S","K","G","K","A",4,2,"non DNA binder",0,6,1,7,14,14,24,13,2]
["TabHLH390","TRIAE_CS42_2DS_TGACv1_179121_AA0604440",null,null,"RPASPGASSSGSTSAQAQTLARKAKTLGRLVPGCRKLPFPALLSEASDYIAALEMQVRAM",60,6,30,"P",null,"S","T","S","Q","A",1,2,"non DNA binder",0,6,1,7,14,14,24,13,24,2]
["TabHLH389","TRIAE_CS42_2AS_TGACv1_112977_AA0348960",null,null,"HRASPGASSSGSTSAQAPALARKAKALGRLVPGCRKLPFPALLSEASDYIAALEMQVRAM",60,6,30,"P",null,"S","T","S","Q","A",2,2,"non DNA binder",0,6,1,7,14,14,24,24,13,24,2]
["TabHLH391","TRIAE_CS42_U_TGACv1_641625_AA2099750",null,null,"RASPGASSSGSTTSSSAPALARKAKALGRLVPGCRKLPFPALLSEASDYIAALEMQVRAM",60,6,30,"P",null,"S","T","S","S","A",1,2,"non DNA binder",0,6,1,7,14,14,24,24,13,2]
["AtbHLH158","AT2G43060","IBH1",null,"RRKWKISSKRRRSNQRAPVVEEAAERLRNLVPGGGGMETSKLMEETAHYIKCLSMQVKVM",60,6,"Orphan","P","orphan","K","S","N","R","A",9,"1B","non E binder",1,4,0,8,12,13,13,2]
["AtbHLH151","AT2G47270",null,null,"KIMIRPRKSVEASRRPCRAIHRRVKTLKELVPNTKTSEGLDGLFRQTADYILALEMKVKVM",61,7,"Orphan","P","orphan","S","S","R","P","C",6,"1B","non E binder",1,6,1,5,12,13,1,2]
["ZmbHLH223","GRMZM2G389567",null,"ZmbHLH197","GRTSRGMVSLRRRRPFQLMVLRRLRELKKIVPAGARRRKADVDVVLRRTAEYICALELKVALL",63,9,31,"P",null,"S","R","R","F","Q",6,"1B","non E binder",0,6,2,6,14,14,2]
["ZmbHLH224","GRMZM2G100313",null,null,"KRSRISKRMVSRRRHFQLMVLRRLRELKKVIVPEEGARRKATADVVLRQAAEYICALELKVAVL",64,10,31,"N",null,"M","R","R","F","Q",9,"1B","non E binder",1,4,1,6,11,12,2]
["TabHLH523","TRIAE_CS42_5AL_TGACv1_374406_AA1199350",null,null,"GKSKGVVASLMHRRPFQHMVLRRLRELKKIVPDARDADVDVLLRQTAEYICILELKVAAL",60,6,31,"P",null,"S","R","R","F","Q",5,"1B","non E binder",1,5,1,6,12,13,1,2]
["TabHLH524","TRIAE_CS42_5DL_TGACv1_433495_AA1414710",null,null,"GKSKGVVASLMHRRPFQHMVLRRLRELKKIVPDARDADVDVLLRQTAEYICILELKVAAL",60,6,31,"P",null,"S","R","R","F","Q",5,"1B","non E binder",1,5,1,6,12,13,1,2]
["TabHLH525","TRIAE_CS42_U_TGACv1_640734_AA2071570",null,null,"GKSKGVVASLMHRRPFQHMVLRRLRELKKIVPDARDADVDVLLRQTAEYICILELKVAAL",60,6,31,"P",null,"S","R","R","F","Q",5,"1B","non E binder",1,5,1,6,12,13,1,2]
["AtbHLH168","AT3G29370","P1R3",null,"RTRVLHTCCGNGSSDGGKTVMEKLLALKSLLPPPVNVGGGETEELFQETAEYIVKLRTQVVVL",63,9,"Orphan","P","-","C","S","S","G","G",3,2,"non DNA binder",0,5,0,6,11,11,1,1,2]
["AtbHLH169","AT5G39240",null,null,"GGRRTSKKFGNRRTSGGEKFSEKLQALKSLLPPPSKMTEQSRQDAYVEEDSSVGETEQLFQETADYIVRLRGQVVVL",77,23,"Orphan","P","-","F","R","T","G","G",6,"1B","non E binder",0,5,1,6,12,12,1,2]
["OsbHLH169","LOC_Os01g43950",null,null,"QGKAMEGEAEQEEEEEEVMVDEKVAVLRQLVPGGEAMAVERLLDETADYIAALRAQVGVM",60,6,"Orphan","P","-","A","E","E","E","E",1,2,"non DNA binder",1,5,0,7,12,13,1,2]
["ZmbHLH222","GRMZM2G550861",null,null,"PLAPPPPAIGERDMVEDPRLLKQVRELRRLVPACREPCGLGELFQDTATYIEDLQAQVQVM",61,7,32,"P",null,"I","D","M","E","D",1,2,"non DNA binder",0,5,2,7,14,14,1,2]
["TabHLH539","TRIAE_CS42_4BL_TGACv1_321113_AA1055660",null,null,"GSSRSKEAGEKRFLEDSRVLVKQVRELRRLVPCCHEPCGLGELFQDAASHIEDLQVQVKVM",61,7,32,"P",null,"G","F","L","D","S",4,2,"non DNA binder",0,5,1,6,12,12,1,2]
["TabHLH540","TRIAE_CS42_4DL_TGACv1_343255_AA1132260",null,null,"GSSRSKEGGEKHFLEDSRVLVKQVRELRRLVPCCREPCGLGELFQDAATHIEDLQVQVKVM",61,7,32,"P",null,"G","F","L","D","S",4,2,"non DNA binder",0,5,1,6,12,12,1,2]
["TabHLH526","TRIAE_CS42_5DL_TGACv1_433595_AA1417100",null,null,"EIARRRRSLCSSRRRRSAAVGRKVRELRRLVPGAAVMPTDRLLVRTADYIAQLRVRVELL",60,6,33,"P",null,"L","R","R","R","S",8,"1B","non E binder",2,5,0,5,10,12,1,2]
["OsbHLH177","LOC_Os08g31950",null,null,"SGGRRRRIRPAAARRSGVALRRKVRELRRLVPGGEGAPARSLLVRTADYIVRLKARVELL",60,6,33,"P","-","R","A","R","S","G",7,"1B","non E binder",2,6,0,7,13,15,1,2]
["ZmbHLH225","GRMZM2G047124",null,null,"PRGSASGWRRPSSRAAGAALRRKVRELRRLVPGGEEAPAGALLVRTADYIVGLRARVDLL",60,6,33,"P",null,"R","S","R","A","G",4,2,"non DNA binder",1,6,0,5,11,12,1,2]
["ZmbHLH208","GRMZM2G040364",null,null,"GAAEGGKARTKSCGRRDMEVGEKMEVLRRLVPTGSCDDEVDGLLLHAASYIARLQAQVAVM",61,7,34,"P",null,"R","C","G","R","D",5,"1B","non E binder",1,5,1,7,13,14,1,2]
["ZmbHLH209","GRMZM2G061052",null,null,"KAAGSKRPRAAASRKRAMAIRRKMEALRLLVPLCGRDNGSVTGGAVERLDELLMHAAGYILRLQMQVRVM",70,16,34,"P",null,"R","S","R","R","A",7,"1B","non E binder",2,6,2,7,15,17,24,2]
["OsbHLH159","LOC_Os05g06520",null,null,"ACKNSGSNKERRRMRRCVEVRRKMEALRRLVPGGGGGEDSGEELLFRAADYIARLQVQVKVM",62,8,34,"P","orphan","K","R","M","R","C",7,"1B","non E binder",1,5,0,7,12,13,1,2]
["TabHLH521","TRIAE_CS42_1AS_TGACv1_019346_AA0065180",null,null,"RSGRKATRTTAGRRRCVEAIRRKMEALRRLVPSGGDHRSDEMAEDDGVDELLFRAADYIVRLQVQVKAM",69,15,34,"P",null,"T","R","R","C","V",7,"1B","non E binder",1,6,1,7,14,15,23,1,2]
["TabHLH522","TRIAE_CS42_1BS_TGACv1_049907_AA0163910",null,null,"RSGKKATRTKAERRRCMEAIRRKMEALRRLVPSGGDHRSDEMAEDDGVDELLFRAADYIVRLQVQVKAM",69,15,34,"P",null,"T","R","R","C","M",8,"1B","non E binder",1,6,1,7,14,15,1,2]
["TabHLH474","TRIAE_CS42_4AS_TGACv1_309018_AA1030180",null,null,"MSSRRGRITDEEINELISKLQALVPESSRRRSASRSSASKLLKETCGYIKSLHQEVEDL",59,12,"XV","N",null,"S","G","R","T","D",3,2,"non DNA binder",1,5,1,8,14,15,1,2,8]
["OsbHLH153","LOC_Os03g07540","ILI3",null,"MSSRRGGGGGGGRITDEEINELISKLQALLPESSRSRGASRSSASKLLKETCSYIKSLHREVDDL",65,12,"XV","N","XV","G","G","R","T","D",3,2,"non DNA binder",1,5,1,8,14,15,36,1,2,8]
["OsbHLH174","LOC_Os10g26410",null,null,"MSGRRASGRITDDEINELISKLQSLLPESSRRRGATSRSPATKLLKEMCSYIKSLHREVDDL",62,13,"XV","N","-","R","G","R","T","D",3,2,"non DNA binder",1,5,1,6,12,13,1,2,8]
["TabHLH475","TRIAE_CS42_4BL_TGACv1_320596_AA1044180",null,null,"MSSRRGRITDEEINELISKLQALLPESSRRRSASRSSASKLLKETCGYIKSLHQEVDDL",59,12,"XV","N",null,"S","G","R","T","D",3,2,"non DNA binder",1,5,1,8,14,15,1,2,8]
["ZmbHLH181","GRMZM2G159456",null,"ZmbHLH187","MSSGRRGRISDDEINELISKLQALLPESSRRRNASRSSASKLLKETCAYIKSLHREVDDL",60,12,"XV","Q",null,"S","G","R","S","D",3,2,"non DNA binder",0,5,1,8,14,14,1,2,8]
["ZmbHLH182","AC149829.2_FG004",null,"ZmbHLH188","MSSGGRRGRISDDEINELISKLQALLPESSRRRNASRSSASKLLKETCAYVKSLHREVDDL",61,12,"XV","Q",null,"G","G","R","S","D",3,2,"non DNA binder",1,5,1,8,14,15,1,2,8]
["TabHLH479","TRIAE_CS42_7AS_TGACv1_570229_AA1832600",null,null,"MSGRRSRGSVSEEEINELISRLQTLLPTTRRRGSSSSQASTTKMLKETCSYIKSLHREVDDL",62,13,"XV","N",null,"R","G","S","S","E",3,2,"non DNA binder",0,5,2,7,14,14,1,2,8]
["TabHLH480","TRIAE_CS42_7BS_TGACv1_592615_AA1941450",null,null,"MSGRRSRGSVSEEEINELISRLQTLLPTARRRGSSSSQASTTKMLKETCSYIKSLHREVDDL",62,13,"XV","N",null,"R","G","S","S","E",3,2,"non DNA binder",0,5,2,7,14,14,1,2,8]
["TabHLH481","TRIAE_CS42_7DS_TGACv1_621689_AA2023210",null,null,"MSGRRSRGSVSEEEINELISRLQTLLPTARRRGSSSSQASTTKMLKETCSYIKSLHREVDDL",62,13,"XV","N",null,"R","G","S","S","E",3,2,"non DNA binder",0,5,2,7,14,14,1,2,8]
["OsbHLH172","LOC_Os06g12210","BU1/ILI4",null,"MSSRRSSRSSVSEEEINELISKLQSLLPSSRRRGANQASTTKLLKETCSYIKSLHREVDDL",61,7,"XV","N","XV","R","S","S","S","E",3,2,"non DNA binder",1,2,0,7,9,10,1,2,8]
["ZmbHLH184","GRMZM2G036092",null,"ZmbHLH190","MSSRRPSSRGNISEDEINELISKLQALLPSSRRRGSGQASTTKLLKETCSYIKSLHREVDDL",62,11,"XV","Q",null,"P","G","N","S","E",3,2,"non DNA binder",0,5,1,6,12,12,1,2,8]
["ZmbHLH183","GRMZM2G042101",null,"ZmbHLH189","MSSRRSSSHGNISEDEMNELVSKLQALLPSSRRRRGSGQASTAKLLKETCSYIKSLQREVDDL",63,12,"XV","Q",null,"S","G","N","S","E",3,2,"non DNA binder",0,5,2,9,16,16,1,2,8]
["OsbHLH170","LOC_Os02g51320","ILI5/PGL2",null,"MSSRRSSRGSISEEEINELISKLQSLLPNSRRRGSSQASTTKLLKETCNYIKSLHREVDDL",61,7,"XV","N","XV","R","G","S","S","E",3,2,"non DNA binder",1,2,0,7,9,10,1,2,8]
["TabHLH476","TRIAE_CS42_6AL_TGACv1_472680_AA1524810",null,null,"MSSRRSSRGAISEEEINELMSKLQSLLPNSRRRGSSQASTTKLLKETCSYIKSLHREVDDL",61,11,"XV","N",null,"R","G","A","S","E",3,2,"non DNA binder",0,5,2,7,14,14,1,2,8]
["TabHLH477","TRIAE_CS42_6DL_TGACv1_527829_AA1709060",null,null,"MSSRRSSRGAISDEEVNELMSKLQSLLPNSRRRGSSQASTTKLLKETCSYIKSLHREVDDL",61,11,"XV","N",null,"R","G","A","S","D",3,2,"non DNA binder",0,4,2,7,13,13,1,2,8]
["TabHLH478","TRIAE_CS42_U_TGACv1_642542_AA2119280",null,null,"MSSRRSSRGSISDEEVNELMSKLQSLLPNSRRRGSSQASTTKLLKETCSYIKSLHREVDDL",61,11,"XV","R",null,"R","G","S","S","D",3,2,"non DNA binder",0,4,2,7,13,13,1,2,8]
["OsbHLH186","LOC_Os11g39000","ILI2",null,"RRSRTSSRLAAAPPPTDEQMAELISKLQAVLPTRGGEANAKASSAEVLQEACRYIRRLHREADAL",65,11,"XV","P",null,"L","P","P","T","D",4,2,"non DNA binder",0,5,1,7,13,13,1,2,8]
["TabHLH467","TRIAE_CS42_2BL_TGACv1_134077_AA0443660",null,null,"SRRSRTRRAGSSPSISEEQISELLSKLQALLPESQARNGAHRGSAARVLQETCNYIRSLHREVDDL",66,12,"XV","N",null,"A","P","S","S","E",5,"1B","non E binder",0,5,2,7,14,14,1,2,8]
["TabHLH470","TRIAE_CS42_2DL_TGACv1_158657_AA0524050",null,null,"SRRSRTRRGGSSSSISEEQISELLSKLQAVLPESQARNGAHRGSAARVLEETCSYIRSLHRELDDL",66,12,"XV","N",null,"G","S","S","S","E",5,"1B","non E binder",0,5,2,7,14,14,1,2,8]
["TabHLH466","TRIAE_CS42_2AL_TGACv1_093763_AA0286290",null,null,"SRRSRTRRTGSSPSISEEQISELLSKLQALLPESQARNGAHRGSAARVLQETCSYIRSLHREVDDL",66,12,"XV","N",null,"T","P","S","S","E",5,"1B","non E binder",0,5,2,7,14,14,1,2,8]
["TabHLH469","TRIAE_CS42_2BL_TGACv1_130083_AA0403300",null,null,"SRRSRTRHAGSSTSISEDQISELLSKLQALLPESQARNGAHRGSAARVLQETCSYIRSLHREVDNL",66,12,"XV","N",null,"A","T","S","S","E",5,"1B","non E binder",0,5,2,7,14,14,1,2,8]
["TabHLH468","TRIAE_CS42_2DL_TGACv1_159413_AA0537920",null,null,"SRRSRTRSAGSSPSISEDQISELLSKLQALLPESQARNGAHRGSAARVLQETCSYIRSLHREVDDL",66,12,"XV","N",null,"A","P","S","S","E",4,2,"non DNA binder",0,5,2,7,14,14,1,2,8]
["OsbHLH154","LOC_Os04g54900","ILI1",null,"GSSVPSSSSSSRTSISEDQIAELLSKLQALLPESQARNGAHRGSAARVLQETCSYIRSLHQEVDNL",66,12,"XV","N","XV","S","T","S","S","E",1,2,"non DNA binder",0,5,2,7,14,14,1,2,8]
["ZmbHLH185","GRMZM2G072820",null,"ZmbHLH191","RAGSSSLSSSTSRSISEDQISELLSKLQALLPESQARNGGAHRGSAARVLQDTCSYIRSLHQEVDNL",67,13,"XV","Q",null,"S","R","S","S","E",2,2,"non DNA binder",0,5,2,7,14,14,1,2,8]
["OsbHLH173","LOC_Os10g26460","ILI7",null,"MSRRSRSRASSAARITDEQIGDLVSKLQALLPEARLRSNDRVPSARVLQETCSYIRSLHREVDDL",65,11,"XV","N","XV","A","A","R","T","D",5,"1B","non E binder",2,5,1,7,13,15,1,2,8]
["ZmbHLH180","GRMZM2G035156",null,"ZmbHLH192","SNRRSRSRQSGSSRITEEQISDLVSKLQDLLPEARLQSNARVPSARVLQETCNYIRNLHQEVDDL",65,11,"XV","Q",null,"Q","S","R","T","E",5,"1B","non E binder",2,5,1,7,13,15,1,2,8]
["TabHLH473","TRIAE_CS42_4BL_TGACv1_321297_AA1058590",null,null,"RVSLSRSRQSGSSRITDEQISDLVSKLQDLLPEARLRGNDRVSSSRVLQETCTYIRSLHREVDDL",65,11,"XV","S",null,"Q","S","R","T","D",4,2,"non DNA binder",2,5,2,7,14,16,1,2,8]
["TabHLH471","TRIAE_CS42_4AS_TGACv1_308077_AA1025700",null,null,"SSRRSRSRQSGSSRITDEQISDLVSKLQDLLPEARLRGNDRVPSSRVLQETCTYIRSLHREVDDL",65,11,"XV","N",null,"Q","S","R","T","D",5,"1B","non E binder",2,5,2,7,14,16,1,2,8]
["TabHLH472","TRIAE_CS42_4DL_TGACv1_342386_AA1112190",null,null,"SSRRSRSRQSGSSRITDEQISDLVSKLQDLLPEARLRGNDRVPSSRVLQETCTYIRSLHREVDDL",65,11,"XV","N",null,"Q","S","R","T","D",5,"1B","non E binder",2,5,2,7,14,16,1,2,8]
["AtbHLH135","AT1G74500","PRE3/ATBS1/TMO7",null,"GRRSRSRQSSGTSRISEDQINDLIIKLQQLLPELRDSRRSDKVSAARVLQDTCNYIRNLHREVDDL",66,12,"XV","N","XV","S","S","R","S","E",5,"1B","non E binder",0,5,2,7,14,14,1,2,8]
["AtbHLH161","AT3G47710","PRE4",null,"SSRKSRSRQTGASMITDEQINDLVLQLHRLLPELANNRRSGKVSASRVLQETCSYIRNLSKEVDDL",66,12,"XV","N","XV","Q","S","M","T","D",4,2,"non DNA binder",0,5,1,7,13,13,1,2,8]
["AtbHLH163","AT1G26945","KDR, PRE6",null,"SRRSSRSRQSGSSRISDDQISDLVSKLQHLIPELRRRRSDKVSASKVLQETCNYIRNLHREVDDL",65,11,"XV","N","-","Q","S","R","S","D",5,"1B","non E binder",0,5,2,7,14,14,1,2,8]
["AtbHLH134","AT5G15160","PRE2",null,"SSSRRSRQASSSSRISDDQITDLISKLRQSIPEIRQNRRSNTVSASKVLQETCNYIRNLNKEADDL",66,12,"XV","N","XV","A","S","R","S","D",4,2,"non DNA binder",0,4,1,8,13,13,1,2,8]
["AtbHLH136","AT5G39860","PRE1",null,"MSNRRSRQSSSAPRISDNQMIDLVSKLRQILPEIGQRRRSDKASASKVLQETCNYIRNLNREVDNL",66,12,"XV","N","XV","S","P","R","S","D",4,2,"non DNA binder",0,5,2,8,15,15,1,2,8]
["AtbHLH164","AT3G28857","PRE5",null,"MSNRRSRQTSNASRISDDQMIDLVSKLRQFLPEIHERRRSDKVSASKVLQETCNYIRKLHREVDNL",66,12,"XV","N","-","T","S","R","S","D",4,2,"non DNA binder",0,4,2,7,13,13,1,2,8]
["AtbHLH123","AT3G20640",null,null,"KRAKSEAASPSPAFKRKEKMGDRIAALQQLVSPFGKTDAASVLSEAIEYIKFLHQQVSAL",60,6,"X","A","X","S","A","F","R","K",6,"1B","non E binder",1,5,2,11,18,19,34,21,1,2,34,4]
["OsbHLH066","LOC_Os03g55220",null,null,"TAPAAATTTNKRPRVRRERLGERIIALQQLVSPFGKSDTASVLHEALGYIRFLHDQVQVL",60,6,"X","A","X","T","P","R","R","R",5,"1B","non E binder",3,5,2,9,16,19,19,1,2,4,36]
["ZmbHLH187","GRMZM2G074501",null,"ZmbHLH164","ASAAAPAATNKRPRVRRERLGERIVALQQLVSPFGKSDTASVLHEALGYIRFLHDQVQVL",60,6,"X","A",null,"T","P","R","R","R",5,"1B","non E binder",3,5,2,9,16,19,36,34,1,2,4]
["ZmbHLH188","GRMZM2G009837",null,"ZmbHLH165","APATAAGATNKRPRVRRERLGERIIALQQLVSPFGKSDTASVLHEALGYIRFLHDQVQVL",60,6,"X","A",null,"T","P","R","R","R",5,"1B","non E binder",3,5,2,9,16,19,36,37,14,1,2,4,36,36]
["TabHLH366","TRIAE_CS42_5BL_TGACv1_404307_AA1294780",null,null,"RKAAPAATSNKRPRARKERLGERILALQQLVSPFGKTDTASVLHEALGYIRFLHDQVQVL",60,6,"X","A",null,"S","P","R","R","K",7,"1B","non E binder",2,5,2,9,16,18,14,1,2,4,36]
["TabHLH364","TRIAE_CS42_5AL_TGACv1_378027_AA1250840",null,null,"KAAPPAASSNKRPRARKERLGERILALQQLVSPFGKTDTASVLHEALGYIRFLHDQVQVL",60,6,"X","A",null,"S","P","R","R","K",6,"1B","non E binder",2,5,2,9,16,18,36,24,1,2,4]
["TabHLH365","TRIAE_CS42_5DL_TGACv1_433055_AA1399900",null,null,"KAAPPAASTNKRPRARKERLGERILALQQLVSPFGKTDTASVLHEALGYIRFLHDQVQVL",60,6,"X","A",null,"T","P","R","R","K",6,"1B","non E binder",2,5,2,9,16,18,1,2,4,36]
["ZmbHLH186","GRMZM2G150729",null,"ZmbHLH168","PKPTTSQSIKAPPCKRSQKLGDKITALQQLVSPYGKTDTASVLHEAATCIKHLHEQIQIL",60,3,"X","A",null,"I","P","C","R","S",4,2,"non DNA binder",1,5,2,9,16,17,36,14,1,2,4]
["OsbHLH078","LOC_Os03g17130",null,null,"HAKPRNQTTKATCKKRSQKLGDRITALQQLVSPYGKTDTASVLHEAAACIRQLHQQIQIL",60,6,"X","A","X","T","C","K","R","S",7,"1B","non E binder",2,5,2,8,15,17,29,1,2,36,4]
["TabHLH379","TRIAE_CS42_4AS_TGACv1_307325_AA1019470",null,null,"AKPRNTTAAAKAPCKRSQKLGDKITALQQLVSPYGKTDTASVLHEAAACIRNLHDQIQIL",60,6,"X","A",null,"A","P","C","R","S",5,"1B","non E binder",1,5,2,8,15,16,36,1,2,4]
["TabHLH380","TRIAE_CS42_4DL_TGACv1_342830_AA1123180",null,null,"AKPRNTTAAAKAPCKRSQKLGDKITALQQLVSPYGKTDTASVLHEAAACIRNLHDQIQIL",60,6,"X","A",null,"A","P","C","R","S",5,"1B","non E binder",1,5,2,8,15,16,36,1,2,4]
["TabHLH381","TRIAE_CS42_4BL_TGACv1_321089_AA1055120",null,null,"PRNTTTTAAAKAPCKRSQKLGDKITALQQLVSPYGKTDTASVLHEAAACIRNLHDQIQIL",60,6,"X","A",null,"A","P","C","R","S",4,2,"non DNA binder",1,5,2,8,15,16,27,36,23,1,2,4]
["OsbHLH179","LOC_Os12g08025",null,null,"SSGSDPNKKKSEHQSPKVNLGEKIMALQQIMSPFGKTDTASVLLETITYIKFLHGTEVSI",60,6,"X","other",null,"K","H","Q","P","K",5,"1B","non E binder",0,4,2,9,15,15,36,1,2]
["AtbHLH111","AT1G31050",null,null,"AKCSEGSTLSPEKELPKAKLRDKITTLQQIVSPFGKTDTASVLQEAITYINFYQEQVKLL",60,6,"X","A",null,"L","K","E","P","K",3,2,"non DNA binder",0,5,2,10,17,17,34,34,34,36,23,1,2,4]
["TabHLH371","TRIAE_CS42_2AL_TGACv1_095479_AA0311320",null,null,"KDTSSRSPPKAEVPDMKLGERDKIIALQQIISPYGKTDRASVLYETIKHIEYLHEQIQLL",60,6,"X","A",null,"P","V","P","M","K",4,2,"non DNA binder",0,4,2,9,15,15,36,24,2,4]
["TabHLH372","TRIAE_CS42_2BL_TGACv1_132094_AA0435200",null,null,"KDTSSRSPPKAEVPDMKLGERDKIIALQQIISPYGKTDRASVLYETIKHIEYLHEQIQLL",60,6,"X","A",null,"P","V","P","M","K",4,2,"non DNA binder",0,4,2,9,15,15,33,36,24,2,4]
["TabHLH373","TRIAE_CS42_U_TGACv1_643474_AA2132370",null,null,"KDTSSRSPPKAEVPDMKLGERDKIIALQQIISPYGKTDRASVLYETIKHIEYLHEQIQLL",60,6,"X","A",null,"P","V","P","M","K",4,2,"non DNA binder",0,4,2,9,15,15,36,24,2,4]
["TabHLH374","TRIAE_CS42_2BL_TGACv1_130600_AA0414560",null,null,"HESCSPTSSSPKGQMPKVKLGHKITALQQMVSPFGKTDTASVLYEAINYIKWLHEQVQLL",60,6,"X","A",null,"S","G","Q","P","K",3,2,"non DNA binder",0,4,2,11,17,17,36,36,1,2,4]
["TabHLH375","TRIAE_CS42_2DL_TGACv1_159159_AA0533560",null,null,"HESCSPTSSSPKGQVTKVKLGHKITALQQMVSPFGKTDTASVLYEAINYIKWLHEQVQLL",60,6,"X","A",null,"S","G","Q","T","K",3,2,"non DNA binder",0,4,2,11,17,17,12,36,36,3,1,2,4]
["ZmbHLH202","GRMZM2G162893",null,null,"ASSPTSSSLKQASQLPKVKLGDKITALQQIVSPFGKTDTASVLYEAINYIKWLHEQVQLL",60,6,"X","A",null,"L","S","Q","P","K",2,2,"non DNA binder",0,5,2,11,18,18,36,1,2,4]
["OsbHLH077","LOC_Os07g28890",null,null,"KHEATSPTSSLKSQVPKVKLGDKITALQQIVSPFGKTDTASVLYEAINYIKWLHEQVQLL",60,6,"X","A","X","S","S","Q","P","K",4,2,"non DNA binder",0,5,2,11,18,18,36,36,11,36,36,29,36,1,2,4]
["ZmbHLH201","GRMZM2G085199",null,null,"EVSSPTSSLKASSQVPKVKLGDKITALQQIVSPFGKTDTASVLYEAINYIKWLHEQVQLL",60,6,"X","A",null,"L","S","Q","P","K",2,2,"non DNA binder",0,5,2,11,18,18,36,34,36,36,36,34,36,36,1,2,4]
["ZmbHLH204","GRMZM2G155762",null,"ZmbHLH166","TKKSKQEASPKQPQAPRVKIGEKITALQQIVSPFGKTDTSSVLFETIEYIKFLHEQIRMF",60,6,"X","A",null,"S","P","Q","P","R",5,"1B","non E binder",1,5,2,10,17,18,29,28,1,2,4]
["OsbHLH075","LOC_Os04g47810",null,null,"KSETSHSTSSPKHQSPKVKLGEKITALQQIVSPFGKTDTASVLLETITYIKFLHEQIQLF",60,6,"X","A","X","S","H","Q","P","K",5,"1B","non E binder",0,5,2,10,17,17,22,1,2,4]
["ZmbHLH203","GRMZM2G002627",null,"ZmbHLH167","KQEGSKPSPPKQQQVPKVKIGEKITALQQIVSPFGKTDTASVLFETIKYIKFLHEQVQLL",60,6,"X","A",null,"P","Q","Q","P","K",4,2,"non DNA binder",0,5,2,11,18,18,36,23,1,2,4]
["OsbHLH076","LOC_Os02g45010",null,null,"SKQEASKASPPKQPVPKVKLGEKITALQQIVSPFGKTDTASVLFETIKYIKFLHEQVQLL",60,6,"X","A","X","S","Q","P","P","K",4,2,"non DNA binder",0,5,2,11,18,18,34,34,34,1,2,4]
["TabHLH376","TRIAE_CS42_6AL_TGACv1_471356_AA1507600",null,null,"SKQEASTASPPKQPVPKVKLGEKITALQQIVSPFGKTDTASVLFETIKYIKFLHEQVQLL",60,6,"X","A",null,"S","Q","P","P","K",3,2,"non DNA binder",0,5,2,11,18,18,34,1,2,4]
["TabHLH377","TRIAE_CS42_6BL_TGACv1_499354_AA1579060",null,null,"SKQEASTASPPKQPVPKVKLGEKITALQQIVSPFGKTDTASVLFETIKYIKFLHEQVQLL",60,6,"X","A",null,"S","Q","P","P","K",3,2,"non DNA binder",0,5,2,11,18,18,34,1,2,4]
["TabHLH378","TRIAE_CS42_6DL_TGACv1_529497_AA1718450",null,null,"SKQEASTASPPKQPVPKVKLGEKITALQQIVSPFGKTDTASVLFETIKYIKFLHEQVQLL",60,6,"X","A",null,"S","Q","P","P","K",3,2,"non DNA binder",0,5,2,11,18,18,34,30,1,2,4]
["AtbHLH113","AT3G19500",null,null,"GKRNQEKSSVGIAKVRKERLGERIAALQQLVSPYGKTDAASVLHEAMGYIKFLQDQIQVL",60,6,"X","C","X","S","A","K","R","K",6,"1B","non E binder",3,5,2,11,18,21,1,2,4]
["AtbHLH153","AT1G05710",null,null,"SIKRHKSDLSFSSKERKDKVGERISALQQIVSPYGKTDTASVLLDAMHYIEFLHEQVKVL",60,6,"X","A","X","L","S","K","R","K",7,"1B","non E binder",2,4,2,9,15,17,1,2,28,4]
["AtbHLH154","AT2G31730",null,null,"IKRHKSSDLSFSSKERKDKLAERISALQQLVSPYGKTDTASVLLEGMQYIQFLQEQVKVL",60,6,"X","A","X","L","S","K","R","K",7,"1B","non E binder",2,5,2,10,17,19,1,2,28,4]
["ZmbHLH199","GRMZM2G089596",null,null,"RNSNSPRTAPVSPKEKKDRIGERVAALQQLVSPFGKTDTASVLQEASGYIRFLHQQLQVL",60,6,"X","A",null,"A","P","K","K","K",5,"1B","non E binder",1,5,2,10,17,18,1,2,4]
["OsbHLH065","LOC_Os04g41570",null,null,"PRNTSPRDAPVSPKEKKDKIGERVAALQQLVSPFGKTDTASVLQEASGYIKFLHQQLEVL",60,6,"X","A","X","A","P","K","K","K",5,"1B","non E binder",1,5,2,10,17,18,1,2,4]
["ZmbHLH200","GRMZM2G005939",null,null,"PRNASPRLAPVSPKEKKDKIGERVAALQQLVSPFGKTDTASVLQEASGYIKFLHQQLEVL",60,6,"X","A",null,"A","P","K","K","K",5,"1B","non E binder",1,5,2,10,17,18,1,2,4]
["TabHLH369","TRIAE_CS42_2AL_TGACv1_097895_AA0325290",null,null,"SASPRGSGGPISPREKKDKVGERVAALQQLVSPFGKTDTASVLQEASGYIKFLHQQLEVL",60,6,"X","C",null,"G","P","R","K","K",4,2,"non DNA binder",1,4,2,10,16,17,34,1,2,4]
["TabHLH370","TRIAE_CS42_2BL_TGACv1_129334_AA0379200",null,null,"RNASPRGGGPISPREKKDKVGERVAALQQLVSPFGKTDTASVLQEASGYIKFLHQQLEVL",60,6,"X","C",null,"G","P","R","K","K",5,"1B","non E binder",1,4,2,10,16,17,1,2,4]
["TabHLH367","TRIAE_CS42_2AL_TGACv1_096845_AA0321710",null,null,"NASPRGGGGPISPKEKKDKVGERVAALQQLVSPFGKTDTASVLQEASGYIKFLHQQLEVL",60,6,"X","C",null,"G","P","K","K","K",4,2,"non DNA binder",1,4,2,10,16,17,1,2,4]
["TabHLH368","TRIAE_CS42_2DL_TGACv1_157900_AA0501040",null,null,"NASPRGSGGPISPKEKKDKVGERVAALQQLVSPFGKTDTASVLQEASGYIKFLHQQLEVL",60,6,"X","C",null,"G","P","K","K","K",4,2,"non DNA binder",1,4,2,10,16,17,34,1,2,4]
["OsbHLH069","LOC_Os01g57580",null,null,"KPSCSSNANTLLAKVRKEKLGDRITALQQLVSPFGKTDTASVLHEAIEYIKFLHEQVASL",60,6,"X","A","X","N","A","K","R","K",4,2,"non DNA binder",3,5,2,11,18,21,1,2,4]
["AtbHLH103","AT4G21340",null,null,"RPRLETPSHFPSFKVRKEKLGDRITALQQLVSPFGKTDTASVLHDAIDYIKFLQEQITEK",60,6,"X","A","X","H","F","K","R","K",6,"1B","non E binder",3,5,2,11,18,21,1,2,4]
["AtbHLH114","AT4G05170",null,null,"RPRLETLSPLPSFKVRKEKLGDRITALQQLVSPFGKTDTASVLNEAVEYIKFLQEQVTVL",60,6,"X","A","X","P","F","K","R","K",5,"1B","non E binder",2,5,2,12,19,21,7,1,2,4]
["AtbHLH112","AT1G61660",null,null,"KPRVTTPSPLPTFKVRKENLRDQITSLQQLVSPFGKTDTASVLQEAIEYIKFLHDQVTVL",60,6,"X","A","X","P","F","K","R","K",5,"1B","non E binder",2,4,2,11,17,19,36,18,1,2,34,4]
["TabHLH350","TRIAE_CS42_1BL_TGACv1_030903_AA0103490",null,null,"KPRTETPSPMPTFKVRKEKLGDRVTALQQLVSPFGKTDTASVLHEAIGYIKFLHDQVASL",60,6,"X","A",null,"P","F","K","R","K",5,"1B","non E binder",2,5,2,11,18,20,34,1,2,4]
["TabHLH351","TRIAE_CS42_1DL_TGACv1_062044_AA0207980",null,null,"AKKPRTETPMPTFKVRKEKLGDRVTALQQLVSPFGKTDTASVLHEAIGYIKFLHDQVASL",60,6,"X","A",null,"P","F","K","R","K",6,"1B","non E binder",2,5,2,11,18,20,34,1,2,4,36]
["ZmbHLH191","GRMZM2G313058",null,"ZmbHLH161","PRVVATPSPLPTFKVRKEKLGDRITALQQLVSPFGKTDTASVLHEAIEYIRFLHDQVASL",60,5,"X","A",null,"P","F","K","R","K",4,2,"non DNA binder",2,5,2,10,17,19,36,1,2,4]
["OsbHLH067","LOC_Os05g42180",null,null,"KPRIEAPSPMPTFKVRKEKLGDRITALQQLVSPFGKTDTASVLHEAIEYIKFLHDQVASL",60,6,"X","A","X","P","F","K","R","K",5,"1B","non E binder",2,5,2,11,18,20,36,34,34,1,2,34,4]
["ZmbHLH190","GRMZM2G440529",null,"ZmbHLH160","RPRIEAPSPLPTFKVRKEKLGDRITALQQLVSPFGKTDTASVLHEAIEYIKFLHDQVASL",60,6,"X","A",null,"P","F","K","R","K",5,"1B","non E binder",2,5,2,11,18,20,37,1,2,4]
["TabHLH358","TRIAE_CS42_3AL_TGACv1_196748_AA0662690",null,null,"RPRIEAPSPLPTFKVRKEKLGDRITALQQLVSPFGKTDTASVLHEANEYIKFLHDQVASL",60,6,"X","A",null,"P","F","K","R","K",5,"1B","non E binder",2,5,2,10,17,19,19,1,2,4]
["TabHLH359","TRIAE_CS42_3B_TGACv1_222922_AA0773210",null,null,"RPRIEAPSPLPTFKVRKEKLGDRITALQQLVSPFGKTDTASVLHEANEYIKFLHDQVASL",60,6,"X","A",null,"P","F","K","R","K",5,"1B","non E binder",2,5,2,10,17,19,19,1,2,4]
["TabHLH360","TRIAE_CS42_3DL_TGACv1_249674_AA0854060",null,null,"RPRIEAPSPLPTFKVRKEKLGDRITALQQLVSPFGKTDTASVLHEANEYIKFLHDQVAVS",60,6,"X","C",null,"P","F","K","R","K",5,"1B","non E binder",2,5,2,9,16,18,19,1,2,24]
["ZmbHLH192","GRMZM2G004732",null,"ZmbHLH163","SRTGTPSPLPATFKVRKEKLGDRITALQQLVSPFGKTDTASVLHETIEYIKFLHDQVGSL",60,6,"X","A",null,"L","F","K","R","K",4,2,"non DNA binder",2,5,2,11,18,20,36,4,1,2,4]
["OsbHLH070","LOC_Os08g08160",null,null,"LSQMVIDFLPIKFHVRKEKLGDRVTALQQLVSPFGKTDTASVLHETIEYIKFLHDQVGAL",60,6,"X","A","X","L","F","H","R","K",4,2,"non DNA binder",1,5,2,11,18,19,36,36,34,34,36,34,1,2,36,4]
["ZmbHLH189","GRMZM2G155217",null,"ZmbHLH162","KPRLETPSPLPTFKVRKEKLGDRITALQQLVAPFGKTDTASVLHETIEYIKFLHDQVGVL",60,6,"X","A",null,"P","F","K","R","K",5,"1B","non E binder",2,6,2,11,19,21,34,34,34,1,2,4]
["TabHLH355","TRIAE_CS42_2AL_TGACv1_096521_AA0319660",null,null,"KPRTETPSSLPTFKVRKEKLGDRITALQQLVSPFGKTDTASVLHETIEYIKFLHDQAGVL",60,6,"X","A",null,"S","F","K","R","K",5,"1B","non E binder",2,5,2,11,18,20,36,29,34,34,25,1,2,34,4]
["TabHLH356","TRIAE_CS42_2BL_TGACv1_131524_AA0428830",null,null,"KPRTETPSSLPTFKVRKEKLGDRITALQQLVSPFGKTDTASVLHETIEYIKFLHDQAGVL",60,6,"X","A",null,"S","F","K","R","K",5,"1B","non E binder",2,5,2,11,18,20,36,29,34,34,34,1,2,34,4]
["TabHLH357","TRIAE_CS42_2DL_TGACv1_158447_AA0518960",null,null,"KPRTETPSSLPTFKVRKEKLGDRITALQQLVSPFGKTDTASVLHETIEYIKFLHDQAGVL",60,6,"X","A",null,"S","F","K","R","K",5,"1B","non E binder",2,5,2,11,18,20,36,29,34,34,34,24,1,2,34,4]
["OsbHLH068","LOC_Os04g53990",null,null,"KPRLETPSPLPTFKVRKEKLGDRITALQQLVSPFGKTDTASVLHETIEYIKFLHDQVGAL",60,6,"X","A","X","P","F","K","R","K",5,"1B","non E binder",2,5,2,11,18,20,36,34,34,1,2,4]
["TabHLH352","TRIAE_CS42_2AL_TGACv1_095024_AA0305990",null,null,"KPRMETPSPLPTFKVRKEKLGDRITALQQLVSPFGKTDTASVLHETIEYIKFLHDQVGVL",60,6,"X","A",null,"P","F","K","R","K",5,"1B","non E binder",2,5,2,11,18,20,36,29,34,34,34,25,1,2,34,4]
["TabHLH353","TRIAE_CS42_2BL_TGACv1_130535_AA0413080",null,null,"KPRMETPSPLPTFKVRKEKLGDRITALQQLVSPFGKTDTASVLHETIEYIKFLHDQVGVL",60,6,"X","A",null,"P","F","K","R","K",5,"1B","non E binder",2,5,2,11,18,20,29,34,34,34,25,1,2,34,4]
["TabHLH354","TRIAE_CS42_2DL_TGACv1_160980_AA0555700",null,null,"KPRMETPSPLPTFKVRKEKLGDRITALQQLVSPFGKTDTASVLHETIEYIKFLHDQVGVL",60,6,"X","A",null,"P","F","K","R","K",5,"1B","non E binder",2,5,2,11,18,20,36,29,34,34,34,25,1,2,34,4]
["AtbHLH110","AT1G27660",null,null,"KPRVESRSSCPPFKVRKEKLGDRIAALQQLVSPFGKTDTASVLMEAIGYIKFLQSQIETL",60,6,"X","A","X","S","F","K","R","K",6,"1B","non E binder",2,5,2,12,19,21,34,23,34,1,2,4,36]
["ZmbHLH198","GRMZM2G454022",null,"ZmbHLH158","SGSGSSTTILPSFEVRKEKLGDRIAALQQLVSPFGKTDTASVLMEAIGYIKFLQDQVETL",60,6,"X","A",null,"I","F","E","R","K",2,2,"non DNA binder",1,5,2,12,19,20,34,36,36,9,36,1,2,4]
["OsbHLH071","LOC_Os01g01600",null,null,"RLESHSSSMLPSFKVRKEKLGDRIAALQQLVSPFGKTDTASVLMEAIGYIKFLQDQVETL",60,6,"X","A","X","M","F","K","R","K",5,"1B","non E binder",2,5,2,12,19,21,21,30,28,1,2,4]
["ZmbHLH197","GRMZM2G163975",null,"ZmbHLH159","RVEQRSSTIVPSFKVRKEKLGDRIAALQQLVSPFGKTDTASVLMEAIGYIKFLQDQVETL",60,6,"X","A",null,"I","F","K","R","K",5,"1B","non E binder",2,5,2,12,19,21,34,36,1,2,4]
["TabHLH361","TRIAE_CS42_3AS_TGACv1_212240_AA0699070",null,null,"SRPATNNNILPSFKVRKEKLGDRIAALQQLVSPFGKTDTASVLMEAIGYIKFLQDQVETL",60,6,"X","A",null,"I","F","K","R","K",4,2,"non DNA binder",2,5,2,12,19,21,34,34,38,36,1,2,4]
["TabHLH362","TRIAE_CS42_3B_TGACv1_221624_AA0746120",null,null,"SRPATNNNILPSFKVRKEKLGDRIAALQQLVSPFGKTDTASVLMEAIGYIKFLQDQVETL",60,6,"X","A",null,"I","F","K","R","K",4,2,"non DNA binder",2,5,2,12,19,21,34,34,38,36,1,2,4]
["TabHLH363","TRIAE_CS42_3DS_TGACv1_272731_AA0924440",null,null,"SRPATNNNILPSFKVRKEKLGDRIAALQQMVSPFGKTDTASVLMEAIGYIKFLQDQVETL",60,6,"X","A",null,"I","F","K","R","K",4,2,"non DNA binder",2,4,2,12,18,20,34,34,1,2,4]
["AtbHLH068","AT4G29100",null,null,"PRLQPSPSSQSTLKVRKEKLGGRIAALHQLVSPFGKTDTASVLSEAIGYIRFLQSQIEAL",60,6,"X","A","X","S","L","K","R","K",4,2,"non DNA binder",2,5,2,11,18,20,29,34,1,2,34,4]
["AtbHLH133","AT2G20100",null,null,"KPKLQVPSSQSTLKVRKEKLGGRIASLHQLVSPFGKTDTASVLSEAIGYIRFLHSQIEAL",60,6,"X","A",null,"S","L","K","R","K",5,"1B","non E binder",2,5,2,10,17,19,29,34,35,1,2,34,4]
["ZmbHLH196","GRMZM2G105494",null,null,"ARTQEPSPAQSTVKVRKEKLGDRITALHQLVSPFGKTDTASVLLEAIGYIRFLHSQIEAL",60,6,"X","A",null,"A","V","K","R","K",4,2,"non DNA binder",3,5,2,10,17,20,38,1,2,36,4]
["OsbHLH072","LOC_Os02g17680",null,null,"ARTQEPSPAQATVKVRKEKLGDRITALHQLVSPFGKTDTASVLLEAIGYIRFLHGQIEAL",60,6,"X","A","X","A","V","K","R","K",4,2,"non DNA binder",2,5,2,10,17,19,34,1,2,36,4]
["TabHLH348","TRIAE_CS42_7AL_TGACv1_556065_AA1754320",null,null,"ARTQEPSPAQSTVKVRKEKLGDRITALHQLVSPFGKTDTASVLLEAIGYIRFLHGQIEGL",60,6,"X","A",null,"A","V","K","R","K",4,2,"non DNA binder",2,5,2,10,17,19,1,2,36,4]
["TabHLH349","TRIAE_CS42_7DL_TGACv1_604301_AA1996600",null,null,"ARTQEPSPAQSTVKVRKEKLGDRITALHQLVSPFGKTDTASVLLEAIGYIRFLHGQIEGL",60,6,"X","A",null,"A","V","K","R","K",4,2,"non DNA binder",2,5,2,10,17,19,1,2,36,4]
["ZmbHLH193","GRMZM2G083749",null,null,"ARVQTSSSAQSTLKVRKERLGDRITALHQIVSPFGKTDTASVLQETIGYIRFLLSQIEAL",60,6,"X","A",null,"A","L","K","R","K",4,2,"non DNA binder",1,5,2,10,17,18,34,14,1,2,4]
["OsbHLH073","LOC_Os05g14010",null,null,"ARVQASSSAQSTLKVRKERLGDRITALHQIVSPFGKTDTASVLQETIGYIRFLLSQIEAL",60,6,"X","A","X","A","L","K","R","K",4,2,"non DNA binder",2,5,2,10,17,19,36,36,1,2,4]
["TabHLH342","TRIAE_CS42_1AS_TGACv1_019496_AA0067360",null,null,"ARVQASSSAQSTLKVRKERLGDRITALHQIVSPFGKTDTASVLQETIGYVRFLLGQIEAL",60,6,"X","A",null,"A","L","K","R","K",4,2,"non DNA binder",2,5,2,10,17,19,1,2,4]
["TabHLH343","TRIAE_CS42_1BS_TGACv1_049353_AA0149970",null,null,"ARVQASSSAQSTLKVRKERLGDRITALHQIVSPFGKTDTASVLQETIGYVRFLLGQIEAL",60,6,"X","A",null,"A","L","K","R","K",4,2,"non DNA binder",2,5,2,10,17,19,1,2,4]
["TabHLH344","TRIAE_CS42_1DS_TGACv1_080355_AA0246530",null,null,"ARVQASSSAQSTLKVRKERLGDRITALHQIVSPFGKTDTASVLQETIGYVRFLLGQIEAL",60,6,"X","A",null,"A","L","K","R","K",4,2,"non DNA binder",2,5,2,10,17,19,1,2,4]
["OsbHLH074","LOC_Os01g13000",null,null,"ARVQASSSAQSTLKVRKERLGDRITALHQIVSPFGKTDTASVLQETIGYIRFLLGQIEAL",60,6,"X","A","X","A","L","K","R","K",4,2,"non DNA binder",2,5,2,10,17,19,23,36,1,2,4,36]
["ZmbHLH194","GRMZM2G030123",null,null,"PRVQASSSAQSTLKVRKERLGDRITALHQIVSPFGKTDTASVLQETIGYIRFLLGQIEAL",60,5,"X","A",null,"A","L","K","R","K",4,2,"non DNA binder",2,5,2,10,17,19,36,36,34,1,2,4]
["ZmbHLH195","GRMZM2G072238",null,null,"RVQAASSSAQSTLKVRKERLGDRITALHQIVSPFGKTDTASVLQETIGYIRFLLGQIEAL",60,6,"X","A",null,"A","L","K","R","K",4,2,"non DNA binder",2,5,2,10,17,19,34,34,34,1,2,4]
["TabHLH346","TRIAE_CS42_3B_TGACv1_221871_AA0752120",null,null,"RVQAASSSGQSILKVRKEKLGDRITALHQIVSPFGKTDTASVLQETIGYIGFLLGQIEAL",60,6,"X","A",null,"G","L","K","R","K",4,2,"non DNA binder",2,5,2,10,17,19,35,4,36,24,1,2,4]
["TabHLH345","TRIAE_CS42_3AS_TGACv1_211642_AA0692490",null,null,"RVQPASSTGQSILKVRKEKLGDKITALHQIVSPFGKTDTASVLQETIGYIGFLLGQIEAL",60,6,"X","A",null,"G","L","K","R","K",4,2,"non DNA binder",2,5,2,10,17,19,34,4,36,1,2,4]
["TabHLH347","TRIAE_CS42_3DS_TGACv1_273265_AA0930050",null,null,"RVQAASSSGQSILKVRKEKLGDRITALHQIVSPFGKTDTASVLQETIGYIGFLLGQIEAL",60,6,"X","A",null,"G","L","K","R","K",4,2,"non DNA binder",2,5,2,10,17,19,34,4,36,24,1,2,4]